{"text_format":"1","workbook":"xlsx","n_sheets":2,"sheets":["Данные","Лист1"],"not_rendered":{"charts":0,"images":0,"macros":1,"external_links":0,"defined_names":4,"comments":0,"pivot_tables":0},"unopened":[],"bounds":{"document_bytes":16777216,"sheet_cells":100000,"rows_first":2000,"rows_last":500,"rows_between":2000,"halvings":0,"cell_chars":16384,"cell_head_chars":4096},"cells_cut":0,"cells_raw":0,"read":"whole","date_system":"1900"}

{"sheet":"Данные","index":0,"n_rows":1587,"n_cols":10,"rows_kept":1587,"cut":false,"hidden":false,"merged":[[1,0,1,9]]}
[null,null,null,null,null,null,null,null,"Приложение №1"]
["Перечень актуальных и готовых к реализации невостребованных МТР"]
[]
["Наименование лота","Наименование ОГ","№ лота","№ позиции","Наименование неликвидных (НЛ) и невостребованных ликвидных (НВЛ) материалов","Ед. изм","Количество","Мин. цена реализации за ед., руб., без НДС ","Сумма, руб. без НДС","Место нахождения"]
["Виброизоляторы","ПАО АНК \"Башнефть\" \"Башнефть-Новойл\"",1,1,"Виброизолятор ДО39","ШТ",18,58.8,{"$f":"H5*G5","v":1058.3999999999999},"450063, г. Уфа, ПАО АНК \"Башнефть\" \"Башнефть-Новойл\""]
["Виброизоляторы","ПАО АНК \"Башнефть\" \"Башнефть-Новойл\"",1,2,"Виброизолятор ДО39","ШТ",24,58.8,1411.1999999999998,"450063, г. Уфа, ПАО АНК \"Башнефть\" \"Башнефть-Новойл\""]
["Виброизоляторы","ПАО АНК \"Башнефть\" \"Башнефть-Новойл\"",1,3,"Виброизолятор ДО-40","ШТ",16,60.2,963.2,"450063, г. Уфа, ПАО АНК \"Башнефть\" \"Башнефть-Новойл\""]
["Виброизоляторы","ПАО АНК \"Башнефть\" \"Башнефть-Новойл\"",1,4,"Виброизолятор ДО-40","ШТ",16,60.2,963.2,"450063, г. Уфа, ПАО АНК \"Башнефть\" \"Башнефть-Новойл\""]
["Виброизоляторы","ПАО АНК \"Башнефть\" \"Башнефть-Новойл\"",1,5,"Виброизолятор ДО-40","ШТ",15,60.2,903,"450063, г. Уфа, ПАО АНК \"Башнефть\" \"Башнефть-Новойл\""]
["Виброизоляторы","ПАО АНК \"Башнефть\" \"Башнефть-Новойл\"",1,6,"Виброизолятор ДО-40","ШТ",1,60.2,60.2,"450063, г. Уфа, ПАО АНК \"Башнефть\" \"Башнефть-Новойл\""]
["Виброизоляторы","ПАО АНК \"Башнефть\" \"Башнефть-Новойл\"",1,7,"Виброизолятор ДО41","ШТ",22,62.9,1383.8,"450063, г. Уфа, ПАО АНК \"Башнефть\" \"Башнефть-Новойл\""]
["Виброизоляторы","ПАО АНК \"Башнефть\" \"Башнефть-Новойл\"",1,8,"Виброизолятор ДО41","ШТ",8,62.9,503.2,"450063, г. Уфа, ПАО АНК \"Башнефть\" \"Башнефть-Новойл\""]
["Виброизоляторы","ПАО АНК \"Башнефть\" \"Башнефть-Новойл\"",1,9,"Виброизолятор ДО-42","ШТ",20,340.2,6804,"450063, г. Уфа, ПАО АНК \"Башнефть\" \"Башнефть-Новойл\""]
["Выключатели","ПАО АНК \"Башнефть\" \"Башнефть-Новойл\"",2,10,"Выкл. авт. ВА 21-29-120010 6.3А","ШТ",2,2299.1999999999998,4598.3999999999996,"450063, г. Уфа, ПАО АНК \"Башнефть\" \"Башнефть-Новойл\""]
["Выключатели","ПАО АНК \"Башнефть\" \"Башнефть-Новойл\"",2,11,"Выключатель авт. ВА61F29-3K 1.6А","ШТ",6,567,3402,"450063, г. Уфа, ПАО АНК \"Башнефть\" \"Башнефть-Новойл\""]
["Выключатели","ПАО АНК \"Башнефть\" \"Башнефть-Новойл\"",2,12,"Выключатель ВА 21-29-120010-00У3 1,0А","ШТ",2,918,1836,"450063, г. Уфа, ПАО АНК \"Башнефть\" \"Башнефть-Новойл\""]
["Выключатели","ПАО АНК \"Башнефть\" \"Башнефть-Новойл\"",2,13,"Выключатель путевой ВПВ-4Б12 ХЛ1","ШТ",1,3046.7,3046.7,"450063, г. Уфа, ПАО АНК \"Башнефть\" \"Башнефть-Новойл\""]
["Выключатели","ПАО АНК \"Башнефть\" \"Башнефть-Новойл\"",2,14,"Х Выключатель авт. C60N 24068 2P 0.5А","ШТ",1,1770,1770,"450063, г. Уфа, ПАО АНК \"Башнефть\" \"Башнефть-Новойл\""]
["Выключатели","ПАО АНК \"Башнефть\" \"Башнефть-Новойл\"",2,15,"Х Выключатель авт. C60N 24068 2P 0.5А","ШТ",3,1800,5400,"450063, г. Уфа, ПАО АНК \"Башнефть\" \"Башнефть-Новойл\""]
["Выключатели","ПАО АНК \"Башнефть\" \"Башнефть-Новойл\"",2,16,"Х Выключатель авт. C60N 24068 2P 0.5А","ШТ",2,1850,3700,"450063, г. Уфа, ПАО АНК \"Башнефть\" \"Башнефть-Новойл\""]
["Выключатели","ПАО АНК \"Башнефть\" \"Башнефть-Новойл\"",2,17,"Х Выключатель авт. C60N 24068 2P 0.5А","ШТ",2,1770,3540,"450063, г. Уфа, ПАО АНК \"Башнефть\" \"Башнефть-Новойл\""]
["Выключатели","ПАО АНК \"Башнефть\" \"Башнефть-Новойл\"",2,18,"Х Выключатель авт. Legrand L/06263 2P10А","ШТ",1,800,800,"450063, г. Уфа, ПАО АНК \"Башнефть\" \"Башнефть-Новойл\""]
["Извещатели","ПАО АНК \"Башнефть\" \"Башнефть-Новойл\"",3,19,"Извещатель ИП 103-4/1 А2 ИБ МАК-1 ИБ","ШТ",50,67.3,3365,"450063, г. Уфа, ПАО АНК \"Башнефть\" \"Башнефть-Новойл\""]
["Извещатели","ПАО АНК \"Башнефть\" \"Башнефть-Новойл\"",3,20,"Извещатель ИП 103-4/1 А2 ИБ МАК-1 ИБ","ШТ",51,67.3,3432.2999999999997,"450063, г. Уфа, ПАО АНК \"Башнефть\" \"Башнефть-Новойл\""]
["Извещатели","ПАО АНК \"Башнефть\" \"Башнефть-Новойл\"",3,21,"Извещатель ИП 212-3СУ","ШТ",29,150.4,4361.6000000000004,"450063, г. Уфа, ПАО АНК \"Башнефть\" \"Башнефть-Новойл\""]
["Извещатели","ПАО АНК \"Башнефть\" \"Башнефть-Новойл\"",3,22,"Извещатель ИП 212-3СУ","ШТ",80,150.4,12032,"450063, г. Уфа, ПАО АНК \"Башнефть\" \"Башнефть-Новойл\""]
["Извещатели","ПАО АНК \"Башнефть\" \"Башнефть-Новойл\"",3,23,"Извещатель ИП 212-3СУ","ШТ",50,150.4,7520,"450063, г. Уфа, ПАО АНК \"Башнефть\" \"Башнефть-Новойл\""]
["Извещатели","ПАО АНК \"Башнефть\" \"Башнефть-Новойл\"",3,24,"Извещатель ИП101-07е-к2 (КВ12+КВ12)","ШТ",19,4016.9,76321.100000000006,"450063, г. Уфа, ПАО АНК \"Башнефть\" \"Башнефть-Новойл\""]
["Извещатели","ПАО АНК \"Башнефть\" \"Башнефть-Новойл\"",3,25,"Извещатель охр. ИО-101-2","ШТ",15,168,2520,"450063, г. Уфа, ПАО АНК \"Башнефть\" \"Башнефть-Новойл\""]
["Извещатели","ПАО АНК \"Башнефть\" \"Башнефть-Новойл\"",3,26,"Извещатель охранный Фантом-30У","ШТ",8,6510,52080,"450063, г. Уфа, ПАО АНК \"Башнефть\" \"Башнефть-Новойл\""]
["Извещатели","ПАО АНК \"Башнефть\" \"Башнефть-Новойл\"",3,27,"Извещатель пож. ИП 212-96","ШТ",9,934.5,8410.5,"450063, г. Уфа, ПАО АНК \"Башнефть\" \"Башнефть-Новойл\""]
["Извещатели","ПАО АНК \"Башнефть\" \"Башнефть-Новойл\"",3,28,"Извещатель пож. ИП-103-4/1-ИБ","ШТ",37,91.1,3370.7,"450063, г. Уфа, ПАО АНК \"Башнефть\" \"Башнефть-Новойл\""]
["Извещатели","ПАО АНК \"Башнефть\" \"Башнефть-Новойл\"",3,29,"Извещатель пож. ИП-103-4/1-ИБ","ШТ",60,91.1,5466,"450063, г. Уфа, ПАО АНК \"Башнефть\" \"Башнефть-Новойл\""]
["Извещатели","ПАО АНК \"Башнефть\" \"Башнефть-Новойл\"",3,30,"Извещатель пож. ИП-103-4/1-ИБ","ШТ",29,91.1,2641.8999999999996,"450063, г. Уфа, ПАО АНК \"Башнефть\" \"Башнефть-Новойл\""]
["Извещатели","ПАО АНК \"Башнефть\" \"Башнефть-Новойл\"",3,31,"Извещатель пож. ИП-103-4/1-ИБ","ШТ",1,91.1,91.1,"450063, г. Уфа, ПАО АНК \"Башнефть\" \"Башнефть-Новойл\""]
["Извещатели","ПАО АНК \"Башнефть\" \"Башнефть-Новойл\"",3,32,"Извещатель пож. ИП-103-4/1-ИБ","ШТ",40,91.1,3644,"450063, г. Уфа, ПАО АНК \"Башнефть\" \"Башнефть-Новойл\""]
["Извещатели","ПАО АНК \"Башнефть\" \"Башнефть-Новойл\"",3,33,"Извещатель пож. ИП-103-4/1-ИБ","ШТ",30,91.1,2733,"450063, г. Уфа, ПАО АНК \"Башнефть\" \"Башнефть-Новойл\""]
["Извещатели","ПАО АНК \"Башнефть\" \"Башнефть-Новойл\"",3,34,"Извещатель пож. ИП-103-5-А3","ШТ",20,40.700000000000003,814,"450063, г. Уфа, ПАО АНК \"Башнефть\" \"Башнефть-Новойл\""]
["Извещатели","ПАО АНК \"Башнефть\" \"Башнефть-Новойл\"",3,35,"Извещатель пож. ИП-114-5-А2","ШТ",10,60.7,607,"450063, г. Уфа, ПАО АНК \"Башнефть\" \"Башнефть-Новойл\""]
["Извещатели","ПАО АНК \"Башнефть\" \"Башнефть-Новойл\"",3,36,"Извещатель пож. ИП-212-41М","ШТ",6,105.4,632.40000000000009,"450063, г. Уфа, ПАО АНК \"Башнефть\" \"Башнефть-Новойл\""]
["Извещатели","ПАО АНК \"Башнефть\" \"Башнефть-Новойл\"",3,37,"Извещатель пожарный ИП-103-5/1-А3","ШТ",50,50.4,2520,"450063, г. Уфа, ПАО АНК \"Башнефть\" \"Башнефть-Новойл\""]
["Извещатели","ПАО АНК \"Башнефть\" \"Башнефть-Новойл\"",3,38,"Извещатель пожарный ИП-103-5/1-А3","ШТ",30,50.4,1512,"450063, г. Уфа, ПАО АНК \"Башнефть\" \"Башнефть-Новойл\""]
["Извещатели","ПАО АНК \"Башнефть\" \"Башнефть-Новойл\"",3,39,"Извещатель пожарный ИП-103-5/1-А3","ШТ",99,50.4,4989.5999999999995,"450063, г. Уфа, ПАО АНК \"Башнефть\" \"Башнефть-Новойл\""]
["Извещатели","ПАО АНК \"Башнефть\" \"Башнефть-Новойл\"",3,40,"Извещатель пожарный ИП-103-5/1-А3","ШТ",20,50.4,1008,"450063, г. Уфа, ПАО АНК \"Башнефть\" \"Башнефть-Новойл\""]
["Извещатели","ПАО АНК \"Башнефть\" \"Башнефть-Новойл\"",3,41,"Оповещатель свет. Сова-Б Пена уходи","ШТ",6,6629.8,39778.800000000003,"450063, г. Уфа, ПАО АНК \"Башнефть\" \"Башнефть-Новойл\""]
["Изолятор","ПАО АНК \"Башнефть\" \"Башнефть-Новойл\"",4,42,"Изолятор 5672.E.27.00.00","ШТ",1,145022.70000000001,145022.70000000001,"450063, г. Уфа, ПАО АНК \"Башнефть\" \"Башнефть-Новойл\""]
["Изолятор","ПАО АНК \"Башнефть\" \"Башнефть-Новойл\"",4,43,"Изолятор 5672.E.27.00.00","ШТ",1,145022.70000000001,145022.70000000001,"450063, г. Уфа, ПАО АНК \"Башнефть\" \"Башнефть-Новойл\""]
["Изолятор","ПАО АНК \"Башнефть\" \"Башнефть-Новойл\"",4,44,"Изолятор CPK-1-050","ШТ",10,3301.4,33014,"450063, г. Уфа, ПАО АНК \"Башнефть\" \"Башнефть-Новойл\""]
["Изолятор","ПАО АНК \"Башнефть\" \"Башнефть-Новойл\"",4,45,"Изолятор PPC Insulators 3225821048646","ШТ",2,61740.800000000003,123481.60000000001,"450063, г. Уфа, ПАО АНК \"Башнефть\" \"Башнефть-Новойл\""]
["Изолятор","ПАО АНК \"Башнефть\" \"Башнефть-Новойл\"",4,46,"Изолятор PPC Insulators 3225821048646","ШТ",2,61740.800000000003,123481.60000000001,"450063, г. Уфа, ПАО АНК \"Башнефть\" \"Башнефть-Новойл\""]
["Изолятор","ПАО АНК \"Башнефть\" \"Башнефть-Новойл\"",4,47,"Изолятор опорный ИО-6-3,75 II У3","ШТ",18,79.8,1436.3999999999999,"450063, г. Уфа, ПАО АНК \"Башнефть\" \"Башнефть-Новойл\""]
["Изолятор","ПАО АНК \"Башнефть\" \"Башнефть-Новойл\"",4,48,"Изолятор торцевой ABB 1SNA103062R2100","ШТ",1,7.7,7.7,"450063, г. Уфа, ПАО АНК \"Башнефть\" \"Башнефть-Новойл\""]
["Изолятор","ПАО АНК \"Башнефть\" \"Башнефть-Новойл\"",4,49,"Изолятор торцевой ABB 1SNA118368R1600","ШТ",3,16.100000000000001,48.300000000000004,"450063, г. Уфа, ПАО АНК \"Башнефть\" \"Башнефть-Новойл\""]
["Кабели для промышленной автоматизации и систем управления","ПАО АНК \"Башнефть\" \"Башнефть-Новойл\"",5,50,"Кабель КГПЭфУ 1х2х1,2","М",1807,135.6,245029.19999999998,"450063, г. Уфа, ПАО АНК \"Башнефть\" \"Башнефть-Новойл\""]
["Кабели для промышленной автоматизации и систем управления","ПАО АНК \"Башнефть\" \"Башнефть-Новойл\"",5,51,"Кабель КИПвЭВБВ 1х2х0,78","М",37.799999999999997,114,4309.2,"450063, г. Уфа, ПАО АНК \"Башнефть\" \"Башнефть-Новойл\""]
["Кабели для промышленной автоматизации и систем управления","ПАО АНК \"Башнефть\" \"Башнефть-Новойл\"",5,52,"Кабель КИПЭВБВ 2х2х0,6","М",120,140,16800,"450063, г. Уфа, ПАО АНК \"Башнефть\" \"Башнефть-Новойл\""]
["Кабели для промышленной автоматизации и систем управления","ПАО АНК \"Башнефть\" \"Башнефть-Новойл\"",5,53,"Кабель КИПЭВнг(А)-LS 1х2х0,60","М",350,54.6,19110,"450063, г. Уфа, ПАО АНК \"Башнефть\" \"Башнефть-Новойл\""]
["Кабели для промышленной автоматизации и систем управления","ПАО АНК \"Башнефть\" \"Башнефть-Новойл\"",5,54,"Кабель КУВШнг(А)-LS 10х2х1","М",461,172.1,79338.099999999991,"450063, г. Уфа, ПАО АНК \"Башнефть\" \"Башнефть-Новойл\""]
["Кабели для промышленной автоматизации и систем управления","ПАО АНК \"Башнефть\" \"Башнефть-Новойл\"",5,55,"Кабель КуГВВ 3х4","М",50,29.3,1465,"450063, г. Уфа, ПАО АНК \"Башнефть\" \"Башнефть-Новойл\""]
["Кабели для промышленной автоматизации и систем управления","ПАО АНК \"Башнефть\" \"Башнефть-Новойл\"",5,56,"Кабель КУИНнг-FRHF 2х2х0,5","М",148,404.8,59910.400000000001,"450063, г. Уфа, ПАО АНК \"Башнефть\" \"Башнефть-Новойл\""]
["Кабели для промышленной автоматизации и систем управления","ПАО АНК \"Башнефть\" \"Башнефть-Новойл\"",5,57,"Кабель КУИНнг-FRHF 2х2х0,5","М",50,399.1,19955,"450063, г. Уфа, ПАО АНК \"Башнефть\" \"Башнефть-Новойл\""]
["Кабели для промышленной автоматизации и систем управления","ПАО АНК \"Башнефть\" \"Башнефть-Новойл\"",5,58,"Кабель КУИНнг-FRHF 2х2х1","М",20,538.4,10768,"450063, г. Уфа, ПАО АНК \"Башнефть\" \"Башнефть-Новойл\""]
["Кабели для промышленной автоматизации и систем управления","ПАО АНК \"Башнефть\" \"Башнефть-Новойл\"",5,59,"Кабель КУИНнг-HF ПК 4х2,5","М",31,369.5,11454.5,"450063, г. Уфа, ПАО АНК \"Башнефть\" \"Башнефть-Новойл\""]
["Кабели для промышленной автоматизации и систем управления","ПАО АНК \"Башнефть\" \"Башнефть-Новойл\"",5,60,"Кабель КУИНнг-LS 10х1,5 ВК","М",10,825.3,8253,"450063, г. Уфа, ПАО АНК \"Башнефть\" \"Башнефть-Новойл\""]
["Кабели для систем пожарной и охранной сигнализации","ПАО АНК \"Башнефть\" \"Башнефть-Новойл\"",6,61,"Кабель Exzhellent DO2Dt 1х2х1","М",9131,24.1,220057.1,"450063, г. Уфа, ПАО АНК \"Башнефть\" \"Башнефть-Новойл\""]
["Кабели для систем пожарной и охранной сигнализации","ПАО АНК \"Башнефть\" \"Башнефть-Новойл\"",6,62,"Кабель Exzhellent DO2Dt 1х2х1.5","М",10,74.3,743,"450063, г. Уфа, ПАО АНК \"Башнефть\" \"Башнефть-Новойл\""]
["Кабели для систем пожарной и охранной сигнализации","ПАО АНК \"Башнефть\" \"Башнефть-Новойл\"",6,63,"Кабель Exzhellent DO2Dt 1х2х2.5","М",30,94.6,2838,"450063, г. Уфа, ПАО АНК \"Башнефть\" \"Башнефть-Новойл\""]
["Кабели для систем пожарной и охранной сигнализации","ПАО АНК \"Башнефть\" \"Башнефть-Новойл\"",6,64,"Кабель Exzhellent DO2Dt-M 14х1","М",1297,170.6,221268.19999999998,"450063, г. Уфа, ПАО АНК \"Башнефть\" \"Башнефть-Новойл\""]
["Кабели для систем пожарной и охранной сигнализации","ПАО АНК \"Башнефть\" \"Башнефть-Новойл\"",6,65,"Кабель Exzhellent DO2Dt-M 4х1","М",860,67.099999999999994,{"$f":"H69*G69","v":57705.999999999993},"450063, г. Уфа, ПАО АНК \"Башнефть\" \"Башнефть-Новойл\""]
["Кабели для систем пожарной и охранной сигнализации","ПАО АНК \"Башнефть\" \"Башнефть-Новойл\"",6,66,"Кабель Exzhellent RZ1FZ1-K 14х1.5","М",150,89.8,13470,"450063, г. Уфа, ПАО АНК \"Башнефть\" \"Башнефть-Новойл\""]
["Кабели для систем пожарной и охранной сигнализации","ПАО АНК \"Башнефть\" \"Башнефть-Новойл\"",6,67,"Кабель КПСВЭВнг(А)-LS 2х2х0,5","М",12,15.2,182.39999999999998,"450063, г. Уфа, ПАО АНК \"Башнефть\" \"Башнефть-Новойл\""]
["Кабели для систем пожарной и охранной сигнализации","ПАО АНК \"Башнефть\" \"Башнефть-Новойл\"",6,68,"Кабель КПСнг(А)-FRLS 2х2х0,50","М",34,27.2,924.8,"450063, г. Уфа, ПАО АНК \"Башнефть\" \"Башнефть-Новойл\""]
["Кабели для систем пожарной и охранной сигнализации","ПАО АНК \"Башнефть\" \"Башнефть-Новойл\"",6,69,"Кабель КПСЭнг(А)-FRLS 1х2х0,5","М",95,17.7,1681.5,"450063, г. Уфа, ПАО АНК \"Башнефть\" \"Башнефть-Новойл\""]
["Кабели для систем пожарной и охранной сигнализации","ПАО АНК \"Башнефть\" \"Башнефть-Новойл\"",6,70,"Кабель КСРЭВнг(А)-FRLS 1х2х0,50","М",928,7.3,6774.4,"450063, г. Уфа, ПАО АНК \"Башнефть\" \"Башнефть-Новойл\""]
["Кабели для систем пожарной и охранной сигнализации","ПАО АНК \"Башнефть\" \"Башнефть-Новойл\"",6,71,"Кабель КСРЭВнг(А)-FRLS 1х2х1","М",22,73.900000000000006,1625.8000000000002,"450063, г. Уфа, ПАО АНК \"Башнефть\" \"Башнефть-Новойл\""]
["Кабели для систем пожарной и охранной сигнализации","ПАО АНК \"Башнефть\" \"Башнефть-Новойл\"",6,72,"Кабель сигнальный Yokogawa KS10-10 A","ШТ",3,3343.1,10029.299999999999,"450063, г. Уфа, ПАО АНК \"Башнефть\" \"Башнефть-Новойл\""]
["Кабели для телефонии и передачи данных","ПАО АНК \"Башнефть\" \"Башнефть-Новойл\"",7,73,"Кабель Belden 3076F 0061000","М",115,70.3,8084.5,"450063, г. Уфа, ПАО АНК \"Башнефть\" \"Башнефть-Новойл\""]
["Кабели для телефонии и передачи данных","ПАО АНК \"Башнефть\" \"Башнефть-Новойл\"",7,74,"Кабель Belden 3076F 0061000","М",15865,51.6,818634,"450063, г. Уфа, ПАО АНК \"Башнефть\" \"Башнефть-Новойл\""]
["Кабели для телефонии и передачи данных","ПАО АНК \"Башнефть\" \"Башнефть-Новойл\"",7,75,"Кабель Belden 3076F 0061000","М",3390,72.099999999999994,244418.99999999997,"450063, г. Уфа, ПАО АНК \"Башнефть\" \"Башнефть-Новойл\""]
["Кабели для телефонии и передачи данных","ПАО АНК \"Башнефть\" \"Башнефть-Новойл\"",7,76,"Кабель Belden 3076F 0061000","М",3540,71.400000000000006,252756.00000000003,"450063, г. Уфа, ПАО АНК \"Башнефть\" \"Башнефть-Новойл\""]
["Кабели для телефонии и передачи данных","ПАО АНК \"Башнефть\" \"Башнефть-Новойл\"",7,77,"Кабель Belden 9841","М",9610,238.1,2288141,"450063, г. Уфа, ПАО АНК \"Башнефть\" \"Башнефть-Новойл\""]
["Кабели для телефонии и передачи данных","ПАО АНК \"Башнефть\" \"Башнефть-Новойл\"",7,78,"Кабель Belden 9842","М",21,343.3,7209.3,"450063, г. Уфа, ПАО АНК \"Башнефть\" \"Башнефть-Новойл\""]
["Кабели для телефонии и передачи данных","ПАО АНК \"Башнефть\" \"Башнефть-Новойл\"",7,79,"Кабель Belden 9842","М",40,356.2,14248,"450063, г. Уфа, ПАО АНК \"Башнефть\" \"Башнефть-Новойл\""]
["Кабели для телефонии и передачи данных","ПАО АНК \"Башнефть\" \"Башнефть-Новойл\"",7,80,"Кабель Draka NOMAK 8x2x0.5+0.5 L403325","М",421,88,37048,"450063, г. Уфа, ПАО АНК \"Башнефть\" \"Башнефть-Новойл\""]
["Кабели для телефонии и передачи данных","ПАО АНК \"Башнефть\" \"Башнефть-Новойл\"",7,81,"Кабель Draka NOMAK 8x2x0.5+0.5 L403325","М",160,79.8,12768,"450063, г. Уфа, ПАО АНК \"Башнефть\" \"Башнефть-Новойл\""]
["Кабели для телефонии и передачи данных","ПАО АНК \"Башнефть\" \"Башнефть-Новойл\"",7,82,"Кабель Draka NOMAK 8x2x0.5+0.5 L403325","М",12,81.7,980.40000000000009,"450063, г. Уфа, ПАО АНК \"Башнефть\" \"Башнефть-Новойл\""]
["Кабели для телефонии и передачи данных","ПАО АНК \"Башнефть\" \"Башнефть-Новойл\"",7,83,"Кабель Draka NOMAK 8x2x0.5+0.5 L403325","М",254,88,22352,"450063, г. Уфа, ПАО АНК \"Башнефть\" \"Башнефть-Новойл\""]
["Кабели для телефонии и передачи данных","ПАО АНК \"Башнефть\" \"Башнефть-Новойл\"",7,84,"Кабель Draka NOMAK 8x2x0.5+0.5 L403325","М",700,82.8,57960,"450063, г. Уфа, ПАО АНК \"Башнефть\" \"Башнефть-Новойл\""]
["Кабели для телефонии и передачи данных","ПАО АНК \"Башнефть\" \"Башнефть-Новойл\"",7,85,"Кабель Draka NOMAK 8x2x0.5+0.5 L403325","М",50,88,4400,"450063, г. Уфа, ПАО АНК \"Башнефть\" \"Башнефть-Новойл\""]
["Кабели для телефонии и передачи данных","ПАО АНК \"Башнефть\" \"Башнефть-Новойл\"",7,86,"Кабель NOMAK 12х2х0,5 1005543-01000DX","М",85,134,11390,"450063, г. Уфа, ПАО АНК \"Башнефть\" \"Башнефть-Новойл\""]
["Кабели для телефонии и передачи данных","ПАО АНК \"Башнефть\" \"Башнефть-Новойл\"",7,87,"Кабель NOMAK 24х2х0,5 1005544-01000DX","М",327,214.1,70010.7,"450063, г. Уфа, ПАО АНК \"Башнефть\" \"Башнефть-Новойл\""]
["Кабели для телефонии и передачи данных","ПАО АНК \"Башнефть\" \"Башнефть-Новойл\"",7,88,"Кабель NOMAK 24х2х0,5 1005544-01000DX","М",500,208.5,104250,"450063, г. Уфа, ПАО АНК \"Башнефть\" \"Башнефть-Новойл\""]
["Кабели для телефонии и передачи данных","ПАО АНК \"Башнефть\" \"Башнефть-Новойл\"",7,89,"Кабель NOMAK 24х2х0,5 1005544-01000DX","М",258,214.1,55237.799999999996,"450063, г. Уфа, ПАО АНК \"Башнефть\" \"Башнефть-Новойл\""]
["Кабели для телефонии и передачи данных","ПАО АНК \"Башнефть\" \"Башнефть-Новойл\"",7,90,"Кабель NOMAK 24х2х0,5 1005544-01000DX","М",445,214.1,95274.5,"450063, г. Уфа, ПАО АНК \"Башнефть\" \"Башнефть-Новойл\""]
["Кабели термопарные","ПАО АНК \"Башнефть\" \"Башнефть-Новойл\"",8,91,"Кабель термоэлектродный КМТВ-М 8х1,5","М",160,132.4,21184,"450063, г. Уфа, ПАО АНК \"Башнефть\" \"Башнефть-Новойл\""]
["Кабели термопарные","ПАО АНК \"Башнефть\" \"Башнефть-Новойл\"",8,92,"Кабель термоэлектродный КМТВ-М 8х1,5","М",619,208.4,128999.6,"450063, г. Уфа, ПАО АНК \"Башнефть\" \"Башнефть-Новойл\""]
["Кабели термопарные","ПАО АНК \"Башнефть\" \"Башнефть-Новойл\"",8,93,"Кабель термоэлектродный КМТВЭВ-ХА 24х1,5","М",35,737.3,25805.5,"450063, г. Уфа, ПАО АНК \"Башнефть\" \"Башнефть-Новойл\""]
["Кабели термопарные","ПАО АНК \"Башнефть\" \"Башнефть-Новойл\"",8,94,"Кабель термоэлектродный КМТВЭВ-ХА 24х1,5","М",150,737.3,110595,"450063, г. Уфа, ПАО АНК \"Башнефть\" \"Башнефть-Новойл\""]
["Кабель и провод термоэлектродный","ПАО АНК \"Башнефть\" \"Башнефть-Новойл\"",9,95,"Кабель КМТВ-М 13х1+13х1,5","М",1126,308.7,347596.2,"450063, г. Уфа, ПАО АНК \"Башнефть\" \"Башнефть-Новойл\""]
["Кабель и провод термоэлектродный","ПАО АНК \"Башнефть\" \"Башнефть-Новойл\"",9,96,"Кабель КМТВ-М 13х1+13х1,5","М",821,308.7,253442.69999999998,"450063, г. Уфа, ПАО АНК \"Башнефть\" \"Башнефть-Новойл\""]
["Кабель и провод термоэлектродный","ПАО АНК \"Башнефть\" \"Башнефть-Новойл\"",9,97,"Кабель КМТВ-М 13х1+13х1,5","М",1167,308.7,360252.89999999997,"450063, г. Уфа, ПАО АНК \"Башнефть\" \"Башнефть-Новойл\""]
["Кабель и провод термоэлектродный","ПАО АНК \"Башнефть\" \"Башнефть-Новойл\"",9,98,"Кабель КМТВ-М 14х1,5","М",255,173.6,44268,"450063, г. Уфа, ПАО АНК \"Башнефть\" \"Башнефть-Новойл\""]
["Кабель и провод термоэлектродный","ПАО АНК \"Башнефть\" \"Башнефть-Новойл\"",9,99,"Кабель КМТВ-М 18х1.5","М",120,265.5,31860,"450063, г. Уфа, ПАО АНК \"Башнефть\" \"Башнефть-Новойл\""]
["Кабель и провод термоэлектродный","ПАО АНК \"Башнефть\" \"Башнефть-Новойл\"",9,100,"Кабель КМТВ-М 26х1,5","М",150,383,57450,"450063, г. Уфа, ПАО АНК \"Башнефть\" \"Башнефть-Новойл\""]
["Кабель и провод термоэлектродный","ПАО АНК \"Башнефть\" \"Башнефть-Новойл\"",9,101,"Кабель КМТВ-М 4х1+4х1,5","М",510,117.3,59823,"450063, г. Уфа, ПАО АНК \"Башнефть\" \"Башнефть-Новойл\""]
["Кабель и провод термоэлектродный","ПАО АНК \"Башнефть\" \"Башнефть-Новойл\"",9,102,"Кабель КМТВ-М 4х1+4х1,5","М",200,97.1,19420,"450063, г. Уфа, ПАО АНК \"Башнефть\" \"Башнефть-Новойл\""]
["Кабель и провод термоэлектродный","ПАО АНК \"Башнефть\" \"Башнефть-Новойл\"",9,103,"Кабель КМТВ-М 4х1+4х1,5","М",326,117.3,38239.799999999996,"450063, г. Уфа, ПАО АНК \"Башнефть\" \"Башнефть-Новойл\""]
["Кабель и провод термоэлектродный","ПАО АНК \"Башнефть\" \"Башнефть-Новойл\"",9,104,"Кабель КМТВ-М 4х1+4х2,5","М",100,169.1,16910,"450063, г. Уфа, ПАО АНК \"Башнефть\" \"Башнефть-Новойл\""]
["Кабель и провод термоэлектродный","ПАО АНК \"Башнефть\" \"Башнефть-Новойл\"",9,105,"Кабель КМТВ-М 7х1+7х1,5","М",2458,213,523554,"450063, г. Уфа, ПАО АНК \"Башнефть\" \"Башнефть-Новойл\""]
["Кабель и провод термоэлектродный","ПАО АНК \"Башнефть\" \"Башнефть-Новойл\"",9,106,"Кабель КМТВ-М 7х1+7х1,5","М",2875,201.9,580462.5,"450063, г. Уфа, ПАО АНК \"Башнефть\" \"Башнефть-Новойл\""]
["Кабель и провод термоэлектродный","ПАО АНК \"Башнефть\" \"Башнефть-Новойл\"",9,107,"Кабель КМТВ-М 7х1+7х1,5","М",1125,213,239625,"450063, г. Уфа, ПАО АНК \"Башнефть\" \"Башнефть-Новойл\""]
["Кабель и провод термоэлектродный","ПАО АНК \"Башнефть\" \"Башнефть-Новойл\"",9,108,"Кабель КМТВЭВ-М 13х1+13х1,5","М",417,300.3,125225.1,"450063, г. Уфа, ПАО АНК \"Башнефть\" \"Башнефть-Новойл\""]
["Кабель и провод термоэлектродный","ПАО АНК \"Башнефть\" \"Башнефть-Новойл\"",9,109,"Кабель КМТВЭВ-М 7х1,0+7х1,5","М",40,170.5,6820,"450063, г. Уфа, ПАО АНК \"Башнефть\" \"Башнефть-Новойл\""]
["Кабель и провод термоэлектродный","ПАО АНК \"Башнефть\" \"Башнефть-Новойл\"",9,110,"Кабель КМЭЛ-1-ВЭфВнг(А)-LS 7х(2х1)","М",109,195.7,21331.3,"450063, г. Уфа, ПАО АНК \"Башнефть\" \"Башнефть-Новойл\""]
["Кабель и провод термоэлектродный","ПАО АНК \"Башнефть\" \"Башнефть-Новойл\"",9,111,"Кабель КМЭЛ-ВЭВзнг(А)-LS 10х2х1,5","М",177,402.3,71207.100000000006,"450063, г. Уфа, ПАО АНК \"Башнефть\" \"Башнефть-Новойл\""]
["Кабель и провод термоэлектродный","ПАО АНК \"Башнефть\" \"Башнефть-Новойл\"",9,112,"Кабель КМЭЛ-ВЭВзнг(А)-LS 12х3х1","М",1155,497.1,574150.5,"450063, г. Уфа, ПАО АНК \"Башнефть\" \"Башнефть-Новойл\""]
["Кабель и провод термоэлектродный","ПАО АНК \"Башнефть\" \"Башнефть-Новойл\"",9,113,"Кабель КМЭЛ-ВЭВзнг(А)-LS 14х2х1,5","М",793,540,428220,"450063, г. Уфа, ПАО АНК \"Башнефть\" \"Башнефть-Новойл\""]
["Кабель и провод термоэлектродный","ПАО АНК \"Башнефть\" \"Башнефть-Новойл\"",9,114,"Кабель КМЭЛ-ВЭВзнг(А)-LS 14х2х1,5","М",150,540,81000,"450063, г. Уфа, ПАО АНК \"Башнефть\" \"Башнефть-Новойл\""]
["Кабель и провод термоэлектродный","ПАО АНК \"Башнефть\" \"Башнефть-Новойл\"",9,115,"Кабель КМЭЛ-МВЭВзнг(А)-LS 7х2х1,5","М",90,273.89999999999998,24650.999999999996,"450063, г. Уфа, ПАО АНК \"Башнефть\" \"Башнефть-Новойл\""]
["Кабель контрольный с медной жилой","ПАО АНК \"Башнефть\" \"Башнефть-Новойл\"",10,116,"Кабель КВБбШвнг(А)-LS 4х1","М",65,32,2080,"450063, г. Уфа, ПАО АНК \"Башнефть\" \"Башнефть-Новойл\""]
["Кабель контрольный с медной жилой","ПАО АНК \"Башнефть\" \"Башнефть-Новойл\"",10,117,"Кабель контрольный КВВГЭ 14х1,0","М",30,60.9,1827,"450063, г. Уфа, ПАО АНК \"Башнефть\" \"Башнефть-Новойл\""]
["Кабель контрольный с медной жилой","ПАО АНК \"Башнефть\" \"Башнефть-Новойл\"",10,118,"Кабель контрольный КВВГЭ 14х1,0","М",228,60.9,13885.199999999999,"450063, г. Уфа, ПАО АНК \"Башнефть\" \"Башнефть-Новойл\""]
["Кабель силовой с алюминиевой жилой","ПАО АНК \"Башнефть\" \"Башнефть-Новойл\"",11,119,"Кабель АВБбШв 4х240-1","М",240,495.6,118944,"450063, г. Уфа, ПАО АНК \"Башнефть\" \"Башнефть-Новойл\""]
["Кабель силовой с алюминиевой жилой","ПАО АНК \"Башнефть\" \"Башнефть-Новойл\"",11,120,"Кабель АВБбШвнг-LS 4х50-0,66","М",20,197.6,3952,"450063, г. Уфа, ПАО АНК \"Башнефть\" \"Башнефть-Новойл\""]
["Кабель силовой с алюминиевой жилой","ПАО АНК \"Башнефть\" \"Башнефть-Новойл\"",11,121,"Кабель АВБШвнг(A)-LS 3х150ос-6","М",308,348.6,107368.8,"450063, г. Уфа, ПАО АНК \"Башнефть\" \"Башнефть-Новойл\""]
["Кабель силовой с алюминиевой жилой","ПАО АНК \"Башнефть\" \"Башнефть-Новойл\"",11,122,"Кабель АВВГ 2х25-0,66","М",230,49.9,11477,"450063, г. Уфа, ПАО АНК \"Башнефть\" \"Башнефть-Новойл\""]
["Кабель силовой с алюминиевой жилой","ПАО АНК \"Башнефть\" \"Башнефть-Новойл\"",11,123,"Кабель АВВГ 4х185(ож)-1","М",194,290.3,56318.200000000004,"450063, г. Уфа, ПАО АНК \"Башнефть\" \"Башнефть-Новойл\""]
["Кабель силовой с алюминиевой жилой","ПАО АНК \"Башнефть\" \"Башнефть-Новойл\"",11,124,"Кабель АВВГ 4х2,5-0,66","М",55,15.2,836,"450063, г. Уфа, ПАО АНК \"Башнефть\" \"Башнефть-Новойл\""]
["Кабель силовой с алюминиевой жилой","ПАО АНК \"Башнефть\" \"Башнефть-Новойл\"",11,125,"Кабель АВВГ 4х4-0,66","М",33,18.2,600.6,"450063, г. Уфа, ПАО АНК \"Башнефть\" \"Башнефть-Новойл\""]
["Кабель силовой с алюминиевой жилой","ПАО АНК \"Башнефть\" \"Башнефть-Новойл\"",11,126,"Кабель АВВГ 4х4-0,66","М",90,18.2,1638,"450063, г. Уфа, ПАО АНК \"Башнефть\" \"Башнефть-Новойл\""]
["Кабель силовой с алюминиевой жилой","ПАО АНК \"Башнефть\" \"Башнефть-Новойл\"",11,127,"Кабель АВВГ 4х6-0.66","М",38,26.3,999.4,"450063, г. Уфа, ПАО АНК \"Башнефть\" \"Башнефть-Новойл\""]
["Кабель силовой с алюминиевой жилой","ПАО АНК \"Башнефть\" \"Башнефть-Новойл\"",11,128,"Кабель АВВГзнг 3х2.5-0.66","М",45,12.2,549,"450063, г. Уфа, ПАО АНК \"Башнефть\" \"Башнефть-Новойл\""]
["Кабель силовой с алюминиевой жилой","ПАО АНК \"Башнефть\" \"Башнефть-Новойл\"",11,129,"Кабель АПвБВнг(A)-LS 3х150-10","М",421,776.3,{"$f":"H133*G133","v":326822.3},"450063, г. Уфа, ПАО АНК \"Башнефть\" \"Башнефть-Новойл\""]
["Кабель силовой с алюминиевой жилой","ПАО АНК \"Башнефть\" \"Башнефть-Новойл\"",11,130,"Кабель АСБГ 3х120-1","М",170,401,68170,"450063, г. Уфа, ПАО АНК \"Башнефть\" \"Башнефть-Новойл\""]
["Кабель силовой с алюминиевой жилой","ПАО АНК \"Башнефть\" \"Башнефть-Новойл\"",11,131,"Кабель силовой АВБбШв 4х4-0,66","М",60,40.1,2406,"450063, г. Уфа, ПАО АНК \"Башнефть\" \"Башнефть-Новойл\""]
["Кабель силовой с алюминиевой жилой","ПАО АНК \"Башнефть\" \"Башнефть-Новойл\"",11,132,"Кабель силовой АВВГ 2х6-1,0","М",150,10.6,1590,"450063, г. Уфа, ПАО АНК \"Башнефть\" \"Башнефть-Новойл\""]
["Кабель силовой с алюминиевой жилой","ПАО АНК \"Башнефть\" \"Башнефть-Новойл\"",11,133,"Кабель силовой АВВГ 4х120-1,0","М",90,194.5,17505,"450063, г. Уфа, ПАО АНК \"Башнефть\" \"Башнефть-Новойл\""]
["Кабель силовой с алюминиевой жилой","ПАО АНК \"Башнефть\" \"Башнефть-Новойл\"",11,134,"Кабель силовой АВВГ 4х120-1,0","М",85,194.5,16532.5,"450063, г. Уфа, ПАО АНК \"Башнефть\" \"Башнефть-Новойл\""]
["Кабель силовой с алюминиевой жилой","ПАО АНК \"Башнефть\" \"Башнефть-Новойл\"",11,135,"Кабель силовой АВВГ 4х120-1,0","М",124,194.5,24118,"450063, г. Уфа, ПАО АНК \"Башнефть\" \"Башнефть-Новойл\""]
["Кабель силовой с алюминиевой жилой","ПАО АНК \"Башнефть\" \"Башнефть-Новойл\"",11,136,"Кабель силовой АВВГ 4х150-1,0","М",5,421.3,2106.5,"450063, г. Уфа, ПАО АНК \"Башнефть\" \"Башнефть-Новойл\""]
["Кабель силовой с алюминиевой жилой","ПАО АНК \"Башнефть\" \"Башнефть-Новойл\"",11,137,"Кабель силовой АВВГ 4х50-1,0","М",36,140.30000000000001,5050.8,"450063, г. Уфа, ПАО АНК \"Башнефть\" \"Башнефть-Новойл\""]
["Кабель силовой с медной жилой","ПАО АНК \"Башнефть\" \"Башнефть-Новойл\"",12,138,"Кабель ВБбШв 2х50-1","М",200,608.6,121720,"450063, г. Уфа, ПАО АНК \"Башнефть\" \"Башнефть-Новойл\""]
["Кабель силовой с медной жилой","ПАО АНК \"Башнефть\" \"Башнефть-Новойл\"",12,139,"Кабель ВБбШв 3х95-6","М",29,817.8,23716.199999999997,"450063, г. Уфа, ПАО АНК \"Башнефть\" \"Башнефть-Новойл\""]
["Кабель силовой с медной жилой","ПАО АНК \"Башнефть\" \"Башнефть-Новойл\"",12,140,"Кабель ВБбШВз 3х1,5-1","М",20,35.200000000000003,704,"450063, г. Уфа, ПАО АНК \"Башнефть\" \"Башнефть-Новойл\""]
["Кабель силовой с медной жилой","ПАО АНК \"Башнефть\" \"Башнефть-Новойл\"",12,141,"Кабель ВБбШВз 3х4-0.66","М",11,92.4,1016.4000000000001,"450063, г. Уфа, ПАО АНК \"Башнефть\" \"Башнефть-Новойл\""]
["Кабель силовой с медной жилой","ПАО АНК \"Башнефть\" \"Башнефть-Новойл\"",12,142,"Кабель ВБбШвнг 3х10-0,66","М",22,104.4,2296.8000000000002,"450063, г. Уфа, ПАО АНК \"Башнефть\" \"Башнефть-Новойл\""]
["Кабель силовой с медной жилой","ПАО АНК \"Башнефть\" \"Башнефть-Новойл\"",12,143,"Кабель ВБбШвнг 3х16-0,66","М",40,207.5,8300,"450063, г. Уфа, ПАО АНК \"Башнефть\" \"Башнефть-Новойл\""]
["Кабель силовой с медной жилой","ПАО АНК \"Башнефть\" \"Башнефть-Новойл\"",12,144,"Кабель ВБбШвнг 4х1,5-0,66","М",13,62.1,807.30000000000007,"450063, г. Уфа, ПАО АНК \"Башнефть\" \"Башнефть-Новойл\""]
["Кабель силовой с медной жилой","ПАО АНК \"Башнефть\" \"Башнефть-Новойл\"",12,145,"Кабель ВБбШвнг(A) 3х10ок-1,0","М",174,103.1,17939.399999999998,"450063, г. Уфа, ПАО АНК \"Башнефть\" \"Башнефть-Новойл\""]
["Кабель силовой с медной жилой","ПАО АНК \"Башнефть\" \"Башнефть-Новойл\"",12,146,"Кабель ВБбШвнг(A) 3х10ок-1,0","М",50,97.9,4895,"450063, г. Уфа, ПАО АНК \"Башнефть\" \"Башнефть-Новойл\""]
["Кабель силовой с медной жилой","ПАО АНК \"Башнефть\" \"Башнефть-Новойл\"",12,147,"Кабель ВБбШвнг-LS 2х2.5-0.66","М",18,43.3,779.4,"450063, г. Уфа, ПАО АНК \"Башнефть\" \"Башнефть-Новойл\""]
["Кабель силовой с медной жилой","ПАО АНК \"Башнефть\" \"Башнефть-Новойл\"",12,148,"Кабель ВБбШнг 4х10-0,66","М",10,132.6,1326,"450063, г. Уфа, ПАО АНК \"Башнефть\" \"Башнефть-Новойл\""]
["Кабель силовой с медной жилой","ПАО АНК \"Башнефть\" \"Башнефть-Новойл\"",12,149,"Кабель ВБШвнг(A) 3х1,5ок-0,66","М",7,29.6,207.20000000000002,"450063, г. Уфа, ПАО АНК \"Башнефть\" \"Башнефть-Новойл\""]
["Кабель силовой с медной жилой","ПАО АНК \"Башнефть\" \"Башнефть-Новойл\"",12,150,"Кабель ВБШвнг(A)-LS 3х16ок-1","М",8,163,1304,"450063, г. Уфа, ПАО АНК \"Башнефть\" \"Башнефть-Новойл\""]
["Кабель силовой с медной жилой","ПАО АНК \"Башнефть\" \"Башнефть-Новойл\"",12,151,"Кабель ВБШвнг(A)-LS 5х50мк(N,PE)-0,66","М",25,1094.3,27357.5,"450063, г. Уфа, ПАО АНК \"Башнефть\" \"Башнефть-Новойл\""]
["Кабель силовой с медной жилой","ПАО АНК \"Башнефть\" \"Башнефть-Новойл\"",12,152,"Кабель ВВГ 2х2,5-0,66","М",15,21.9,328.5,"450063, г. Уфа, ПАО АНК \"Башнефть\" \"Башнефть-Новойл\""]
["Кабель силовой с медной жилой","ПАО АНК \"Башнефть\" \"Башнефть-Новойл\"",12,153,"Кабель ВВГ 5х1,5-0,66","М",86,33.1,2846.6,"450063, г. Уфа, ПАО АНК \"Башнефть\" \"Башнефть-Новойл\""]
["Кабель силовой с медной жилой","ПАО АНК \"Башнефть\" \"Башнефть-Новойл\"",12,154,"Кабель ВВГзнг 2х1.5-0.66","М",15,11.6,174,"450063, г. Уфа, ПАО АНК \"Башнефть\" \"Башнефть-Новойл\""]
["Кабель силовой с медной жилой","ПАО АНК \"Башнефть\" \"Башнефть-Новойл\"",12,155,"Кабель ВВГзнг 2х4-0.66","М",160,48.2,7712,"450063, г. Уфа, ПАО АНК \"Башнефть\" \"Башнефть-Новойл\""]
["Кабель силовой с медной жилой","ПАО АНК \"Башнефть\" \"Башнефть-Новойл\"",12,156,"Кабель ВВГнг 1х1.5-0,66","М",15,7.4,111,"450063, г. Уфа, ПАО АНК \"Башнефть\" \"Башнефть-Новойл\""]
["Кабель силовой с медной жилой","ПАО АНК \"Башнефть\" \"Башнефть-Новойл\"",12,157,"Кабель ВВГнг 3х70-6","М",30,604.20000000000005,18126,"450063, г. Уфа, ПАО АНК \"Башнефть\" \"Башнефть-Новойл\""]
["Кабель силовой с медной жилой","ПАО АНК \"Башнефть\" \"Башнефть-Новойл\"",12,158,"Кабель ВВГнг 4х185-1","М",10,2439.8000000000002,24398,"450063, г. Уфа, ПАО АНК \"Башнефть\" \"Башнефть-Новойл\""]
["Кабель силовой с медной жилой","ПАО АНК \"Башнефть\" \"Башнефть-Новойл\"",12,159,"Кабель ВВГнг(A) 3х50-6","М",103,428.4,44125.2,"450063, г. Уфа, ПАО АНК \"Башнефть\" \"Башнефть-Новойл\""]
["Кабель силовой с медной жилой","ПАО АНК \"Башнефть\" \"Башнефть-Новойл\"",12,160,"Кабель ВВГнг(A)-LS 2х1,5-0,66","М",15,11.6,174,"450063, г. Уфа, ПАО АНК \"Башнефть\" \"Башнефть-Новойл\""]
["Кабель силовой с медной жилой","ПАО АНК \"Башнефть\" \"Башнефть-Новойл\"",12,161,"Кабель ВВГнг(A)-LS 4х1,5-0,66","М",2,31.7,63.4,"450063, г. Уфа, ПАО АНК \"Башнефть\" \"Башнефть-Новойл\""]
["Кабель силовой с медной жилой","ПАО АНК \"Башнефть\" \"Башнефть-Новойл\"",12,162,"Кабель ВВГнг-LS 2х2.5-1","М",10,14.8,148,"450063, г. Уфа, ПАО АНК \"Башнефть\" \"Башнефть-Новойл\""]
["Кабель силовой с медной жилой","ПАО АНК \"Башнефть\" \"Башнефть-Новойл\"",12,163,"Кабель ВВГнг-LS 3х16-0,66","М",20,154.4,3088,"450063, г. Уфа, ПАО АНК \"Башнефть\" \"Башнефть-Новойл\""]
["Кабель силовой с медной жилой","ПАО АНК \"Башнефть\" \"Башнефть-Новойл\"",12,164,"Кабель ВВГнг-LS 4х120-1","М",10,1491.2,14912,"450063, г. Уфа, ПАО АНК \"Башнефть\" \"Башнефть-Новойл\""]
["Кабель силовой с медной жилой","ПАО АНК \"Башнефть\" \"Башнефть-Новойл\"",12,165,"Кабель ВВГнг-LS 5х4-0,66","М",9,93.7,843.30000000000007,"450063, г. Уфа, ПАО АНК \"Башнефть\" \"Башнефть-Новойл\""]
["Кабель силовой с медной жилой","ПАО АНК \"Башнефть\" \"Башнефть-Новойл\"",12,166,"Кабель ВВГнг-LS 5х6-0,66","М",10,142,1420,"450063, г. Уфа, ПАО АНК \"Башнефть\" \"Башнефть-Новойл\""]
["Кабель силовой с медной жилой","ПАО АНК \"Башнефть\" \"Башнефть-Новойл\"",12,167,"Кабель КУСИЛнг-HF ПБ 4х2,5ок-1","М",24,383.3,9199.2000000000007,"450063, г. Уфа, ПАО АНК \"Башнефть\" \"Башнефть-Новойл\""]
["Кабель силовой с медной жилой","ПАО АНК \"Башнефть\" \"Башнефть-Новойл\"",12,168,"Кабель КУСИЛнг-HF ПБ 5х35ок-1","М",46,5731.6,263653.60000000003,"450063, г. Уфа, ПАО АНК \"Башнефть\" \"Башнефть-Новойл\""]
["Кабель силовой с медной жилой","ПАО АНК \"Башнефть\" \"Башнефть-Новойл\"",12,169,"Кабель ПвБВнг(A)-LS 3х240-10","М",195,2091.1999999999998,407783.99999999994,"450063, г. Уфа, ПАО АНК \"Башнефть\" \"Башнефть-Новойл\""]
["Кабель силовой с медной жилой","ПАО АНК \"Башнефть\" \"Башнефть-Новойл\"",12,170,"Кабель ПвБВнг(A)-LS 3х240-10","М",20,2091.1999999999998,41824,"450063, г. Уфа, ПАО АНК \"Башнефть\" \"Башнефть-Новойл\""]
["Кабель силовой с медной жилой","ПАО АНК \"Башнефть\" \"Башнефть-Новойл\"",12,171,"Кабель ППГнг-HF 2х1,5-0,66","М",225,134.30000000000001,30217.500000000004,"450063, г. Уфа, ПАО АНК \"Башнефть\" \"Башнефть-Новойл\""]
["Кабель силовой с медной жилой","ПАО АНК \"Башнефть\" \"Башнефть-Новойл\"",12,172,"Кабель ППГнг-HF 3х4-0,66","М",40,375.4,15016,"450063, г. Уфа, ПАО АНК \"Башнефть\" \"Башнефть-Новойл\""]
["Кабель силовой с медной жилой","ПАО АНК \"Башнефть\" \"Башнефть-Новойл\"",12,173,"Кабель ППГнг-HF 5х1.5-0,66","М",55,101.4,5577,"450063, г. Уфа, ПАО АНК \"Башнефть\" \"Башнефть-Новойл\""]
["Кабель силовой с медной жилой","ПАО АНК \"Башнефть\" \"Башнефть-Новойл\"",12,174,"Кабель ППГнг-HF 5х1.5-0,66","М",90,97,8730,"450063, г. Уфа, ПАО АНК \"Башнефть\" \"Башнефть-Новойл\""]
["Кабель силовой с медной жилой","ПАО АНК \"Башнефть\" \"Башнефть-Новойл\"",12,175,"Кабель ППГнг-HF 5х50-0,66","М",140,6768.8,947632,"450063, г. Уфа, ПАО АНК \"Башнефть\" \"Башнефть-Новойл\""]
["Кабель силовой с медной жилой","ПАО АНК \"Башнефть\" \"Башнефть-Новойл\"",12,176,"Кабель ППГнг-HF 5х50-1","М",150,1608.9,241335,"450063, г. Уфа, ПАО АНК \"Башнефть\" \"Башнефть-Новойл\""]
["Кабель силовой с медной жилой","ПАО АНК \"Башнефть\" \"Башнефть-Новойл\"",12,177,"Кабель ППГнг-HF 5х6-0,66","М",25,546,13650,"450063, г. Уфа, ПАО АНК \"Башнефть\" \"Башнефть-Новойл\""]
["Кабель силовой с медной жилой","ПАО АНК \"Башнефть\" \"Башнефть-Новойл\"",12,178,"Кабель РвКПнг(A)-HF 3х185/25-6","М",51,3347.3,170712.30000000002,"450063, г. Уфа, ПАО АНК \"Башнефть\" \"Башнефть-Новойл\""]
["Кабель силовой с медной жилой","ПАО АНК \"Башнефть\" \"Башнефть-Новойл\"",12,179,"Кабель силовой ВБбШв 3х35-6,0","М",56,673.7,37727.200000000004,"450063, г. Уфа, ПАО АНК \"Башнефть\" \"Башнефть-Новойл\""]
["Кабель силовой с медной жилой","ПАО АНК \"Башнефть\" \"Башнефть-Новойл\"",12,180,"Кабель силовой ВБбШв 3х35-6,0","М",50,673.7,33685,"450063, г. Уфа, ПАО АНК \"Башнефть\" \"Башнефть-Новойл\""]
["Кабель силовой с медной жилой","ПАО АНК \"Башнефть\" \"Башнефть-Новойл\"",12,181,"Кабель силовой ВВГ 4х70-1,0","М",16,921.1,14737.6,"450063, г. Уфа, ПАО АНК \"Башнефть\" \"Башнефть-Новойл\""]
["Кабель силовой с медной жилой","ПАО АНК \"Башнефть\" \"Башнефть-Новойл\"",12,182,"Кабель силовой ВВГз 2х2,5-0,66","М",20,21.9,438,"450063, г. Уфа, ПАО АНК \"Башнефть\" \"Башнефть-Новойл\""]
["Кабель силовой с медной жилой","ПАО АНК \"Башнефть\" \"Башнефть-Новойл\"",12,183,"Кабель силовой ВВГз 2х2,5-0,66","М",693,21.9,15176.699999999999,"450063, г. Уфа, ПАО АНК \"Башнефть\" \"Башнефть-Новойл\""]
["Кабель силовой с медной жилой","ПАО АНК \"Башнефть\" \"Башнефть-Новойл\"",12,184,"Кабель силовой ВВГз 4х10-0,66","М",11,116.2,1278.2,"450063, г. Уфа, ПАО АНК \"Башнефть\" \"Башнефть-Новойл\""]
["Кабель силовой с медной жилой","ПАО АНК \"Башнефть\" \"Башнефть-Новойл\"",12,185,"Кабель силовой ВВГз 5х25(ож)-0,66","М",15,55.7,835.5,"450063, г. Уфа, ПАО АНК \"Башнефть\" \"Башнефть-Новойл\""]
["Кабель, провод монтажный","ПАО АНК \"Башнефть\" \"Башнефть-Новойл\"",13,186,"Кабель КПМВЭБлВмнг(A)-LS 2х2х1,5","М",50,190.3,9515,"450063, г. Уфа, ПАО АНК \"Башнефть\" \"Башнефть-Новойл\""]
["Кабель, провод монтажный","ПАО АНК \"Башнефть\" \"Башнефть-Новойл\"",13,187,"Кабель КПМВЭВГ 5х2х1,5","М",665,118.5,78802.5,"450063, г. Уфа, ПАО АНК \"Башнефть\" \"Башнефть-Новойл\""]
["Кабель, провод монтажный","ПАО АНК \"Башнефть\" \"Башнефть-Новойл\"",13,188,"Кабель КПМВЭВГ 5х2х1,5","М",390,118.5,46215,"450063, г. Уфа, ПАО АНК \"Башнефть\" \"Башнефть-Новойл\""]
["Кабель, провод монтажный","ПАО АНК \"Башнефть\" \"Башнефть-Новойл\"",13,189,"Кабель КПМВЭВГ 7х2х1,5","М",260,170.3,44278,"450063, г. Уфа, ПАО АНК \"Башнефть\" \"Башнефть-Новойл\""]
["Кабель, провод монтажный","ПАО АНК \"Башнефть\" \"Башнефть-Новойл\"",13,190,"Кабель КПМВЭВм-в-знг(А)-LS 4х2х0,2","М",55,106.5,5857.5,"450063, г. Уфа, ПАО АНК \"Башнефть\" \"Башнефть-Новойл\""]
["Кабель, провод монтажный","ПАО АНК \"Башнефть\" \"Башнефть-Новойл\"",13,191,"Кабель КПМВЭВм-в-знг(А)-LS 4х2х0,2","М",420,106.5,44730,"450063, г. Уфа, ПАО АНК \"Башнефть\" \"Башнефть-Новойл\""]
["Кабель, провод монтажный","ПАО АНК \"Башнефть\" \"Башнефть-Новойл\"",13,192,"Кабель КПМВЭВм-в-знг(А)-LS 4х2х0,2","М",55,106.5,5857.5,"450063, г. Уфа, ПАО АНК \"Башнефть\" \"Башнефть-Новойл\""]
["Кабель, провод монтажный","ПАО АНК \"Башнефть\" \"Башнефть-Новойл\"",13,193,"Кабель КПМВЭКВГ-внг(А)-LS-ХЛ 2х2х1,0","М",45,84,{"$f":"H197*G197","v":3780},"450063, г. Уфа, ПАО АНК \"Башнефть\" \"Башнефть-Новойл\""]
["Кабель, провод монтажный","ПАО АНК \"Башнефть\" \"Башнефть-Новойл\"",13,194,"Кабель КПМСПГм-взнг(А)-FRHF 1х2х1","М",60,111.4,6684,"450063, г. Уфа, ПАО АНК \"Башнефть\" \"Башнефть-Новойл\""]
["Кабель, провод монтажный","ПАО АНК \"Башнефть\" \"Башнефть-Новойл\"",13,195,"Кабель КПМСПГм-внг(А)-FRHF 1х2х0,5","М",58,52.6,3050.8,"450063, г. Уфа, ПАО АНК \"Башнефть\" \"Башнефть-Новойл\""]
["Кабель, провод монтажный","ПАО АНК \"Башнефть\" \"Башнефть-Новойл\"",13,196,"Кабель КПМСПГм-внг(А)-FRHF 1х2х1","М",203,64.7,13134.1,"450063, г. Уфа, ПАО АНК \"Башнефть\" \"Башнефть-Новойл\""]
["Кабель, провод монтажный","ПАО АНК \"Башнефть\" \"Башнефть-Новойл\"",13,197,"Кабель КПМСПГм-внг(А)-FRHF 1х2х1,5","М",515,88.4,45526,"450063, г. Уфа, ПАО АНК \"Башнефть\" \"Башнефть-Новойл\""]
["Кабель, провод монтажный","ПАО АНК \"Башнефть\" \"Башнефть-Новойл\"",13,198,"Кабель КПМСПГм-внг(А)-FRHF 8х2х0,5","М",35,339.3,11875.5,"450063, г. Уфа, ПАО АНК \"Башнефть\" \"Башнефть-Новойл\""]
["Кабель, провод монтажный","ПАО АНК \"Башнефть\" \"Башнефть-Новойл\"",13,199,"Кабель КПМСЭфИПГм-внг(А)-FRHF 10х2х0,5","М",327,627.79999999999995,205290.59999999998,"450063, г. Уфа, ПАО АНК \"Башнефть\" \"Башнефть-Новойл\""]
["Кабель, провод монтажный","ПАО АНК \"Башнефть\" \"Башнефть-Новойл\"",13,200,"Кабель КПМСЭфИПГм-внг(А)-FRHF 14х2х0,5","М",535,835,446725,"450063, г. Уфа, ПАО АНК \"Башнефть\" \"Башнефть-Новойл\""]
["Кабель, провод монтажный","ПАО АНК \"Башнефть\" \"Башнефть-Новойл\"",13,201,"Кабель КПМСЭфИПГм-внг(А)-FRHF 20х2х1","М",50,1023.5,51175,"450063, г. Уфа, ПАО АНК \"Башнефть\" \"Башнефть-Новойл\""]
["Кабель, провод монтажный","ПАО АНК \"Башнефть\" \"Башнефть-Новойл\"",13,202,"Кабель КПМСЭфИПГм-внг(А)-FRHF 2х2х1","М",75,222.8,16710,"450063, г. Уфа, ПАО АНК \"Башнефть\" \"Башнефть-Новойл\""]
["Кабель, провод монтажный","ПАО АНК \"Башнефть\" \"Башнефть-Новойл\"",13,203,"Кабель КПМСЭфИПГм-внг(А)-FRHF 3х2х1","М",42,324.10000000000002,13612.2,"450063, г. Уфа, ПАО АНК \"Башнефть\" \"Башнефть-Новойл\""]
["Кабель, провод монтажный","ПАО АНК \"Башнефть\" \"Башнефть-Новойл\"",13,204,"Кабель КПМСЭфИПГм-внг(А)-FRHF 4х2х0,5","М",257,264.3,67925.100000000006,"450063, г. Уфа, ПАО АНК \"Башнефть\" \"Башнефть-Новойл\""]
["Кабель, провод монтажный","ПАО АНК \"Башнефть\" \"Башнефть-Новойл\"",13,205,"Кабель КПМСЭфКПГм-внг(А)-FRHF 2х2х1","М",220,170.8,37576,"450063, г. Уфа, ПАО АНК \"Башнефть\" \"Башнефть-Новойл\""]
["Кабель, провод монтажный","ПАО АНК \"Башнефть\" \"Башнефть-Новойл\"",13,206,"Кабель КПМСЭфПГм-внг(А)-FRHF 12х2х1","М",96,637.5,61200,"450063, г. Уфа, ПАО АНК \"Башнефть\" \"Башнефть-Новойл\""]
["Кабель, провод монтажный","ПАО АНК \"Башнефть\" \"Башнефть-Новойл\"",13,207,"Кабель МКПсБлВнг(А)-LS 2х2х2,5","М",243,145.6,35380.799999999996,"450063, г. Уфа, ПАО АНК \"Башнефть\" \"Башнефть-Новойл\""]
["Кабель, провод монтажный","ПАО АНК \"Башнефть\" \"Башнефть-Новойл\"",13,208,"Кабель МКПсВ 10х2х1","М",725,435.1,315447.5,"450063, г. Уфа, ПАО АНК \"Башнефть\" \"Башнефть-Новойл\""]
["Кабель, провод монтажный","ПАО АНК \"Башнефть\" \"Башнефть-Новойл\"",13,209,"Кабель МКПсВ 14х2х1,5","М",60,411.6,24696,"450063, г. Уфа, ПАО АНК \"Башнефть\" \"Башнефть-Новойл\""]
["Кабель, провод монтажный","ПАО АНК \"Башнефть\" \"Башнефть-Новойл\"",13,210,"Кабель МКПсВ 14х2х1,5","М",2440,411.6,1004304,"450063, г. Уфа, ПАО АНК \"Башнефть\" \"Башнефть-Новойл\""]
["Кабель, провод монтажный","ПАО АНК \"Башнефть\" \"Башнефть-Новойл\"",13,211,"Кабель МКПсВ 2х2х1,0","М",535,78.900000000000006,42211.5,"450063, г. Уфа, ПАО АНК \"Башнефть\" \"Башнефть-Новойл\""]
["Кабель, провод монтажный","ПАО АНК \"Башнефть\" \"Башнефть-Новойл\"",13,212,"Кабель МКПсВ 2х2х1,5","М",15,90.1,1351.5,"450063, г. Уфа, ПАО АНК \"Башнефть\" \"Башнефть-Новойл\""]
["Кабель, провод монтажный","ПАО АНК \"Башнефть\" \"Башнефть-Новойл\"",13,213,"Кабель МКПсВ-Внг-FRHF 1х2х1","М",745,86.4,64368.000000000007,"450063, г. Уфа, ПАО АНК \"Башнефть\" \"Башнефть-Новойл\""]
["Кабель, провод монтажный","ПАО АНК \"Башнефть\" \"Башнефть-Новойл\"",13,214,"Кабель МКПсВ-Внг-FRHF 2х2х0,5","М",685,122.8,84118,"450063, г. Уфа, ПАО АНК \"Башнефть\" \"Башнефть-Новойл\""]
["Кабель, провод монтажный","ПАО АНК \"Башнефть\" \"Башнефть-Новойл\"",13,215,"Кабель МКПсЭВ 10х2х1","М",74,302.5,22385,"450063, г. Уфа, ПАО АНК \"Башнефть\" \"Башнефть-Новойл\""]
["Кабель, провод монтажный","ПАО АНК \"Башнефть\" \"Башнефть-Новойл\"",13,216,"Кабель МКПсЭВ 10х2х1","М",364,288,104832,"450063, г. Уфа, ПАО АНК \"Башнефть\" \"Башнефть-Новойл\""]
["Кабель, провод монтажный","ПАО АНК \"Башнефть\" \"Башнефть-Новойл\"",13,217,"Кабель МКПсЭВ 10х2х1","М",2100,240.7,505470,"450063, г. Уфа, ПАО АНК \"Башнефть\" \"Башнефть-Новойл\""]
["Кабель, провод монтажный","ПАО АНК \"Башнефть\" \"Башнефть-Новойл\"",13,218,"Кабель МКПсЭВ 10х2х1","М",66,288,19008,"450063, г. Уфа, ПАО АНК \"Башнефть\" \"Башнефть-Новойл\""]
["Кабель, провод монтажный","ПАО АНК \"Башнефть\" \"Башнефть-Новойл\"",13,219,"Кабель МКПсЭВ 10х2х1,5","М",292,353.9,103338.79999999999,"450063, г. Уфа, ПАО АНК \"Башнефть\" \"Башнефть-Новойл\""]
["Кабель, провод монтажный","ПАО АНК \"Башнефть\" \"Башнефть-Новойл\"",13,220,"Кабель МКПсЭВ 10х2х1,5","М",120,340.6,40872,"450063, г. Уфа, ПАО АНК \"Башнефть\" \"Башнефть-Новойл\""]
["Кабель, провод монтажный","ПАО АНК \"Башнефть\" \"Башнефть-Новойл\"",13,221,"Кабель МКПсЭВ 14х2х1","М",348,404.2,140661.6,"450063, г. Уфа, ПАО АНК \"Башнефть\" \"Башнефть-Новойл\""]
["Кабель, провод монтажный","ПАО АНК \"Башнефть\" \"Башнефть-Новойл\"",13,222,"Кабель МКПсЭВ 14х2х1","М",1420,384.8,546416,"450063, г. Уфа, ПАО АНК \"Башнефть\" \"Башнефть-Новойл\""]
["Кабель, провод монтажный","ПАО АНК \"Башнефть\" \"Башнефть-Новойл\"",13,223,"Кабель МКПсЭВ 14х2х1","М",1204,404.2,486656.8,"450063, г. Уфа, ПАО АНК \"Башнефть\" \"Башнефть-Новойл\""]
["Кабель, провод монтажный","ПАО АНК \"Башнефть\" \"Башнефть-Новойл\"",13,224,"Кабель МКПсЭВ 2х2х1","М",318,79.5,25281,"450063, г. Уфа, ПАО АНК \"Башнефть\" \"Башнефть-Новойл\""]
["Кабель, провод монтажный","ПАО АНК \"Башнефть\" \"Башнефть-Новойл\"",13,225,"Кабель МКПсЭВ 2х2х1","М",1300,77.599999999999994,100879.99999999999,"450063, г. Уфа, ПАО АНК \"Башнефть\" \"Башнефть-Новойл\""]
["Кабель, провод монтажный","ПАО АНК \"Башнефть\" \"Башнефть-Новойл\"",13,226,"Кабель МКПсЭВ 2х2х1","М",483,79.5,38398.5,"450063, г. Уфа, ПАО АНК \"Башнефть\" \"Башнефть-Новойл\""]
["Кабель, провод монтажный","ПАО АНК \"Башнефть\" \"Башнефть-Новойл\"",13,227,"Кабель МКПсЭВ 2х2х1","М",150,128,19200,"450063, г. Уфа, ПАО АНК \"Башнефть\" \"Башнефть-Новойл\""]
["Кабель, провод монтажный","ПАО АНК \"Башнефть\" \"Башнефть-Новойл\"",13,228,"Кабель МКПсЭВ 2х2х1","М",165,79.5,13117.5,"450063, г. Уфа, ПАО АНК \"Башнефть\" \"Башнефть-Новойл\""]
["Кабель, провод монтажный","ПАО АНК \"Башнефть\" \"Башнефть-Новойл\"",13,229,"Кабель МКПсЭВ 2х2х1,5","М",250,67.400000000000006,16850,"450063, г. Уфа, ПАО АНК \"Башнефть\" \"Башнефть-Новойл\""]
["Кабель, провод монтажный","ПАО АНК \"Башнефть\" \"Башнефть-Новойл\"",13,230,"Кабель МКПсЭВ 5х2х1","М",4415,179.5,792492.5,"450063, г. Уфа, ПАО АНК \"Башнефть\" \"Башнефть-Новойл\""]
["Кабель, провод монтажный","ПАО АНК \"Башнефть\" \"Башнефть-Новойл\"",13,231,"Кабель МКПсЭВ 5х2х1","М",506,177.5,89815,"450063, г. Уфа, ПАО АНК \"Башнефть\" \"Башнефть-Новойл\""]
["Кабель, провод монтажный","ПАО АНК \"Башнефть\" \"Башнефть-Новойл\"",13,232,"Кабель МКПсЭВ 5х2х1,5","М",36,171.9,6188.4000000000005,"450063, г. Уфа, ПАО АНК \"Башнефть\" \"Башнефть-Новойл\""]
["Кабель, провод монтажный","ПАО АНК \"Башнефть\" \"Башнефть-Новойл\"",13,233,"Кабель МКПсЭВ 5х2х1,5","М",90,180.7,16262.999999999998,"450063, г. Уфа, ПАО АНК \"Башнефть\" \"Башнефть-Новойл\""]
["Кабель, провод монтажный","ПАО АНК \"Башнефть\" \"Башнефть-Новойл\"",13,234,"Кабель МКПсЭВ 7х2х1","М",1180,192.6,227268,"450063, г. Уфа, ПАО АНК \"Башнефть\" \"Башнефть-Новойл\""]
["Кабель, провод монтажный","ПАО АНК \"Башнефть\" \"Башнефть-Новойл\"",13,235,"Кабель МКПсЭВ-Внг-FRHF 10х2х0,5","М",1556,396,616176,"450063, г. Уфа, ПАО АНК \"Башнефть\" \"Башнефть-Новойл\""]
["Кабель, провод монтажный","ПАО АНК \"Башнефть\" \"Башнефть-Новойл\"",13,236,"Кабель МКПсЭВ-Внг-FRHF 2х2х1","М",322,197.8,63691.600000000006,"450063, г. Уфа, ПАО АНК \"Башнефть\" \"Башнефть-Новойл\""]
["Кабель, провод монтажный","ПАО АНК \"Башнефть\" \"Башнефть-Новойл\"",13,237,"Кабель МКПсЭВнг(А)-LS 10х1м","М",390,146.30000000000001,57057.000000000007,"450063, г. Уфа, ПАО АНК \"Башнефть\" \"Башнефть-Новойл\""]
["Кабель, провод монтажный","ПАО АНК \"Башнефть\" \"Башнефть-Новойл\"",13,238,"Кабель МКПсЭВнг(А)-LS 5х2х1","М",65,339.8,22087,"450063, г. Уфа, ПАО АНК \"Башнефть\" \"Башнефть-Новойл\""]
["Кабель, провод монтажный","ПАО АНК \"Башнефть\" \"Башнефть-Новойл\"",13,239,"Кабель МКПсЭВнг-FRHF 20х2х0,5","М",440,790,347600,"450063, г. Уфа, ПАО АНК \"Башнефть\" \"Башнефть-Новойл\""]
["Кабель, провод монтажный","ПАО АНК \"Башнефть\" \"Башнефть-Новойл\"",13,240,"Кабель МКПсЭИВнг(А)-LS 7х3х1","М",2124,325.7,691786.79999999993,"450063, г. Уфа, ПАО АНК \"Башнефть\" \"Башнефть-Новойл\""]
["Кабель, провод монтажный","ПАО АНК \"Башнефть\" \"Башнефть-Новойл\"",13,241,"Кабель МКПсЭКВ-Внг-FRHF 2х2х0,5","М",1471.5,163.5,240590.25,"450063, г. Уфа, ПАО АНК \"Башнефть\" \"Башнефть-Новойл\""]
["Кабель, провод монтажный","ПАО АНК \"Башнефть\" \"Башнефть-Новойл\"",13,242,"Кабель МКЭКШВнг(А)-LS 10х2х1,0","М",150,323.89999999999998,48585,"450063, г. Уфа, ПАО АНК \"Башнефть\" \"Башнефть-Новойл\""]
["Кабель, провод монтажный","ПАО АНК \"Башнефть\" \"Башнефть-Новойл\"",13,243,"Кабель МКЭКШВнг(А)-LS 10х2х1,5","М",308,305.10000000000002,93970.8,"450063, г. Уфа, ПАО АНК \"Башнефть\" \"Башнефть-Новойл\""]
["Кабель, провод монтажный","ПАО АНК \"Башнефть\" \"Башнефть-Новойл\"",13,244,"Кабель МКЭКШВнг(А)-LS 1х2х1,5","М",18,61.7,1110.6000000000001,"450063, г. Уфа, ПАО АНК \"Башнефть\" \"Башнефть-Новойл\""]
["Кабель, провод монтажный","ПАО АНК \"Башнефть\" \"Башнефть-Новойл\"",13,245,"Кабель МКЭКШВнг(А)-LS 2х2х1,0","М",75,51.8,3885,"450063, г. Уфа, ПАО АНК \"Башнефть\" \"Башнефть-Новойл\""]
["Кабель, провод монтажный","ПАО АНК \"Башнефть\" \"Башнефть-Новойл\"",13,246,"Кабель МКЭКШВнг(А)-LS 3х2х1","М",790,70.099999999999994,55378.999999999993,"450063, г. Уфа, ПАО АНК \"Башнефть\" \"Башнефть-Новойл\""]
["Кабель, провод монтажный","ПАО АНК \"Башнефть\" \"Башнефть-Новойл\"",13,247,"Кабель МКЭКШвнг(А)-LS 5х1","М",12,81.5,978,"450063, г. Уфа, ПАО АНК \"Башнефть\" \"Башнефть-Новойл\""]
["Кабель, провод монтажный","ПАО АНК \"Башнефть\" \"Башнефть-Новойл\"",13,248,"Кабель МКЭШВнг(А) 10х2х1,5","М",155,317,49135,"450063, г. Уфа, ПАО АНК \"Башнефть\" \"Башнефть-Новойл\""]
["Кабель, провод монтажный","ПАО АНК \"Башнефть\" \"Башнефть-Новойл\"",13,249,"Кабель МКЭШВнг(А)-LS 2х2х1,0","М",240,57.6,13824,"450063, г. Уфа, ПАО АНК \"Башнефть\" \"Башнефть-Новойл\""]
["Кабель, провод монтажный","ПАО АНК \"Башнефть\" \"Башнефть-Новойл\"",13,250,"Кабель МКЭШВнг(А)-LS 4х2х1","М",12,71.8,861.59999999999991,"450063, г. Уфа, ПАО АНК \"Башнефть\" \"Башнефть-Новойл\""]
["Кабель, провод монтажный","ПАО АНК \"Башнефть\" \"Башнефть-Новойл\"",13,251,"Кабель МКЭШВнг(А)-LS 4х2х1,0","М",25,66.400000000000006,1660.0000000000002,"450063, г. Уфа, ПАО АНК \"Башнефть\" \"Башнефть-Новойл\""]
["Кабель, провод монтажный","ПАО АНК \"Башнефть\" \"Башнефть-Новойл\"",13,252,"Кабель МКЭШВнг(А)-LS 4х2х1,0","М",40,66.400000000000006,2656,"450063, г. Уфа, ПАО АНК \"Башнефть\" \"Башнефть-Новойл\""]
["Кабель, провод монтажный","ПАО АНК \"Башнефть\" \"Башнефть-Новойл\"",13,253,"Кабель монтажный КПСВВ 1х2х0,5","М",1700,10.199999999999999,17340,"450063, г. Уфа, ПАО АНК \"Башнефть\" \"Башнефть-Новойл\""]
["Кабель, провод монтажный","ПАО АНК \"Башнефть\" \"Башнефть-Новойл\"",13,254,"Кабель монтажный КСПВ 4х0,5","М",155,5.0999999999999996,790.5,"450063, г. Уфа, ПАО АНК \"Башнефть\" \"Башнефть-Новойл\""]
["Кабель, провод монтажный","ПАО АНК \"Башнефть\" \"Башнефть-Новойл\"",13,255,"Кабель монтажный КСПВ 4х0,5","М",650,5.0999999999999996,3314.9999999999995,"450063, г. Уфа, ПАО АНК \"Башнефть\" \"Башнефть-Новойл\""]
["Кабель, провод монтажный","ПАО АНК \"Башнефть\" \"Башнефть-Новойл\"",13,256,"Кабель монтажный КСПВ 4х0,5","М",200,5.0999999999999996,1019.9999999999999,"450063, г. Уфа, ПАО АНК \"Башнефть\" \"Башнефть-Новойл\""]
["Кабель, провод монтажный","ПАО АНК \"Башнефть\" \"Башнефть-Новойл\"",13,257,"Кабель монтажный КСПВ 4х0,5","М",400,5.0999999999999996,{"$f":"H261*G261","v":2039.9999999999998},"450063, г. Уфа, ПАО АНК \"Башнефть\" \"Башнефть-Новойл\""]
["Кабель, провод монтажный","ПАО АНК \"Башнефть\" \"Башнефть-Новойл\"",13,258,"Кабель монтажный КСПВ 4х0,5","М",10,5.0999999999999996,51,"450063, г. Уфа, ПАО АНК \"Башнефть\" \"Башнефть-Новойл\""]
["Кабель, провод монтажный","ПАО АНК \"Башнефть\" \"Башнефть-Новойл\"",13,259,"Кабель монтажный КСПВ 4х0,5","М",450,5.0999999999999996,2295,"450063, г. Уфа, ПАО АНК \"Башнефть\" \"Башнефть-Новойл\""]
["Кабель, провод монтажный","ПАО АНК \"Башнефть\" \"Башнефть-Новойл\"",13,260,"Кабель монтажный КСПВ 4х0,5","М",190,5.0999999999999996,968.99999999999989,"450063, г. Уфа, ПАО АНК \"Башнефть\" \"Башнефть-Новойл\""]
["Кабель, провод монтажный","ПАО АНК \"Башнефть\" \"Башнефть-Новойл\"",13,261,"Кабель монтажный КСПЭВ 4х0,5","М",200,16,3200,"450063, г. Уфа, ПАО АНК \"Башнефть\" \"Башнефть-Новойл\""]
["Кабель, провод монтажный","ПАО АНК \"Башнефть\" \"Башнефть-Новойл\"",13,262,"Кабель монтажный МКЭШ 7Х0,35","М",62,28.5,1767,"450063, г. Уфа, ПАО АНК \"Башнефть\" \"Башнефть-Новойл\""]
["Кабель, провод монтажный","ПАО АНК \"Башнефть\" \"Башнефть-Новойл\"",13,263,"Кабель монтажный МКЭШВ 4х2х1,0","М",150,30.2,4530,"450063, г. Уфа, ПАО АНК \"Башнефть\" \"Башнефть-Новойл\""]
["Кабель, провод монтажный","ПАО АНК \"Башнефть\" \"Башнефть-Новойл\"",13,264,"Кабель монтажный МКЭШВнг(А) 10х2х1,0","М",372,226.6,84295.2,"450063, г. Уфа, ПАО АНК \"Башнефть\" \"Башнефть-Новойл\""]
["Кабель, провод монтажный","ПАО АНК \"Башнефть\" \"Башнефть-Новойл\"",13,265,"Кабель монтажный МКЭШВнг(А) 7х2х1,0","М",765,122.6,93789,"450063, г. Уфа, ПАО АНК \"Башнефть\" \"Башнефть-Новойл\""]
["Кабель, провод монтажный","ПАО АНК \"Башнефть\" \"Башнефть-Новойл\"",13,266,"Кабель монтажный МКЭШВнг(А)LS 2х(2х1,0)э","М",62,35.299999999999997,2188.6,"450063, г. Уфа, ПАО АНК \"Башнефть\" \"Башнефть-Новойл\""]
["Кабель, провод монтажный","ПАО АНК \"Башнефть\" \"Башнефть-Новойл\"",13,267,"Кабель монтажный МКЭШВнг(А)LS 2х(2х1,0)э","М",176,35.299999999999997,6212.7999999999993,"450063, г. Уфа, ПАО АНК \"Башнефть\" \"Башнефть-Новойл\""]
["Кабель, провод монтажный","ПАО АНК \"Башнефть\" \"Башнефть-Новойл\"",13,268,"Х Кабель КММ 2х0.35","М",100,20,2000,"450063, г. Уфа, ПАО АНК \"Башнефть\" \"Башнефть-Новойл\""]
["Камеры","ПАО АНК \"Башнефть\" \"Башнефть-Новойл\"",14,269,"Камера выносная КУВ-II-600-40-У6","ШТ",1,5405.2,5405.2,"450063, г. Уфа, ПАО АНК \"Башнефть\" \"Башнефть-Новойл\""]
["Камеры","ПАО АНК \"Башнефть\" \"Башнефть-Новойл\"",14,270,"Камера КУВ-II-1100-40-Ст20","ШТ",1,6214.5,6214.5,"450063, г. Уфа, ПАО АНК \"Башнефть\" \"Башнефть-Новойл\""]
["Камеры","ПАО АНК \"Башнефть\" \"Башнефть-Новойл\"",14,271,"Камера КУВ-II-1300-40-Ст20","ШТ",2,7326.8,14653.6,"450063, г. Уфа, ПАО АНК \"Башнефть\" \"Башнефть-Новойл\""]
["Камеры","ПАО АНК \"Башнефть\" \"Башнефть-Новойл\"",14,272,"Камера КУВ-II-1800-40-12Х18Н10Т","ШТ",1,40462.6,40462.6,"450063, г. Уфа, ПАО АНК \"Башнефть\" \"Башнефть-Новойл\""]
["Камеры","ПАО АНК \"Башнефть\" \"Башнефть-Новойл\"",14,273,"Камера КУВ-II-2400-40-Ст20","ШТ",1,11909.2,11909.2,"450063, г. Уфа, ПАО АНК \"Башнефть\" \"Башнефть-Новойл\""]
["Камеры","ПАО АНК \"Башнефть\" \"Башнефть-Новойл\"",14,274,"Камера КУВ-II-700-40-Ст20","ШТ",3,5258.6,15775.800000000001,"450063, г. Уфа, ПАО АНК \"Башнефть\" \"Башнефть-Новойл\""]
["Камеры","ПАО АНК \"Башнефть\" \"Башнефть-Новойл\"",14,275,"Камера КУВ-II-700-40-Ст20","ШТ",1,5075.3,5075.3,"450063, г. Уфа, ПАО АНК \"Башнефть\" \"Башнефть-Новойл\""]
["Камеры","ПАО АНК \"Башнефть\" \"Башнефть-Новойл\"",14,276,"Камера расширительная РК-0.5","ШТ",1,28287.5,28287.5,"450063, г. Уфа, ПАО АНК \"Башнефть\" \"Башнефть-Новойл\""]
["Камеры","ПАО АНК \"Башнефть\" \"Башнефть-Новойл\"",14,277,"Камера уровнемера ТП Ст20","ШТ",2,9987.5,19975,"450063, г. Уфа, ПАО АНК \"Башнефть\" \"Башнефть-Новойл\""]
["Каркас Rittal","ПАО АНК \"Башнефть\" \"Башнефть-Новойл\"",15,278,"Каркас Rittal TS 8006.500","ШТ",1,20094.5,20094.5,"450063, г. Уфа, ПАО АНК \"Башнефть\" \"Башнефть-Новойл\""]
["Каркас Rittal","ПАО АНК \"Башнефть\" \"Башнефть-Новойл\"",15,279,"Каркас Rittal TS 8205.500","ШТ",2,23539.599999999999,47079.199999999997,"450063, г. Уфа, ПАО АНК \"Башнефть\" \"Башнефть-Новойл\""]
["Каркас Rittal","ПАО АНК \"Башнефть\" \"Башнефть-Новойл\"",15,280,"Каркас Rittal TS 8205.500","ШТ",1,23974.799999999999,23974.799999999999,"450063, г. Уфа, ПАО АНК \"Башнефть\" \"Башнефть-Новойл\""]
["Каркас Rittal","ПАО АНК \"Башнефть\" \"Башнефть-Новойл\"",15,281,"Каркас Rittal TS 8205.500","ШТ",1,24101,24101,"450063, г. Уфа, ПАО АНК \"Башнефть\" \"Башнефть-Новойл\""]
["Каркас Rittal","ПАО АНК \"Башнефть\" \"Башнефть-Новойл\"",15,282,"Каркас Rittal TS 8206.500","ШТ",1,23381.8,23381.8,"450063, г. Уфа, ПАО АНК \"Башнефть\" \"Башнефть-Новойл\""]
["Клеммы","ПАО АНК \"Башнефть\" \"Башнефть-Новойл\"",16,283,"Кл.с держ.предохр.UK 10-DREHSI 3005109","ШТ",320,391.9,125408,"450063, г. Уфа, ПАО АНК \"Башнефть\" \"Башнефть-Новойл\""]
["Клеммы","ПАО АНК \"Башнефть\" \"Башнефть-Новойл\"",16,284,"Кл.с держ.предохр.UK 10-DREHSI 3005109","ШТ",20,391.9,7838,"450063, г. Уфа, ПАО АНК \"Башнефть\" \"Башнефть-Новойл\""]
["Клеммы","ПАО АНК \"Башнефть\" \"Башнефть-Новойл\"",16,285,"Клем.проход. UK 6N BU 3004977","ШТ",50,77.5,3875,"450063, г. Уфа, ПАО АНК \"Башнефть\" \"Башнефть-Новойл\""]
["Клеммы","ПАО АНК \"Башнефть\" \"Башнефть-Новойл\"",16,286,"Клем.проход. UK 6N BU 3004977","ШТ",50,77.5,3875,"450063, г. Уфа, ПАО АНК \"Башнефть\" \"Башнефть-Новойл\""]
["Клеммы","ПАО АНК \"Башнефть\" \"Башнефть-Новойл\"",16,287,"Клем.с размык. UDK 4-MTK-P/P 2775210","ШТ",9,160.69999999999999,1446.3,"450063, г. Уфа, ПАО АНК \"Башнефть\" \"Башнефть-Новойл\""]
["Клеммы","ПАО АНК \"Башнефть\" \"Башнефть-Новойл\"",16,288,"Клемма ABB MA2,5/5 1SNA115486R0300","ШТ",61,23.8,1451.8,"450063, г. Уфа, ПАО АНК \"Башнефть\" \"Башнефть-Новойл\""]
["Клеммы","ПАО АНК \"Башнефть\" \"Башнефть-Новойл\"",16,289,"Клемма ABB MA2,5/5 1SNA115486R0300","ШТ",111,23.8,2641.8,"450063, г. Уфа, ПАО АНК \"Башнефть\" \"Башнефть-Новойл\""]
["Клеммы","ПАО АНК \"Башнефть\" \"Башнефть-Новойл\"",16,290,"Клемма Phoenix Contact 3004126 упк.50шт","УПК",0.04,9193,367.72,"450063, г. Уфа, ПАО АНК \"Башнефть\" \"Башнефть-Новойл\""]
["Клеммы","ПАО АНК \"Башнефть\" \"Башнефть-Новойл\"",16,291,"Клемма Phoenix Contact 3004142 упк.50шт","УПК",3.12,11615.1,36239.112000000001,"450063, г. Уфа, ПАО АНК \"Башнефть\" \"Башнефть-Новойл\""]
["Клеммы","ПАО АНК \"Башнефть\" \"Башнефть-Новойл\"",16,292,"Клемма Phoenix Contact 3004142 упк.50шт","УПК",0.04,11009.8,440.392,"450063, г. Уфа, ПАО АНК \"Башнефть\" \"Башнефть-Новойл\""]
["Клеммы","ПАО АНК \"Башнефть\" \"Башнефть-Новойл\"",16,293,"Клемма Phoenix Contact 3004142 упк.50шт","УПК",8.0399999999999991,12316.9,99027.875999999989,"450063, г. Уфа, ПАО АНК \"Башнефть\" \"Башнефть-Новойл\""]
["Клеммы","ПАО АНК \"Башнефть\" \"Башнефть-Новойл\"",16,294,"Клемма Phoenix Contact 3004142 упк.50шт","УПК",6.1,12306.3,75068.429999999993,"450063, г. Уфа, ПАО АНК \"Башнефть\" \"Башнефть-Новойл\""]
["Клеммы","ПАО АНК \"Башнефть\" \"Башнефть-Новойл\"",16,295,"Клемма Phoenix Contact 3004142 упк.50шт","УПК",0.28000000000000003,12306.3,3445.7640000000001,"450063, г. Уфа, ПАО АНК \"Башнефть\" \"Башнефть-Новойл\""]
["Клеммы","ПАО АНК \"Башнефть\" \"Башнефть-Новойл\"",16,296,"Клемма Phoenix Contact 3004142 упк.50шт","УПК",0.22,11615.1,2555.3220000000001,"450063, г. Уфа, ПАО АНК \"Башнефть\" \"Башнефть-Новойл\""]
["Клеммы","ПАО АНК \"Башнефть\" \"Башнефть-Новойл\"",16,297,"Клемма Phoenix Contact 3004142 упк.50шт","УПК",0.04,11615.2,464.60800000000006,"450063, г. Уфа, ПАО АНК \"Башнефть\" \"Башнефть-Новойл\""]
["Клеммы","ПАО АНК \"Башнефть\" \"Башнефть-Новойл\"",16,298,"Клемма Phoenix Contact 3044241","ШТ",11,268.39999999999998,2952.3999999999996,"450063, г. Уфа, ПАО АНК \"Башнефть\" \"Башнефть-Новойл\""]
["Клеммы","ПАО АНК \"Башнефть\" \"Башнефть-Новойл\"",16,299,"Клемма Phoenix Contact 3044241","ШТ",39,268.39999999999998,10467.599999999999,"450063, г. Уфа, ПАО АНК \"Башнефть\" \"Башнефть-Новойл\""]
["Клеммы","ПАО АНК \"Башнефть\" \"Башнефть-Новойл\"",16,300,"Клемма Phoenix Contact 3044241","ШТ",30,268.39999999999998,8051.9999999999991,"450063, г. Уфа, ПАО АНК \"Башнефть\" \"Башнефть-Новойл\""]
["Клеммы","ПАО АНК \"Башнефть\" \"Башнефть-Новойл\"",16,301,"Клемма Phoenix Contact P/n 2966508","ШТ",7,621.20000000000005,4348.4000000000005,"450063, г. Уфа, ПАО АНК \"Башнефть\" \"Башнефть-Новойл\""]
["Клеммы","ПАО АНК \"Башнефть\" \"Башнефть-Новойл\"",16,302,"Клемма Phoenix Contact P/n 2966508","ШТ",7,621.20000000000005,4348.4000000000005,"450063, г. Уфа, ПАО АНК \"Башнефть\" \"Башнефть-Новойл\""]
["Клеммы","ПАО АНК \"Башнефть\" \"Башнефть-Новойл\"",16,303,"Клемма Phoenix Contact P/n 2966508","ШТ",1,621.20000000000005,621.20000000000005,"450063, г. Уфа, ПАО АНК \"Башнефть\" \"Башнефть-Новойл\""]
["Клеммы","ПАО АНК \"Башнефть\" \"Башнефть-Новойл\"",16,304,"Клемма Phoenix Contact P/n 2966508","ШТ",10,621.20000000000005,6212,"450063, г. Уфа, ПАО АНК \"Башнефть\" \"Башнефть-Новойл\""]
["Клеммы","ПАО АНК \"Башнефть\" \"Башнефть-Новойл\"",16,305,"Клемма Phoenix Contact P/n 3003923","ШТ",33,151.80000000000001,5009.4000000000005,"450063, г. Уфа, ПАО АНК \"Башнефть\" \"Башнефть-Новойл\""]
["Клеммы","ПАО АНК \"Башнефть\" \"Башнефть-Новойл\"",16,306,"Клемма Phoenix Contact P/n 3003923","ШТ",200,151.80000000000001,30360.000000000004,"450063, г. Уфа, ПАО АНК \"Башнефть\" \"Башнефть-Новойл\""]
["Клеммы","ПАО АНК \"Башнефть\" \"Башнефть-Новойл\"",16,307,"Клемма Phoenix Contact P/n 3003923","ШТ",50,151.80000000000001,7590.0000000000009,"450063, г. Уфа, ПАО АНК \"Башнефть\" \"Башнефть-Новойл\""]
["Клеммы","ПАО АНК \"Башнефть\" \"Башнефть-Новойл\"",16,308,"Клемма Phoenix Contact P/n 3005170","ШТ",30,728.9,21867,"450063, г. Уфа, ПАО АНК \"Башнефть\" \"Башнефть-Новойл\""]
["Клеммы","ПАО АНК \"Башнефть\" \"Башнефть-Новойл\"",16,309,"Клемма Phoenix Contact P/n 3044173","ШТ",50,222.2,11110,"450063, г. Уфа, ПАО АНК \"Башнефть\" \"Башнефть-Новойл\""]
["Клеммы","ПАО АНК \"Башнефть\" \"Башнефть-Новойл\"",16,310,"Клемма Phoenix Contact P/n 3046100","ШТ",650,447.3,290745,"450063, г. Уфа, ПАО АНК \"Башнефть\" \"Башнефть-Новойл\""]
["Клеммы","ПАО АНК \"Башнефть\" \"Башнефть-Новойл\"",16,311,"Клемма Phoenix Contact SK 20 P/n 3025189","ШТ",2,178.6,357.2,"450063, г. Уфа, ПАО АНК \"Башнефть\" \"Башнефть-Новойл\""]
["Клеммы","ПАО АНК \"Башнефть\" \"Башнефть-Новойл\"",16,312,"Клемма Phoenix Contact SK 20 P/n 3025189","ШТ",6,178.6,1071.5999999999999,"450063, г. Уфа, ПАО АНК \"Башнефть\" \"Башнефть-Новойл\""]
["Клеммы","ПАО АНК \"Башнефть\" \"Башнефть-Новойл\"",16,313,"Клемма Phoenix Contact SK 20 P/n 3025189","ШТ",2,178.6,357.2,"450063, г. Уфа, ПАО АНК \"Башнефть\" \"Башнефть-Новойл\""]
["Клеммы","ПАО АНК \"Башнефть\" \"Башнефть-Новойл\"",16,314,"Клемма UK6-FSI/C Phoenix Contact 3118203","ШТ",30,441.6,13248,"450063, г. Уфа, ПАО АНК \"Башнефть\" \"Башнефть-Новойл\""]
["Клеммы","ПАО АНК \"Башнефть\" \"Башнефть-Новойл\"",16,315,"Клемма UK6-FSI/C Phoenix Contact 3118203","ШТ",60,441.6,26496,"450063, г. Уфа, ПАО АНК \"Башнефть\" \"Башнефть-Новойл\""]
["Клеммы","ПАО АНК \"Башнефть\" \"Башнефть-Новойл\"",16,316,"Клемма винтовая ABB 1SNA165488R2700","ШТ",3,110.9,332.70000000000005,"450063, г. Уфа, ПАО АНК \"Башнефть\" \"Башнефть-Новойл\""]
["Клеммы","ПАО АНК \"Башнефть\" \"Башнефть-Новойл\"",16,317,"Клемма-отвод AGK4-UT35 3047138","ШТ",10,98.7,987,"450063, г. Уфа, ПАО АНК \"Башнефть\" \"Башнефть-Новойл\""]
["Коробки","ПАО АНК \"Башнефть\" \"Башнефть-Новойл\"",17,318,"Коробка C3E2 68х45","ШТ",41,7.1,291.09999999999997,"450063, г. Уфа, ПАО АНК \"Башнефть\" \"Башнефть-Новойл\""]
["Коробки","ПАО АНК \"Башнефть\" \"Башнефть-Новойл\"",17,319,"Коробка C3E2 68х45","ШТ",179,6.9,1235.1000000000001,"450063, г. Уфа, ПАО АНК \"Башнефть\" \"Башнефть-Новойл\""]
["Коробки","ПАО АНК \"Башнефть\" \"Башнефть-Новойл\"",17,320,"Коробка Legrand L/80051","ШТ",13,113.9,1480.7,"450063, г. Уфа, ПАО АНК \"Башнефть\" \"Башнефть-Новойл\""]
["Коробки","ПАО АНК \"Башнефть\" \"Башнефть-Новойл\"",17,321,"Коробка Mosaic Legrand 80052 УХЛ2","ШТ",2,277.10000000000002,{"$f":"H325*G325","v":554.20000000000005},"450063, г. Уфа, ПАО АНК \"Башнефть\" \"Башнефть-Новойл\""]
["Коробки","ПАО АНК \"Башнефть\" \"Башнефть-Новойл\"",17,322,"Коробка Mosaic Legrand 80053 УХЛ2","ШТ",4,277.10000000000002,1108.4000000000001,"450063, г. Уфа, ПАО АНК \"Башнефть\" \"Башнефть-Новойл\""]
["Коробки","ПАО АНК \"Башнефть\" \"Башнефть-Новойл\"",17,323,"Коробка OBO T 25 KL 2007430","ШТ",13,359.5,4673.5,"450063, г. Уфа, ПАО АНК \"Башнефть\" \"Башнефть-Новойл\""]
["Коробки","ПАО АНК \"Башнефть\" \"Башнефть-Новойл\"",17,324,"Коробка Stahl 8126/5408-4","ШТ",1,118660.7,118660.7,"450063, г. Уфа, ПАО АНК \"Башнефть\" \"Башнефть-Новойл\""]
["Коробки","ПАО АНК \"Башнефть\" \"Башнефть-Новойл\"",17,325,"Коробка КЕ 14.14.09 исполнение1","ШТ",14,2001.6,28022.399999999998,"450063, г. Уфа, ПАО АНК \"Башнефть\" \"Башнефть-Новойл\""]
["Коробки","ПАО АНК \"Башнефть\" \"Башнефть-Новойл\"",17,326,"Коробка КЕ 25.232011 230х200х110","ШТ",4,7227,28908,"450063, г. Уфа, ПАО АНК \"Башнефть\" \"Башнефть-Новойл\""]
["Коробки","ПАО АНК \"Башнефть\" \"Башнефть-Новойл\"",17,327,"Коробка КЕ 25.232011 230х200х110","ШТ",1,6902.4,6902.4,"450063, г. Уфа, ПАО АНК \"Башнефть\" \"Башнефть-Новойл\""]
["Коробки","ПАО АНК \"Башнефть\" \"Башнефть-Новойл\"",17,328,"Коробка КЕ 25.232011 230х200х110","ШТ",2,7227,14454,"450063, г. Уфа, ПАО АНК \"Башнефть\" \"Башнефть-Новойл\""]
["Коробки","ПАО АНК \"Башнефть\" \"Башнефть-Новойл\"",17,329,"Коробка КЕ 25.232011 230х200х110","ШТ",1,7227,7227,"450063, г. Уфа, ПАО АНК \"Башнефть\" \"Башнефть-Новойл\""]
["Коробки","ПАО АНК \"Башнефть\" \"Башнефть-Новойл\"",17,330,"Коробка КЕ05.14.14.0 140х140х90","ШТ",2,3420,6840,"450063, г. Уфа, ПАО АНК \"Башнефть\" \"Башнефть-Новойл\""]
["Коробки","ПАО АНК \"Башнефть\" \"Башнефть-Новойл\"",17,331,"Коробка КЕ15.16.36.09 160х360х90","ШТ",1,3732.3,3732.3,"450063, г. Уфа, ПАО АНК \"Башнефть\" \"Башнефть-Новойл\""]
["Коробки","ПАО АНК \"Башнефть\" \"Башнефть-Новойл\"",17,332,"Коробка КЕ15.16.36.09 160х360х90","ШТ",11,3732.3,41055.300000000003,"450063, г. Уфа, ПАО АНК \"Башнефть\" \"Башнефть-Новойл\""]
["Коробки","ПАО АНК \"Башнефть\" \"Башнефть-Новойл\"",17,333,"Коробка КЗНС 08-10 УХЛ1","ШТ",2,616.20000000000005,1232.4000000000001,"450063, г. Уфа, ПАО АНК \"Башнефть\" \"Башнефть-Новойл\""]
["Коробки","ПАО АНК \"Башнефть\" \"Башнефть-Новойл\"",17,334,"Коробка клеммная Wizebox BG258","ШТ",30,1414.6,42438,"450063, г. Уфа, ПАО АНК \"Башнефть\" \"Башнефть-Новойл\""]
["Коробки","ПАО АНК \"Башнефть\" \"Башнефть-Новойл\"",17,335,"Коробка клеммная КЗНА 08-10-У3","ШТ",8,831.6,6652.8,"450063, г. Уфа, ПАО АНК \"Башнефть\" \"Башнефть-Новойл\""]
["Коробки","ПАО АНК \"Башнефть\" \"Башнефть-Новойл\"",17,336,"Коробка клеммная КЗНА 08-10-У3","ШТ",8,831.6,6652.8,"450063, г. Уфа, ПАО АНК \"Башнефть\" \"Башнефть-Новойл\""]
["Коробки","ПАО АНК \"Башнефть\" \"Башнефть-Новойл\"",17,337,"Коробка КОР 94-4 У2","ШТ",20,38,760,"450063, г. Уфа, ПАО АНК \"Башнефть\" \"Башнефть-Новойл\""]
["Коробки","ПАО АНК \"Башнефть\" \"Башнефть-Новойл\"",17,338,"Коробка КОР 94-4 У2","ШТ",85,38,3230,"450063, г. Уфа, ПАО АНК \"Башнефть\" \"Башнефть-Новойл\""]
["Коробки","ПАО АНК \"Башнефть\" \"Башнефть-Новойл\"",17,339,"Коробка КПДА-20 У1","ШТ",9,272.2,2449.7999999999997,"450063, г. Уфа, ПАО АНК \"Башнефть\" \"Башнефть-Новойл\""]
["Коробки","ПАО АНК \"Башнефть\" \"Башнефть-Новойл\"",17,340,"Коробка КР 2603 Hegel","ШТ",10,26.4,264,"450063, г. Уфа, ПАО АНК \"Башнефть\" \"Башнефть-Новойл\""]
["Коробки","ПАО АНК \"Башнефть\" \"Башнефть-Новойл\"",17,341,"Коробка КТО 40 У1","ШТ",4,1351.3,5405.2,"450063, г. Уфа, ПАО АНК \"Башнефть\" \"Башнефть-Новойл\""]
["Коробки","ПАО АНК \"Башнефть\" \"Башнефть-Новойл\"",17,342,"Коробка протяжная КП-1 80х80х51 У2","ШТ",1,81.400000000000006,81.400000000000006,"450063, г. Уфа, ПАО АНК \"Башнефть\" \"Башнефть-Новойл\""]
["Коробки","ПАО АНК \"Башнефть\" \"Башнефть-Новойл\"",17,343,"Коробка протяжная У994 У2","ШТ",19,81,1539,"450063, г. Уфа, ПАО АНК \"Башнефть\" \"Башнефть-Новойл\""]
["Коробки","ПАО АНК \"Башнефть\" \"Башнефть-Новойл\"",17,344,"Коробка СЗМ1.1 60х40","ШТ",10,3.9,39,"450063, г. Уфа, ПАО АНК \"Башнефть\" \"Башнефть-Новойл\""]
["Коробки","ПАО АНК \"Башнефть\" \"Башнефть-Новойл\"",17,345,"Коробка тройниковая КТД-20У1","ШТ",4,496.4,1985.6,"450063, г. Уфа, ПАО АНК \"Башнефть\" \"Башнефть-Новойл\""]
["Коробки","ПАО АНК \"Башнефть\" \"Башнефть-Новойл\"",17,346,"Коробка У196 УХЛ1","ШТ",58,6.6,382.79999999999995,"450063, г. Уфа, ПАО АНК \"Башнефть\" \"Башнефть-Новойл\""]
["Коробки","ПАО АНК \"Башнефть\" \"Башнефть-Новойл\"",17,347,"Коробка УК-2П","ШТ",4,17.3,69.2,"450063, г. Уфа, ПАО АНК \"Башнефть\" \"Башнефть-Новойл\""]
["Коробки","ПАО АНК \"Башнефть\" \"Башнефть-Новойл\"",17,348,"Коробка установочная КУ 1106","ШТ",5,5.0999999999999996,25.5,"450063, г. Уфа, ПАО АНК \"Башнефть\" \"Башнефть-Новойл\""]
["Коробки","ПАО АНК \"Башнефть\" \"Башнефть-Новойл\"",17,349,"Коробка чугунная литая КПД-40 ХЛ1","ШТ",4,1288.0999999999999,5152.3999999999996,"450063, г. Уфа, ПАО АНК \"Башнефть\" \"Башнефть-Новойл\""]
["Коробки","ПАО АНК \"Башнефть\" \"Башнефть-Новойл\"",17,350,"Коробка ШВ-2-0 ОЛ. 70000010141 1ExdllCT5","ШТ",96,5960.7,572227.19999999995,"450063, г. Уфа, ПАО АНК \"Башнефть\" \"Башнефть-Новойл\""]
["Крышки","ПАО АНК \"Башнефть\" \"Башнефть-Новойл\"",18,351,"Крышка 100х15х2000 DKC 35512HDZ","ШТ",3,386.9,1160.6999999999998,"450063, г. Уфа, ПАО АНК \"Башнефть\" \"Башнефть-Новойл\""]
["Крышки","ПАО АНК \"Башнефть\" \"Башнефть-Новойл\"",18,352,"Крышка 38042ZL DKC 100","ШТ",1,1041.8,1041.8,"450063, г. Уфа, ПАО АНК \"Башнефть\" \"Башнефть-Новойл\""]
["Крышки","ПАО АНК \"Башнефть\" \"Башнефть-Новойл\"",18,353,"Крышка 65 к кабель-каналу Legrand 10521","ШТ",15,189.4,2841,"450063, г. Уфа, ПАО АНК \"Башнефть\" \"Башнефть-Новойл\""]
["Крышки","ПАО АНК \"Башнефть\" \"Башнефть-Новойл\"",18,354,"Крышка Betterman DBV 300SFS 7130817","ШТ",1,1802.3,1802.3,"450063, г. Уфа, ПАО АНК \"Башнефть\" \"Башнефть-Новойл\""]
["Крышки","ПАО АНК \"Башнефть\" \"Башнефть-Новойл\"",18,355,"Крышка Betterman DBV 60300FFS 7130864","ШТ",1,1802.3,1802.3,"450063, г. Уфа, ПАО АНК \"Башнефть\" \"Башнефть-Новойл\""]
["Крышки","ПАО АНК \"Башнефть\" \"Башнефть-Новойл\"",18,356,"Крышка Bettermann DFB-45/10 100 7184468","ШТ",7,1140.7,7984.9000000000005,"450063, г. Уфа, ПАО АНК \"Башнефть\" \"Башнефть-Новойл\""]
["Крышки","ПАО АНК \"Башнефть\" \"Башнефть-Новойл\"",18,357,"Крышка Bettermann DFB-90/10 100 7184375","ШТ",3,1132.5999999999999,3397.7999999999997,"450063, г. Уфа, ПАО АНК \"Башнефть\" \"Башнефть-Новойл\""]
["Крышки","ПАО АНК \"Башнефть\" \"Башнефть-Новойл\"",18,358,"Крышка Bettermann DFB-90/10 100 7184375","ШТ",6,771.7,4630.2000000000007,"450063, г. Уфа, ПАО АНК \"Башнефть\" \"Башнефть-Новойл\""]
["Крышки","ПАО АНК \"Башнефть\" \"Башнефть-Новойл\"",18,359,"Крышка Bettermann DFT 100 FS 7128215","ШТ",1,1198.9000000000001,1198.9000000000001,"450063, г. Уфа, ПАО АНК \"Башнефть\" \"Башнефть-Новойл\""]
["Крышки","ПАО АНК \"Башнефть\" \"Башнефть-Новойл\"",18,360,"Крышка Bettermann DFT 100 FS 7128215","ШТ",1,816.3,816.3,"450063, г. Уфа, ПАО АНК \"Башнефть\" \"Башнефть-Новойл\""]
["Крышки","ПАО АНК \"Башнефть\" \"Башнефть-Новойл\"",18,361,"Крышка Bettermann DRL BKS 30 ALU 6052755","ШТ",3,4656,13968,"450063, г. Уфа, ПАО АНК \"Башнефть\" \"Башнефть-Новойл\""]
["Крышки","ПАО АНК \"Башнефть\" \"Башнефть-Новойл\"",18,362,"Крышка Bettermann DRL BKS 30 ALU 6052755","ШТ",90,3860.6,347454,"450063, г. Уфа, ПАО АНК \"Башнефть\" \"Башнефть-Новойл\""]
["Крышки","ПАО АНК \"Башнефть\" \"Башнефть-Новойл\"",18,363,"Крышка Bettermann MASD 90 FT 6356 91 5","ШТ",1,2093.4,2093.4,"450063, г. Уфа, ПАО АНК \"Башнефть\" \"Башнефть-Новойл\""]
["Крышки","ПАО АНК \"Башнефть\" \"Башнефть-Новойл\"",18,364,"Крышка Bettermann MASD 90 FT 6356 91 5","ШТ",2,2093.4,4186.8,"450063, г. Уфа, ПАО АНК \"Башнефть\" \"Башнефть-Новойл\""]
["Крышки","ПАО АНК \"Башнефть\" \"Башнефть-Новойл\"",18,365,"Крышка Bettermann MASD 90 FT 6356 91 5","ШТ",2,2043.2,4086.4,"450063, г. Уфа, ПАО АНК \"Башнефть\" \"Башнефть-Новойл\""]
["Крышки","ПАО АНК \"Башнефть\" \"Башнефть-Новойл\"",18,366,"Крышка Bettermann MASD 90 FT 6356 91 5","ШТ",4,2059.8000000000002,8239.2000000000007,"450063, г. Уфа, ПАО АНК \"Башнефть\" \"Башнефть-Новойл\""]
["Крышки","ПАО АНК \"Башнефть\" \"Башнефть-Новойл\"",18,367,"Крышка CDSD90 38282ZL DKC 15х100","ШТ",2,941.6,1883.2,"450063, г. Уфа, ПАО АНК \"Башнефть\" \"Башнефть-Новойл\""]
["Крышки","ПАО АНК \"Башнефть\" \"Башнефть-Новойл\"",18,368,"Крышка CS90 400x15 DKC 38206HDZ","ШТ",41,1262.8,51774.799999999996,"450063, г. Уфа, ПАО АНК \"Башнефть\" \"Башнефть-Новойл\""]
["Крышки","ПАО АНК \"Башнефть\" \"Башнефть-Новойл\"",18,369,"Крышка CS90 400x15 DKC 38206HDZ","ШТ",1,1262.8,1262.8,"450063, г. Уфа, ПАО АНК \"Башнефть\" \"Башнефть-Новойл\""]
["Крышки","ПАО АНК \"Башнефть\" \"Башнефть-Новойл\"",18,370,"Крышка DBV 100 S FS Bettermann 7130 80 5","ШТ",6,469.9,2819.3999999999996,"450063, г. Уфа, ПАО АНК \"Башнефть\" \"Башнефть-Новойл\""]
["Крышки","ПАО АНК \"Башнефть\" \"Башнефть-Новойл\"",18,371,"Крышка DBV 100 S FS Bettermann 7130 80 5","ШТ",6,469.9,2819.3999999999996,"450063, г. Уфа, ПАО АНК \"Башнефть\" \"Башнефть-Новойл\""]
["Крышки","ПАО АНК \"Башнефть\" \"Башнефть-Новойл\"",18,372,"Крышка DFB 90 300DD Bettermann 7130 56 2","ШТ",3,1357.5,4072.5,"450063, г. Уфа, ПАО АНК \"Башнефть\" \"Башнефть-Новойл\""]
["Крышки","ПАО АНК \"Башнефть\" \"Башнефть-Новойл\"",18,373,"Крышка DKC 100х15х2000 арт.35512","ШТ",1588,113.1,179602.8,"450063, г. Уфа, ПАО АНК \"Башнефть\" \"Башнефть-Новойл\""]
["Крышки","ПАО АНК \"Башнефть\" \"Башнефть-Новойл\"",18,374,"Крышка DKC 100х15х3000 35522ZL","ШТ",10,386.9,3869,"450063, г. Уфа, ПАО АНК \"Башнефть\" \"Башнефть-Новойл\""]
["Крышки","ПАО АНК \"Башнефть\" \"Башнефть-Новойл\"",18,375,"Крышка DKC 150х15х2000 арт.35513","ШТ",200,144.6,28920,"450063, г. Уфа, ПАО АНК \"Башнефть\" \"Башнефть-Новойл\""]
["Крышки","ПАО АНК \"Башнефть\" \"Башнефть-Новойл\"",18,376,"Крышка DKC 200х15х2000 арт.35514","ШТ",713,187.6,133758.79999999999,"450063, г. Уфа, ПАО АНК \"Башнефть\" \"Башнефть-Новойл\""]
["Крышки","ПАО АНК \"Башнефть\" \"Башнефть-Новойл\"",18,377,"Крышка DKC 200х15х2000 арт.35514","ШТ",12,187.6,2251.1999999999998,"450063, г. Уфа, ПАО АНК \"Башнефть\" \"Башнефть-Новойл\""]
["Крышки","ПАО АНК \"Башнефть\" \"Башнефть-Новойл\"",18,378,"Крышка DKC CD 90 400х15 арт.38246","ШТ",59,481.1,28384.9,"450063, г. Уфа, ПАО АНК \"Башнефть\" \"Башнефть-Новойл\""]
["Крышки","ПАО АНК \"Башнефть\" \"Башнефть-Новойл\"",18,379,"Крышка DKC CD 90 400х15 арт.38246","ШТ",1,481.1,481.1,"450063, г. Уфа, ПАО АНК \"Башнефть\" \"Башнефть-Новойл\""]
["Крышки","ПАО АНК \"Башнефть\" \"Башнефть-Новойл\"",18,380,"Крышка DKC CDV 90 100мм 38341","ШТ",8,494.6,3956.8,"450063, г. Уфа, ПАО АНК \"Башнефть\" \"Башнефть-Новойл\""]
["Крышки","ПАО АНК \"Башнефть\" \"Башнефть-Новойл\"",18,381,"Крышка DKC CDV 90 100мм 38341ZL","ШТ",3,947.1,2841.3,"450063, г. Уфа, ПАО АНК \"Башнефть\" \"Башнефть-Новойл\""]
["Крышки","ПАО АНК \"Башнефть\" \"Башнефть-Новойл\"",18,382,"Крышка DKC CDV 90 100мм 38341ZL","ШТ",7,947.1,6629.7,"450063, г. Уфа, ПАО АНК \"Башнефть\" \"Башнефть-Новойл\""]
["Крышки","ПАО АНК \"Башнефть\" \"Башнефть-Новойл\"",18,383,"Крышка DKC CPO 90 100х15 38002ZL","ШТ",7,775.5,5428.5,"450063, г. Уфа, ПАО АНК \"Башнефть\" \"Башнефть-Новойл\""]
["Крышки","ПАО АНК \"Башнефть\" \"Башнефть-Новойл\"",18,384,"Крышка DKC CPO 90 100х15 38002ZL","ШТ",2,775.5,1551,"450063, г. Уфа, ПАО АНК \"Башнефть\" \"Башнефть-Новойл\""]
["Крышки","ПАО АНК \"Башнефть\" \"Башнефть-Новойл\"",18,385,"Крышка DKC CPO 90 100х15 38002ZL","ШТ",1,775.5,{"$f":"H389*G389","v":775.5},"450063, г. Уфа, ПАО АНК \"Башнефть\" \"Башнефть-Новойл\""]
["Крышки","ПАО АНК \"Башнефть\" \"Башнефть-Новойл\"",18,386,"Крышка DKC CPO 90 100х15 38002ZL","ШТ",9,775.5,6979.5,"450063, г. Уфа, ПАО АНК \"Башнефть\" \"Башнефть-Новойл\""]
["Крышки","ПАО АНК \"Башнефть\" \"Башнефть-Новойл\"",18,387,"Крышка DKC CPO 90 100х15 арт.38002HDZ","ШТ",1,775.5,775.5,"450063, г. Уфа, ПАО АНК \"Башнефть\" \"Башнефть-Новойл\""]
["Крышки","ПАО АНК \"Башнефть\" \"Башнефть-Новойл\"",18,388,"Крышка DKC CPO 90 400х15 арт.38006","ШТ",39,830.8,32401.199999999997,"450063, г. Уфа, ПАО АНК \"Башнефть\" \"Башнефть-Новойл\""]
["Крышки","ПАО АНК \"Башнефть\" \"Башнефть-Новойл\"",18,389,"Крышка DKC CPO 90 400х15 арт.38006","ШТ",1,830.8,830.8,"450063, г. Уфа, ПАО АНК \"Башнефть\" \"Башнефть-Новойл\""]
["Крышки","ПАО АНК \"Башнефть\" \"Башнефть-Новойл\"",18,390,"Крышка DKC CS 90 100х15 арт.38202HDZ","ШТ",4,442.4,1769.6,"450063, г. Уфа, ПАО АНК \"Башнефть\" \"Башнефть-Новойл\""]
["Крышки","ПАО АНК \"Башнефть\" \"Башнефть-Новойл\"",18,391,"Крышка DKC DPT 100х15 арт.38042","ШТ",8,375.5,3004,"450063, г. Уфа, ПАО АНК \"Башнефть\" \"Башнефть-Новойл\""]
["Крышки","ПАО АНК \"Башнефть\" \"Башнефть-Новойл\"",18,392,"Крышка DRL BKS20ALU Bettermann 6052 75 2","ШТ",6,2490.1999999999998,14941.199999999999,"450063, г. Уфа, ПАО АНК \"Башнефть\" \"Башнефть-Новойл\""]
["Крышки","ПАО АНК \"Башнефть\" \"Башнефть-Новойл\"",18,393,"Крышка DRL/100 P/n 6052 09 6 Bettermann","ШТ",9,658.1,5922.9000000000005,"450063, г. Уфа, ПАО АНК \"Башнефть\" \"Башнефть-Новойл\""]
["Крышки","ПАО АНК \"Башнефть\" \"Башнефть-Новойл\"",18,394,"Крышка DRL/100 P/n 6052 09 6 Bettermann","ШТ",1,658.1,658.1,"450063, г. Уфа, ПАО АНК \"Башнефть\" \"Башнефть-Новойл\""]
["Крышки","ПАО АНК \"Башнефть\" \"Башнефть-Новойл\"",18,395,"Крышка DRL/100 P/n 6052 09 6 Bettermann","ШТ",6,658.1,3948.6000000000004,"450063, г. Уфа, ПАО АНК \"Башнефть\" \"Башнефть-Новойл\""]
["Крышки","ПАО АНК \"Башнефть\" \"Башнефть-Новойл\"",18,396,"Крышка DRL/200 P/n 6052 20 7 Bettermann","ШТ",3,1290.2,3870.6000000000004,"450063, г. Уфа, ПАО АНК \"Башнефть\" \"Башнефть-Новойл\""]
["Крышки","ПАО АНК \"Башнефть\" \"Башнефть-Новойл\"",18,397,"Крышка Phoenix Contact D-UK16 3006027","ШТ",30,19.7,591,"450063, г. Уфа, ПАО АНК \"Башнефть\" \"Башнефть-Новойл\""]
["Крышки","ПАО АНК \"Башнефть\" \"Башнефть-Новойл\"",18,398,"Крышка Phoenix Contact D-UK16 3006027","ШТ",40,19.7,788,"450063, г. Уфа, ПАО АНК \"Башнефть\" \"Башнефть-Новойл\""]
["Крышки","ПАО АНК \"Башнефть\" \"Башнефть-Новойл\"",18,399,"Крышка Phoenix Contact D-UK16 3006027","ШТ",60,19.7,1182,"450063, г. Уфа, ПАО АНК \"Башнефть\" \"Башнефть-Новойл\""]
["Крышки","ПАО АНК \"Башнефть\" \"Башнефть-Новойл\"",18,400,"Крышка Phoenix Contact P/n 2775113","ШТ",450,30.2,13590,"450063, г. Уфа, ПАО АНК \"Башнефть\" \"Башнефть-Новойл\""]
["Крышки","ПАО АНК \"Башнефть\" \"Башнефть-Новойл\"",18,401,"Крышка TDS 38322ZL DKC 15х100","ШТ",1,983,983,"450063, г. Уфа, ПАО АНК \"Башнефть\" \"Башнефть-Новойл\""]
["Крышки","ПАО АНК \"Башнефть\" \"Башнефть-Новойл\"",18,402,"Крышка в сборе 413-2-6АР-1","ШТ",2,4862.8,9725.6,"450063, г. Уфа, ПАО АНК \"Башнефть\" \"Башнефть-Новойл\""]
["Крышки","ПАО АНК \"Башнефть\" \"Башнефть-Новойл\"",18,403,"Крышка КЛ 400ц УТ1,5","ШТ",105,1707.7,179308.5,"450063, г. Уфа, ПАО АНК \"Башнефть\" \"Башнефть-Новойл\""]
["Крышки","ПАО АНК \"Башнефть\" \"Башнефть-Новойл\"",18,404,"Крышка КЛ 400ц УТ1,5","ШТ",35,1707.7,59769.5,"450063, г. Уфа, ПАО АНК \"Башнефть\" \"Башнефть-Новойл\""]
["Крышки","ПАО АНК \"Башнефть\" \"Башнефть-Новойл\"",18,405,"Крышка КЛ400 УТ1,5","ШТ",115,2217.9,255058.5,"450063, г. Уфа, ПАО АНК \"Башнефть\" \"Башнефть-Новойл\""]
["Крышки","ПАО АНК \"Башнефть\" \"Башнефть-Новойл\"",18,406,"Крышка КЛ400 УТ1,5","ШТ",3,2217.9,6653.7000000000007,"450063, г. Уфа, ПАО АНК \"Башнефть\" \"Башнефть-Новойл\""]
["Крышки","ПАО АНК \"Башнефть\" \"Башнефть-Новойл\"",18,407,"Крышка КЛ400 УТ1,5","ШТ",20,2217.9,44358,"450063, г. Уфа, ПАО АНК \"Башнефть\" \"Башнефть-Новойл\""]
["Крышки","ПАО АНК \"Башнефть\" \"Башнефть-Новойл\"",18,408,"Крышка КЛ400 УТ1,5","ШТ",40,2217.9,88716,"450063, г. Уфа, ПАО АНК \"Башнефть\" \"Башнефть-Новойл\""]
["Крышки","ПАО АНК \"Башнефть\" \"Башнефть-Новойл\"",18,409,"Крышка КЛТ100 УТ1,5","ШТ",12,557.79999999999995,6693.5999999999995,"450063, г. Уфа, ПАО АНК \"Башнефть\" \"Башнефть-Новойл\""]
["Крышки","ПАО АНК \"Башнефть\" \"Башнефть-Новойл\"",18,410,"Крышка лотка 400 DKC 35516","ШТ",187,432.3,80840.100000000006,"450063, г. Уфа, ПАО АНК \"Башнефть\" \"Башнефть-Новойл\""]
["Крышки","ПАО АНК \"Башнефть\" \"Башнефть-Новойл\"",18,411,"Крышка лотка DKC 15х100 арт. 35512ZL","ШТ",21,386.9,8124.9,"450063, г. Уфа, ПАО АНК \"Башнефть\" \"Башнефть-Новойл\""]
["Крышки","ПАО АНК \"Башнефть\" \"Башнефть-Новойл\"",18,412,"Крышка лотка КЛ 100 УТ1.5","ШТ",93,112.1,10425.299999999999,"450063, г. Уфа, ПАО АНК \"Башнефть\" \"Башнефть-Новойл\""]
["Крышки","ПАО АНК \"Башнефть\" \"Башнефть-Новойл\"",18,413,"Крышка лотка КЛ 100 УХЛ2.5","ШТ",8,116,928,"450063, г. Уфа, ПАО АНК \"Башнефть\" \"Башнефть-Новойл\""]
["Крышки","ПАО АНК \"Башнефть\" \"Башнефть-Новойл\"",18,414,"Крышка лотка КЛ 100ц УТ1.5","ШТ",3,111.1,333.29999999999995,"450063, г. Уфа, ПАО АНК \"Башнефть\" \"Башнефть-Новойл\""]
["Крышки","ПАО АНК \"Башнефть\" \"Башнефть-Новойл\"",18,415,"Крышка лотка КЛ 100ц УХЛ2.5","ШТ",20,518.29999999999995,10366,"450063, г. Уфа, ПАО АНК \"Башнефть\" \"Башнефть-Новойл\""]
["Крышки","ПАО АНК \"Башнефть\" \"Башнефть-Новойл\"",18,416,"Крышка лотка КЛ 200 УТ1.5","ШТ",95,236.9,22505.5,"450063, г. Уфа, ПАО АНК \"Башнефть\" \"Башнефть-Новойл\""]
["Крышки","ПАО АНК \"Башнефть\" \"Башнефть-Новойл\"",18,417,"Крышка лотка КЛ 200 УТ1.5","ШТ",68,236.9,16109.2,"450063, г. Уфа, ПАО АНК \"Башнефть\" \"Башнефть-Новойл\""]
["Крышки","ПАО АНК \"Башнефть\" \"Башнефть-Новойл\"",18,418,"Крышка лотка КЛ 200ц УТ1.5","ШТ",169,363.1,61363.9,"450063, г. Уфа, ПАО АНК \"Башнефть\" \"Башнефть-Новойл\""]
["Крышки","ПАО АНК \"Башнефть\" \"Башнефть-Новойл\"",18,419,"Крышка лотка КЛ 200ц УТ1.5","ШТ",277,363.1,100578.70000000001,"450063, г. Уфа, ПАО АНК \"Башнефть\" \"Башнефть-Новойл\""]
["Крышки","ПАО АНК \"Башнефть\" \"Башнефть-Новойл\"",18,420,"Крышка лотка КЛ 200ц УТ1.5","ШТ",245,363.1,88959.5,"450063, г. Уфа, ПАО АНК \"Башнефть\" \"Башнефть-Новойл\""]
["Крышки","ПАО АНК \"Башнефть\" \"Башнефть-Новойл\"",18,421,"Крышка лотка КЛ 200ц УТ1.5","ШТ",43,363.1,15613.300000000001,"450063, г. Уфа, ПАО АНК \"Башнефть\" \"Башнефть-Новойл\""]
["Крышки","ПАО АНК \"Башнефть\" \"Башнефть-Новойл\"",18,422,"Крышка лотка КЛ 200ц УХЛ2.5","ШТ",32,653.9,20924.8,"450063, г. Уфа, ПАО АНК \"Башнефть\" \"Башнефть-Новойл\""]
["Крышки","ПАО АНК \"Башнефть\" \"Башнефть-Новойл\"",18,423,"Крышка лотка КЛ 200ц УХЛ2.5","ШТ",17,653.9,11116.3,"450063, г. Уфа, ПАО АНК \"Башнефть\" \"Башнефть-Новойл\""]
["Крышки","ПАО АНК \"Башнефть\" \"Башнефть-Новойл\"",18,424,"Крышка лотка КЛ 200ц УХЛ2.5","ШТ",3,653.9,1961.6999999999998,"450063, г. Уфа, ПАО АНК \"Башнефть\" \"Башнефть-Новойл\""]
["Крышки","ПАО АНК \"Башнефть\" \"Башнефть-Новойл\"",18,425,"Крышка лотка КЛ 250 УТ1.5","ШТ",35,791.3,27695.5,"450063, г. Уфа, ПАО АНК \"Башнефть\" \"Башнефть-Новойл\""]
["Крышки","ПАО АНК \"Башнефть\" \"Башнефть-Новойл\"",18,426,"Крышка лотка КЛ 250 УХЛ2.5","ШТ",11,301.89999999999998,3320.8999999999996,"450063, г. Уфа, ПАО АНК \"Башнефть\" \"Башнефть-Новойл\""]
["Крышки","ПАО АНК \"Башнефть\" \"Башнефть-Новойл\"",18,427,"Крышка лотка КЛ 300ц УТ1.5","ШТ",25,304.5,7612.5,"450063, г. Уфа, ПАО АНК \"Башнефть\" \"Башнефть-Новойл\""]
["Крышки","ПАО АНК \"Башнефть\" \"Башнефть-Новойл\"",18,428,"Крышка лотка КЛ 300ц УХЛ2.5","ШТ",50,323.7,16185,"450063, г. Уфа, ПАО АНК \"Башнефть\" \"Башнефть-Новойл\""]
["Крышки","ПАО АНК \"Башнефть\" \"Башнефть-Новойл\"",18,429,"Крышка лотка КЛ 400 У3","ШТ",125,349.4,43675,"450063, г. Уфа, ПАО АНК \"Башнефть\" \"Башнефть-Новойл\""]
["Крышки","ПАО АНК \"Башнефть\" \"Башнефть-Новойл\"",18,430,"Крышка лотка КЛ 500ц УТ1.5","ШТ",130,723.5,94055,"450063, г. Уфа, ПАО АНК \"Башнефть\" \"Башнефть-Новойл\""]
["Крышки","ПАО АНК \"Башнефть\" \"Башнефть-Новойл\"",18,431,"Крышка лотка КЛ 500ц УТ1.5","ШТ",120,723.5,86820,"450063, г. Уфа, ПАО АНК \"Башнефть\" \"Башнефть-Новойл\""]
["Крышки","ПАО АНК \"Башнефть\" \"Башнефть-Новойл\"",18,432,"Крышка лотка КЛ 50ц УТ1.5","ШТ",5,219.7,1098.5,"450063, г. Уфа, ПАО АНК \"Башнефть\" \"Башнефть-Новойл\""]
["Крышки","ПАО АНК \"Башнефть\" \"Башнефть-Новойл\"",18,433,"Крышка лотка КЛП 100 У3","ШТ",14,63.1,883.4,"450063, г. Уфа, ПАО АНК \"Башнефть\" \"Башнефть-Новойл\""]
["Крышки","ПАО АНК \"Башнефть\" \"Башнефть-Новойл\"",18,434,"Крышка лотка КЛП 100-90ц УТ1.5","ШТ",30,156.5,4695,"450063, г. Уфа, ПАО АНК \"Башнефть\" \"Башнефть-Новойл\""]
["Крышки","ПАО АНК \"Башнефть\" \"Башнефть-Новойл\"",18,435,"Крышка лотка КЛП 100-90ц УТ1.5","ШТ",6,156.5,939,"450063, г. Уфа, ПАО АНК \"Башнефть\" \"Башнефть-Новойл\""]
["Крышки","ПАО АНК \"Башнефть\" \"Башнефть-Новойл\"",18,436,"Крышка лотка КЛП 100-90ц УТ1.5","ШТ",5,156.5,782.5,"450063, г. Уфа, ПАО АНК \"Башнефть\" \"Башнефть-Новойл\""]
["Крышки","ПАО АНК \"Башнефть\" \"Башнефть-Новойл\"",18,437,"Крышка лотка КЛП 100-90ц УТ1.5","ШТ",12,156.5,1878,"450063, г. Уфа, ПАО АНК \"Башнефть\" \"Башнефть-Новойл\""]
["Крышки","ПАО АНК \"Башнефть\" \"Башнефть-Новойл\"",18,438,"Крышка лотка КЛП 100-90ц УТ1.5","ШТ",52,156.5,8138,"450063, г. Уфа, ПАО АНК \"Башнефть\" \"Башнефть-Новойл\""]
["Крышки","ПАО АНК \"Башнефть\" \"Башнефть-Новойл\"",18,439,"Крышка лотка КЛП 100-90ц УТ1.5","ШТ",12,156.5,1878,"450063, г. Уфа, ПАО АНК \"Башнефть\" \"Башнефть-Новойл\""]
["Крышки","ПАО АНК \"Башнефть\" \"Башнефть-Новойл\"",18,440,"Крышка лотка КЛП 100-90ц УТ1.5","ШТ",4,156.5,626,"450063, г. Уфа, ПАО АНК \"Башнефть\" \"Башнефть-Новойл\""]
["Крышки","ПАО АНК \"Башнефть\" \"Башнефть-Новойл\"",18,441,"Крышка лотка КЛП 100-90ц УТ1.5","ШТ",10,156.5,1565,"450063, г. Уфа, ПАО АНК \"Башнефть\" \"Башнефть-Новойл\""]
["Крышки","ПАО АНК \"Башнефть\" \"Башнефть-Новойл\"",18,442,"Крышка лотка КЛП 200-90ц УТ1.5","ШТ",31,192,5952,"450063, г. Уфа, ПАО АНК \"Башнефть\" \"Башнефть-Новойл\""]
["Крышки","ПАО АНК \"Башнефть\" \"Башнефть-Новойл\"",18,443,"Крышка лотка КЛП 200-90ц УТ1.5","ШТ",14,192,2688,"450063, г. Уфа, ПАО АНК \"Башнефть\" \"Башнефть-Новойл\""]
["Крышки","ПАО АНК \"Башнефть\" \"Башнефть-Новойл\"",18,444,"Крышка лотка КЛП 200-90ц УХЛ2.5","ШТ",35,102.7,3594.5,"450063, г. Уфа, ПАО АНК \"Башнефть\" \"Башнефть-Новойл\""]
["Крышки","ПАО АНК \"Башнефть\" \"Башнефть-Новойл\"",18,445,"Крышка лотка КЛП 300-90 УТ1.5","ШТ",12,453.2,5438.4,"450063, г. Уфа, ПАО АНК \"Башнефть\" \"Башнефть-Новойл\""]
["Крышки","ПАО АНК \"Башнефть\" \"Башнефть-Новойл\"",18,446,"Крышка лотка КЛП 300-90 УТ1.5","ШТ",55,453.2,24926,"450063, г. Уфа, ПАО АНК \"Башнефть\" \"Башнефть-Новойл\""]
["Крышки","ПАО АНК \"Башнефть\" \"Башнефть-Новойл\"",18,447,"Крышка лотка КЛП 300-90 УТ1.5","ШТ",10,453.2,4532,"450063, г. Уфа, ПАО АНК \"Башнефть\" \"Башнефть-Новойл\""]
["Крышки","ПАО АНК \"Башнефть\" \"Башнефть-Новойл\"",18,448,"Крышка лотка КЛП 400-45ц У1.5","ШТ",4,995.3,3981.2,"450063, г. Уфа, ПАО АНК \"Башнефть\" \"Башнефть-Новойл\""]
["Крышки","ПАО АНК \"Башнефть\" \"Башнефть-Новойл\"",18,449,"Крышка лотка КЛП 75-90 УТ1.5","ШТ",4,184.8,{"$f":"H453*G453","v":739.2},"450063, г. Уфа, ПАО АНК \"Башнефть\" \"Башнефть-Новойл\""]
["Крышки","ПАО АНК \"Башнефть\" \"Башнефть-Новойл\"",18,450,"Крышка лотка КЛП 75-90 УТ1.5","ШТ",6,184.8,1108.8000000000002,"450063, г. Уфа, ПАО АНК \"Башнефть\" \"Башнефть-Новойл\""]
["Крышки","ПАО АНК \"Башнефть\" \"Башнефть-Новойл\"",18,451,"Крышка лотка КЛП 75-90 УТ1.5","ШТ",4,184.8,739.2,"450063, г. Уфа, ПАО АНК \"Башнефть\" \"Башнефть-Новойл\""]
["Крышки","ПАО АНК \"Башнефть\" \"Башнефть-Новойл\"",18,452,"Крышка лотка КЛС 100-45 УТ1.5","ШТ",1,192.4,192.4,"450063, г. Уфа, ПАО АНК \"Башнефть\" \"Башнефть-Новойл\""]
["Крышки","ПАО АНК \"Башнефть\" \"Башнефть-Новойл\"",18,453,"Крышка лотка КЛС 100-90ц УТ1.5","ШТ",59,253.3,14944.7,"450063, г. Уфа, ПАО АНК \"Башнефть\" \"Башнефть-Новойл\""]
["Крышки","ПАО АНК \"Башнефть\" \"Башнефть-Новойл\"",18,454,"Крышка лотка КЛС 100-90ц УТ1.5","ШТ",33,253.3,8358.9,"450063, г. Уфа, ПАО АНК \"Башнефть\" \"Башнефть-Новойл\""]
["Крышки","ПАО АНК \"Башнефть\" \"Башнефть-Новойл\"",18,455,"Крышка лотка КЛС 100-90ц УТ1.5","ШТ",4,253.3,1013.2,"450063, г. Уфа, ПАО АНК \"Башнефть\" \"Башнефть-Новойл\""]
["Крышки","ПАО АНК \"Башнефть\" \"Башнефть-Новойл\"",18,456,"Крышка лотка КЛС 100-90ц УТ1.5","ШТ",10,201.2,2012,"450063, г. Уфа, ПАО АНК \"Башнефть\" \"Башнефть-Новойл\""]
["Крышки","ПАО АНК \"Башнефть\" \"Башнефть-Новойл\"",18,457,"Крышка лотка КЛС 200-90 УТ1.5","ШТ",34,288.5,9809,"450063, г. Уфа, ПАО АНК \"Башнефть\" \"Башнефть-Новойл\""]
["Крышки","ПАО АНК \"Башнефть\" \"Башнефть-Новойл\"",18,458,"Крышка лотка КЛС 200-90 УТ1.5","ШТ",16,288.5,4616,"450063, г. Уфа, ПАО АНК \"Башнефть\" \"Башнефть-Новойл\""]
["Крышки","ПАО АНК \"Башнефть\" \"Башнефть-Новойл\"",18,459,"Крышка лотка КЛС 200-90 УТ1.5","ШТ",16,288.5,4616,"450063, г. Уфа, ПАО АНК \"Башнефть\" \"Башнефть-Новойл\""]
["Крышки","ПАО АНК \"Башнефть\" \"Башнефть-Новойл\"",18,460,"Крышка лотка КЛС 300-90 УТ1.5","ШТ",8,737.1,5896.8,"450063, г. Уфа, ПАО АНК \"Башнефть\" \"Башнефть-Новойл\""]
["Крышки","ПАО АНК \"Башнефть\" \"Башнефть-Новойл\"",18,461,"Крышка лотка КЛС 300-90 УТ1.5","ШТ",54,737.1,39803.4,"450063, г. Уфа, ПАО АНК \"Башнефть\" \"Башнефть-Новойл\""]
["Крышки","ПАО АНК \"Башнефть\" \"Башнефть-Новойл\"",18,462,"Крышка лотка КЛС 300-90 УТ1.5","ШТ",10,737.1,7371,"450063, г. Уфа, ПАО АНК \"Башнефть\" \"Башнефть-Новойл\""]
["Крышки","ПАО АНК \"Башнефть\" \"Башнефть-Новойл\"",18,463,"Крышка лотка КЛС 300-90 УТ1.5","ШТ",3,737.1,2211.3000000000002,"450063, г. Уфа, ПАО АНК \"Башнефть\" \"Башнефть-Новойл\""]
["Крышки","ПАО АНК \"Башнефть\" \"Башнефть-Новойл\"",18,464,"Крышка лотка КЛС 400-45ц У1.5","ШТ",2,425.3,850.6,"450063, г. Уфа, ПАО АНК \"Башнефть\" \"Башнефть-Новойл\""]
["Крышки","ПАО АНК \"Башнефть\" \"Башнефть-Новойл\"",18,465,"Крышка лотка КЛС 75-90 УТ1.5","ШТ",7,219.7,1537.8999999999999,"450063, г. Уфа, ПАО АНК \"Башнефть\" \"Башнефть-Новойл\""]
["Крышки","ПАО АНК \"Башнефть\" \"Башнефть-Новойл\"",18,466,"Крышка лотка КЛС 75-90 УТ1.5","ШТ",3,219.7,659.09999999999991,"450063, г. Уфа, ПАО АНК \"Башнефть\" \"Башнефть-Новойл\""]
["Крышки","ПАО АНК \"Башнефть\" \"Башнефть-Новойл\"",18,467,"Крышка лотка КЛТ 100 У3","ШТ",1,58.8,58.8,"450063, г. Уфа, ПАО АНК \"Башнефть\" \"Башнефть-Новойл\""]
["Крышки","ПАО АНК \"Башнефть\" \"Башнефть-Новойл\"",18,468,"Крышка лотка КЛТ 100ц УТ1.5","ШТ",4,153.69999999999999,614.79999999999995,"450063, г. Уфа, ПАО АНК \"Башнефть\" \"Башнефть-Новойл\""]
["Крышки","ПАО АНК \"Башнефть\" \"Башнефть-Новойл\"",18,469,"Крышка лотка КЛТ 100ц УТ1.5","ШТ",14,153.69999999999999,2151.7999999999997,"450063, г. Уфа, ПАО АНК \"Башнефть\" \"Башнефть-Новойл\""]
["Крышки","ПАО АНК \"Башнефть\" \"Башнефть-Новойл\"",18,470,"Крышка лотка КЛТ 100ц УТ1.5","ШТ",10,153.69999999999999,1537,"450063, г. Уфа, ПАО АНК \"Башнефть\" \"Башнефть-Новойл\""]
["Крышки","ПАО АНК \"Башнефть\" \"Башнефть-Новойл\"",18,471,"Крышка лотка КЛТ 100ц УТ1.5","ШТ",107,153.69999999999999,16445.899999999998,"450063, г. Уфа, ПАО АНК \"Башнефть\" \"Башнефть-Новойл\""]
["Крышки","ПАО АНК \"Башнефть\" \"Башнефть-Новойл\"",18,472,"Крышка лотка КЛТ 100ц УТ1.5","ШТ",51,153.69999999999999,7838.7,"450063, г. Уфа, ПАО АНК \"Башнефть\" \"Башнефть-Новойл\""]
["Крышки","ПАО АНК \"Башнефть\" \"Башнефть-Новойл\"",18,473,"Крышка лотка КЛТ 100ц УТ1.5","ШТ",1,153.69999999999999,153.69999999999999,"450063, г. Уфа, ПАО АНК \"Башнефть\" \"Башнефть-Новойл\""]
["Крышки","ПАО АНК \"Башнефть\" \"Башнефть-Новойл\"",18,474,"Крышка лотка КЛТ 100ц УТ1.5","ШТ",1,153.69999999999999,153.69999999999999,"450063, г. Уфа, ПАО АНК \"Башнефть\" \"Башнефть-Новойл\""]
["Крышки","ПАО АНК \"Башнефть\" \"Башнефть-Новойл\"",18,475,"Крышка лотка КЛТ 100ц УХЛ2.5","ШТ",30,72.7,2181,"450063, г. Уфа, ПАО АНК \"Башнефть\" \"Башнефть-Новойл\""]
["Крышки","ПАО АНК \"Башнефть\" \"Башнефть-Новойл\"",18,476,"Крышка лотка КЛТ 200ц УТ1.5","ШТ",7,188.9,1322.3,"450063, г. Уфа, ПАО АНК \"Башнефть\" \"Башнефть-Новойл\""]
["Крышки","ПАО АНК \"Башнефть\" \"Башнефть-Новойл\"",18,477,"Крышка лотка КЛТ 200ц УТ1.5","ШТ",8,191,1528,"450063, г. Уфа, ПАО АНК \"Башнефть\" \"Башнефть-Новойл\""]
["Крышки","ПАО АНК \"Башнефть\" \"Башнефть-Новойл\"",18,478,"Крышка лотка КЛТ 200ц УТ1.5","ШТ",10,110.3,1103,"450063, г. Уфа, ПАО АНК \"Башнефть\" \"Башнефть-Новойл\""]
["Крышки","ПАО АНК \"Башнефть\" \"Башнефть-Новойл\"",18,479,"Крышка лотка КЛТ 200ц УТ1.5","ШТ",4,130.9,523.6,"450063, г. Уфа, ПАО АНК \"Башнефть\" \"Башнефть-Новойл\""]
["Крышки","ПАО АНК \"Башнефть\" \"Башнефть-Новойл\"",18,480,"Крышка лотка КЛТ 300ц УТ1.5","ШТ",37,265,9805,"450063, г. Уфа, ПАО АНК \"Башнефть\" \"Башнефть-Новойл\""]
["Крышки","ПАО АНК \"Башнефть\" \"Башнефть-Новойл\"",18,481,"Крышка лотка КЛТ 300ц УТ1.5","ШТ",22,265,5830,"450063, г. Уфа, ПАО АНК \"Башнефть\" \"Башнефть-Новойл\""]
["Крышки","ПАО АНК \"Башнефть\" \"Башнефть-Новойл\"",18,482,"Крышка лотка КЛТ 300ц УТ1.5","ШТ",30,314.2,9426,"450063, г. Уфа, ПАО АНК \"Башнефть\" \"Башнефть-Новойл\""]
["Крышки","ПАО АНК \"Башнефть\" \"Башнефть-Новойл\"",18,483,"Крышка лотка КЛУ 100-135 У3","ШТ",2,52.5,105,"450063, г. Уфа, ПАО АНК \"Башнефть\" \"Башнефть-Новойл\""]
["Крышки","ПАО АНК \"Башнефть\" \"Башнефть-Новойл\"",18,484,"Крышка лотка КЛУ 100-135 У3","ШТ",1,52.5,52.5,"450063, г. Уфа, ПАО АНК \"Башнефть\" \"Башнефть-Новойл\""]
["Крышки","ПАО АНК \"Башнефть\" \"Башнефть-Новойл\"",18,485,"Крышка лотка КЛУ 100-135 УТ1.5","ШТ",5,173.9,869.5,"450063, г. Уфа, ПАО АНК \"Башнефть\" \"Башнефть-Новойл\""]
["Крышки","ПАО АНК \"Башнефть\" \"Башнефть-Новойл\"",18,486,"Крышка лотка КЛУ 100-90 УТ1.5","ШТ",5,224.3,1121.5,"450063, г. Уфа, ПАО АНК \"Башнефть\" \"Башнефть-Новойл\""]
["Крышки","ПАО АНК \"Башнефть\" \"Башнефть-Новойл\"",18,487,"Крышка лотка КЛУ 100-90 УХЛ2.5","ШТ",1,96.8,96.8,"450063, г. Уфа, ПАО АНК \"Башнефть\" \"Башнефть-Новойл\""]
["Крышки","ПАО АНК \"Башнефть\" \"Башнефть-Новойл\"",18,488,"Крышка лотка КЛУ 100-90 УХЛ2.5","ШТ",7,86.8,607.6,"450063, г. Уфа, ПАО АНК \"Башнефть\" \"Башнефть-Новойл\""]
["Крышки","ПАО АНК \"Башнефть\" \"Башнефть-Новойл\"",18,489,"Крышка лотка КЛУ 100-90ц УХЛ2.5","ШТ",50,96.1,4805,"450063, г. Уфа, ПАО АНК \"Башнефть\" \"Башнефть-Новойл\""]
["Крышки","ПАО АНК \"Башнефть\" \"Башнефть-Новойл\"",18,490,"Крышка лотка КЛУ 100-90ц УХЛ2.5","ШТ",12,96.3,1155.5999999999999,"450063, г. Уфа, ПАО АНК \"Башнефть\" \"Башнефть-Новойл\""]
["Крышки","ПАО АНК \"Башнефть\" \"Башнефть-Новойл\"",18,491,"Крышка лотка КЛУ 100-90ц УХЛ2.5","ШТ",2,96.3,192.6,"450063, г. Уфа, ПАО АНК \"Башнефть\" \"Башнефть-Новойл\""]
["Крышки","ПАО АНК \"Башнефть\" \"Башнефть-Новойл\"",18,492,"Крышка лотка КЛУ 100-90ц УХЛ2.5","ШТ",5,96.3,481.5,"450063, г. Уфа, ПАО АНК \"Башнефть\" \"Башнефть-Новойл\""]
["Крышки","ПАО АНК \"Башнефть\" \"Башнефть-Новойл\"",18,493,"Крышка лотка КЛУ 100-90ц УХЛ2.5","ШТ",5,83.6,418,"450063, г. Уфа, ПАО АНК \"Башнефть\" \"Башнефть-Новойл\""]
["Крышки","ПАО АНК \"Башнефть\" \"Башнефть-Новойл\"",18,494,"Крышка лотка КЛУ 100-90ц УХЛ2.5","ШТ",6,74.3,445.79999999999995,"450063, г. Уфа, ПАО АНК \"Башнефть\" \"Башнефть-Новойл\""]
["Крышки","ПАО АНК \"Башнефть\" \"Башнефть-Новойл\"",18,495,"Крышка лотка КЛУ 200-135 УТ1.5","ШТ",6,253.2,1519.1999999999998,"450063, г. Уфа, ПАО АНК \"Башнефть\" \"Башнефть-Новойл\""]
["Крышки","ПАО АНК \"Башнефть\" \"Башнефть-Новойл\"",18,496,"Крышка лотка КЛУ 200-90 УТ1.5","ШТ",30,320.5,9615,"450063, г. Уфа, ПАО АНК \"Башнефть\" \"Башнефть-Новойл\""]
["Крышки","ПАО АНК \"Башнефть\" \"Башнефть-Новойл\"",18,497,"Крышка лотка КЛУ 200-90 УТ1.5","ШТ",4,320.5,1282,"450063, г. Уфа, ПАО АНК \"Башнефть\" \"Башнефть-Новойл\""]
["Крышки","ПАО АНК \"Башнефть\" \"Башнефть-Новойл\"",18,498,"Крышка лотка КЛУ 200-90 УТ1.5","ШТ",2,320.5,641,"450063, г. Уфа, ПАО АНК \"Башнефть\" \"Башнефть-Новойл\""]
["Крышки","ПАО АНК \"Башнефть\" \"Башнефть-Новойл\"",18,499,"Крышка лотка КЛУ 250-90 УТ1.5","ШТ",4,256.89999999999998,1027.5999999999999,"450063, г. Уфа, ПАО АНК \"Башнефть\" \"Башнефть-Новойл\""]
["Крышки","ПАО АНК \"Башнефть\" \"Башнефть-Новойл\"",18,500,"Крышка лотка КЛУ 300-90 УТ1.5","ШТ",19,254.6,4837.3999999999996,"450063, г. Уфа, ПАО АНК \"Башнефть\" \"Башнефть-Новойл\""]
["Крышки","ПАО АНК \"Башнефть\" \"Башнефть-Новойл\"",18,501,"Крышка лотка КЛУ 300-90 УТ1.5","ШТ",25,254.6,6365,"450063, г. Уфа, ПАО АНК \"Башнефть\" \"Башнефть-Новойл\""]
["Крышки","ПАО АНК \"Башнефть\" \"Башнефть-Новойл\"",18,502,"Крышка лотка КЛУ 300-90 УТ1.5","ШТ",6,252.7,1516.1999999999998,"450063, г. Уфа, ПАО АНК \"Башнефть\" \"Башнефть-Новойл\""]
["Крышки","ПАО АНК \"Башнефть\" \"Башнефть-Новойл\"",18,503,"Крышка лотка КЛУ 75-90 УТ1.5","ШТ",3,140.30000000000001,420.90000000000003,"450063, г. Уфа, ПАО АНК \"Башнефть\" \"Башнефть-Новойл\""]
["Крышки","ПАО АНК \"Башнефть\" \"Башнефть-Новойл\"",18,504,"Крышка лотка углового КЛУ 100-90 У3","ШТ",3,54.5,163.5,"450063, г. Уфа, ПАО АНК \"Башнефть\" \"Башнефть-Новойл\""]
["Крышки","ПАО АНК \"Башнефть\" \"Башнефть-Новойл\"",18,505,"Крышка лотка углового КЛУ 300-135 УТ1,5","ШТ",4,478.4,1913.6,"450063, г. Уфа, ПАО АНК \"Башнефть\" \"Башнефть-Новойл\""]
["Крышки","ПАО АНК \"Башнефть\" \"Башнефть-Новойл\"",18,506,"Крышка лотка углового КЛУ 300-90 У3","ШТ",4,185.3,741.2,"450063, г. Уфа, ПАО АНК \"Башнефть\" \"Башнефть-Новойл\""]
["Крышки","ПАО АНК \"Башнефть\" \"Башнефть-Новойл\"",18,507,"Крышка Н12.100.01.026","ШТ",2,57709.7,115419.4,"450063, г. Уфа, ПАО АНК \"Башнефть\" \"Башнефть-Новойл\""]
["Крышки","ПАО АНК \"Башнефть\" \"Башнефть-Новойл\"",18,508,"Крышка ответвителя DKC 38363ZL","ШТ",1,913.7,913.7,"450063, г. Уфа, ПАО АНК \"Башнефть\" \"Башнефть-Новойл\""]
["Крышки","ПАО АНК \"Башнефть\" \"Башнефть-Новойл\"",18,509,"Крышка сальника 3 40Х","ШТ",2,409.7,819.4,"450063, г. Уфа, ПАО АНК \"Башнефть\" \"Башнефть-Новойл\""]
["Крышки","ПАО АНК \"Башнефть\" \"Башнефть-Новойл\"",18,510,"Крышка торцев.Phoenix Contact P/n3101029","ШТ",30,19.7,591,"450063, г. Уфа, ПАО АНК \"Башнефть\" \"Башнефть-Новойл\""]
["Крышки","ПАО АНК \"Башнефть\" \"Башнефть-Новойл\"",18,511,"Крышка угла DKC CPO 90 38002","ШТ",3,423.9,1271.6999999999998,"450063, г. Уфа, ПАО АНК \"Башнефть\" \"Башнефть-Новойл\""]
["Крышки","ПАО АНК \"Башнефть\" \"Башнефть-Новойл\"",18,512,"Крышка угла DKC CPO 90 38002","ШТ",3,423.9,1271.6999999999998,"450063, г. Уфа, ПАО АНК \"Башнефть\" \"Башнефть-Новойл\""]
["Лампа","ПАО АНК \"Башнефть\" \"Башнефть-Новойл\"",19,513,"Лампа CDO-TT Plus 150W/828 E40","ШТ",6,1465.1,{"$f":"H517*G517","v":8790.5999999999985},"450063, г. Уфа, ПАО АНК \"Башнефть\" \"Башнефть-Новойл\""]
["Лампа","ПАО АНК \"Башнефть\" \"Башнефть-Новойл\"",19,514,"Лампа OSRAM HQL 80W E27","ШТ",50,166.3,8315,"450063, г. Уфа, ПАО АНК \"Башнефть\" \"Башнефть-Новойл\""]
["Лампа","ПАО АНК \"Башнефть\" \"Башнефть-Новойл\"",19,515,"Лампа OSRAM HQL 80W E27","ШТ",120,166.3,19956,"450063, г. Уфа, ПАО АНК \"Башнефть\" \"Башнефть-Новойл\""]
["Лампа","ПАО АНК \"Башнефть\" \"Башнефть-Новойл\"",19,516,"Лампа OSRAM HQL 80W E27","ШТ",164,166.3,27273.200000000001,"450063, г. Уфа, ПАО АНК \"Башнефть\" \"Башнефть-Новойл\""]
["Лампа","ПАО АНК \"Башнефть\" \"Башнефть-Новойл\"",19,517,"Лампа OSRAM HQL 80W E27","ШТ",60,166.3,9978,"450063, г. Уфа, ПАО АНК \"Башнефть\" \"Башнефть-Новойл\""]
["Лампа","ПАО АНК \"Башнефть\" \"Башнефть-Новойл\"",19,518,"Лампа OSRAM HQL 80W E27","ШТ",119,166.3,19789.7,"450063, г. Уфа, ПАО АНК \"Башнефть\" \"Башнефть-Новойл\""]
["Лампа","ПАО АНК \"Башнефть\" \"Башнефть-Новойл\"",19,519,"Лампа SL-L24 Moeller 205348 24В","ШТ",5,84,420,"450063, г. Уфа, ПАО АНК \"Башнефть\" \"Башнефть-Новойл\""]
["Лампа","ПАО АНК \"Башнефть\" \"Башнефть-Новойл\"",19,520,"Лампа люминисцентная FL36W/765","ШТ",4,18.5,74,"450063, г. Уфа, ПАО АНК \"Башнефть\" \"Башнефть-Новойл\""]
["Лампа","ПАО АНК \"Башнефть\" \"Башнефть-Новойл\"",19,521,"Лампа люминисцентная Legrand 60940","ШТ",4,619.29999999999995,2477.1999999999998,"450063, г. Уфа, ПАО АНК \"Башнефть\" \"Башнефть-Новойл\""]
["Лампа","ПАО АНК \"Башнефть\" \"Башнефть-Новойл\"",19,522,"Лампа люминисцентная Legrand 60940","ШТ",8,619.29999999999995,4954.3999999999996,"450063, г. Уфа, ПАО АНК \"Башнефть\" \"Башнефть-Новойл\""]
["Лампа","ПАО АНК \"Башнефть\" \"Башнефть-Новойл\"",19,523,"Лампа люминисцентная Legrand 60940","ШТ",4,619.29999999999995,2477.1999999999998,"450063, г. Уфа, ПАО АНК \"Башнефть\" \"Башнефть-Новойл\""]
["Лампа","ПАО АНК \"Башнефть\" \"Башнефть-Новойл\"",19,524,"Лампа люминисцентная Legrand 60940","ШТ",12,619.29999999999995,7431.5999999999995,"450063, г. Уфа, ПАО АНК \"Башнефть\" \"Башнефть-Новойл\""]
["Лампа","ПАО АНК \"Башнефть\" \"Башнефть-Новойл\"",19,525,"Лампа люминисцентная Legrand 60940","ШТ",22,619.29999999999995,13624.599999999999,"450063, г. Уфа, ПАО АНК \"Башнефть\" \"Башнефть-Новойл\""]
["Лампа","ПАО АНК \"Башнефть\" \"Башнефть-Новойл\"",19,526,"Лампа накаливания Clas P FR 25 Е14","ШТ",3,14.7,44.099999999999994,"450063, г. Уфа, ПАО АНК \"Башнефть\" \"Башнефть-Новойл\""]
["Лампа","ПАО АНК \"Башнефть\" \"Башнефть-Новойл\"",19,527,"Лампа накаливания Clas P FR 25 Е14","ШТ",30,14.7,441,"450063, г. Уфа, ПАО АНК \"Башнефть\" \"Башнефть-Новойл\""]
["Лампа","ПАО АНК \"Башнефть\" \"Башнефть-Новойл\"",19,528,"Лампа накаливания Б 230-240-40","ШТ",30,7.9,237,"450063, г. Уфа, ПАО АНК \"Башнефть\" \"Башнефть-Новойл\""]
["Лампа","ПАО АНК \"Башнефть\" \"Башнефть-Новойл\"",19,529,"Лампа накаливания Б 230-240-40","ШТ",15,7.9,118.5,"450063, г. Уфа, ПАО АНК \"Башнефть\" \"Башнефть-Новойл\""]
["Лампа","ПАО АНК \"Башнефть\" \"Башнефть-Новойл\"",19,530,"Лампа накаливания Б 230-240-60","ШТ",83,7.9,655.7,"450063, г. Уфа, ПАО АНК \"Башнефть\" \"Башнефть-Новойл\""]
["Лампа","ПАО АНК \"Башнефть\" \"Башнефть-Новойл\"",19,531,"Лампа накаливания Б 230-240-60","ШТ",16,7.9,126.4,"450063, г. Уфа, ПАО АНК \"Башнефть\" \"Башнефть-Новойл\""]
["Лампа","ПАО АНК \"Башнефть\" \"Башнефть-Новойл\"",19,532,"Лампа накаливания МО 12-60","ШТ",30,9.6999999999999993,291,"450063, г. Уфа, ПАО АНК \"Башнефть\" \"Башнефть-Новойл\""]
["Лампа","ПАО АНК \"Башнефть\" \"Башнефть-Новойл\"",19,533,"Лампа накаливания МО 36-60","ШТ",10,9.6999999999999993,97,"450063, г. Уфа, ПАО АНК \"Башнефть\" \"Башнефть-Новойл\""]
["Лампа","ПАО АНК \"Башнефть\" \"Башнефть-Новойл\"",19,534,"Лампа накаливания МО 36-60","ШТ",10,9.6999999999999993,97,"450063, г. Уфа, ПАО АНК \"Башнефть\" \"Башнефть-Новойл\""]
["Лампа","ПАО АНК \"Башнефть\" \"Башнефть-Новойл\"",19,535,"Лампа ртутная высокого давления ДРЛ 700","ШТ",245,496.9,121740.5,"450063, г. Уфа, ПАО АНК \"Башнефть\" \"Башнефть-Новойл\""]
["Лотки","ПАО АНК \"Башнефть\" \"Башнефть-Новойл\"",20,536,"Лоток Bettermann EKS 640 FT 6056970","ШТ",2,4494.8,8989.6,"450063, г. Уфа, ПАО АНК \"Башнефть\" \"Башнефть-Новойл\""]
["Лотки","ПАО АНК \"Башнефть\" \"Башнефть-Новойл\"",20,537,"Лоток Bettermann GRM 35/200 FT 6000073","М",6,230.9,1385.4,"450063, г. Уфа, ПАО АНК \"Башнефть\" \"Башнефть-Новойл\""]
["Лотки","ПАО АНК \"Башнефть\" \"Башнефть-Новойл\"",20,538,"Лоток Bettermann LTS 50 FT 6075005","М",15,403,6045,"450063, г. Уфа, ПАО АНК \"Башнефть\" \"Башнефть-Новойл\""]
["Лотки","ПАО АНК \"Башнефть\" \"Башнефть-Новойл\"",20,539,"Лоток Bettermann SKS 615 FS 6056156","ШТ",4,1118.7,4474.8,"450063, г. Уфа, ПАО АНК \"Башнефть\" \"Башнефть-Новойл\""]
["Лотки","ПАО АНК \"Башнефть\" \"Башнефть-Новойл\"",20,540,"Лоток Bettermann SKSU 120 FS 6063438","М",6,603.70000000000005,3622.2000000000003,"450063, г. Уфа, ПАО АНК \"Башнефть\" \"Башнефть-Новойл\""]
["Лотки","ПАО АНК \"Башнефть\" \"Башнефть-Новойл\"",20,541,"Лоток DKC LA1040HDZ 400х100","ШТ",10,1436.7,14367,"450063, г. Уфа, ПАО АНК \"Башнефть\" \"Башнефть-Новойл\""]
["Лотки","ПАО АНК \"Башнефть\" \"Башнефть-Новойл\"",20,542,"Лоток DKC LA1040HDZ 400х100","ШТ",200,1436.7,287340,"450063, г. Уфа, ПАО АНК \"Башнефть\" \"Башнефть-Новойл\""]
["Лотки","ПАО АНК \"Башнефть\" \"Башнефть-Новойл\"",20,543,"Лоток EKS 630","ШТ",20,3500.2,70004,"450063, г. Уфа, ПАО АНК \"Башнефть\" \"Башнефть-Новойл\""]
["Лотки","ПАО АНК \"Башнефть\" \"Башнефть-Новойл\"",20,544,"Лоток SKSU 620 FT Bettermann 6064 35 3","ШТ",3,1419,4257,"450063, г. Уфа, ПАО АНК \"Башнефть\" \"Башнефть-Новойл\""]
["Лотки","ПАО АНК \"Башнефть\" \"Башнефть-Новойл\"",20,545,"Лоток WKSG 120 FS Bettermann 6098 11 1","ШТ",6,4238.6000000000004,25431.600000000002,"450063, г. Уфа, ПАО АНК \"Башнефть\" \"Башнефть-Новойл\""]
["Лотки","ПАО АНК \"Башнефть\" \"Башнефть-Новойл\"",20,546,"Лоток глухой ЛМГ 300Х65 УТ1,5","ШТ",30,365.5,10965,"450063, г. Уфа, ПАО АНК \"Башнефть\" \"Башнефть-Новойл\""]
["Лотки","ПАО АНК \"Башнефть\" \"Башнефть-Новойл\"",20,547,"Лоток КГ 100х65-135 У3","ШТ",1,87.8,87.8,"450063, г. Уфа, ПАО АНК \"Башнефть\" \"Башнефть-Новойл\""]
["Лотки","ПАО АНК \"Башнефть\" \"Башнефть-Новойл\"",20,548,"Лоток КГ 100х65-135ц УТ1.5","ШТ",6,276,1656,"450063, г. Уфа, ПАО АНК \"Башнефть\" \"Башнефть-Новойл\""]
["Лотки","ПАО АНК \"Башнефть\" \"Башнефть-Новойл\"",20,549,"Лоток КГ 100х65-135ц УТ1.5","ШТ",1,287,287,"450063, г. Уфа, ПАО АНК \"Башнефть\" \"Башнефть-Новойл\""]
["Лотки","ПАО АНК \"Башнефть\" \"Башнефть-Новойл\"",20,550,"Лоток КГ 100х65-135ц УТ1.5","ШТ",10,183.4,1834,"450063, г. Уфа, ПАО АНК \"Башнефть\" \"Башнефть-Новойл\""]
["Лотки","ПАО АНК \"Башнефть\" \"Башнефть-Новойл\"",20,551,"Лоток КГ 100х65-135ц УТ1.5","ШТ",8,151.80000000000001,1214.4000000000001,"450063, г. Уфа, ПАО АНК \"Башнефть\" \"Башнефть-Новойл\""]
["Лотки","ПАО АНК \"Башнефть\" \"Башнефть-Новойл\"",20,552,"Лоток КГ 100х65-135ц УТ1.5","ШТ",8,87.8,702.4,"450063, г. Уфа, ПАО АНК \"Башнефть\" \"Башнефть-Новойл\""]
["Лотки","ПАО АНК \"Башнефть\" \"Башнефть-Новойл\"",20,553,"Лоток КГ 100х65-90 У3","ШТ",2,87.8,175.6,"450063, г. Уфа, ПАО АНК \"Башнефть\" \"Башнефть-Новойл\""]
["Лотки","ПАО АНК \"Башнефть\" \"Башнефть-Новойл\"",20,554,"Лоток КГ 100х65-90ц УТ1.5","ШТ",19,165.5,3144.5,"450063, г. Уфа, ПАО АНК \"Башнефть\" \"Башнефть-Новойл\""]
["Лотки","ПАО АНК \"Башнефть\" \"Башнефть-Новойл\"",20,555,"Лоток КГ 100х65-90ц УТ1.5","ШТ",10,165.5,1655,"450063, г. Уфа, ПАО АНК \"Башнефть\" \"Башнефть-Новойл\""]
["Лотки","ПАО АНК \"Башнефть\" \"Башнефть-Новойл\"",20,556,"Лоток КГ 100х65-90ц УТ1.5","ШТ",2,165.5,331,"450063, г. Уфа, ПАО АНК \"Башнефть\" \"Башнефть-Новойл\""]
["Лотки","ПАО АНК \"Башнефть\" \"Башнефть-Новойл\"",20,557,"Лоток КГ 100х65-90ц УТ1.5","ШТ",1,165.5,165.5,"450063, г. Уфа, ПАО АНК \"Башнефть\" \"Башнефть-Новойл\""]
["Лотки","ПАО АНК \"Башнефть\" \"Башнефть-Новойл\"",20,558,"Лоток КГ 100х65-90ц УТ1.5","ШТ",3,165.5,496.5,"450063, г. Уфа, ПАО АНК \"Башнефть\" \"Башнефть-Новойл\""]
["Лотки","ПАО АНК \"Башнефть\" \"Башнефть-Новойл\"",20,559,"Лоток КГ 100х65-90ц УТ1.5","ШТ",1,165.5,165.5,"450063, г. Уфа, ПАО АНК \"Башнефть\" \"Башнефть-Новойл\""]
["Лотки","ПАО АНК \"Башнефть\" \"Башнефть-Новойл\"",20,560,"Лоток КГ 200х65-90 УТ1.5","ШТ",19,748.4,14219.6,"450063, г. Уфа, ПАО АНК \"Башнефть\" \"Башнефть-Новойл\""]
["Лотки","ПАО АНК \"Башнефть\" \"Башнефть-Новойл\"",20,561,"Лоток КГ 200х65-90ц УХЛ2.5","ШТ",2,338.6,677.2,"450063, г. Уфа, ПАО АНК \"Башнефть\" \"Башнефть-Новойл\""]
["Лотки","ПАО АНК \"Башнефть\" \"Башнефть-Новойл\"",20,562,"Лоток КГ 250х65-90 УТ1.5","ШТ",4,380.4,1521.6,"450063, г. Уфа, ПАО АНК \"Башнефть\" \"Башнефть-Новойл\""]
["Лотки","ПАО АНК \"Башнефть\" \"Башнефть-Новойл\"",20,563,"Лоток КГ 300х65-90ц УХЛ2","ШТ",4,260.60000000000002,1042.4000000000001,"450063, г. Уфа, ПАО АНК \"Башнефть\" \"Башнефть-Новойл\""]
["Лотки","ПАО АНК \"Башнефть\" \"Башнефть-Новойл\"",20,564,"Лоток КГ 400х65-90ц УХЛ2","ШТ",3,516,1548,"450063, г. Уфа, ПАО АНК \"Башнефть\" \"Башнефть-Новойл\""]
["Лотки","ПАО АНК \"Башнефть\" \"Башнефть-Новойл\"",20,565,"Лоток КГГ 100х65-135 У3","ШТ",3,87.8,263.39999999999998,"450063, г. Уфа, ПАО АНК \"Башнефть\" \"Башнефть-Новойл\""]
["Лотки","ПАО АНК \"Башнефть\" \"Башнефть-Новойл\"",20,566,"Лоток КГГ 100х65-135 УТ1.5","ШТ",1,87.8,87.8,"450063, г. Уфа, ПАО АНК \"Башнефть\" \"Башнефть-Новойл\""]
["Лотки","ПАО АНК \"Башнефть\" \"Башнефть-Новойл\"",20,567,"Лоток КГГ 200х65-90 УТ1.5","ШТ",3,1604,4812,"450063, г. Уфа, ПАО АНК \"Башнефть\" \"Башнефть-Новойл\""]
["Лотки","ПАО АНК \"Башнефть\" \"Башнефть-Новойл\"",20,568,"Лоток КГГ 250х65-90ц УТ1.5","ШТ",2,1604,3208,"450063, г. Уфа, ПАО АНК \"Башнефть\" \"Башнефть-Новойл\""]
["Лотки","ПАО АНК \"Башнефть\" \"Башнефть-Новойл\"",20,569,"Лоток КГГ 300х65-90ц УТ1.5","ШТ",2,202,404,"450063, г. Уфа, ПАО АНК \"Башнефть\" \"Башнефть-Новойл\""]
["Лотки","ПАО АНК \"Башнефть\" \"Башнефть-Новойл\"",20,570,"Лоток КГГ 400х65-90ц УТ1.5","ШТ",8,629.29999999999995,5034.3999999999996,"450063, г. Уфа, ПАО АНК \"Башнефть\" \"Башнефть-Новойл\""]
["Лотки","ПАО АНК \"Башнефть\" \"Башнефть-Новойл\"",20,571,"Лоток КМ 100х65 УХЛ1 S1,5 цинк","ШТ",2,797.6,1595.2,"450063, г. Уфа, ПАО АНК \"Башнефть\" \"Башнефть-Новойл\""]
["Лотки","ПАО АНК \"Башнефть\" \"Башнефть-Новойл\"",20,572,"Лоток КМ 100х65 УХЛ1 S1,5 цинк","ШТ",6,797.6,4785.6000000000004,"450063, г. Уфа, ПАО АНК \"Башнефть\" \"Башнефть-Новойл\""]
["Лотки","ПАО АНК \"Башнефть\" \"Башнефть-Новойл\"",20,573,"Лоток КП 100х65-90ц УХЛ2","ШТ",30,161.6,4848,"450063, г. Уфа, ПАО АНК \"Башнефть\" \"Башнефть-Новойл\""]
["Лотки","ПАО АНК \"Башнефть\" \"Башнефть-Новойл\"",20,574,"Лоток КП 100х94-90ц УХЛ2","ШТ",6,270,1620,"450063, г. Уфа, ПАО АНК \"Башнефть\" \"Башнефть-Новойл\""]
["Лотки","ПАО АНК \"Башнефть\" \"Башнефть-Новойл\"",20,575,"Лоток КП 200х65-45ц УХЛ2.5","ШТ",2,409.1,818.2,"450063, г. Уфа, ПАО АНК \"Башнефть\" \"Башнефть-Новойл\""]
["Лотки","ПАО АНК \"Башнефть\" \"Башнефть-Новойл\"",20,576,"Лоток КП 200х65-90 УХЛ1 S1,5 цинк","ШТ",7,296.2,2073.4,"450063, г. Уфа, ПАО АНК \"Башнефть\" \"Башнефть-Новойл\""]
["Лотки","ПАО АНК \"Башнефть\" \"Башнефть-Новойл\"",20,577,"Лоток КП 200х65-90 УХЛ1 S1,5 цинк","ШТ",11,315,{"$f":"H581*G581","v":3465},"450063, г. Уфа, ПАО АНК \"Башнефть\" \"Башнефть-Новойл\""]
["Лотки","ПАО АНК \"Башнефть\" \"Башнефть-Новойл\"",20,578,"Лоток КП 200х65-90 УХЛ1 S1,5 цинк","ШТ",1,292.89999999999998,292.89999999999998,"450063, г. Уфа, ПАО АНК \"Башнефть\" \"Башнефть-Новойл\""]
["Лотки","ПАО АНК \"Башнефть\" \"Башнефть-Новойл\"",20,579,"Лоток КП 200х65-90 УХЛ1 S1,5 цинк","ШТ",1,335.9,335.9,"450063, г. Уфа, ПАО АНК \"Башнефть\" \"Башнефть-Новойл\""]
["Лотки","ПАО АНК \"Башнефть\" \"Башнефть-Новойл\"",20,580,"Лоток КП 200х65-90ц УХЛ2.5","ШТ",1,265.39999999999998,265.39999999999998,"450063, г. Уфа, ПАО АНК \"Башнефть\" \"Башнефть-Новойл\""]
["Лотки","ПАО АНК \"Башнефть\" \"Башнефть-Новойл\"",20,581,"Лоток КП 300х65-90ц УХЛ2","ШТ",3,396.4,1189.1999999999998,"450063, г. Уфа, ПАО АНК \"Башнефть\" \"Башнефть-Новойл\""]
["Лотки","ПАО АНК \"Башнефть\" \"Башнефть-Новойл\"",20,582,"Лоток КП 75х65-90 УТ1.5","ШТ",6,386.8,2320.8000000000002,"450063, г. Уфа, ПАО АНК \"Башнефть\" \"Башнефть-Новойл\""]
["Лотки","ПАО АНК \"Башнефть\" \"Башнефть-Новойл\"",20,583,"Лоток КП 75х65-90 УТ1.5","ШТ",4,386.8,1547.2,"450063, г. Уфа, ПАО АНК \"Башнефть\" \"Башнефть-Новойл\""]
["Лотки","ПАО АНК \"Башнефть\" \"Башнефть-Новойл\"",20,584,"Лоток КПГ 100х65-45 УТ1.5","ШТ",2,270.89999999999998,541.79999999999995,"450063, г. Уфа, ПАО АНК \"Башнефть\" \"Башнефть-Новойл\""]
["Лотки","ПАО АНК \"Башнефть\" \"Башнефть-Новойл\"",20,585,"Лоток КПГ 100х65-90ц УТ1.5","ШТ",4,231.7,926.8,"450063, г. Уфа, ПАО АНК \"Башнефть\" \"Башнефть-Новойл\""]
["Лотки","ПАО АНК \"Башнефть\" \"Башнефть-Новойл\"",20,586,"Лоток КС 100х65-45 УТ1.5","ШТ",2,314.10000000000002,628.20000000000005,"450063, г. Уфа, ПАО АНК \"Башнефть\" \"Башнефть-Новойл\""]
["Лотки","ПАО АНК \"Башнефть\" \"Башнефть-Новойл\"",20,587,"Лоток КС 100х65-45ц УТ1.5","ШТ",2,160.30000000000001,320.60000000000002,"450063, г. Уфа, ПАО АНК \"Башнефть\" \"Башнефть-Новойл\""]
["Лотки","ПАО АНК \"Башнефть\" \"Башнефть-Новойл\"",20,588,"Лоток КС 100х65-90 У3","ШТ",2,100.5,201,"450063, г. Уфа, ПАО АНК \"Башнефть\" \"Башнефть-Новойл\""]
["Лотки","ПАО АНК \"Башнефть\" \"Башнефть-Новойл\"",20,589,"Лоток КС 100х65-90 УТ1.5","ШТ",1,430.5,430.5,"450063, г. Уфа, ПАО АНК \"Башнефть\" \"Башнефть-Новойл\""]
["Лотки","ПАО АНК \"Башнефть\" \"Башнефть-Новойл\"",20,590,"Лоток КС 100х65-90ц УХЛ2","ШТ",7,151.80000000000001,1062.6000000000001,"450063, г. Уфа, ПАО АНК \"Башнефть\" \"Башнефть-Новойл\""]
["Лотки","ПАО АНК \"Башнефть\" \"Башнефть-Новойл\"",20,591,"Лоток КС 100х65-90ц УХЛ2.5","ШТ",25,161.6,4040,"450063, г. Уфа, ПАО АНК \"Башнефть\" \"Башнефть-Новойл\""]
["Лотки","ПАО АНК \"Башнефть\" \"Башнефть-Новойл\"",20,592,"Лоток КС 100х94-90ц УХЛ2","ШТ",6,270,1620,"450063, г. Уфа, ПАО АНК \"Башнефть\" \"Башнефть-Новойл\""]
["Лотки","ПАО АНК \"Башнефть\" \"Башнефть-Новойл\"",20,593,"Лоток КС 200х65-90ц УХЛ2","ШТ",25,222.3,5557.5,"450063, г. Уфа, ПАО АНК \"Башнефть\" \"Башнефть-Новойл\""]
["Лотки","ПАО АНК \"Башнефть\" \"Башнефть-Новойл\"",20,594,"Лоток КС 300х65-90 УТ1.5","ШТ",6,454.8,2728.8,"450063, г. Уфа, ПАО АНК \"Башнефть\" \"Башнефть-Новойл\""]
["Лотки","ПАО АНК \"Башнефть\" \"Башнефть-Новойл\"",20,595,"Лоток КС 300х65-90 УТ1.5","ШТ",49,457.4,22412.6,"450063, г. Уфа, ПАО АНК \"Башнефть\" \"Башнефть-Новойл\""]
["Лотки","ПАО АНК \"Башнефть\" \"Башнефть-Новойл\"",20,596,"Лоток КС 75х65-90 УТ1.5","ШТ",4,386.8,1547.2,"450063, г. Уфа, ПАО АНК \"Башнефть\" \"Башнефть-Новойл\""]
["Лотки","ПАО АНК \"Башнефть\" \"Башнефть-Новойл\"",20,597,"Лоток КСГ 100х65-45 УТ1.5","ШТ",3,270.89999999999998,812.69999999999993,"450063, г. Уфа, ПАО АНК \"Башнефть\" \"Башнефть-Новойл\""]
["Лотки","ПАО АНК \"Башнефть\" \"Башнефть-Новойл\"",20,598,"Лоток КСГ 100х65-90ц УТ1.5","ШТ",9,655.6,5900.4000000000005,"450063, г. Уфа, ПАО АНК \"Башнефть\" \"Башнефть-Новойл\""]
["Лотки","ПАО АНК \"Башнефть\" \"Башнефть-Новойл\"",20,599,"Лоток КСГ 100х65-90ц УТ1.5","ШТ",1,655.6,655.6,"450063, г. Уфа, ПАО АНК \"Башнефть\" \"Башнефть-Новойл\""]
["Лотки","ПАО АНК \"Башнефть\" \"Башнефть-Новойл\"",20,600,"Лоток КСГ 200х65-90 УТ1.5","ШТ",2,209,418,"450063, г. Уфа, ПАО АНК \"Башнефть\" \"Башнефть-Новойл\""]
["Лотки","ПАО АНК \"Башнефть\" \"Башнефть-Новойл\"",20,601,"Лоток КСГ 200х65-90 УТ1.5","ШТ",3,214.1,642.29999999999995,"450063, г. Уфа, ПАО АНК \"Башнефть\" \"Башнефть-Новойл\""]
["Лотки","ПАО АНК \"Башнефть\" \"Башнефть-Новойл\"",20,602,"Лоток ЛЛП 400х100 УТ1.5","ШТ",16,555.70000000000005,8891.2000000000007,"450063, г. Уфа, ПАО АНК \"Башнефть\" \"Башнефть-Новойл\""]
["Лотки","ПАО АНК \"Башнефть\" \"Башнефть-Новойл\"",20,603,"Лоток ЛМ 400х65 УТ1.5","ШТ",3,721.1,2163.3000000000002,"450063, г. Уфа, ПАО АНК \"Башнефть\" \"Башнефть-Новойл\""]
["Лотки","ПАО АНК \"Башнефть\" \"Башнефть-Новойл\"",20,604,"Лоток ЛМГ 300х65ц УТ1.5","ШТ",18,356.1,6409.8,"450063, г. Уфа, ПАО АНК \"Башнефть\" \"Башнефть-Новойл\""]
["Лотки","ПАО АНК \"Башнефть\" \"Башнефть-Новойл\"",20,605,"Лоток ЛМГ 400Х65 цУТ1,5","ШТ",1,721,721,"450063, г. Уфа, ПАО АНК \"Башнефть\" \"Башнефть-Новойл\""]
["Лотки","ПАО АНК \"Башнефть\" \"Башнефть-Новойл\"",20,606,"Лоток ОТ 100х65ц УХЛ2","ШТ",7,474.2,3319.4,"450063, г. Уфа, ПАО АНК \"Башнефть\" \"Башнефть-Новойл\""]
["Лотки","ПАО АНК \"Башнефть\" \"Башнефть-Новойл\"",20,607,"Лоток ОТ 100х65ц УХЛ2.5","ШТ",10,126.9,1269,"450063, г. Уфа, ПАО АНК \"Башнефть\" \"Башнефть-Новойл\""]
["Лотки","ПАО АНК \"Башнефть\" \"Башнефть-Новойл\"",20,608,"Лоток ОТ 100х65ц УХЛ2.5","ШТ",30,161.6,4848,"450063, г. Уфа, ПАО АНК \"Башнефть\" \"Башнефть-Новойл\""]
["Лотки","ПАО АНК \"Башнефть\" \"Башнефть-Новойл\"",20,609,"Лоток ОТ 100х94ц УХЛ2.5","ШТ",1,306.60000000000002,306.60000000000002,"450063, г. Уфа, ПАО АНК \"Башнефть\" \"Башнефть-Новойл\""]
["Лотки","ПАО АНК \"Башнефть\" \"Башнефть-Новойл\"",20,610,"Лоток ОТ 200х65ц УТ1.5","ШТ",4,473.8,1895.2,"450063, г. Уфа, ПАО АНК \"Башнефть\" \"Башнефть-Новойл\""]
["Лотки","ПАО АНК \"Башнефть\" \"Башнефть-Новойл\"",20,611,"Лоток ОТ 200х65ц УХЛ2","ШТ",1,179.5,179.5,"450063, г. Уфа, ПАО АНК \"Башнефть\" \"Башнефть-Новойл\""]
["Лотки","ПАО АНК \"Башнефть\" \"Башнефть-Новойл\"",20,612,"Лоток ОТ 200х65ц УХЛ2.5","ШТ",3,357.6,1072.8000000000002,"450063, г. Уфа, ПАО АНК \"Башнефть\" \"Башнефть-Новойл\""]
["Лотки","ПАО АНК \"Башнефть\" \"Башнефть-Новойл\"",20,613,"Лоток ОТ 200х65ц УХЛ2.5","ШТ",1,229.3,229.3,"450063, г. Уфа, ПАО АНК \"Башнефть\" \"Башнефть-Новойл\""]
["Лотки","ПАО АНК \"Башнефть\" \"Башнефть-Новойл\"",20,614,"Лоток ОТ 400х65 УХЛ2.7","ШТ",1,645.5,645.5,"450063, г. Уфа, ПАО АНК \"Башнефть\" \"Башнефть-Новойл\""]
["Лотки","ПАО АНК \"Башнефть\" \"Башнефть-Новойл\"",20,615,"Лоток ОТГ 100х65 У3","ШТ",1,96.6,96.6,"450063, г. Уфа, ПАО АНК \"Башнефть\" \"Башнефть-Новойл\""]
["Лотки","ПАО АНК \"Башнефть\" \"Башнефть-Новойл\"",20,616,"Лоток ОТГ 100х65 УТ1.5","ШТ",15,265.8,3987,"450063, г. Уфа, ПАО АНК \"Башнефть\" \"Башнефть-Новойл\""]
["Лотки","ПАО АНК \"Башнефть\" \"Башнефть-Новойл\"",20,617,"Лоток ОТГ 100х65ц УТ1.5","ШТ",9,330,2970,"450063, г. Уфа, ПАО АНК \"Башнефть\" \"Башнефть-Новойл\""]
["Лотки","ПАО АНК \"Башнефть\" \"Башнефть-Новойл\"",20,618,"Лоток перфорированный 6075096 AZK 050 FS","М",30,286.10000000000002,8583,"450063, г. Уфа, ПАО АНК \"Башнефть\" \"Башнефть-Новойл\""]
["Лотки","ПАО АНК \"Башнефть\" \"Башнефть-Новойл\"",20,619,"Лоток перфорированный ЛМ 300Х65 УТ1,5","ШТ",1,442,442,"450063, г. Уфа, ПАО АНК \"Башнефть\" \"Башнефть-Новойл\""]
["Лотки","ПАО АНК \"Башнефть\" \"Башнефть-Новойл\"",20,620,"Лоток пров.DKC 200х50х3000 арт.FC5020","ШТ",3,410.1,1230.3000000000002,"450063, г. Уфа, ПАО АНК \"Башнефть\" \"Башнефть-Новойл\""]
["Лотки","ПАО АНК \"Башнефть\" \"Башнефть-Новойл\"",20,621,"Лоток угловой КГ 100х100-90 УТ1,5","ШТ",6,502.7,3016.2,"450063, г. Уфа, ПАО АНК \"Башнефть\" \"Башнефть-Новойл\""]
["Лотки","ПАО АНК \"Башнефть\" \"Башнефть-Новойл\"",20,622,"Лоток угловой КГ 400Х65-135 УХЛ2,5","ШТ",22,630.29999999999995,13866.599999999999,"450063, г. Уфа, ПАО АНК \"Башнефть\" \"Башнефть-Новойл\""]
["Лотки","ПАО АНК \"Башнефть\" \"Башнефть-Новойл\"",20,623,"Лоток угловой КГГ 100х65-90 У3","ШТ",7,87.8,614.6,"450063, г. Уфа, ПАО АНК \"Башнефть\" \"Башнефть-Новойл\""]
["Лотки","ПАО АНК \"Башнефть\" \"Башнефть-Новойл\"",20,624,"Лоток угловой КГГ 100х65-90 УТ1.5","ШТ",6,87.8,526.79999999999995,"450063, г. Уфа, ПАО АНК \"Башнефть\" \"Башнефть-Новойл\""]
["Лотки","ПАО АНК \"Башнефть\" \"Башнефть-Новойл\"",20,625,"Лоток угловой КГГ 100Х65-90 ЦУТ1,5","ШТ",5,418.3,2091.5,"450063, г. Уфа, ПАО АНК \"Башнефть\" \"Башнефть-Новойл\""]
["Лотки","ПАО АНК \"Башнефть\" \"Башнефть-Новойл\"",20,626,"Лоток угловой КГГ 100Х65-90 ЦУТ1,5","ШТ",5,418.3,2091.5,"450063, г. Уфа, ПАО АНК \"Башнефть\" \"Башнефть-Новойл\""]
["Манометры","ПАО АНК \"Башнефть\" \"Башнефть-Новойл\"",21,627,"ДМ 2005СГ-1,6МПА-1,5","ШТ",38,1718.9,65318.200000000004,"450063, г. Уфа, ПАО АНК \"Башнефть\" \"Башнефть-Новойл\""]
["Манометры","ПАО АНК \"Башнефть\" \"Башнефть-Новойл\"",21,628,"ДМ 2005Сг1Ex-10 кгс/см2","ШТ",1,7458.4,7458.4,"450063, г. Уфа, ПАО АНК \"Башнефть\" \"Башнефть-Новойл\""]
["Манометры","ПАО АНК \"Башнефть\" \"Башнефть-Новойл\"",21,629,"ДМ 2005Сг1Ex-10 кгс/см2","ШТ",1,7458.4,7458.4,"450063, г. Уфа, ПАО АНК \"Башнефть\" \"Башнефть-Новойл\""]
["Манометры","ПАО АНК \"Башнефть\" \"Башнефть-Новойл\"",21,630,"ДМ 2005Сг1Ex-10 кгс/см2","ШТ",1,7458.4,7458.4,"450063, г. Уфа, ПАО АНК \"Башнефть\" \"Башнефть-Новойл\""]
["Манометры","ПАО АНК \"Башнефть\" \"Башнефть-Новойл\"",21,631,"ДМ 2005Сг1Ex-10 кгс/см2","ШТ",18,7458.4,134251.19999999998,"450063, г. Уфа, ПАО АНК \"Башнефть\" \"Башнефть-Новойл\""]
["Манометры","ПАО АНК \"Башнефть\" \"Башнефть-Новойл\"",21,632,"ДМ 2005СГ-4кгс/см2","ШТ",56,1305.4000000000001,73102.400000000009,"450063, г. Уфа, ПАО АНК \"Башнефть\" \"Башнефть-Новойл\""]
["Манометры","ПАО АНК \"Башнефть\" \"Башнефть-Новойл\"",21,633,"Мановакуум. ДА-8009Кс -1.5-1-1.5кгс/см2","ШТ",2,8815,17630,"450063, г. Уфа, ПАО АНК \"Башнефть\" \"Башнефть-Новойл\""]
["Манометры","ПАО АНК \"Башнефть\" \"Башнефть-Новойл\"",21,634,"Мановакуумметр МВП3А-УУ2 -100-0-500кПа","ШТ",56,705.6,39513.599999999999,"450063, г. Уфа, ПАО АНК \"Башнефть\" \"Башнефть-Новойл\""]
["Манометры","ПАО АНК \"Башнефть\" \"Башнефть-Новойл\"",21,635,"Мановакуумметр МВП3А-УУ2 -100-0-500кПа","ШТ",2,705.6,1411.2,"450063, г. Уфа, ПАО АНК \"Башнефть\" \"Башнефть-Новойл\""]
["Манометры","ПАО АНК \"Башнефть\" \"Башнефть-Новойл\"",21,636,"Мановакуумметр МВП4-УУ2 5кгс/см2","ШТ",1,767.8,767.8,"450063, г. Уфа, ПАО АНК \"Башнефть\" \"Башнефть-Новойл\""]
["Манометры","ПАО АНК \"Башнефть\" \"Башнефть-Новойл\"",21,637,"Манометр ДК03702-1000Па","ШТ",4,997.2,3988.8,"450063, г. Уфа, ПАО АНК \"Башнефть\" \"Башнефть-Новойл\""]
["Манометры","ПАО АНК \"Башнефть\" \"Башнефть-Новойл\"",21,638,"Манометр ДМ 1001-У2 1,6МПа 1,0","ШТ",276,856.8,236476.79999999999,"450063, г. Уфа, ПАО АНК \"Башнефть\" \"Башнефть-Новойл\""]
["Манометры","ПАО АНК \"Башнефть\" \"Башнефть-Новойл\"",21,639,"Манометр ДМ-1001-600МПа","ШТ",340,35.5,12070,"450063, г. Уфа, ПАО АНК \"Башнефть\" \"Башнефть-Новойл\""]
["Манометры","ПАО АНК \"Башнефть\" \"Башнефть-Новойл\"",21,640,"Манометр ДМ-2005Сг-100кгс/см2","ШТ",4,805.4,3221.6,"450063, г. Уфа, ПАО АНК \"Башнефть\" \"Башнефть-Новойл\""]
["Манометры","ПАО АНК \"Башнефть\" \"Башнефть-Новойл\"",21,641,"Манометр ДМ-2005Сг-У3-60кгс/см2","ШТ",10,1305.4000000000001,{"$f":"H645*G645","v":13054},"450063, г. Уфа, ПАО АНК \"Башнефть\" \"Башнефть-Новойл\""]
["Манометры","ПАО АНК \"Башнефть\" \"Башнефть-Новойл\"",21,642,"Манометр ДМ-2005Сг-У3-60кгс/см2","ШТ",88,1305.4000000000001,114875.20000000001,"450063, г. Уфа, ПАО АНК \"Башнефть\" \"Башнефть-Новойл\""]
["Манометры","ПАО АНК \"Башнефть\" \"Башнефть-Новойл\"",21,643,"Манометр ДМ-2005Сг-У3-60кгс/см2","ШТ",4,1305.4000000000001,5221.6000000000004,"450063, г. Уфа, ПАО АНК \"Башнефть\" \"Башнефть-Новойл\""]
["Манометры","ПАО АНК \"Башнефть\" \"Башнефть-Новойл\"",21,644,"Манометр ДМ-2005Сг-У3-60кгс/см2","ШТ",12,1305.4000000000001,15664.800000000001,"450063, г. Уфа, ПАО АНК \"Башнефть\" \"Башнефть-Новойл\""]
["Манометры","ПАО АНК \"Башнефть\" \"Башнефть-Новойл\"",21,645,"Манометр МП160Н-6,0 кгс/см2-1,0-IP65","ШТ",20,4341.3,86826,"450063, г. Уфа, ПАО АНК \"Башнефть\" \"Башнефть-Новойл\""]
["Манометры","ПАО АНК \"Башнефть\" \"Башнефть-Новойл\"",21,646,"Манометр МП2-Уф-250кгс/см2","ШТ",4,234.4,937.6,"450063, г. Уфа, ПАО АНК \"Башнефть\" \"Башнефть-Новойл\""]
["Манометры","ПАО АНК \"Башнефть\" \"Башнефть-Новойл\"",21,647,"Манометр МП3-У-1,5-400 кгс/см2 радиальн.","ШТ",40,73.400000000000006,2936,"450063, г. Уфа, ПАО АНК \"Башнефть\" \"Башнефть-Новойл\""]
["Манометры","ПАО АНК \"Башнефть\" \"Башнефть-Новойл\"",21,648,"Манометр МП40НЛ/Т-6бар-G1/8-2,5-IP65","ШТ",10,227.4,2274,"450063, г. Уфа, ПАО АНК \"Башнефть\" \"Башнефть-Новойл\""]
["Манометры","ПАО АНК \"Башнефть\" \"Башнефть-Новойл\"",21,649,"Манометр МП40НЛ/Т-6бар-G1/8-2,5-IP65","ШТ",15,227.4,3411,"450063, г. Уфа, ПАО АНК \"Башнефть\" \"Башнефть-Новойл\""]
["Манометры","ПАО АНК \"Башнефть\" \"Башнефть-Новойл\"",21,650,"Манометр МП40НЛ/Т-6бар-G1/8-2,5-IP65","ШТ",10,227.4,2274,"450063, г. Уфа, ПАО АНК \"Башнефть\" \"Башнефть-Новойл\""]
["Манометры","ПАО АНК \"Башнефть\" \"Башнефть-Новойл\"",21,651,"Манометр МП40НЛ/Т-6бар-G1/8-2,5-IP65","ШТ",10,227.4,2274,"450063, г. Уфа, ПАО АНК \"Башнефть\" \"Башнефть-Новойл\""]
["Манометры","ПАО АНК \"Башнефть\" \"Башнефть-Новойл\"",21,652,"Манометр МП40НЛ/Т-6бар-G1/8-2,5-IP65","ШТ",10,227.4,2274,"450063, г. Уфа, ПАО АНК \"Башнефть\" \"Башнефть-Новойл\""]
["Манометры","ПАО АНК \"Башнефть\" \"Башнефть-Новойл\"",21,653,"Манометр МП40НЛ/Т-6бар-G1/8-2,5-IP65","ШТ",10,227.4,2274,"450063, г. Уфа, ПАО АНК \"Башнефть\" \"Башнефть-Новойл\""]
["Манометры","ПАО АНК \"Башнефть\" \"Башнефть-Новойл\"",21,654,"Манометр МП4-УУ2-1600кгс/см2","ШТ",28,923.6,25860.799999999999,"450063, г. Уфа, ПАО АНК \"Башнефть\" \"Башнефть-Новойл\""]
["Манометры","ПАО АНК \"Башнефть\" \"Башнефть-Новойл\"",21,655,"Манометр МП4-Уф-1600кгс/см2","ШТ",2,923.6,1847.2,"450063, г. Уфа, ПАО АНК \"Башнефть\" \"Башнефть-Новойл\""]
["Оборудование и материалы КИП иА","ПАО АНК \"Башнефть\" \"Башнефть-Новойл\"",22,656,"Кабель Schneider Electric ССА 612 3м","ШТ",1,1447.7,1447.7,"450063, г. Уфа, ПАО АНК \"Башнефть\" \"Башнефть-Новойл\""]
["Оборудование и материалы КИП иА","ПАО АНК \"Башнефть\" \"Башнефть-Новойл\"",22,657,"Кабель Schneider Electric ССА 612 3м","ШТ",4,1447.7,5790.8,"450063, г. Уфа, ПАО АНК \"Башнефть\" \"Башнефть-Новойл\""]
["Оборудование и материалы КИП иА","ПАО АНК \"Башнефть\" \"Башнефть-Новойл\"",22,658,"Кабель интерфейсный JUMO 70/00456352","ШТ",3,5523.3,16569.900000000001,"450063, г. Уфа, ПАО АНК \"Башнефть\" \"Башнефть-Новойл\""]
["Оборудование и материалы КИП иА","ПАО АНК \"Башнефть\" \"Башнефть-Новойл\"",22,659,"Кабель сигнальный Yokogawa KS10-10 A","ШТ",7,3343.1,23401.7,"450063, г. Уфа, ПАО АНК \"Башнефть\" \"Башнефть-Новойл\""]
["Оборудование противопожарное, связи","ПАО АНК \"Башнефть\" \"Башнефть-Новойл\"",23,660,"Антенна Anli WH-14D","ШТ",5,1615.7,8078.5,"450063, г. Уфа, ПАО АНК \"Башнефть\" \"Башнефть-Новойл\""]
["Оборудование противопожарное, связи","ПАО АНК \"Башнефть\" \"Башнефть-Новойл\"",23,661,"Антенна базовая Anli A-100MV","ШТ",2,3670.8,7341.6,"450063, г. Уфа, ПАО АНК \"Башнефть\" \"Башнефть-Новойл\""]
["Оборудование противопожарное, связи","ПАО АНК \"Башнефть\" \"Башнефть-Новойл\"",23,662,"АСПТ по дог.БНФ/п/2/1555/11/АСУ прил.2","КМП",1,3521861.5,3521861.5,"450063, г. Уфа, ПАО АНК \"Башнефть\" \"Башнефть-Новойл\""]
["Оборудование противопожарное, связи","ПАО АНК \"Башнефть\" \"Башнефть-Новойл\"",23,663,"Багор пожарный","ШТ",3,218.8,656.40000000000009,"450063, г. Уфа, ПАО АНК \"Башнефть\" \"Башнефть-Новойл\""]
["Оборудование противопожарное, связи","ПАО АНК \"Башнефть\" \"Башнефть-Новойл\"",23,664,"Багор пожарный","ШТ",15,218.8,3282,"450063, г. Уфа, ПАО АНК \"Башнефть\" \"Башнефть-Новойл\""]
["Оборудование противопожарное, связи","ПАО АНК \"Башнефть\" \"Башнефть-Новойл\"",23,665,"Барабан Panasonic KX-FAD89A","ШТ",2,1387.3,2774.6,"450063, г. Уфа, ПАО АНК \"Башнефть\" \"Башнефть-Новойл\""]
["Оборудование противопожарное, связи","ПАО АНК \"Башнефть\" \"Башнефть-Новойл\"",23,666,"Генератор пены сред.кратности ГПС-2000","ШТ",2,3694.7,7389.4,"450063, г. Уфа, ПАО АНК \"Башнефть\" \"Башнефть-Новойл\""]
["Оборудование противопожарное, связи","ПАО АНК \"Башнефть\" \"Башнефть-Новойл\"",23,667,"Генератор пены сред.кратности ГПС-2000","ШТ",2,3694.7,7389.4,"450063, г. Уфа, ПАО АНК \"Башнефть\" \"Башнефть-Новойл\""]
["Оборудование противопожарное, связи","ПАО АНК \"Башнефть\" \"Башнефть-Новойл\"",23,668,"Головка заглушка напорная ГЗ-80","ШТ",2,95.3,190.6,"450063, г. Уфа, ПАО АНК \"Башнефть\" \"Башнефть-Новойл\""]
["Оборудование противопожарное, связи","ПАО АНК \"Башнефть\" \"Башнефть-Новойл\"",23,669,"Головка заглушка напорная ГЗ-80","ШТ",8,95.3,762.4,"450063, г. Уфа, ПАО АНК \"Башнефть\" \"Башнефть-Новойл\""]
["Оборудование противопожарное, связи","ПАО АНК \"Башнефть\" \"Башнефть-Новойл\"",23,670,"Головка заглушка напорная ГЗ-80","ШТ",3,95.3,285.89999999999998,"450063, г. Уфа, ПАО АНК \"Башнефть\" \"Башнефть-Новойл\""]
["Оборудование противопожарное, связи","ПАО АНК \"Башнефть\" \"Башнефть-Новойл\"",23,671,"Головка заглушка напорная ГЗ-80","ШТ",1,95.3,95.3,"450063, г. Уфа, ПАО АНК \"Башнефть\" \"Башнефть-Новойл\""]
["Оборудование противопожарное, связи","ПАО АНК \"Башнефть\" \"Башнефть-Новойл\"",23,672,"Головка заглушка напорная ГЗ-80","ШТ",3,95.3,285.89999999999998,"450063, г. Уфа, ПАО АНК \"Башнефть\" \"Башнефть-Новойл\""]
["Оборудование противопожарное, связи","ПАО АНК \"Башнефть\" \"Башнефть-Новойл\"",23,673,"Головка заглушка напорная ГЗ-80","ШТ",12,95.3,1143.5999999999999,"450063, г. Уфа, ПАО АНК \"Башнефть\" \"Башнефть-Новойл\""]
["Оборудование противопожарное, связи","ПАО АНК \"Башнефть\" \"Башнефть-Новойл\"",23,674,"Головка заглушка напорная ГЗ-80","ШТ",10,95.3,953,"450063, г. Уфа, ПАО АНК \"Башнефть\" \"Башнефть-Новойл\""]
["Оборудование противопожарное, связи","ПАО АНК \"Башнефть\" \"Башнефть-Новойл\"",23,675,"Головка заглушка напорная ГЗ-80","ШТ",12,95.3,1143.5999999999999,"450063, г. Уфа, ПАО АНК \"Башнефть\" \"Башнефть-Новойл\""]
["Оборудование противопожарное, связи","ПАО АНК \"Башнефть\" \"Башнефть-Новойл\"",23,676,"Головка заглушка напорная ГЗ-80","ШТ",10,95.3,953,"450063, г. Уфа, ПАО АНК \"Башнефть\" \"Башнефть-Новойл\""]
["Оборудование противопожарное, связи","ПАО АНК \"Башнефть\" \"Башнефть-Новойл\"",23,677,"Головка рукавная напорная ГР-50","ШТ",7,74.8,523.6,"450063, г. Уфа, ПАО АНК \"Башнефть\" \"Башнефть-Новойл\""]
["Оборудование противопожарное, связи","ПАО АНК \"Башнефть\" \"Башнефть-Новойл\"",23,678,"Головка рукавная напорная ГР-50","ШТ",1,74.8,74.8,"450063, г. Уфа, ПАО АНК \"Башнефть\" \"Башнефть-Новойл\""]
["Оборудование противопожарное, связи","ПАО АНК \"Башнефть\" \"Башнефть-Новойл\"",23,679,"Громкоговоритель Armtel LS-25","ШТ",1,34205,34205,"450063, г. Уфа, ПАО АНК \"Башнефть\" \"Башнефть-Новойл\""]
["Оборудование противопожарное, связи","ПАО АНК \"Башнефть\" \"Башнефть-Новойл\"",23,680,"Громкоговоритель INTER-M MS-05","ШТ",2,331.7,663.4,"450063, г. Уфа, ПАО АНК \"Башнефть\" \"Башнефть-Новойл\""]
["Оборудование противопожарное, связи","ПАО АНК \"Башнефть\" \"Башнефть-Новойл\"",23,681,"Громкоговоритель INTER-M MS-05","ШТ",2,331.7,663.4,"450063, г. Уфа, ПАО АНК \"Башнефть\" \"Башнефть-Новойл\""]
["Оборудование противопожарное, связи","ПАО АНК \"Башнефть\" \"Башнефть-Новойл\"",23,682,"Громкоговоритель INTER-M MS-05","ШТ",6,330.9,1985.3999999999999,"450063, г. Уфа, ПАО АНК \"Башнефть\" \"Башнефть-Новойл\""]
["Оборудование противопожарное, связи","ПАО АНК \"Башнефть\" \"Башнефть-Новойл\"",23,683,"Громкоговоритель Jedia LPA-06CL20","ШТ",4,831.6,3326.4,"450063, г. Уфа, ПАО АНК \"Башнефть\" \"Башнефть-Новойл\""]
["Оборудование противопожарное, связи","ПАО АНК \"Башнефть\" \"Башнефть-Новойл\"",23,684,"Громкоговоритель Roxton PA-620T","ШТ",2,835.4,1670.8,"450063, г. Уфа, ПАО АНК \"Башнефть\" \"Башнефть-Новойл\""]
["Оборудование противопожарное, связи","ПАО АНК \"Башнефть\" \"Башнефть-Новойл\"",23,685,"Драм-картридж Panasonic KX-FA78A","ШТ",1,2370.1,2370.1,"450063, г. Уфа, ПАО АНК \"Башнефть\" \"Башнефть-Новойл\""]
["Оборудование противопожарное, связи","ПАО АНК \"Башнефть\" \"Башнефть-Новойл\"",23,686,"Источник питания СКАТ-1200С","ШТ",10,1033.2,10332,"450063, г. Уфа, ПАО АНК \"Башнефть\" \"Башнефть-Новойл\""]
["Оборудование противопожарное, связи","ПАО АНК \"Башнефть\" \"Башнефть-Новойл\"",23,687,"Кабель питания APC AP9887","ШТ",3,602.1,1806.3000000000002,"450063, г. Уфа, ПАО АНК \"Башнефть\" \"Башнефть-Новойл\""]
["Оборудование противопожарное, связи","ПАО АНК \"Башнефть\" \"Башнефть-Новойл\"",23,688,"Коммуникатор Honeywell Dolphin 6000","ШТ",2,20712.3,41424.6,"450063, г. Уфа, ПАО АНК \"Башнефть\" \"Башнефть-Новойл\""]
["Оборудование противопожарное, связи","ПАО АНК \"Башнефть\" \"Башнефть-Новойл\"",23,689,"Коробка КРТМ-2/20 пл. с соед. конт.","ШТ",1,354.9,354.9,"450063, г. Уфа, ПАО АНК \"Башнефть\" \"Башнефть-Новойл\""]
["Оборудование противопожарное, связи","ПАО АНК \"Башнефть\" \"Башнефть-Новойл\"",23,690,"Коробка КРТМ-2/20 пл. с соед. конт.","ШТ",7,354.9,2484.2999999999997,"450063, г. Уфа, ПАО АНК \"Башнефть\" \"Башнефть-Новойл\""]
["Оборудование противопожарное, связи","ПАО АНК \"Башнефть\" \"Башнефть-Новойл\"",23,691,"Коробка КРТМ-2/20 пл. с соед. конт.","ШТ",1,354.9,354.9,"450063, г. Уфа, ПАО АНК \"Башнефть\" \"Башнефть-Новойл\""]
["Оборудование противопожарное, связи","ПАО АНК \"Башнефть\" \"Башнефть-Новойл\"",23,692,"Модуль управления и индикации БУИ-21","ШТ",2,32825.199999999997,65650.399999999994,"450063, г. Уфа, ПАО АНК \"Башнефть\" \"Башнефть-Новойл\""]
["Оборудование противопожарное, связи","ПАО АНК \"Башнефть\" \"Башнефть-Новойл\"",23,693,"Модуль управления и индикации БУИ-21","ШТ",1,32825.199999999997,32825.199999999997,"450063, г. Уфа, ПАО АНК \"Башнефть\" \"Башнефть-Новойл\""]
["Оборудование противопожарное, связи","ПАО АНК \"Башнефть\" \"Башнефть-Новойл\"",23,694,"Оповещатель свет. \"Пена не входить\"","ШТ",16,6629.8,106076.8,"450063, г. Уфа, ПАО АНК \"Башнефть\" \"Башнефть-Новойл\""]
["Оборудование противопожарное, связи","ПАО АНК \"Башнефть\" \"Башнефть-Новойл\"",23,695,"Оповещатель свет. Сова-Б Автомат.откл.","ШТ",52,6629.8,344749.60000000003,"450063, г. Уфа, ПАО АНК \"Башнефть\" \"Башнефть-Новойл\""]
["Оборудование противопожарное, связи","ПАО АНК \"Башнефть\" \"Башнефть-Новойл\"",23,696,"Плинт WT-1006A с раз. кон","ШТ",40,60,2400,"450063, г. Уфа, ПАО АНК \"Башнефть\" \"Башнефть-Новойл\""]
["Оборудование противопожарное, связи","ПАО АНК \"Башнефть\" \"Башнефть-Новойл\"",23,697,"Порошок шамотный ПШ-1","Т",0.1,5660,566,"450063, г. Уфа, ПАО АНК \"Башнефть\" \"Башнефть-Новойл\""]
["Оборудование противопожарное, связи","ПАО АНК \"Башнефть\" \"Башнефть-Новойл\"",23,698,"Преобразователь С2000-ПИ","ШТ",1,2330,2330,"450063, г. Уфа, ПАО АНК \"Башнефть\" \"Башнефть-Новойл\""]
["Оборудование противопожарное, связи","ПАО АНК \"Башнефть\" \"Башнефть-Новойл\"",23,699,"Прибор приемно-контрольный Сигнал 2/4-СИ","ШТ",1,4270,4270,"450063, г. Уфа, ПАО АНК \"Башнефть\" \"Башнефть-Новойл\""]
["Оборудование противопожарное, связи","ПАО АНК \"Башнефть\" \"Башнефть-Новойл\"",23,700,"Устройство контроля шлейфов Маяк-ШС","ШТ",20,50,1000,"450063, г. Уфа, ПАО АНК \"Башнефть\" \"Башнефть-Новойл\""]
["Оборудование противопожарное, связи","ПАО АНК \"Башнефть\" \"Башнефть-Новойл\"",23,701,"Устройство модульное MCP-114.00-007","ШТ",13,3130,40690,"450063, г. Уфа, ПАО АНК \"Башнефть\" \"Башнефть-Новойл\""]
["Оборудование противопожарное, связи","ПАО АНК \"Башнефть\" \"Башнефть-Новойл\"",23,702,"Устройство модульное МС 200.00-047","ШТ",3,24910,74730,"450063, г. Уфа, ПАО АНК \"Башнефть\" \"Башнефть-Новойл\""]
["Оборудование противопожарное, связи","ПАО АНК \"Башнефть\" \"Башнефть-Новойл\"",23,703,"Устройство монтажное д/ИП-212-3СУ","ШТ",10,20,200,"450063, г. Уфа, ПАО АНК \"Башнефть\" \"Башнефть-Новойл\""]
["Оборудование противопожарное, связи","ПАО АНК \"Башнефть\" \"Башнефть-Новойл\"",23,704,"Ящик для песка 0,1 м3 (пожар.инвент.)","ШТ",8,750,6000,"450063, г. Уфа, ПАО АНК \"Башнефть\" \"Башнефть-Новойл\""]
["Оптический кабель","ПАО АНК \"Башнефть\" \"Башнефть-Новойл\"",24,705,"Кабель ДПЛ-004А-06-А04х1-2,7-НГ","М",7831,41.7,{"$f":"H709*G709","v":326552.7},"450063, г. Уфа, ПАО АНК \"Башнефть\" \"Башнефть-Новойл\""]
["Оптический кабель","ПАО АНК \"Башнефть\" \"Башнефть-Новойл\"",24,706,"Кабель ДПЛ-Н-16А-4(6)-1,5кН","М",2510,48.5,121735,"450063, г. Уфа, ПАО АНК \"Башнефть\" \"Башнефть-Новойл\""]
["Оптический кабель","ПАО АНК \"Башнефть\" \"Башнефть-Новойл\"",24,707,"Кабель ДПС-016МВ-04-МВ04х04-7,0","М",1656,48.1,79653.600000000006,"450063, г. Уфа, ПАО АНК \"Башнефть\" \"Башнефть-Новойл\""]
["Оптический кабель","ПАО АНК \"Башнефть\" \"Башнефть-Новойл\"",24,708,"Кабель ДПС-016МВ-04-МВ04х04-7,0","М",1256,48.1,60413.599999999999,"450063, г. Уфа, ПАО АНК \"Башнефть\" \"Башнефть-Новойл\""]
["Оптический кабель","ПАО АНК \"Башнефть\" \"Башнефть-Новойл\"",24,709,"Кабель ДПС-016МВ-04-МВ04х04-7,0","М",1288,48.1,61952.800000000003,"450063, г. Уфа, ПАО АНК \"Башнефть\" \"Башнефть-Новойл\""]
["Оптический кабель","ПАО АНК \"Башнефть\" \"Башнефть-Новойл\"",24,710,"Кабель ДПС-016МВ-04-МВ04х04-7,0","М",2268,48.1,109090.8,"450063, г. Уфа, ПАО АНК \"Башнефть\" \"Башнефть-Новойл\""]
["Оптический кабель","ПАО АНК \"Башнефть\" \"Башнефть-Новойл\"",24,711,"Кабель оптический ИКСЛН-М4П-А8-2,5","М",128,13.2,1689.6,"450063, г. Уфа, ПАО АНК \"Башнефть\" \"Башнефть-Новойл\""]
["Оптический кабель","ПАО АНК \"Башнефть\" \"Башнефть-Новойл\"",24,712,"Кабель оптический ОКМН-2х4А-2,7","М",230,38.1,8763,"450063, г. Уфа, ПАО АНК \"Башнефть\" \"Башнефть-Новойл\""]
["Провод термоэлектродный","ПАО АНК \"Башнефть\" \"Башнефть-Новойл\"",25,713,"Провод ПТВВ-П 2х1,5","М",1500,20,30000,"450063, г. Уфа, ПАО АНК \"Башнефть\" \"Башнефть-Новойл\""]
["Провод термоэлектродный","ПАО АНК \"Башнефть\" \"Башнефть-Новойл\"",25,714,"Провод ПТВ-М 2х1,5","М",280,20,5600,"450063, г. Уфа, ПАО АНК \"Башнефть\" \"Башнефть-Новойл\""]
["Провод термоэлектродный","ПАО АНК \"Башнефть\" \"Башнефть-Новойл\"",25,715,"Провод ПТГВ-М 2х1,5","М",1442,30,43260,"450063, г. Уфа, ПАО АНК \"Башнефть\" \"Башнефть-Новойл\""]
["Провод термоэлектродный","ПАО АНК \"Башнефть\" \"Башнефть-Новойл\"",25,716,"Провод соединительный ПВС 2х1,0","М",4,10,40,"450063, г. Уфа, ПАО АНК \"Башнефть\" \"Башнефть-Новойл\""]
["Провод термоэлектродный","ПАО АНК \"Башнефть\" \"Башнефть-Новойл\"",25,717,"Провод термоэлектродный ПТВВ-М 2х1,5","М",58,40,2320,"450063, г. Уфа, ПАО АНК \"Башнефть\" \"Башнефть-Новойл\""]
["Провод термоэлектродный","ПАО АНК \"Башнефть\" \"Башнефть-Новойл\"",25,718,"Провод термоэлектродный ПТВВ-М 2х1,5","М",390,40,15600,"450063, г. Уфа, ПАО АНК \"Башнефть\" \"Башнефть-Новойл\""]
["Провод термоэлектродный","ПАО АНК \"Башнефть\" \"Башнефть-Новойл\"",25,719,"Провод термоэлектродный ПТВВ-М 2х1,5","М",640,40,25600,"450063, г. Уфа, ПАО АНК \"Башнефть\" \"Башнефть-Новойл\""]
["Провода, кабеля, шнуры","ПАО АНК \"Башнефть\" \"Башнефть-Новойл\"",26,720,"Кабель Герда-КВнг(А)-LS 5х2х1,0м Эа","М",235,99.1,23288.5,"450063, г. Уфа, ПАО АНК \"Башнефть\" \"Башнефть-Новойл\""]
["Провода, кабеля, шнуры","ПАО АНК \"Башнефть\" \"Башнефть-Новойл\"",26,721,"Кабель Герда-КВнг(А)-LS 5х2х1,0м Эа","М",19,107.3,2038.7,"450063, г. Уфа, ПАО АНК \"Башнефть\" \"Башнефть-Новойл\""]
["Провода, кабеля, шнуры","ПАО АНК \"Башнефть\" \"Башнефть-Новойл\"",26,722,"Кабель КНРЭ 1х16-0,66","М",30,74.8,2244,"450063, г. Уфа, ПАО АНК \"Башнефть\" \"Башнефть-Новойл\""]
["Провода, кабеля, шнуры","ПАО АНК \"Башнефть\" \"Башнефть-Новойл\"",26,723,"Кабель коаксиальный РК-75-9-13","М",60,68,4080,"450063, г. Уфа, ПАО АНК \"Башнефть\" \"Башнефть-Новойл\""]
["Провода, кабеля, шнуры","ПАО АНК \"Башнефть\" \"Башнефть-Новойл\"",26,724,"Кабель коаксиальный РК-75-9-13","М",240,68,16320,"450063, г. Уфа, ПАО АНК \"Башнефть\" \"Башнефть-Новойл\""]
["Провода, кабеля, шнуры","ПАО АНК \"Башнефть\" \"Башнефть-Новойл\"",26,725,"Кабель контрольный АКВБбШв 14х2,5","М",80,62.6,5008,"450063, г. Уфа, ПАО АНК \"Башнефть\" \"Башнефть-Новойл\""]
["Провода, кабеля, шнуры","ПАО АНК \"Башнефть\" \"Башнефть-Новойл\"",26,726,"Кабель контрольный АКВБбШв 7х2,5","М",295,41.4,12213,"450063, г. Уфа, ПАО АНК \"Башнефть\" \"Башнефть-Новойл\""]
["Провода, кабеля, шнуры","ПАО АНК \"Башнефть\" \"Башнефть-Новойл\"",26,727,"Кабель контрольный АКВВГ 10х2,5","М",100,20.6,2060,"450063, г. Уфа, ПАО АНК \"Башнефть\" \"Башнефть-Новойл\""]
["Провода, кабеля, шнуры","ПАО АНК \"Башнефть\" \"Башнефть-Новойл\"",26,728,"Кабель контрольный АКВВГ 4х2,5","М",194,8.4,1629.6000000000001,"450063, г. Уфа, ПАО АНК \"Башнефть\" \"Башнефть-Новойл\""]
["Провода, кабеля, шнуры","ПАО АНК \"Башнефть\" \"Башнефть-Новойл\"",26,729,"Кабель контрольный АКВВГ 4х2,5","М",300,8.4,2520,"450063, г. Уфа, ПАО АНК \"Башнефть\" \"Башнефть-Новойл\""]
["Провода, кабеля, шнуры","ПАО АНК \"Башнефть\" \"Башнефть-Новойл\"",26,730,"Кабель контрольный АКВВГ 4х2,5","М",193,8.4,1621.2,"450063, г. Уфа, ПАО АНК \"Башнефть\" \"Башнефть-Новойл\""]
["Провода, кабеля, шнуры","ПАО АНК \"Башнефть\" \"Башнефть-Новойл\"",26,731,"Кабель РК 50-3-11","М",50,19.5,975,"450063, г. Уфа, ПАО АНК \"Башнефть\" \"Башнефть-Новойл\""]
["Провода, кабеля, шнуры","ПАО АНК \"Башнефть\" \"Башнефть-Новойл\"",26,732,"Кабель РК 50-7-12","М",111,144.9,16083.900000000001,"450063, г. Уфа, ПАО АНК \"Башнефть\" \"Башнефть-Новойл\""]
["Провода, кабеля, шнуры","ПАО АНК \"Башнефть\" \"Башнефть-Новойл\"",26,733,"Кабель РПШ 10х1,5","М",25,134,3350,"450063, г. Уфа, ПАО АНК \"Башнефть\" \"Башнефть-Новойл\""]
["Провода, кабеля, шнуры","ПАО АНК \"Башнефть\" \"Башнефть-Новойл\"",26,734,"Кабель СБВГ 3х0,9","М",510,61.1,31161,"450063, г. Уфа, ПАО АНК \"Башнефть\" \"Башнефть-Новойл\""]
["Провода, кабеля, шнуры","ПАО АНК \"Башнефть\" \"Башнефть-Новойл\"",26,735,"Кабель СБВГнг 16х0,9","М",100,132.5,13250,"450063, г. Уфа, ПАО АНК \"Башнефть\" \"Башнефть-Новойл\""]
["Провода, кабеля, шнуры","ПАО АНК \"Башнефть\" \"Башнефть-Новойл\"",26,736,"Кабель связи КСПП 1х4х0,9","М",45,35.700000000000003,1606.5000000000002,"450063, г. Уфа, ПАО АНК \"Башнефть\" \"Башнефть-Новойл\""]
["Провода, кабеля, шнуры","ПАО АНК \"Башнефть\" \"Башнефть-Новойл\"",26,737,"Кабель связи КСПП 1х4х0,9","М",12,35.700000000000003,428.40000000000003,"450063, г. Уфа, ПАО АНК \"Башнефть\" \"Башнефть-Новойл\""]
["Провода, кабеля, шнуры","ПАО АНК \"Башнефть\" \"Башнефть-Новойл\"",26,738,"Кабель связи КСППБ 1х4х0,9","М",33,49,1617,"450063, г. Уфа, ПАО АНК \"Башнефть\" \"Башнефть-Новойл\""]
["Провода, кабеля, шнуры","ПАО АНК \"Башнефть\" \"Башнефть-Новойл\"",26,739,"Провод АПВ 2,5","М",140,2,280,"450063, г. Уфа, ПАО АНК \"Башнефть\" \"Башнефть-Новойл\""]
["Провода, кабеля, шнуры","ПАО АНК \"Башнефть\" \"Башнефть-Новойл\"",26,740,"Провод ПВ-1 0.75 С","М",13.18,4,52.72,"450063, г. Уфа, ПАО АНК \"Башнефть\" \"Башнефть-Новойл\""]
["Провода, кабеля, шнуры","ПАО АНК \"Башнефть\" \"Башнефть-Новойл\"",26,741,"Провод ПВ-1 10 КЧ","М",27,30,810,"450063, г. Уфа, ПАО АНК \"Башнефть\" \"Башнефть-Новойл\""]
["Провода, кабеля, шнуры","ПАО АНК \"Башнефть\" \"Башнефть-Новойл\"",26,742,"Провод ПВ-1 16 Б","М",4,50,200,"450063, г. Уфа, ПАО АНК \"Башнефть\" \"Башнефть-Новойл\""]
["Провода, кабеля, шнуры","ПАО АНК \"Башнефть\" \"Башнефть-Новойл\"",26,743,"Провод ПВ1 4,0 С","М",65,20,1300,"450063, г. Уфа, ПАО АНК \"Башнефть\" \"Башнефть-Новойл\""]
["Провода, кабеля, шнуры","ПАО АНК \"Башнефть\" \"Башнефть-Новойл\"",26,744,"Провод ПВ1 4,0 С","М",30,17,510,"450063, г. Уфа, ПАО АНК \"Башнефть\" \"Башнефть-Новойл\""]
["Провода, кабеля, шнуры","ПАО АНК \"Башнефть\" \"Башнефть-Новойл\"",26,745,"Провод ПВ-1 6 Б","М",16,20,320,"450063, г. Уфа, ПАО АНК \"Башнефть\" \"Башнефть-Новойл\""]
["Провода, кабеля, шнуры","ПАО АНК \"Башнефть\" \"Башнефть-Новойл\"",26,746,"Провод ПВ1 6,0","М",22,20,440,"450063, г. Уфа, ПАО АНК \"Башнефть\" \"Башнефть-Новойл\""]
["Провода, кабеля, шнуры","ПАО АНК \"Башнефть\" \"Башнефть-Новойл\"",26,747,"Провод ПВ1 70,0 Б","М",6,230,1380,"450063, г. Уфа, ПАО АНК \"Башнефть\" \"Башнефть-Новойл\""]
["Провода, кабеля, шнуры","ПАО АНК \"Башнефть\" \"Башнефть-Новойл\"",26,748,"Провод ПВ1 95,0 К","М",15,240,3600,"450063, г. Уфа, ПАО АНК \"Башнефть\" \"Башнефть-Новойл\""]
["Провода, кабеля, шнуры","ПАО АНК \"Башнефть\" \"Башнефть-Новойл\"",26,749,"Провод ПВС 2х0,75","М",12,20,240,"450063, г. Уфа, ПАО АНК \"Башнефть\" \"Башнефть-Новойл\""]
["Провода, кабеля, шнуры","ПАО АНК \"Башнефть\" \"Башнефть-Новойл\"",26,750,"Провод ПВС 2х1","М",10,10,100,"450063, г. Уфа, ПАО АНК \"Башнефть\" \"Башнефть-Новойл\""]
["Провода, кабеля, шнуры","ПАО АНК \"Башнефть\" \"Башнефть-Новойл\"",26,751,"Провод ППВ 2х1,5","М",30,10,300,"450063, г. Уфа, ПАО АНК \"Башнефть\" \"Башнефть-Новойл\""]
["Провода, кабеля, шнуры","ПАО АНК \"Башнефть\" \"Башнефть-Новойл\"",26,752,"Провод ПРСн 2х2,5","М",60,20,1200,"450063, г. Уфа, ПАО АНК \"Башнефть\" \"Башнефть-Новойл\""]
["Провода, кабеля, шнуры","ПАО АНК \"Башнефть\" \"Башнефть-Новойл\"",26,753,"Провод ПуВ 1х10 Б","М",50,20,1000,"450063, г. Уфа, ПАО АНК \"Башнефть\" \"Башнефть-Новойл\""]
["Провода, кабеля, шнуры","ПАО АНК \"Башнефть\" \"Башнефть-Новойл\"",26,754,"Провод ПуВ 1х2,5","М",387,10,3870,"450063, г. Уфа, ПАО АНК \"Башнефть\" \"Башнефть-Новойл\""]
["Провода, кабеля, шнуры","ПАО АНК \"Башнефть\" \"Башнефть-Новойл\"",26,755,"Провод ПуВ 1х2,5 Б","М",10,6,60,"450063, г. Уфа, ПАО АНК \"Башнефть\" \"Башнефть-Новойл\""]
["Провода, кабеля, шнуры","ПАО АНК \"Башнефть\" \"Башнефть-Новойл\"",26,756,"Провод ПуВ 1х2,5 Б","М",2,6,12,"450063, г. Уфа, ПАО АНК \"Башнефть\" \"Башнефть-Новойл\""]
["Провода, кабеля, шнуры","ПАО АНК \"Башнефть\" \"Башнефть-Новойл\"",26,757,"Провод ПуВ 1х4 Ч","М",11,10,110,"450063, г. Уфа, ПАО АНК \"Башнефть\" \"Башнефть-Новойл\""]
["Провода, кабеля, шнуры","ПАО АНК \"Башнефть\" \"Башнефть-Новойл\"",26,758,"Провод ПуВ 1х6 Б","М",20,10,200,"450063, г. Уфа, ПАО АНК \"Башнефть\" \"Башнефть-Новойл\""]
["Провода, кабеля, шнуры","ПАО АНК \"Башнефть\" \"Башнефть-Новойл\"",26,759,"Провод ПуГВ 1х0.75 С","М",50,2,100,"450063, г. Уфа, ПАО АНК \"Башнефть\" \"Башнефть-Новойл\""]
["Провода, кабеля, шнуры","ПАО АНК \"Башнефть\" \"Башнефть-Новойл\"",26,760,"Провод ПуГВ 1х1,0 Ч","М",60,5,300,"450063, г. Уфа, ПАО АНК \"Башнефть\" \"Башнефть-Новойл\""]
["Провода, кабеля, шнуры","ПАО АНК \"Башнефть\" \"Башнефть-Новойл\"",26,761,"Провод ПуГВ 1х1,5 К","М",20,6,120,"450063, г. Уфа, ПАО АНК \"Башнефть\" \"Башнефть-Новойл\""]
["Провода, кабеля, шнуры","ПАО АНК \"Башнефть\" \"Башнефть-Новойл\"",26,762,"Провод ПуГВ 1х4 Б","М",9,10,90,"450063, г. Уфа, ПАО АНК \"Башнефть\" \"Башнефть-Новойл\""]
["Провода, кабеля, шнуры","ПАО АНК \"Башнефть\" \"Башнефть-Новойл\"",26,763,"Провод ПуГВ 1х4 Ч","М",8,10,80,"450063, г. Уфа, ПАО АНК \"Башнефть\" \"Башнефть-Новойл\""]
["Провода, кабеля, шнуры","ПАО АНК \"Башнефть\" \"Башнефть-Новойл\"",26,764,"Шнур ШТС-4","ШТ",30,90,2700,"450063, г. Уфа, ПАО АНК \"Башнефть\" \"Башнефть-Новойл\""]
["Провода, кабеля, шнуры","ПАО АНК \"Башнефть\" \"Башнефть-Новойл\"",26,765,"Шнур ШТС-4","ШТ",96,4,384,"450063, г. Уфа, ПАО АНК \"Башнефть\" \"Башнефть-Новойл\""]
["Провода, кабеля, шнуры","ПАО АНК \"Башнефть\" \"Башнефть-Новойл\"",26,766,"Шнур ШТСМ-4А","ШТ",1,30,30,"450063, г. Уфа, ПАО АНК \"Башнефть\" \"Башнефть-Новойл\""]
["Провода, кабеля, шнуры","ПАО АНК \"Башнефть\" \"Башнефть-Новойл\"",26,767,"Шнур ШТСМ-4А","ШТ",27,800,21600,"450063, г. Уфа, ПАО АНК \"Башнефть\" \"Башнефть-Новойл\""]
["Провода, кабеля, шнуры","ПАО АНК \"Башнефть\" \"Башнефть-Новойл\"",26,768,"Шнур ШТСМ-4А","ШТ",3,30,90,"450063, г. Уфа, ПАО АНК \"Башнефть\" \"Башнефть-Новойл\""]
["Провода, кабеля, шнуры","ПАО АНК \"Башнефть\" \"Башнефть-Новойл\"",26,769,"Шнур ШТСМ-4А","ШТ",70,30,{"$f":"H773*G773","v":2100},"450063, г. Уфа, ПАО АНК \"Башнефть\" \"Башнефть-Новойл\""]
["Провода, кабеля, шнуры","ПАО АНК \"Башнефть\" \"Башнефть-Новойл\"",26,770,"Шнур ШТСМ-4А","ШТ",2,30,60,"450063, г. Уфа, ПАО АНК \"Башнефть\" \"Башнефть-Новойл\""]
["Расходомеры","ПАО АНК \"Башнефть\" \"Башнефть-Новойл\"",27,771,"Расходомер AXF250G-E1AL1N-CD21-41B/QR","КМП",1,185960,185960,"450063, г. Уфа, ПАО АНК \"Башнефть\" \"Башнефть-Новойл\""]
["Расходомеры","ПАО АНК \"Башнефть\" \"Башнефть-Новойл\"",27,772,"Расходомер RCCS39-M08D4SL/KS1/DN/HT кмп1","КМП",1,692140,692140,"450063, г. Уфа, ПАО АНК \"Башнефть\" \"Башнефть-Новойл\""]
["Расходомеры","ПАО АНК \"Башнефть\" \"Башнефть-Новойл\"",27,773,"Расходомер UFM-500 F030-HT-1Ex100/16кмп1","ШТ",1,636750,636750,"450063, г. Уфа, ПАО АНК \"Башнефть\" \"Башнефть-Новойл\""]
["Трансформатор","ПАО АНК \"Башнефть\" \"Башнефть-Новойл\"",28,774,"Трансформатор тока Т-0,66 250/5","ШТ",3,250,750,"450063, г. Уфа, ПАО АНК \"Башнефть\" \"Башнефть-Новойл\""]
["Трансформатор","ПАО АНК \"Башнефть\" \"Башнефть-Новойл\"",28,775,"Трансформатор тока Т-0,66 250/5","ШТ",3,250,750,"450063, г. Уфа, ПАО АНК \"Башнефть\" \"Башнефть-Новойл\""]
["Трансформатор","ПАО АНК \"Башнефть\" \"Башнефть-Новойл\"",28,776,"Трансформатор тока Т-0,66 250/5","ШТ",3,250,750,"450063, г. Уфа, ПАО АНК \"Башнефть\" \"Башнефть-Новойл\""]
["Трансформатор","ПАО АНК \"Башнефть\" \"Башнефть-Новойл\"",28,777,"Трансформатор тока ТОП-0,66 75/5","ШТ",1,320,320,"450063, г. Уфа, ПАО АНК \"Башнефть\" \"Башнефть-Новойл\""]
["Трансформатор","ПАО АНК \"Башнефть\" \"Башнефть-Новойл\"",28,778,"Трансформатор ТСЗВ-63 380/133","ШТ",1,165810,165810,"450063, г. Уфа, ПАО АНК \"Башнефть\" \"Башнефть-Новойл\""]
["Трансформатор","ПАО АНК \"Башнефть\" \"Башнефть-Новойл\"",28,779,"Тр-р Т-0,66-1-0,5-200/5У3","ШТ",1,250,250,"450063, г. Уфа, ПАО АНК \"Башнефть\" \"Башнефть-Новойл\""]
["Трансформатор","ПАО АНК \"Башнефть\" \"Башнефть-Новойл\"",28,780,"Тр-р Т-0,66-1-0,5-200/5У3","ШТ",2,250,500,"450063, г. Уфа, ПАО АНК \"Башнефть\" \"Башнефть-Новойл\""]
["Трансформатор","ПАО АНК \"Башнефть\" \"Башнефть-Новойл\"",28,781,"Тр-р ТПЛ-10-М-0,5S/10P-50/5-У2","ШТ",4,16210,64840,"450063, г. Уфа, ПАО АНК \"Башнефть\" \"Башнефть-Новойл\""]
["Шины заземления","ПАО АНК \"Башнефть\" \"Башнефть-Новойл\"",29,782,"Шина PE HEGEL DK 7543.000","ШТ",3,2340,7020,"450063, г. Уфа, ПАО АНК \"Башнефть\" \"Башнефть-Новойл\""]
["Шины заземления","ПАО АНК \"Башнефть\" \"Башнефть-Новойл\"",29,783,"Шина PE HEGEL DK 7543.000","ШТ",1,2430,2430,"450063, г. Уфа, ПАО АНК \"Башнефть\" \"Башнефть-Новойл\""]
["Шины заземления","ПАО АНК \"Башнефть\" \"Башнефть-Новойл\"",29,784,"Шина PE HEGEL DK 7543.000","ШТ",1,2270,2270,"450063, г. Уфа, ПАО АНК \"Башнефть\" \"Башнефть-Новойл\""]
["Шины заземления","ПАО АНК \"Башнефть\" \"Башнефть-Новойл\"",29,785,"Шина PE HEGEL DK 7543.000","ШТ",1,2270,2270,"450063, г. Уфа, ПАО АНК \"Башнефть\" \"Башнефть-Новойл\""]
["Шины заземления","ПАО АНК \"Башнефть\" \"Башнефть-Новойл\"",29,786,"Шина Rittal SZ 4171000 (упк 12 шт)","УПК",0.33300000000000002,5230,1741.5900000000001,"450063, г. Уфа, ПАО АНК \"Башнефть\" \"Башнефть-Новойл\""]
["Шины заземления","ПАО АНК \"Башнефть\" \"Башнефть-Новойл\"",29,787,"Шина Rittal SZ 4171000 (упк 12 шт)","УПК",0.16700000000000001,5230,873.41000000000008,"450063, г. Уфа, ПАО АНК \"Башнефть\" \"Башнефть-Новойл\""]
["Шины заземления","ПАО АНК \"Башнефть\" \"Башнефть-Новойл\"",29,788,"Шина заземления CU 600 Rittal DK 7541000","ШТ",1,1980,1980,"450063, г. Уфа, ПАО АНК \"Башнефть\" \"Башнефть-Новойл\""]
["Шины заземления","ПАО АНК \"Башнефть\" \"Башнефть-Новойл\"",29,789,"Шина заземления Rittal 7542.000","ШТ",2,2360,4720,"450063, г. Уфа, ПАО АНК \"Башнефть\" \"Башнефть-Новойл\""]
["Шины заземления","ПАО АНК \"Башнефть\" \"Башнефть-Новойл\"",29,790,"Шина заземления Rittal арт.SZ 2569.000","ШТ",3,150,450,"450063, г. Уфа, ПАО АНК \"Башнефть\" \"Башнефть-Новойл\""]
["Шины заземления","ПАО АНК \"Башнефть\" \"Башнефть-Новойл\"",29,791,"Шина заземления Rittal арт.SZ 2569.000","ШТ",12,150,1800,"450063, г. Уфа, ПАО АНК \"Башнефть\" \"Башнефть-Новойл\""]
["Шины заземления","ПАО АНК \"Башнефть\" \"Башнефть-Новойл\"",29,792,"Шина заземления Rittal арт.SZ 2569.000","ШТ",1,150,150,"450063, г. Уфа, ПАО АНК \"Башнефть\" \"Башнефть-Новойл\""]
["Шины заземления","ПАО АНК \"Башнефть\" \"Башнефть-Новойл\"",29,793,"Шина несущая Rittal SZ 2313.150","ШТ",48,360,17280,"450063, г. Уфа, ПАО АНК \"Башнефть\" \"Башнефть-Новойл\""]
["Шины заземления","ПАО АНК \"Башнефть\" \"Башнефть-Новойл\"",29,794,"Шина несущая Rittal SZ 2313.150","ШТ",11,370,4070,"450063, г. Уфа, ПАО АНК \"Башнефть\" \"Башнефть-Новойл\""]
["Шины заземления","ПАО АНК \"Башнефть\" \"Башнефть-Новойл\"",29,795,"Шина несущая Rittal SZ 2313.150","ШТ",6,380,2280,"450063, г. Уфа, ПАО АНК \"Башнефть\" \"Башнефть-Новойл\""]
["Шины заземления","ПАО АНК \"Башнефть\" \"Башнефть-Новойл\"",29,796,"Шина несущая Rittal SZ 2313.150","ШТ",3,360,1080,"450063, г. Уфа, ПАО АНК \"Башнефть\" \"Башнефть-Новойл\""]
["Шины заземления","ПАО АНК \"Башнефть\" \"Башнефть-Новойл\"",29,797,"Шина профильная Rittal 4945.000","ШТ",7,250,1750,"450063, г. Уфа, ПАО АНК \"Башнефть\" \"Башнефть-Новойл\""]
["Шины заземления","ПАО АНК \"Башнефть\" \"Башнефть-Новойл\"",29,798,"Шина профильная Rittal 4945.000","ШТ",6,230,1380,"450063, г. Уфа, ПАО АНК \"Башнефть\" \"Башнефть-Новойл\""]
["Шины заземления","ПАО АНК \"Башнефть\" \"Башнефть-Новойл\"",29,799,"Шина профильная Rittal SZ 4944.000 6шт","УПК",1,1280,1280,"450063, г. Уфа, ПАО АНК \"Башнефть\" \"Башнефть-Новойл\""]
["Шины заземления","ПАО АНК \"Башнефть\" \"Башнефть-Новойл\"",29,800,"Шина профильная Rittal SZ 4944.000 6шт","УПК",2,1280,2560,"450063, г. Уфа, ПАО АНК \"Башнефть\" \"Башнефть-Новойл\""]
["Шины заземления","ПАО АНК \"Башнефть\" \"Башнефть-Новойл\"",29,801,"Шина профильная Rittal SZ 4944.000 6шт","УПК",3,1280,3840,"450063, г. Уфа, ПАО АНК \"Башнефть\" \"Башнефть-Новойл\""]
["Шкаф","ПАО АНК \"Башнефть\" \"Башнефть-Новойл\"",30,802,"Шкаф Rittal TS 8606.500","ШТ",1,14900,14900,"450063, г. Уфа, ПАО АНК \"Башнефть\" \"Башнефть-Новойл\""]
["Шкаф","ПАО АНК \"Башнефть\" \"Башнефть-Новойл\"",30,803,"Шкаф Rittal TS8 8604.500","ШТ",1,14460,14460,"450063, г. Уфа, ПАО АНК \"Башнефть\" \"Башнефть-Новойл\""]
["Шкаф","ПАО АНК \"Башнефть\" \"Башнефть-Новойл\"",30,804,"Шкаф Rittal TS8 8604.500","ШТ",1,14400,14400,"450063, г. Уфа, ПАО АНК \"Башнефть\" \"Башнефть-Новойл\""]
["Шкаф","ПАО АНК \"Башнефть\" \"Башнефть-Новойл\"",30,805,"Шкаф АВР ASCO A300 70А кмп2","ШТ",1,71550,71550,"450063, г. Уфа, ПАО АНК \"Башнефть\" \"Башнефть-Новойл\""]
["Шкаф","ПАО АНК \"Башнефть\" \"Башнефть-Новойл\"",30,806,"Шкаф АВР ASCO A300 70А кмп2","ШТ",1,64580,64580,"450063, г. Уфа, ПАО АНК \"Башнефть\" \"Башнефть-Новойл\""]
["Шкаф","ПАО АНК \"Башнефть\" \"Башнефть-Новойл\"",30,807,"Шкаф БНФ/п/2768/12/МТС","ШТ",1,255720,255720,"450063, г. Уфа, ПАО АНК \"Башнефть\" \"Башнефть-Новойл\""]
["Шкаф","ПАО АНК \"Башнефть\" \"Башнефть-Новойл\"",30,808,"Шкаф управления p/n 96002521 Grundfos","ШТ",1,18090,18090,"450063, г. Уфа, ПАО АНК \"Башнефть\" \"Башнефть-Новойл\""]
["Шкаф","ПАО АНК \"Башнефть\" \"Башнефть-Новойл\"",30,809,"Шкаф Щ-5Н-3, Щ-5Н-3а, Щ-6Н-3, Щ-6Н-3а. 6","ШТ",4,31120,124480,"450063, г. Уфа, ПАО АНК \"Башнефть\" \"Башнефть-Новойл\""]
["Щит","ПАО АНК \"Башнефть\" \"Башнефть-Новойл\"",31,810,"Щит 2Щ 05766528-(2295)-000-ТЭ.ОЛ","ШТ",1,240510,240510,"450063, г. Уфа, ПАО АНК \"Башнефть\" \"Башнефть-Новойл\""]
["Щит","ПАО АНК \"Башнефть\" \"Башнефть-Новойл\"",31,811,"Щит Щ0 по ОЛ №70000027413","ШТ",1,147990,147990,"450063, г. Уфа, ПАО АНК \"Башнефть\" \"Башнефть-Новойл\""]
["Сигнализаторы уровня","ПАО АНК \"Башнефть\" \"Башнефть-Новойл\"",32,812,"Сигн. уровня FTL51-KGW2BB4G5A L=1000мм","ШТ",3,24270,72810,"450063, г. Уфа, ПАО АНК \"Башнефть\" \"Башнефть-Новойл\""]
["Сигнализаторы уровня","ПАО АНК \"Башнефть\" \"Башнефть-Новойл\"",32,813,"Сигн. уровня FTL51-KGW2BB4G5A L=1800мм","ШТ",12,27100,325200,"450063, г. Уфа, ПАО АНК \"Башнефть\" \"Башнефть-Новойл\""]
["Сигнализаторы уровня","ПАО АНК \"Башнефть\" \"Башнефть-Новойл\"",32,814,"Сигн. уровня FTL51-KGW2BB4G5A L=2100мм","ШТ",3,28170,84510,"450063, г. Уфа, ПАО АНК \"Башнефть\" \"Башнефть-Новойл\""]
["Сигнализаторы уровня","ПАО АНК \"Башнефть\" \"Башнефть-Новойл\"",32,815,"Сигн. уровня ИСУ153И-2.4 L=2500мм","ШТ",2,7280,14560,"450063, г. Уфа, ПАО АНК \"Башнефть\" \"Башнефть-Новойл\""]
["Сигнализаторы уровня","ПАО АНК \"Башнефть\" \"Башнефть-Новойл\"",32,816,"Сигн. уровня УЗС-107И L=160мм","КМП",1,11970,11970,"450063, г. Уфа, ПАО АНК \"Башнефть\" \"Башнефть-Новойл\""]
["Сигнализаторы уровня","ПАО АНК \"Башнефть\" \"Башнефть-Новойл\"",32,817,"Сигн. уровня УЗС-107И L=160мм","КМП",4,11970,47880,"450063, г. Уфа, ПАО АНК \"Башнефть\" \"Башнефть-Новойл\""]
["Сигнализаторы уровня","ПАО АНК \"Башнефть\" \"Башнефть-Новойл\"",32,818,"Сигн. уровня УЗС-209И L=2600мм","КМП",1,19790,19790,"450063, г. Уфа, ПАО АНК \"Башнефть\" \"Башнефть-Новойл\""]
["Сигнализаторы уровня","ПАО АНК \"Башнефть\" \"Башнефть-Новойл\"",32,819,"Сигнализатор опт. E2S BEXBG05D 12DC YW","ШТ",1,28560,28560,"450063, г. Уфа, ПАО АНК \"Башнефть\" \"Башнефть-Новойл\""]
["Сигнализаторы уровня","ПАО АНК \"Башнефть\" \"Башнефть-Новойл\"",32,820,"Сигнализатор уровня СУ-1-2А L=2600мм","ШТ",1,34370,34370,"450063, г. Уфа, ПАО АНК \"Башнефть\" \"Башнефть-Новойл\""]
["Электромонтажные изделия, материалы","ПАО АНК \"Башнефть\" \"Башнефть-Новойл\"",33,821,"I/P-преобразователь ITV0010-0-N SMC","ШТ",2,7810.9,15621.8,"450063, г. Уфа, ПАО АНК \"Башнефть\" \"Башнефть-Новойл\""]
["Электромонтажные изделия, материалы","ПАО АНК \"Башнефть\" \"Башнефть-Новойл\"",33,822,"I/P-преобразователь ITV0010-0-N SMC","ШТ",1,7810.9,7810.9,"450063, г. Уфа, ПАО АНК \"Башнефть\" \"Башнефть-Новойл\""]
["Электромонтажные изделия, материалы","ПАО АНК \"Башнефть\" \"Башнефть-Новойл\"",33,823,"I/P-преобразователь ITV0010-0-N SMC","ШТ",2,7810.9,15621.8,"450063, г. Уфа, ПАО АНК \"Башнефть\" \"Башнефть-Новойл\""]
["Электромонтажные изделия, материалы","ПАО АНК \"Башнефть\" \"Башнефть-Новойл\"",33,824,"I/P-преобразователь ITV0010-0-N SMC","ШТ",1,7810.9,7810.9,"450063, г. Уфа, ПАО АНК \"Башнефть\" \"Башнефть-Новойл\""]
["Электромонтажные изделия, материалы","ПАО АНК \"Башнефть\" \"Башнефть-Новойл\"",33,825,"Адаптер Legrand Мозаик 31701","ШТ",9,310,2790,"450063, г. Уфа, ПАО АНК \"Башнефть\" \"Башнефть-Новойл\""]
["Электромонтажные изделия, материалы","ПАО АНК \"Башнефть\" \"Башнефть-Новойл\"",33,826,"Анкер К675 У3","ШТ",6,58.4,350.4,"450063, г. Уфа, ПАО АНК \"Башнефть\" \"Башнефть-Новойл\""]
["Электромонтажные изделия, материалы","ПАО АНК \"Башнефть\" \"Башнефть-Новойл\"",33,827,"Арматура EAKT 1677-CEE01","ШТ",4,1089.9000000000001,4359.6000000000004,"450063, г. Уфа, ПАО АНК \"Башнефть\" \"Башнефть-Новойл\""]
["Электромонтажные изделия, материалы","ПАО АНК \"Башнефть\" \"Башнефть-Новойл\"",33,828,"Блок клеммный MTK-P/P 3104013","ШТ",30,156.9,4707,"450063, г. Уфа, ПАО АНК \"Башнефть\" \"Башнефть-Новойл\""]
["Электромонтажные изделия, материалы","ПАО АНК \"Башнефть\" \"Башнефть-Новойл\"",33,829,"Блок клеммный MTK-P/P 3104013","ШТ",98,156.9,15376.2,"450063, г. Уфа, ПАО АНК \"Башнефть\" \"Башнефть-Новойл\""]
["Электромонтажные изделия, материалы","ПАО АНК \"Башнефть\" \"Башнефть-Новойл\"",33,830,"Блок клеммный UK 5-MTK-P/P 3004032","ШТ",20,192.2,3844,"450063, г. Уфа, ПАО АНК \"Башнефть\" \"Башнефть-Новойл\""]
["Электромонтажные изделия, материалы","ПАО АНК \"Башнефть\" \"Башнефть-Новойл\"",33,831,"Блок модуль кроссовый Legrand p/n 04884","ШТ",2,848.8,1697.6,"450063, г. Уфа, ПАО АНК \"Башнефть\" \"Башнефть-Новойл\""]
["Электромонтажные изделия, материалы","ПАО АНК \"Башнефть\" \"Башнефть-Новойл\"",33,832,"Блок модуль кроссовый Legrand p/n 04884","ШТ",1,848.8,848.8,"450063, г. Уфа, ПАО АНК \"Башнефть\" \"Башнефть-Новойл\""]
["Электромонтажные изделия, материалы","ПАО АНК \"Башнефть\" \"Башнефть-Новойл\"",33,833,"Блок распр.модул.клем.Legrand 04880","ШТ",10,358.8,{"$f":"H837*G837","v":3588},"450063, г. Уфа, ПАО АНК \"Башнефть\" \"Башнефть-Новойл\""]
["Электромонтажные изделия, материалы","ПАО АНК \"Башнефть\" \"Башнефть-Новойл\"",33,834,"Блок распр.модул.клем.Legrand 04880","ШТ",10,348.3,3483,"450063, г. Уфа, ПАО АНК \"Башнефть\" \"Башнефть-Новойл\""]
["Электромонтажные изделия, материалы","ПАО АНК \"Башнефть\" \"Башнефть-Новойл\"",33,835,"Болт Bettermann p/n 6407560","ШТ",15,113.8,1707,"450063, г. Уфа, ПАО АНК \"Башнефть\" \"Башнефть-Новойл\""]
["Электромонтажные изделия, материалы","ПАО АНК \"Башнефть\" \"Башнефть-Новойл\"",33,836,"Болт OBO FRS 6406971 8x20F","ШТ",40,19.899999999999999,796,"450063, г. Уфа, ПАО АНК \"Башнефть\" \"Башнефть-Новойл\""]
["Электромонтажные изделия, материалы","ПАО АНК \"Башнефть\" \"Башнефть-Новойл\"",33,837,"Болт OBO SKS 6418287 12х80F","ШТ",4,72.099999999999994,288.39999999999998,"450063, г. Уфа, ПАО АНК \"Башнефть\" \"Башнефть-Новойл\""]
["Электромонтажные изделия, материалы","ПАО АНК \"Башнефть\" \"Башнефть-Новойл\"",33,838,"Винт М5х8 для крышек DKC CM030508","ШТ",3490,3.4,11866,"450063, г. Уфа, ПАО АНК \"Башнефть\" \"Башнефть-Новойл\""]
["Электромонтажные изделия, материалы","ПАО АНК \"Башнефть\" \"Башнефть-Новойл\"",33,839,"Винт М5х8 для крышек DKC CM030508","ШТ",945,3.4,3213,"450063, г. Уфа, ПАО АНК \"Башнефть\" \"Башнефть-Новойл\""]
["Электромонтажные изделия, материалы","ПАО АНК \"Башнефть\" \"Башнефть-Новойл\"",33,840,"Винт М5х8 для крышек DKC CM030508","ШТ",162,3.4,550.79999999999995,"450063, г. Уфа, ПАО АНК \"Башнефть\" \"Башнефть-Новойл\""]
["Электромонтажные изделия, материалы","ПАО АНК \"Башнефть\" \"Башнефть-Новойл\"",33,841,"Винт М5х8 для крышек DKC CM030508","ШТ",150,3.4,510,"450063, г. Уфа, ПАО АНК \"Башнефть\" \"Башнефть-Новойл\""]
["Электромонтажные изделия, материалы","ПАО АНК \"Башнефть\" \"Башнефть-Новойл\"",33,842,"Винт М5х8 для крышек DKC CM030508","ШТ",7,3.4,23.8,"450063, г. Уфа, ПАО АНК \"Башнефть\" \"Башнефть-Новойл\""]
["Электромонтажные изделия, материалы","ПАО АНК \"Башнефть\" \"Башнефть-Новойл\"",33,843,"Гайка M6 Rittal TS 4162.000 (упк 50шт)","УПК",3,317.2,951.59999999999991,"450063, г. Уфа, ПАО АНК \"Башнефть\" \"Башнефть-Новойл\""]
["Электромонтажные изделия, материалы","ПАО АНК \"Башнефть\" \"Башнефть-Новойл\"",33,844,"Гайка M6 Rittal TS 4162.000 (упк 50шт)","УПК",2,312.3,624.6,"450063, г. Уфа, ПАО АНК \"Башнефть\" \"Башнефть-Новойл\""]
["Электромонтажные изделия, материалы","ПАО АНК \"Башнефть\" \"Башнефть-Новойл\"",33,845,"Гайка M6 Rittal TS 4162.000 (упк 50шт)","УПК",2,302.8,605.6,"450063, г. Уфа, ПАО АНК \"Башнефть\" \"Башнефть-Новойл\""]
["Электромонтажные изделия, материалы","ПАО АНК \"Башнефть\" \"Башнефть-Новойл\"",33,846,"Гайка Rittal TS 8800.350","ШТ",8,3.6,28.8,"450063, г. Уфа, ПАО АНК \"Башнефть\" \"Башнефть-Новойл\""]
["Электромонтажные изделия, материалы","ПАО АНК \"Башнефть\" \"Башнефть-Новойл\"",33,847,"Гайка закладная К-605 У3","ШТ",21,5.5,115.5,"450063, г. Уфа, ПАО АНК \"Башнефть\" \"Башнефть-Новойл\""]
["Электромонтажные изделия, материалы","ПАО АНК \"Башнефть\" \"Башнефть-Новойл\"",33,848,"Гайка закладная К-608 У3","ШТ",40,5.5,220,"450063, г. Уфа, ПАО АНК \"Башнефть\" \"Башнефть-Новойл\""]
["Электромонтажные изделия, материалы","ПАО АНК \"Башнефть\" \"Башнефть-Новойл\"",33,849,"Гайка закладная К-609 У3","ШТ",52,5.5,286,"450063, г. Уфа, ПАО АНК \"Башнефть\" \"Башнефть-Новойл\""]
["Электромонтажные изделия, материалы","ПАО АНК \"Башнефть\" \"Башнефть-Новойл\"",33,850,"Гайка закладная К611","ШТ",20,5.7,114,"450063, г. Уфа, ПАО АНК \"Башнефть\" \"Башнефть-Новойл\""]
["Электромонтажные изделия, материалы","ПАО АНК \"Башнефть\" \"Башнефть-Новойл\"",33,851,"Гайка закладная К612","ШТ",16,5.7,91.2,"450063, г. Уфа, ПАО АНК \"Башнефть\" \"Башнефть-Новойл\""]
["Электромонтажные изделия, материалы","ПАО АНК \"Башнефть\" \"Башнефть-Новойл\"",33,852,"Гайка закладная К613","ШТ",16,5.7,91.2,"450063, г. Уфа, ПАО АНК \"Башнефть\" \"Башнефть-Новойл\""]
["Электромонтажные изделия, материалы","ПАО АНК \"Башнефть\" \"Башнефть-Новойл\"",33,853,"Гайка скользящая Rittal PS 4179.000","ШТ",20,24.8,496,"450063, г. Уфа, ПАО АНК \"Башнефть\" \"Башнефть-Новойл\""]
["Электромонтажные изделия, материалы","ПАО АНК \"Башнефть\" \"Башнефть-Новойл\"",33,854,"Гайка установочная заземляющая К485 У3","ШТ",12,17.600000000000001,211.20000000000002,"450063, г. Уфа, ПАО АНК \"Башнефть\" \"Башнефть-Новойл\""]
["Электромонтажные изделия, материалы","ПАО АНК \"Башнефть\" \"Башнефть-Новойл\"",33,855,"Гильза ГМ-240-23","ШТ",5,59.4,297,"450063, г. Уфа, ПАО АНК \"Башнефть\" \"Башнефть-Новойл\""]
["Электромонтажные изделия, материалы","ПАО АНК \"Башнефть\" \"Башнефть-Новойл\"",33,856,"Дер. марк. Phoenix Contact CARRIER-WMT 3","ШТ",700,1.2,840,"450063, г. Уфа, ПАО АНК \"Башнефть\" \"Башнефть-Новойл\""]
["Электромонтажные изделия, материалы","ПАО АНК \"Башнефть\" \"Башнефть-Новойл\"",33,857,"Дер. марк. Phoenix Contact CARRIER-WMT 3","ШТ",800,1.4,1120,"450063, г. Уфа, ПАО АНК \"Башнефть\" \"Башнефть-Новойл\""]
["Электромонтажные изделия, материалы","ПАО АНК \"Башнефть\" \"Башнефть-Новойл\"",33,858,"Дер. марк. Phoenix Contact CARRIER-WMT 5","ШТ",650,1.2,780,"450063, г. Уфа, ПАО АНК \"Башнефть\" \"Башнефть-Новойл\""]
["Электромонтажные изделия, материалы","ПАО АНК \"Башнефть\" \"Башнефть-Новойл\"",33,859,"Дер. марк. Phoenix Contact CARRIER-WMT 5","ШТ",800,1.4,1120,"450063, г. Уфа, ПАО АНК \"Башнефть\" \"Башнефть-Новойл\""]
["Электромонтажные изделия, материалы","ПАО АНК \"Башнефть\" \"Башнефть-Новойл\"",33,860,"Дер. марк. Phoenix Contact CARRIER-WMT 5","ШТ",100,1.3,130,"450063, г. Уфа, ПАО АНК \"Башнефть\" \"Башнефть-Новойл\""]
["Электромонтажные изделия, материалы","ПАО АНК \"Башнефть\" \"Башнефть-Новойл\"",33,861,"Держатель Phoenix Contact P/n 3022276","ШТ",2,25.2,50.4,"450063, г. Уфа, ПАО АНК \"Башнефть\" \"Башнефть-Новойл\""]
["Электромонтажные изделия, материалы","ПАО АНК \"Башнефть\" \"Башнефть-Новойл\"",33,862,"Держатель кабеля DKC 37561ZL","ШТ",5,88.3,441.5,"450063, г. Уфа, ПАО АНК \"Башнефть\" \"Башнефть-Новойл\""]
["Электромонтажные изделия, материалы","ПАО АНК \"Башнефть\" \"Башнефть-Новойл\"",33,863,"Держатель конц. E/UK1 арт.1201413","ШТ",4,51.7,206.8,"450063, г. Уфа, ПАО АНК \"Башнефть\" \"Башнефть-Новойл\""]
["Электромонтажные изделия, материалы","ПАО АНК \"Башнефть\" \"Башнефть-Новойл\"",33,864,"Держатель конц. E/UK1 арт.1201413","ШТ",100,51.7,5170,"450063, г. Уфа, ПАО АНК \"Башнефть\" \"Башнефть-Новойл\""]
["Электромонтажные изделия, материалы","ПАО АНК \"Башнефть\" \"Башнефть-Новойл\"",33,865,"Держатель конц. E/UK1 арт.1201413","ШТ",100,51.7,5170,"450063, г. Уфа, ПАО АНК \"Башнефть\" \"Башнефть-Новойл\""]
["Электромонтажные изделия, материалы","ПАО АНК \"Башнефть\" \"Башнефть-Новойл\"",33,866,"Держатель конц. E/UK1 арт.1201413","ШТ",3,51.7,155.10000000000002,"450063, г. Уфа, ПАО АНК \"Башнефть\" \"Башнефть-Новойл\""]
["Электромонтажные изделия, материалы","ПАО АНК \"Башнефть\" \"Башнефть-Новойл\"",33,867,"Держатель конц. E/UK1 арт.1201413","ШТ",50,51.7,2585,"450063, г. Уфа, ПАО АНК \"Башнефть\" \"Башнефть-Новойл\""]
["Электромонтажные изделия, материалы","ПАО АНК \"Башнефть\" \"Башнефть-Новойл\"",33,868,"Держатель конц. E/UK1 арт.1201413","ШТ",15,51.7,775.5,"450063, г. Уфа, ПАО АНК \"Башнефть\" \"Башнефть-Новойл\""]
["Электромонтажные изделия, материалы","ПАО АНК \"Башнефть\" \"Башнефть-Новойл\"",33,869,"Держатель концевой CLIPFIX 35 3022218","ШТ",1,27.7,27.7,"450063, г. Уфа, ПАО АНК \"Башнефть\" \"Башнефть-Новойл\""]
["Электромонтажные изделия, материалы","ПАО АНК \"Башнефть\" \"Башнефть-Новойл\"",33,870,"Держатель мар. PATO 1/15 Phoenix 1013119","ШТ",2000,5,10000,"450063, г. Уфа, ПАО АНК \"Башнефть\" \"Башнефть-Новойл\""]
["Электромонтажные изделия, материалы","ПАО АНК \"Башнефть\" \"Башнефть-Новойл\"",33,871,"Держатель маркировки PATG 1/23 1013847","ШТ",50,3.2,160,"450063, г. Уфа, ПАО АНК \"Башнефть\" \"Башнефть-Новойл\""]
["Электромонтажные изделия, материалы","ПАО АНК \"Башнефть\" \"Башнефть-Новойл\"",33,872,"Держатель маркировки PATG 4/23","ШТ",1,5,5,"450063, г. Уфа, ПАО АНК \"Башнефть\" \"Башнефть-Новойл\""]
["Электромонтажные изделия, материалы","ПАО АНК \"Башнефть\" \"Башнефть-Новойл\"",33,873,"Держатель маркировки Phoenix P/n 1013740","ШТ",2900,3.2,9280,"450063, г. Уфа, ПАО АНК \"Башнефть\" \"Башнефть-Новойл\""]
["Электромонтажные изделия, материалы","ПАО АНК \"Башнефть\" \"Башнефть-Новойл\"",33,874,"Держатель маркировки Phoenix P/n1013850","ШТ",22,3.2,70.400000000000006,"450063, г. Уфа, ПАО АНК \"Башнефть\" \"Башнефть-Новойл\""]
["Электромонтажные изделия, материалы","ПАО АНК \"Башнефть\" \"Башнефть-Новойл\"",33,875,"Держатель маркировки Phoenix P/n1013850","ШТ",28,3.2,89.600000000000009,"450063, г. Уфа, ПАО АНК \"Башнефть\" \"Башнефть-Новойл\""]
["Электромонтажные изделия, материалы","ПАО АНК \"Башнефть\" \"Башнефть-Новойл\"",33,876,"Держатель маркировки UBE/D 0800307","ШТ",1,66.2,66.2,"450063, г. Уфа, ПАО АНК \"Башнефть\" \"Башнефть-Новойл\""]
["Электромонтажные изделия, материалы","ПАО АНК \"Башнефть\" \"Башнефть-Новойл\"",33,877,"Держатель маркировки UBE/D+ES/KMK 3","ШТ",1,66.2,66.2,"450063, г. Уфа, ПАО АНК \"Башнефть\" \"Башнефть-Новойл\""]
["Электромонтажные изделия, материалы","ПАО АНК \"Башнефть\" \"Башнефть-Новойл\"",33,878,"Держатель предохранителя Legrand L/05811","ШТ",10,446.4,4464,"450063, г. Уфа, ПАО АНК \"Башнефть\" \"Башнефть-Новойл\""]
["Электромонтажные изделия, материалы","ПАО АНК \"Башнефть\" \"Башнефть-Новойл\"",33,879,"Держатель с защелкой CF 20 ИЭК","ШТ",150,1.4,210,"450063, г. Уфа, ПАО АНК \"Башнефть\" \"Башнефть-Новойл\""]
["Электромонтажные изделия, материалы","ПАО АНК \"Башнефть\" \"Башнефть-Новойл\"",33,880,"Дюбель У656","ШТ",6,2.1,12.600000000000001,"450063, г. Уфа, ПАО АНК \"Башнефть\" \"Башнефть-Новойл\""]
["Электромонтажные изделия, материалы","ПАО АНК \"Башнефть\" \"Башнефть-Новойл\"",33,881,"Дюбель У656","ШТ",30,2.1,63,"450063, г. Уфа, ПАО АНК \"Башнефть\" \"Башнефть-Новойл\""]
["Электромонтажные изделия, материалы","ПАО АНК \"Башнефть\" \"Башнефть-Новойл\"",33,882,"Дюбель У658","ШТ",100,2.1,210,"450063, г. Уфа, ПАО АНК \"Башнефть\" \"Башнефть-Новойл\""]
["Электромонтажные изделия, материалы","ПАО АНК \"Башнефть\" \"Башнефть-Новойл\"",33,883,"Дюбель У658","ШТ",30,2.1,63,"450063, г. Уфа, ПАО АНК \"Башнефть\" \"Башнефть-Новойл\""]
["Электромонтажные изделия, материалы","ПАО АНК \"Башнефть\" \"Башнефть-Новойл\"",33,884,"Дюбель У658","ШТ",4,2.1,8.4,"450063, г. Уфа, ПАО АНК \"Башнефть\" \"Башнефть-Новойл\""]
["Электромонтажные изделия, материалы","ПАО АНК \"Башнефть\" \"Башнефть-Новойл\"",33,885,"Дюбель У658","ШТ",50,2.1,105,"450063, г. Уфа, ПАО АНК \"Башнефть\" \"Башнефть-Новойл\""]
["Электромонтажные изделия, материалы","ПАО АНК \"Башнефть\" \"Башнефть-Новойл\"",33,886,"Дюбель У658","ШТ",100,2.1,210,"450063, г. Уфа, ПАО АНК \"Башнефть\" \"Башнефть-Новойл\""]
["Электромонтажные изделия, материалы","ПАО АНК \"Башнефть\" \"Башнефть-Новойл\"",33,887,"Дюбель У658","ШТ",20,2.1,42,"450063, г. Уфа, ПАО АНК \"Башнефть\" \"Башнефть-Новойл\""]
["Электромонтажные изделия, материалы","ПАО АНК \"Башнефть\" \"Башнефть-Новойл\"",33,888,"Дюбель У658","ШТ",100,2.1,210,"450063, г. Уфа, ПАО АНК \"Башнефть\" \"Башнефть-Новойл\""]
["Электромонтажные изделия, материалы","ПАО АНК \"Башнефть\" \"Башнефть-Новойл\"",33,889,"Дюбель У658","ШТ",34,2.1,71.400000000000006,"450063, г. Уфа, ПАО АНК \"Башнефть\" \"Башнефть-Новойл\""]
["Электромонтажные изделия, материалы","ПАО АНК \"Башнефть\" \"Башнефть-Новойл\"",33,890,"Желоб защитный с накладками ЖЗсН","ШТ",6,381.1,2286.6000000000004,"450063, г. Уфа, ПАО АНК \"Башнефть\" \"Башнефть-Новойл\""]
["Электромонтажные изделия, материалы","ПАО АНК \"Башнефть\" \"Башнефть-Новойл\"",33,891,"Желоб защитный с накладками ЖЗсН","ШТ",10,381.1,3811,"450063, г. Уфа, ПАО АНК \"Башнефть\" \"Башнефть-Новойл\""]
["Электромонтажные изделия, материалы","ПАО АНК \"Башнефть\" \"Башнефть-Новойл\"",33,892,"Заглушка Legrand L/30290 60х16","ШТ",3,91.9,275.70000000000005,"450063, г. Уфа, ПАО АНК \"Башнефть\" \"Башнефть-Новойл\""]
["Электромонтажные изделия, материалы","ПАО АНК \"Башнефть\" \"Башнефть-Новойл\"",33,893,"Заглушка Legrand L/31207 32х16","ШТ",4,73.599999999999994,294.39999999999998,"450063, г. Уфа, ПАО АНК \"Башнефть\" \"Башнефть-Новойл\""]
["Электромонтажные изделия, материалы","ПАО АНК \"Башнефть\" \"Башнефть-Новойл\"",33,894,"Заглушка Marshall Tufflex JM21","ШТ",3,30.3,90.9,"450063, г. Уфа, ПАО АНК \"Башнефть\" \"Башнефть-Новойл\""]
["Электромонтажные изделия, материалы","ПАО АНК \"Башнефть\" \"Башнефть-Новойл\"",33,895,"Заглушка PLG1 (1/2)","ШТ",165,85.5,14107.5,"450063, г. Уфа, ПАО АНК \"Башнефть\" \"Башнефть-Новойл\""]
["Электромонтажные изделия, материалы","ПАО АНК \"Башнефть\" \"Башнефть-Новойл\"",33,896,"Заглушка З-С-ВЭЛ-М20В1.5 ВЭЛАН","ШТ",1,76.8,76.8,"450063, г. Уфа, ПАО АНК \"Башнефть\" \"Башнефть-Новойл\""]
["Электромонтажные изделия, материалы","ПАО АНК \"Башнефть\" \"Башнефть-Новойл\"",33,897,"Заглушка КЛ-3","ШТ",2,57.1,{"$f":"H901*G901","v":114.2},"450063, г. Уфа, ПАО АНК \"Башнефть\" \"Башнефть-Новойл\""]
["Электромонтажные изделия, материалы","ПАО АНК \"Башнефть\" \"Башнефть-Новойл\"",33,898,"Зажим OBO Betterman FL 3TG 1488031","ШТ",30,190.2,5706,"450063, г. Уфа, ПАО АНК \"Башнефть\" \"Башнефть-Новойл\""]
["Электромонтажные изделия, материалы","ПАО АНК \"Башнефть\" \"Башнефть-Новойл\"",33,899,"Зажим тросовый К296-У3","ШТ",19,43.3,822.69999999999993,"450063, г. Уфа, ПАО АНК \"Башнефть\" \"Башнефть-Новойл\""]
["Электромонтажные изделия, материалы","ПАО АНК \"Башнефть\" \"Башнефть-Новойл\"",33,900,"Кабель-канал Legrand 120х80мм L/36225","М",24,566,13584,"450063, г. Уфа, ПАО АНК \"Башнефть\" \"Башнефть-Новойл\""]
["Электромонтажные изделия, материалы","ПАО АНК \"Башнефть\" \"Башнефть-Новойл\"",33,901,"Кабель-канал Legrand L/10459 65х220мм","М",8,1186.5,9492,"450063, г. Уфа, ПАО АНК \"Башнефть\" \"Башнефть-Новойл\""]
["Электромонтажные изделия, материалы","ПАО АНК \"Башнефть\" \"Башнефть-Новойл\"",33,902,"Кабель-канал Legrand L/36217 80х80мм","М",46,1221.5999999999999,56193.599999999999,"450063, г. Уфа, ПАО АНК \"Башнефть\" \"Башнефть-Новойл\""]
["Электромонтажные изделия, материалы","ПАО АНК \"Башнефть\" \"Башнефть-Новойл\"",33,903,"Кабель-канал Legrand L/36217 80х80мм","М",7,1221.5999999999999,8551.1999999999989,"450063, г. Уфа, ПАО АНК \"Башнефть\" \"Башнефть-Новойл\""]
["Электромонтажные изделия, материалы","ПАО АНК \"Башнефть\" \"Башнефть-Новойл\"",33,904,"Кабель-канал Legrand L/36217 80х80мм","М",1,1221.5999999999999,1221.5999999999999,"450063, г. Уфа, ПАО АНК \"Башнефть\" \"Башнефть-Новойл\""]
["Электромонтажные изделия, материалы","ПАО АНК \"Башнефть\" \"Башнефть-Новойл\"",33,905,"Кабель-канал Legrand L/36217 80х80мм","М",1,1221.5999999999999,1221.5999999999999,"450063, г. Уфа, ПАО АНК \"Башнефть\" \"Башнефть-Новойл\""]
["Электромонтажные изделия, материалы","ПАО АНК \"Башнефть\" \"Башнефть-Новойл\"",33,906,"Кабель-канал Legrand L/36217 80х80мм","М",1,1221.5999999999999,1221.5999999999999,"450063, г. Уфа, ПАО АНК \"Башнефть\" \"Башнефть-Новойл\""]
["Электромонтажные изделия, материалы","ПАО АНК \"Башнефть\" \"Башнефть-Новойл\"",33,907,"Кабель-канал Legrand L/36217 80х80мм","М",3,1221.5999999999999,3664.7999999999997,"450063, г. Уфа, ПАО АНК \"Башнефть\" \"Башнефть-Новойл\""]
["Электромонтажные изделия, материалы","ПАО АНК \"Башнефть\" \"Башнефть-Новойл\"",33,908,"Кабель-канал Legrand L/36217 80х80мм","М",2,1221.5999999999999,2443.1999999999998,"450063, г. Уфа, ПАО АНК \"Башнефть\" \"Башнефть-Новойл\""]
["Электромонтажные изделия, материалы","ПАО АНК \"Башнефть\" \"Башнефть-Новойл\"",33,909,"Кабель-канал Legrand L/36217 80х80мм","М",1,1221.5999999999999,1221.5999999999999,"450063, г. Уфа, ПАО АНК \"Башнефть\" \"Башнефть-Новойл\""]
["Электромонтажные изделия, материалы","ПАО АНК \"Башнефть\" \"Башнефть-Новойл\"",33,910,"Клавиша Legrand Galea L/777010","ШТ",4,50.7,202.8,"450063, г. Уфа, ПАО АНК \"Башнефть\" \"Башнефть-Новойл\""]
["Электромонтажные изделия, материалы","ПАО АНК \"Башнефть\" \"Башнефть-Новойл\"",33,911,"Ключ К1156 У3","ШТ",1,14.5,14.5,"450063, г. Уфа, ПАО АНК \"Башнефть\" \"Башнефть-Новойл\""]
["Электромонтажные изделия, материалы","ПАО АНК \"Башнефть\" \"Башнефть-Новойл\"",33,912,"Колодка монтажная МСВН-00","ШТ",21,138.6,2910.6,"450063, г. Уфа, ПАО АНК \"Башнефть\" \"Башнефть-Новойл\""]
["Электромонтажные изделия, материалы","ПАО АНК \"Башнефть\" \"Башнефть-Новойл\"",33,913,"Колпачок CPS 5SKOR 1124561","ШТ",12,63.2,758.40000000000009,"450063, г. Уфа, ПАО АНК \"Башнефть\" \"Башнефть-Новойл\""]
["Электромонтажные изделия, материалы","ПАО АНК \"Башнефть\" \"Башнефть-Новойл\"",33,914,"Колпачок US 3 KS 0R Betterman 6338458","ШТ",4,43.3,173.2,"450063, г. Уфа, ПАО АНК \"Башнефть\" \"Башнефть-Новойл\""]
["Электромонтажные изделия, материалы","ПАО АНК \"Башнефть\" \"Башнефть-Новойл\"",33,915,"Кольцо KSR-910 PE Bettermann 6066 71 2","ШТ",15,85.7,1285.5,"450063, г. Уфа, ПАО АНК \"Башнефть\" \"Башнефть-Новойл\""]
["Электромонтажные изделия, материалы","ПАО АНК \"Башнефть\" \"Башнефть-Новойл\"",33,916,"Кольцо KSR-910 PE Bettermann 6066 71 2","ШТ",30,85.7,2571,"450063, г. Уфа, ПАО АНК \"Башнефть\" \"Башнефть-Новойл\""]
["Электромонтажные изделия, материалы","ПАО АНК \"Башнефть\" \"Башнефть-Новойл\"",33,917,"Кольцо OBO KSR 915PE 6066704","ШТ",10,62,620,"450063, г. Уфа, ПАО АНК \"Башнефть\" \"Башнефть-Новойл\""]
["Электромонтажные изделия, материалы","ПАО АНК \"Башнефть\" \"Башнефть-Новойл\"",33,918,"Кольцо уплотнительное 20 ETS2","ШТ",6,20.8,124.80000000000001,"450063, г. Уфа, ПАО АНК \"Башнефть\" \"Башнефть-Новойл\""]
["Электромонтажные изделия, материалы","ПАО АНК \"Башнефть\" \"Башнефть-Новойл\"",33,919,"Кольцо уплотнительное DKC 023110 D110мм","ШТ",15,90.6,1359,"450063, г. Уфа, ПАО АНК \"Башнефть\" \"Башнефть-Новойл\""]
["Электромонтажные изделия, материалы","ПАО АНК \"Башнефть\" \"Башнефть-Новойл\"",33,920,"Консоль BBP-41 DKC BBP4120HDZ","ШТ",12,606.20000000000005,7274.4000000000005,"450063, г. Уфа, ПАО АНК \"Башнефть\" \"Башнефть-Новойл\""]
["Электромонтажные изделия, материалы","ПАО АНК \"Башнефть\" \"Башнефть-Новойл\"",33,921,"Консоль BBP-41 DKC BBP4140HDZ","ШТ",1,606.20000000000005,606.20000000000005,"450063, г. Уфа, ПАО АНК \"Башнефть\" \"Башнефть-Новойл\""]
["Электромонтажные изделия, материалы","ПАО АНК \"Башнефть\" \"Башнефть-Новойл\"",33,922,"Консоль DS DKC 34160","ШТ",29,189.7,5501.2999999999993,"450063, г. Уфа, ПАО АНК \"Башнефть\" \"Башнефть-Новойл\""]
["Электромонтажные изделия, материалы","ПАО АНК \"Башнефть\" \"Башнефть-Новойл\"",33,923,"Консоль DW DKC 34152","ШТ",4,112.1,448.4,"450063, г. Уфа, ПАО АНК \"Башнефть\" \"Башнефть-Новойл\""]
["Электромонтажные изделия, материалы","ПАО АНК \"Башнефть\" \"Башнефть-Новойл\"",33,924,"Консоль OBO AW 15/41FT 6420745","ШТ",7,689.6,4827.2,"450063, г. Уфа, ПАО АНК \"Башнефть\" \"Башнефть-Новойл\""]
["Электромонтажные изделия, материалы","ПАО АНК \"Башнефть\" \"Башнефть-Новойл\"",33,925,"Контргайка Cortem DL3IB","ШТ",8,120.4,963.2,"450063, г. Уфа, ПАО АНК \"Башнефть\" \"Башнефть-Новойл\""]
["Электромонтажные изделия, материалы","ПАО АНК \"Башнефть\" \"Башнефть-Новойл\"",33,926,"Контргайка латунная ВЭЛАН G1","ШТ",4,69.400000000000006,277.60000000000002,"450063, г. Уфа, ПАО АНК \"Башнефть\" \"Башнефть-Новойл\""]
["Электромонтажные изделия, материалы","ПАО АНК \"Башнефть\" \"Башнефть-Новойл\"",33,927,"Короб 100х50 У1107ц УТ1,5","ШТ",2,1326.4,2652.8,"450063, г. Уфа, ПАО АНК \"Башнефть\" \"Башнефть-Новойл\""]
["Электромонтажные изделия, материалы","ПАО АНК \"Башнефть\" \"Башнефть-Новойл\"",33,928,"Короб 100х50 У1108ц УТ1,5","ШТ",2,1326.4,2652.8,"450063, г. Уфа, ПАО АНК \"Башнефть\" \"Башнефть-Новойл\""]
["Электромонтажные изделия, материалы","ПАО АНК \"Башнефть\" \"Башнефть-Новойл\"",33,929,"Короб 400х65х2000 оцин.S=1.2мм УТ1.5","ШТ",10,1420.6,14206,"450063, г. Уфа, ПАО АНК \"Башнефть\" \"Башнефть-Новойл\""]
["Электромонтажные изделия, материалы","ПАО АНК \"Башнефть\" \"Башнефть-Новойл\"",33,930,"Короб TA-GN 60х40УХЛ2 L=2м DKC 01780","ШТ",1,261.7,261.7,"450063, г. Уфа, ПАО АНК \"Башнефть\" \"Башнефть-Новойл\""]
["Электромонтажные изделия, материалы","ПАО АНК \"Башнефть\" \"Башнефть-Новойл\"",33,931,"Короб TA-GN 60х40УХЛ2 L=2м DKC 01780","ШТ",1,261.7,261.7,"450063, г. Уфа, ПАО АНК \"Башнефть\" \"Башнефть-Новойл\""]
["Электромонтажные изделия, материалы","ПАО АНК \"Башнефть\" \"Башнефть-Новойл\"",33,932,"Кронштейн AW 15 51FT Betterman 6420788","ШТ",1,476.2,476.2,"450063, г. Уфа, ПАО АНК \"Башнефть\" \"Башнефть-Новойл\""]
["Электромонтажные изделия, материалы","ПАО АНК \"Башнефть\" \"Башнефть-Новойл\"",33,933,"Кронштейн Bettermann AWG 1521 FT 6420608","ШТ",1,419.2,419.2,"450063, г. Уфа, ПАО АНК \"Башнефть\" \"Башнефть-Новойл\""]
["Электромонтажные изделия, материалы","ПАО АНК \"Башнефть\" \"Башнефть-Новойл\"",33,934,"Кронштейн Bettermann TPSA 145 FT 6364659","ШТ",8,744.7,5957.6,"450063, г. Уфа, ПАО АНК \"Башнефть\" \"Башнефть-Новойл\""]
["Электромонтажные изделия, материалы","ПАО АНК \"Башнефть\" \"Башнефть-Новойл\"",33,935,"Кронштейн Bettermann TPSA 145 FT 6364659","ШТ",8,744.7,5957.6,"450063, г. Уфа, ПАО АНК \"Башнефть\" \"Башнефть-Новойл\""]
["Электромонтажные изделия, материалы","ПАО АНК \"Башнефть\" \"Башнефть-Новойл\"",33,936,"Кронштейн СК367","ШТ",5,60.1,300.5,"450063, г. Уфа, ПАО АНК \"Башнефть\" \"Башнефть-Новойл\""]
["Электромонтажные изделия, материалы","ПАО АНК \"Башнефть\" \"Башнефть-Новойл\"",33,937,"Кронштейн СК467","ШТ",15,78.2,1173,"450063, г. Уфа, ПАО АНК \"Башнефть\" \"Башнефть-Новойл\""]
["Электромонтажные изделия, материалы","ПАО АНК \"Башнефть\" \"Башнефть-Новойл\"",33,938,"Кронштейн СК467","ШТ",14,78.2,1094.8,"450063, г. Уфа, ПАО АНК \"Башнефть\" \"Башнефть-Новойл\""]
["Электромонтажные изделия, материалы","ПАО АНК \"Башнефть\" \"Башнефть-Новойл\"",33,939,"Кронштейн СК467","ШТ",5,78.2,391,"450063, г. Уфа, ПАО АНК \"Башнефть\" \"Башнефть-Новойл\""]
["Электромонтажные изделия, материалы","ПАО АНК \"Башнефть\" \"Башнефть-Новойл\"",33,940,"Кронштейн стенной СКУ 100 УТ1,5","ШТ",160,65.7,10512,"450063, г. Уфа, ПАО АНК \"Башнефть\" \"Башнефть-Новойл\""]
["Электромонтажные изделия, материалы","ПАО АНК \"Башнефть\" \"Башнефть-Новойл\"",33,941,"Кронштейн универсальный КУ УТ1.5","ШТ",6,127.9,767.40000000000009,"450063, г. Уфа, ПАО АНК \"Башнефть\" \"Башнефть-Новойл\""]
["Электромонтажные изделия, материалы","ПАО АНК \"Башнефть\" \"Башнефть-Новойл\"",33,942,"Лента KSB 2 PVC (6072909)","М",90,449.8,40482,"450063, г. Уфа, ПАО АНК \"Башнефть\" \"Башнефть-Новойл\""]
["Электромонтажные изделия, материалы","ПАО АНК \"Башнефть\" \"Башнефть-Новойл\"",33,943,"Лента клейкая DKC 37558 IP44 30х2мм","М",19000,84,1596000,"450063, г. Уфа, ПАО АНК \"Башнефть\" \"Башнефть-Новойл\""]
["Электромонтажные изделия, материалы","ПАО АНК \"Башнефть\" \"Башнефть-Новойл\"",33,944,"Лента п/э с липким слоем 0.08x50 20477","М",1300,13.7,17810,"450063, г. Уфа, ПАО АНК \"Башнефть\" \"Башнефть-Новойл\""]
["Электромонтажные изделия, материалы","ПАО АНК \"Башнефть\" \"Башнефть-Новойл\"",33,945,"Лоток КГ 100х65-90 У3","ШТ",5,87.8,439,"450063, г. Уфа, ПАО АНК \"Башнефть\" \"Башнефть-Новойл\""]
["Электромонтажные изделия, материалы","ПАО АНК \"Башнефть\" \"Башнефть-Новойл\"",33,946,"Лоток КГ 100х65-90ц УТ1.5","ШТ",4,165.5,662,"450063, г. Уфа, ПАО АНК \"Башнефть\" \"Башнефть-Новойл\""]
["Электромонтажные изделия, материалы","ПАО АНК \"Башнефть\" \"Башнефть-Новойл\"",33,947,"Лоток КГГ 100х65-135 УТ1.5","ШТ",1,87.8,87.8,"450063, г. Уфа, ПАО АНК \"Башнефть\" \"Башнефть-Новойл\""]
["Электромонтажные изделия, материалы","ПАО АНК \"Башнефть\" \"Башнефть-Новойл\"",33,948,"Лоток КГГ 100х65-135 УТ1.5","ШТ",2,87.8,175.6,"450063, г. Уфа, ПАО АНК \"Башнефть\" \"Башнефть-Новойл\""]
["Электромонтажные изделия, материалы","ПАО АНК \"Башнефть\" \"Башнефть-Новойл\"",33,949,"Лоток КП 100х94-90ц УХЛ2","ШТ",6,270,1620,"450063, г. Уфа, ПАО АНК \"Башнефть\" \"Башнефть-Новойл\""]
["Электромонтажные изделия, материалы","ПАО АНК \"Башнефть\" \"Башнефть-Новойл\"",33,950,"Лоток КП 75х65-90 УТ1.5","ШТ",4,386.8,1547.2,"450063, г. Уфа, ПАО АНК \"Башнефть\" \"Башнефть-Новойл\""]
["Электромонтажные изделия, материалы","ПАО АНК \"Башнефть\" \"Башнефть-Новойл\"",33,951,"Лоток КС 100х65-90ц УХЛ2.5","ШТ",2,161.6,323.2,"450063, г. Уфа, ПАО АНК \"Башнефть\" \"Башнефть-Новойл\""]
["Электромонтажные изделия, материалы","ПАО АНК \"Башнефть\" \"Башнефть-Новойл\"",33,952,"Лоток ОТ 100х94ц УХЛ2.5","ШТ",1,306.60000000000002,306.60000000000002,"450063, г. Уфа, ПАО АНК \"Башнефть\" \"Башнефть-Новойл\""]
["Электромонтажные изделия, материалы","ПАО АНК \"Башнефть\" \"Башнефть-Новойл\"",33,953,"Лоток угловой КГ 100х100-90 УТ1,5","ШТ",1,502.7,502.7,"450063, г. Уфа, ПАО АНК \"Башнефть\" \"Башнефть-Новойл\""]
["Электромонтажные изделия, материалы","ПАО АНК \"Башнефть\" \"Башнефть-Новойл\"",33,954,"Лоток угловой КГ 100х100-90 УТ1,5","ШТ",1,502.7,502.7,"450063, г. Уфа, ПАО АНК \"Башнефть\" \"Башнефть-Новойл\""]
["Электромонтажные изделия, материалы","ПАО АНК \"Башнефть\" \"Башнефть-Новойл\"",33,955,"Мини-канал AZK100 Bettermann 6075 25 8","ШТ",5,1493.9,7469.5,"450063, г. Уфа, ПАО АНК \"Башнефть\" \"Башнефть-Новойл\""]
["Электромонтажные изделия, материалы","ПАО АНК \"Башнефть\" \"Башнефть-Новойл\"",33,956,"Муфта 10КВТп-9 150-240","КМП",22,667.5,14685,"450063, г. Уфа, ПАО АНК \"Башнефть\" \"Башнефть-Новойл\""]
["Электромонтажные изделия, материалы","ПАО АНК \"Башнефть\" \"Башнефть-Новойл\"",33,957,"Муфта 10КВТп-9 150-240","КМП",1,667.5,667.5,"450063, г. Уфа, ПАО АНК \"Башнефть\" \"Башнефть-Новойл\""]
["Электромонтажные изделия, материалы","ПАО АНК \"Башнефть\" \"Башнефть-Новойл\"",33,958,"Муфта 10КВТп-9 150-240","КМП",60,667.5,40050,"450063, г. Уфа, ПАО АНК \"Башнефть\" \"Башнефть-Новойл\""]
["Электромонтажные изделия, материалы","ПАО АНК \"Башнефть\" \"Башнефть-Новойл\"",33,959,"Муфта CHM 12kV 95-240 Cellpack 194074","КМП",36,11297.8,406720.8,"450063, г. Уфа, ПАО АНК \"Башнефть\" \"Башнефть-Новойл\""]
["Электромонтажные изделия, материалы","ПАО АНК \"Башнефть\" \"Башнефть-Новойл\"",33,960,"Муфта вводная МВ20-М У2","ШТ",46,42,1932,"450063, г. Уфа, ПАО АНК \"Башнефть\" \"Башнефть-Новойл\""]
["Электромонтажные изделия, материалы","ПАО АНК \"Башнефть\" \"Башнефть-Новойл\"",33,961,"Муфта вводная МВ-22 У2.5","ШТ",30,105.4,{"$f":"H965*G965","v":3162},"450063, г. Уфа, ПАО АНК \"Башнефть\" \"Башнефть-Новойл\""]
["Электромонтажные изделия, материалы","ПАО АНК \"Башнефть\" \"Башнефть-Новойл\"",33,962,"Муфта вводная МВ32У2","ШТ",1,70.2,70.2,"450063, г. Уфа, ПАО АНК \"Башнефть\" \"Башнефть-Новойл\""]
["Электромонтажные изделия, материалы","ПАО АНК \"Башнефть\" \"Башнефть-Новойл\"",33,963,"Муфта вводная МВ50 У2","ШТ",9,181.1,1629.8999999999999,"450063, г. Уфа, ПАО АНК \"Башнефть\" \"Башнефть-Новойл\""]
["Электромонтажные изделия, материалы","ПАО АНК \"Башнефть\" \"Башнефть-Новойл\"",33,964,"Муфта вводная МВПнг 15","ШТ",10,102.8,1028,"450063, г. Уфа, ПАО АНК \"Башнефть\" \"Башнефть-Новойл\""]
["Электромонтажные изделия, материалы","ПАО АНК \"Башнефть\" \"Башнефть-Новойл\"",33,965,"Муфта концевая т/у 4КВТпнг-1-(150-240)ЭМ","ШТ",10,1437.7,14377,"450063, г. Уфа, ПАО АНК \"Башнефть\" \"Башнефть-Новойл\""]
["Электромонтажные изделия, материалы","ПАО АНК \"Башнефть\" \"Башнефть-Новойл\"",33,966,"Муфта натяжная К804-У3","ШТ",5,112.1,560.5,"450063, г. Уфа, ПАО АНК \"Башнефть\" \"Башнефть-Новойл\""]
["Электромонтажные изделия, материалы","ПАО АНК \"Башнефть\" \"Башнефть-Новойл\"",33,967,"Муфта натяжная К805-У3","ШТ",18,559.1,10063.800000000001,"450063, г. Уфа, ПАО АНК \"Башнефть\" \"Башнефть-Новойл\""]
["Электромонтажные изделия, материалы","ПАО АНК \"Башнефть\" \"Башнефть-Новойл\"",33,968,"Муфта соед. т/у ПСТк(19-37)х(1,5-2,5)","ШТ",1,377.8,377.8,"450063, г. Уфа, ПАО АНК \"Башнефть\" \"Башнефть-Новойл\""]
["Электромонтажные изделия, материалы","ПАО АНК \"Башнефть\" \"Башнефть-Новойл\"",33,969,"Муфта соединительная POLJ 12/1X120-240","ШТ",2,3868.6,7737.2,"450063, г. Уфа, ПАО АНК \"Башнефть\" \"Башнефть-Новойл\""]
["Электромонтажные изделия, материалы","ПАО АНК \"Башнефть\" \"Башнефть-Новойл\"",33,970,"Муфта соединительная POLJ 12/3х120-240","ШТ",10,11682.7,116827,"450063, г. Уфа, ПАО АНК \"Башнефть\" \"Башнефть-Новойл\""]
["Электромонтажные изделия, материалы","ПАО АНК \"Башнефть\" \"Башнефть-Новойл\"",33,971,"Муфта ТР-7У3","ШТ",6,87.7,526.20000000000005,"450063, г. Уфа, ПАО АНК \"Башнефть\" \"Башнефть-Новойл\""]
["Электромонтажные изделия, материалы","ПАО АНК \"Башнефть\" \"Башнефть-Новойл\"",33,972,"Муфта трубная МТ20 У2 IP43","ШТ",3,42.6,127.80000000000001,"450063, г. Уфа, ПАО АНК \"Башнефть\" \"Башнефть-Новойл\""]
["Электромонтажные изделия, материалы","ПАО АНК \"Башнефть\" \"Башнефть-Новойл\"",33,973,"Муфта трубная МТ-22","ШТ",16,74.7,1195.2,"450063, г. Уфа, ПАО АНК \"Башнефть\" \"Башнефть-Новойл\""]
["Электромонтажные изделия, материалы","ПАО АНК \"Башнефть\" \"Башнефть-Новойл\"",33,974,"Муфта трубная МТ-22","ШТ",18,74.7,1344.6000000000001,"450063, г. Уфа, ПАО АНК \"Башнефть\" \"Башнефть-Новойл\""]
["Электромонтажные изделия, материалы","ПАО АНК \"Башнефть\" \"Башнефть-Новойл\"",33,975,"Муфта трубная ТР-2","ШТ",15,26.5,397.5,"450063, г. Уфа, ПАО АНК \"Башнефть\" \"Башнефть-Новойл\""]
["Электромонтажные изделия, материалы","ПАО АНК \"Башнефть\" \"Башнефть-Новойл\"",33,976,"Муфта трубная ТР-4","ШТ",16,25.1,401.6,"450063, г. Уфа, ПАО АНК \"Башнефть\" \"Башнефть-Новойл\""]
["Электромонтажные изделия, материалы","ПАО АНК \"Башнефть\" \"Башнефть-Новойл\"",33,977,"Накладка на стык Legrand 33603","ШТ",50,45.6,2280,"450063, г. Уфа, ПАО АНК \"Башнефть\" \"Башнефть-Новойл\""]
["Электромонтажные изделия, материалы","ПАО АНК \"Башнефть\" \"Башнефть-Новойл\"",33,978,"Накладка на стык Legrand L/10692","ШТ",14,37.5,525,"450063, г. Уфа, ПАО АНК \"Башнефть\" \"Башнефть-Новойл\""]
["Электромонтажные изделия, материалы","ПАО АНК \"Башнефть\" \"Башнефть-Новойл\"",33,979,"Накладка на стык Legrand L/10692","ШТ",1,37.5,37.5,"450063, г. Уфа, ПАО АНК \"Башнефть\" \"Башнефть-Новойл\""]
["Электромонтажные изделия, материалы","ПАО АНК \"Башнефть\" \"Башнефть-Новойл\"",33,980,"Накладка на стык Legrand L/33646","ШТ",12,9.1999999999999993,110.39999999999999,"450063, г. Уфа, ПАО АНК \"Башнефть\" \"Башнефть-Новойл\""]
["Электромонтажные изделия, материалы","ПАО АНК \"Башнефть\" \"Башнефть-Новойл\"",33,981,"Накладка на стык Legrand L/33646","ШТ",10,9.1999999999999993,92,"450063, г. Уфа, ПАО АНК \"Башнефть\" \"Башнефть-Новойл\""]
["Электромонтажные изделия, материалы","ПАО АНК \"Башнефть\" \"Башнефть-Новойл\"",33,982,"Накладка на стык Legrand L/33646","ШТ",12,10.3,123.60000000000001,"450063, г. Уфа, ПАО АНК \"Башнефть\" \"Башнефть-Новойл\""]
["Электромонтажные изделия, материалы","ПАО АНК \"Башнефть\" \"Башнефть-Новойл\"",33,983,"Накладка на стык Legrand L/33647","ШТ",20,9,180,"450063, г. Уфа, ПАО АНК \"Башнефть\" \"Башнефть-Новойл\""]
["Электромонтажные изделия, материалы","ПАО АНК \"Башнефть\" \"Башнефть-Новойл\"",33,984,"Накладка на стык Legrand L/60956","ШТ",1,156.9,156.9,"450063, г. Уфа, ПАО АНК \"Башнефть\" \"Башнефть-Новойл\""]
["Электромонтажные изделия, материалы","ПАО АНК \"Башнефть\" \"Башнефть-Новойл\"",33,985,"Накладка на стык д/короба Legrand 33648","ШТ",7,9.9,69.3,"450063, г. Уфа, ПАО АНК \"Башнефть\" \"Башнефть-Новойл\""]
["Электромонтажные изделия, материалы","ПАО АНК \"Башнефть\" \"Башнефть-Новойл\"",33,986,"Накладка на стык д/короба Legrand 33648","ШТ",99,9.6999999999999993,960.3,"450063, г. Уфа, ПАО АНК \"Башнефть\" \"Башнефть-Новойл\""]
["Электромонтажные изделия, материалы","ПАО АНК \"Башнефть\" \"Башнефть-Новойл\"",33,987,"Накладка НТ-4","ШТ",91,41.4,3767.4,"450063, г. Уфа, ПАО АНК \"Башнефть\" \"Башнефть-Новойл\""]
["Электромонтажные изделия, материалы","ПАО АНК \"Башнефть\" \"Башнефть-Новойл\"",33,988,"Накладка НТ-4","ШТ",50,41.4,2070,"450063, г. Уфа, ПАО АНК \"Башнефть\" \"Башнефть-Новойл\""]
["Электромонтажные изделия, материалы","ПАО АНК \"Башнефть\" \"Башнефть-Новойл\"",33,989,"Накладка НТ-4","ШТ",100,41.4,4140,"450063, г. Уфа, ПАО АНК \"Башнефть\" \"Башнефть-Новойл\""]
["Электромонтажные изделия, материалы","ПАО АНК \"Башнефть\" \"Башнефть-Новойл\"",33,990,"Наконечник кабельный ТМЛ 185-16-21","ШТ",20,79.3,1586,"450063, г. Уфа, ПАО АНК \"Башнефть\" \"Башнефть-Новойл\""]
["Электромонтажные изделия, материалы","ПАО АНК \"Башнефть\" \"Башнефть-Новойл\"",33,991,"Наконечник штыревой НШВИ 0,5-8","ШТ",200,0.2,40,"450063, г. Уфа, ПАО АНК \"Башнефть\" \"Башнефть-Новойл\""]
["Электромонтажные изделия, материалы","ПАО АНК \"Башнефть\" \"Башнефть-Новойл\"",33,992,"Опора муфты К948 У3","ШТ",3,696.7,2090.1000000000004,"450063, г. Уфа, ПАО АНК \"Башнефть\" \"Башнефть-Новойл\""]
["Электромонтажные изделия, материалы","ПАО АНК \"Башнефть\" \"Башнефть-Новойл\"",33,993,"Основание Legrand Colson 32070","ШТ",300,5.6,1680,"450063, г. Уфа, ПАО АНК \"Башнефть\" \"Башнефть-Новойл\""]
["Электромонтажные изделия, материалы","ПАО АНК \"Башнефть\" \"Башнефть-Новойл\"",33,994,"Основание Legrand Colson 32070","ШТ",200,5.6,1120,"450063, г. Уфа, ПАО АНК \"Башнефть\" \"Башнефть-Новойл\""]
["Электромонтажные изделия, материалы","ПАО АНК \"Башнефть\" \"Башнефть-Новойл\"",33,995,"Основание Legrand Colson 32070","ШТ",300,5.6,1680,"450063, г. Уфа, ПАО АНК \"Башнефть\" \"Башнефть-Новойл\""]
["Электромонтажные изделия, материалы","ПАО АНК \"Башнефть\" \"Башнефть-Новойл\"",33,996,"Основание Legrand Colson 32070","ШТ",400,5.6,2240,"450063, г. Уфа, ПАО АНК \"Башнефть\" \"Башнефть-Новойл\""]
["Электромонтажные изделия, материалы","ПАО АНК \"Башнефть\" \"Башнефть-Новойл\"",33,997,"Ответвитель DKC DPT 100х100 36161HDZ","ШТ",1,1423.8,1423.8,"450063, г. Уфа, ПАО АНК \"Башнефть\" \"Башнефть-Новойл\""]
["Электромонтажные изделия, материалы","ПАО АНК \"Башнефть\" \"Башнефть-Новойл\"",33,998,"Ответвитель DKC DPT 100х100 арт.36161","ШТ",1,501.4,501.4,"450063, г. Уфа, ПАО АНК \"Башнефть\" \"Башнефть-Новойл\""]
["Электромонтажные изделия, материалы","ПАО АНК \"Башнефть\" \"Башнефть-Новойл\"",33,999,"Ответвление Т-образное Legrand L/30254","ШТ",3,113.7,341.1,"450063, г. Уфа, ПАО АНК \"Башнефть\" \"Башнефть-Новойл\""]
["Электромонтажные изделия, материалы","ПАО АНК \"Башнефть\" \"Башнефть-Новойл\"",33,1000,"Ответвление Т-образное Legrand L/33330","ШТ",10,147.69999999999999,1477,"450063, г. Уфа, ПАО АНК \"Башнефть\" \"Башнефть-Новойл\""]
["Электромонтажные изделия, материалы","ПАО АНК \"Башнефть\" \"Башнефть-Новойл\"",33,1001,"Ответвление Т-образное ЛМ 60.30-Т УТ1.5","ШТ",1,79.599999999999994,79.599999999999994,"450063, г. Уфа, ПАО АНК \"Башнефть\" \"Башнефть-Новойл\""]
["Электромонтажные изделия, материалы","ПАО АНК \"Башнефть\" \"Башнефть-Новойл\"",33,1002,"Патрубок вводный У476 У3","ШТ",12,90,1080,"450063, г. Уфа, ПАО АНК \"Башнефть\" \"Башнефть-Новойл\""]
["Электромонтажные изделия, материалы","ПАО АНК \"Башнефть\" \"Башнефть-Новойл\"",33,1003,"Патрубок вводный У476 У3","ШТ",5,90,450,"450063, г. Уфа, ПАО АНК \"Башнефть\" \"Башнефть-Новойл\""]
["Электромонтажные изделия, материалы","ПАО АНК \"Башнефть\" \"Башнефть-Новойл\"",33,1004,"Патрубок вводный У476 У3","ШТ",207,100,20700,"450063, г. Уфа, ПАО АНК \"Башнефть\" \"Башнефть-Новойл\""]
["Электромонтажные изделия, материалы","ПАО АНК \"Башнефть\" \"Башнефть-Новойл\"",33,1005,"Патрубок вводный У478 У3","ШТ",4,220,880,"450063, г. Уфа, ПАО АНК \"Башнефть\" \"Башнефть-Новойл\""]
["Электромонтажные изделия, материалы","ПАО АНК \"Башнефть\" \"Башнефть-Новойл\"",33,1006,"Перегородка Legrand DLP 105х50 10582","ШТ",2,130,260,"450063, г. Уфа, ПАО АНК \"Башнефть\" \"Башнефть-Новойл\""]
["Электромонтажные изделия, материалы","ПАО АНК \"Башнефть\" \"Башнефть-Новойл\"",33,1007,"Перегородка Legrand DLP 105х50 10582","ШТ",1,140,140,"450063, г. Уфа, ПАО АНК \"Башнефть\" \"Башнефть-Новойл\""]
["Электромонтажные изделия, материалы","ПАО АНК \"Башнефть\" \"Башнефть-Новойл\"",33,1008,"Перегородка для лотка DKC 36470","ШТ",25,160,4000,"450063, г. Уфа, ПАО АНК \"Башнефть\" \"Башнефть-Новойл\""]
["Электромонтажные изделия, материалы","ПАО АНК \"Башнефть\" \"Башнефть-Новойл\"",33,1009,"Перегородка для лотка DKC 36480","ШТ",351,240,84240,"450063, г. Уфа, ПАО АНК \"Башнефть\" \"Башнефть-Новойл\""]
["Электромонтажные изделия, материалы","ПАО АНК \"Башнефть\" \"Башнефть-Новойл\"",33,1010,"Перегородка для лотка DKC 36480","ШТ",144,240,34560,"450063, г. Уфа, ПАО АНК \"Башнефть\" \"Башнефть-Новойл\""]
["Электромонтажные изделия, материалы","ПАО АНК \"Башнефть\" \"Башнефть-Новойл\"",33,1011,"Перегородка для лотка DKC 36480","ШТ",40,240,9600,"450063, г. Уфа, ПАО АНК \"Башнефть\" \"Башнефть-Новойл\""]
["Электромонтажные изделия, материалы","ПАО АНК \"Башнефть\" \"Башнефть-Новойл\"",33,1012,"Перегородка для лотка DKC 36510HDZ","ШТ",54,750,40500,"450063, г. Уфа, ПАО АНК \"Башнефть\" \"Башнефть-Новойл\""]
["Электромонтажные изделия, материалы","ПАО АНК \"Башнефть\" \"Башнефть-Новойл\"",33,1013,"Переключатель Legrand Galea L/775806 1кл","ШТ",4,160,640,"450063, г. Уфа, ПАО АНК \"Башнефть\" \"Башнефть-Новойл\""]
["Электромонтажные изделия, материалы","ПАО АНК \"Башнефть\" \"Башнефть-Новойл\"",33,1014,"Переходник Bettermann RWEB 610 7106 10 6","ШТ",1,360,360,"450063, г. Уфа, ПАО АНК \"Башнефть\" \"Башнефть-Новойл\""]
["Электромонтажные изделия, материалы","ПАО АНК \"Башнефть\" \"Башнефть-Новойл\"",33,1015,"Переходник Bettermann RWEB 620 7106114","ШТ",3,420,1260,"450063, г. Уфа, ПАО АНК \"Башнефть\" \"Башнефть-Новойл\""]
["Электромонтажные изделия, материалы","ПАО АНК \"Башнефть\" \"Башнефть-Новойл\"",33,1016,"Переходник Т-обр 32-40х2 Legrand L/30216","ШТ",12,220,2640,"450063, г. Уфа, ПАО АНК \"Башнефть\" \"Башнефть-Новойл\""]
["Электромонтажные изделия, материалы","ПАО АНК \"Башнефть\" \"Башнефть-Новойл\"",33,1017,"Пластина Bettermann GP15 28 FT 6357 00 8","ШТ",3,1520,4560,"450063, г. Уфа, ПАО АНК \"Башнефть\" \"Башнефть-Новойл\""]
["Электромонтажные изделия, материалы","ПАО АНК \"Башнефть\" \"Башнефть-Новойл\"",33,1018,"Пластина DKC GTO 50мм 37301ZL","ШТ",74,70,5180,"450063, г. Уфа, ПАО АНК \"Башнефть\" \"Башнефть-Новойл\""]
["Электромонтажные изделия, материалы","ПАО АНК \"Башнефть\" \"Башнефть-Новойл\"",33,1019,"Пластина DKC IP44 h50 30583HDZ","ШТ",60,30,1800,"450063, г. Уфа, ПАО АНК \"Башнефть\" \"Башнефть-Новойл\""]
["Электромонтажные изделия, материалы","ПАО АНК \"Башнефть\" \"Башнефть-Новойл\"",33,1020,"Пластина DKC IP44 h50 30583HDZ","ШТ",410,30,12300,"450063, г. Уфа, ПАО АНК \"Башнефть\" \"Башнефть-Новойл\""]
["Электромонтажные изделия, материалы","ПАО АНК \"Башнефть\" \"Башнефть-Новойл\"",33,1021,"Пластина IP44 осн.100 DKC 30582HDZ","ШТ",355,30,10650,"450063, г. Уфа, ПАО АНК \"Башнефть\" \"Башнефть-Новойл\""]
["Электромонтажные изделия, материалы","ПАО АНК \"Башнефть\" \"Башнефть-Новойл\"",33,1022,"Пластина IP44 осн.100 DKC 30582HDZ","ШТ",3327,30,99810,"450063, г. Уфа, ПАО АНК \"Башнефть\" \"Башнефть-Новойл\""]
["Электромонтажные изделия, материалы","ПАО АНК \"Башнефть\" \"Башнефть-Новойл\"",33,1023,"Пластина IP44 осн.100 DKC 30582HDZ","ШТ",4829,30,144870,"450063, г. Уфа, ПАО АНК \"Башнефть\" \"Башнефть-Новойл\""]
["Электромонтажные изделия, материалы","ПАО АНК \"Башнефть\" \"Башнефть-Новойл\"",33,1024,"Пластина IP44 осн.100 DKC 30582HDZ","ШТ",505,30,15150,"450063, г. Уфа, ПАО АНК \"Башнефть\" \"Башнефть-Новойл\""]
["Электромонтажные изделия, материалы","ПАО АНК \"Башнефть\" \"Башнефть-Новойл\"",33,1025,"Пластина Phoenix Contact 1013151 упк50шт","УПК",5,2240,{"$f":"H1029*G1029","v":11200},"450063, г. Уфа, ПАО АНК \"Башнефть\" \"Башнефть-Новойл\""]
["Электромонтажные изделия, материалы","ПАО АНК \"Башнефть\" \"Башнефть-Новойл\"",33,1026,"Пластина Phoenix Contact 1013151 упк50шт","УПК",2,2350,4700,"450063, г. Уфа, ПАО АНК \"Башнефть\" \"Башнефть-Новойл\""]
["Электромонтажные изделия, материалы","ПАО АНК \"Башнефть\" \"Башнефть-Новойл\"",33,1027,"Пластина UniCard UC-WMT 0819372","ШТ",6,120,720,"450063, г. Уфа, ПАО АНК \"Башнефть\" \"Башнефть-Новойл\""]
["Электромонтажные изделия, материалы","ПАО АНК \"Башнефть\" \"Башнефть-Новойл\"",33,1028,"Пластина защитная DKC P/n 30571","ШТ",14,30,420,"450063, г. Уфа, ПАО АНК \"Башнефть\" \"Башнефть-Новойл\""]
["Электромонтажные изделия, материалы","ПАО АНК \"Башнефть\" \"Башнефть-Новойл\"",33,1029,"Пластина защитная DKC P/n 30571","ШТ",4565,30,136950,"450063, г. Уфа, ПАО АНК \"Башнефть\" \"Башнефть-Новойл\""]
["Электромонтажные изделия, материалы","ПАО АНК \"Башнефть\" \"Башнефть-Новойл\"",33,1030,"Пластина защитная DKC P/n 30571","ШТ",1,30,30,"450063, г. Уфа, ПАО АНК \"Башнефть\" \"Башнефть-Новойл\""]
["Электромонтажные изделия, материалы","ПАО АНК \"Башнефть\" \"Башнефть-Новойл\"",33,1031,"Пластина защитная DKC P/n 30574","ШТ",496,60,29760,"450063, г. Уфа, ПАО АНК \"Башнефть\" \"Башнефть-Новойл\""]
["Электромонтажные изделия, материалы","ПАО АНК \"Башнефть\" \"Башнефть-Новойл\"",33,1032,"Пластина защитная DKC P/n 30574","ШТ",990,60,59400,"450063, г. Уфа, ПАО АНК \"Башнефть\" \"Башнефть-Новойл\""]
["Электромонтажные изделия, материалы","ПАО АНК \"Башнефть\" \"Башнефть-Новойл\"",33,1033,"Пластина защитная DKC P/n 30574","ШТ",1280,60,76800,"450063, г. Уфа, ПАО АНК \"Башнефть\" \"Башнефть-Новойл\""]
["Электромонтажные изделия, материалы","ПАО АНК \"Башнефть\" \"Башнефть-Новойл\"",33,1034,"Пластина защитная DKC P/n 30574","ШТ",2148,60,128880,"450063, г. Уфа, ПАО АНК \"Башнефть\" \"Башнефть-Новойл\""]
["Электромонтажные изделия, материалы","ПАО АНК \"Башнефть\" \"Башнефть-Новойл\"",33,1035,"Пластина защитная DKC P/n 30575","ШТ",4860,40,194400,"450063, г. Уфа, ПАО АНК \"Башнефть\" \"Башнефть-Новойл\""]
["Электромонтажные изделия, материалы","ПАО АНК \"Башнефть\" \"Башнефть-Новойл\"",33,1036,"Пластина защитная DKC P/n 30575","ШТ",200,40,8000,"450063, г. Уфа, ПАО АНК \"Башнефть\" \"Башнефть-Новойл\""]
["Электромонтажные изделия, материалы","ПАО АНК \"Башнефть\" \"Башнефть-Новойл\"",33,1037,"Пластина защитная DKC P/n 30575","ШТ",54,40,2160,"450063, г. Уфа, ПАО АНК \"Башнефть\" \"Башнефть-Новойл\""]
["Электромонтажные изделия, материалы","ПАО АНК \"Башнефть\" \"Башнефть-Новойл\"",33,1038,"Пластина защитная IP44 осн.100 DKC 30588","ШТ",3220,40,128800,"450063, г. Уфа, ПАО АНК \"Башнефть\" \"Башнефть-Новойл\""]
["Электромонтажные изделия, материалы","ПАО АНК \"Башнефть\" \"Башнефть-Новойл\"",33,1039,"Пластина защитная IP44 осн.100 DKC 30588","ШТ",200,40,8000,"450063, г. Уфа, ПАО АНК \"Башнефть\" \"Башнефть-Новойл\""]
["Электромонтажные изделия, материалы","ПАО АНК \"Башнефть\" \"Башнефть-Новойл\"",33,1040,"Пластина защитная IP44 осн.100 DKC 30588","ШТ",5796,40,231840,"450063, г. Уфа, ПАО АНК \"Башнефть\" \"Башнефть-Новойл\""]
["Электромонтажные изделия, материалы","ПАО АНК \"Башнефть\" \"Башнефть-Новойл\"",33,1041,"Пластина крепежная GTO H50 DKC 37301HDZ","ШТ",12,60,720,"450063, г. Уфа, ПАО АНК \"Башнефть\" \"Башнефть-Новойл\""]
["Электромонтажные изделия, материалы","ПАО АНК \"Башнефть\" \"Башнефть-Новойл\"",33,1042,"Пластина соединительная DKC 37305HDZ","ШТ",100,90,9000,"450063, г. Уфа, ПАО АНК \"Башнефть\" \"Башнефть-Новойл\""]
["Электромонтажные изделия, материалы","ПАО АНК \"Башнефть\" \"Башнефть-Новойл\"",33,1043,"Пластина соединительная DKC P/n 30265","ШТ",4,80,320,"450063, г. Уфа, ПАО АНК \"Башнефть\" \"Башнефть-Новойл\""]
["Электромонтажные изделия, материалы","ПАО АНК \"Башнефть\" \"Башнефть-Новойл\"",33,1044,"Поворот 90гр ЛМ 60.30ВР УТ1.5","ШТ",2,80,160,"450063, г. Уфа, ПАО АНК \"Башнефть\" \"Башнефть-Новойл\""]
["Электромонтажные изделия, материалы","ПАО АНК \"Башнефть\" \"Башнефть-Новойл\"",33,1045,"Поворот внутренний на 90 ЛМ60.30-В УТ1,5","ШТ",2,100,200,"450063, г. Уфа, ПАО АНК \"Башнефть\" \"Башнефть-Новойл\""]
["Электромонтажные изделия, материалы","ПАО АНК \"Башнефть\" \"Башнефть-Новойл\"",33,1046,"Поворот внутренний на 90 ЛМ60.30-В УТ1,5","ШТ",3,100,300,"450063, г. Уфа, ПАО АНК \"Башнефть\" \"Башнефть-Новойл\""]
["Электромонтажные изделия, материалы","ПАО АНК \"Башнефть\" \"Башнефть-Новойл\"",33,1047,"Поворот внутренний на 90 ЛМ60.30-В УТ1,5","ШТ",4,100,400,"450063, г. Уфа, ПАО АНК \"Башнефть\" \"Башнефть-Новойл\""]
["Электромонтажные изделия, материалы","ПАО АНК \"Башнефть\" \"Башнефть-Новойл\"",33,1048,"Поворот внутренний на 90 ЛМ60.30-В УТ1,5","ШТ",7,100,700,"450063, г. Уфа, ПАО АНК \"Башнефть\" \"Башнефть-Новойл\""]
["Электромонтажные изделия, материалы","ПАО АНК \"Башнефть\" \"Башнефть-Новойл\"",33,1049,"Поворот внутренний на 90 ЛМ60.30-В УТ1,5","ШТ",2,100,200,"450063, г. Уфа, ПАО АНК \"Башнефть\" \"Башнефть-Новойл\""]
["Электромонтажные изделия, материалы","ПАО АНК \"Башнефть\" \"Башнефть-Новойл\"",33,1050,"Поворот внутренний на 90 ЛМ60.30-В УТ1,5","ШТ",10,100,1000,"450063, г. Уфа, ПАО АНК \"Башнефть\" \"Башнефть-Новойл\""]
["Электромонтажные изделия, материалы","ПАО АНК \"Башнефть\" \"Башнефть-Новойл\"",33,1051,"Поворот ЛМ60.30-Т УТ1,5 с крышкой","ШТ",3,140,420,"450063, г. Уфа, ПАО АНК \"Башнефть\" \"Башнефть-Новойл\""]
["Электромонтажные изделия, материалы","ПАО АНК \"Башнефть\" \"Башнефть-Новойл\"",33,1052,"Поворот ЛМ60.30-Т УТ1,5 с крышкой","ШТ",1,140,140,"450063, г. Уфа, ПАО АНК \"Башнефть\" \"Башнефть-Новойл\""]
["Электромонтажные изделия, материалы","ПАО АНК \"Башнефть\" \"Башнефть-Новойл\"",33,1053,"Поворот ЛМ60.30-Т УТ1,5 с крышкой","ШТ",3,140,420,"450063, г. Уфа, ПАО АНК \"Башнефть\" \"Башнефть-Новойл\""]
["Электромонтажные изделия, материалы","ПАО АНК \"Башнефть\" \"Башнефть-Новойл\"",33,1054,"Поворот ЛМ60.30-Т УТ1,5 с крышкой","ШТ",2,140,280,"450063, г. Уфа, ПАО АНК \"Башнефть\" \"Башнефть-Новойл\""]
["Электромонтажные изделия, материалы","ПАО АНК \"Башнефть\" \"Башнефть-Новойл\"",33,1055,"Подвес Bettermann MAB 100FS 6358527","ШТ",30,60,1800,"450063, г. Уфа, ПАО АНК \"Башнефть\" \"Башнефть-Новойл\""]
["Электромонтажные изделия, материалы","ПАО АНК \"Башнефть\" \"Башнефть-Новойл\"",33,1056,"Подвес для лотка DKC L=500мм BSD2105HDZ","ШТ",45,360,16200,"450063, г. Уфа, ПАО АНК \"Башнефть\" \"Башнефть-Новойл\""]
["Электромонтажные изделия, материалы","ПАО АНК \"Башнефть\" \"Башнефть-Новойл\"",33,1057,"Подвес тросовый КЛ-ПТ У3","ШТ",20,40,800,"450063, г. Уфа, ПАО АНК \"Башнефть\" \"Башнефть-Новойл\""]
["Электромонтажные изделия, материалы","ПАО АНК \"Башнефть\" \"Башнефть-Новойл\"",33,1058,"Подвеска К1165ц У3","ШТ",1,30,30,"450063, г. Уфа, ПАО АНК \"Башнефть\" \"Башнефть-Новойл\""]
["Электромонтажные изделия, материалы","ПАО АНК \"Башнефть\" \"Башнефть-Новойл\"",33,1059,"Подвеска К1166 У3","ШТ",24,10,240,"450063, г. Уфа, ПАО АНК \"Башнефть\" \"Башнефть-Новойл\""]
["Электромонтажные изделия, материалы","ПАО АНК \"Башнефть\" \"Башнефть-Новойл\"",33,1060,"Подвеска К1166ц УТ1.5","ШТ",15,20,300,"450063, г. Уфа, ПАО АНК \"Башнефть\" \"Башнефть-Новойл\""]
["Электромонтажные изделия, материалы","ПАО АНК \"Башнефть\" \"Башнефть-Новойл\"",33,1061,"Подвеска К1167 У3","ШТ",70,10,700,"450063, г. Уфа, ПАО АНК \"Башнефть\" \"Башнефть-Новойл\""]
["Электромонтажные изделия, материалы","ПАО АНК \"Башнефть\" \"Башнефть-Новойл\"",33,1062,"Полка кабельная К1160ц УТ1,5","ШТ",9,20,180,"450063, г. Уфа, ПАО АНК \"Башнефть\" \"Башнефть-Новойл\""]
["Электромонтажные изделия, материалы","ПАО АНК \"Башнефть\" \"Башнефть-Новойл\"",33,1063,"Полка кабельная К1160ц УТ1,5","ШТ",1,20,20,"450063, г. Уфа, ПАО АНК \"Башнефть\" \"Башнефть-Новойл\""]
["Электромонтажные изделия, материалы","ПАО АНК \"Башнефть\" \"Башнефть-Новойл\"",33,1064,"Полка кабельная К1160ц УТ1,5","ШТ",36,20,720,"450063, г. Уфа, ПАО АНК \"Башнефть\" \"Башнефть-Новойл\""]
["Электромонтажные изделия, материалы","ПАО АНК \"Башнефть\" \"Башнефть-Новойл\"",33,1065,"Полоса вставная Phoenix Contact 0808095","ШТ",7,160,1120,"450063, г. Уфа, ПАО АНК \"Башнефть\" \"Башнефть-Новойл\""]
["Электромонтажные изделия, материалы","ПАО АНК \"Башнефть\" \"Башнефть-Новойл\"",33,1066,"Полоса вставная Phoenix Contact 0808095","ШТ",1,160,160,"450063, г. Уфа, ПАО АНК \"Башнефть\" \"Башнефть-Новойл\""]
["Электромонтажные изделия, материалы","ПАО АНК \"Башнефть\" \"Башнефть-Новойл\"",33,1067,"Полоса вставная Phoenix Contact 0808095","ШТ",3,160,480,"450063, г. Уфа, ПАО АНК \"Башнефть\" \"Башнефть-Новойл\""]
["Электромонтажные изделия, материалы","ПАО АНК \"Башнефть\" \"Башнефть-Новойл\"",33,1068,"Полоса вставная Phoenix Contact 0808095","ШТ",1,160,160,"450063, г. Уфа, ПАО АНК \"Башнефть\" \"Башнефть-Новойл\""]
["Электромонтажные изделия, материалы","ПАО АНК \"Башнефть\" \"Башнефть-Новойл\"",33,1069,"Полоса К106 ХЛ1","ШТ",2,210,420,"450063, г. Уфа, ПАО АНК \"Башнефть\" \"Башнефть-Новойл\""]
["Электромонтажные изделия, материалы","ПАО АНК \"Башнефть\" \"Башнефть-Новойл\"",33,1070,"Полоса К106ц УТ1.5","ШТ",1,150,150,"450063, г. Уфа, ПАО АНК \"Башнефть\" \"Башнефть-Новойл\""]
["Электромонтажные изделия, материалы","ПАО АНК \"Башнефть\" \"Башнефть-Новойл\"",33,1071,"Полоса К107 ц УТ1,5","ШТ",2,90,180,"450063, г. Уфа, ПАО АНК \"Башнефть\" \"Башнефть-Новойл\""]
["Электромонтажные изделия, материалы","ПАО АНК \"Башнефть\" \"Башнефть-Новойл\"",33,1072,"Полоса К202 ХЛ1","ШТ",2,60,120,"450063, г. Уфа, ПАО АНК \"Башнефть\" \"Башнефть-Новойл\""]
["Электромонтажные изделия, материалы","ПАО АНК \"Башнефть\" \"Башнефть-Новойл\"",33,1073,"Полоса К202ц УТ1,5","ШТ",1,50,50,"450063, г. Уфа, ПАО АНК \"Башнефть\" \"Башнефть-Новойл\""]
["Электромонтажные изделия, материалы","ПАО АНК \"Башнефть\" \"Башнефть-Новойл\"",33,1074,"Полоса К202ц УТ1,5","ШТ",1,50,50,"450063, г. Уфа, ПАО АНК \"Башнефть\" \"Башнефть-Новойл\""]
["Электромонтажные изделия, материалы","ПАО АНК \"Башнефть\" \"Башнефть-Новойл\"",33,1075,"Полоса К202ц УТ1,5","ШТ",5,50,250,"450063, г. Уфа, ПАО АНК \"Башнефть\" \"Башнефть-Новойл\""]
["Электромонтажные изделия, материалы","ПАО АНК \"Башнефть\" \"Башнефть-Новойл\"",33,1076,"Полоса К209ц У2","ШТ",12,40,480,"450063, г. Уфа, ПАО АНК \"Башнефть\" \"Башнефть-Новойл\""]
["Электромонтажные изделия, материалы","ПАО АНК \"Башнефть\" \"Башнефть-Новойл\"",33,1077,"Полоса ПП-40 У3","ШТ",1,170,170,"450063, г. Уфа, ПАО АНК \"Башнефть\" \"Башнефть-Новойл\""]
["Электромонтажные изделия, материалы","ПАО АНК \"Башнефть\" \"Башнефть-Новойл\"",33,1078,"Полоса УСЭК56 У3","ШТ",1,160,160,"450063, г. Уфа, ПАО АНК \"Башнефть\" \"Башнефть-Новойл\""]
["Электромонтажные изделия, материалы","ПАО АНК \"Башнефть\" \"Башнефть-Новойл\"",33,1079,"Полочка TSG60FS P/n 6062068 Bettermann","ШТ",11,280,3080,"450063, г. Уфа, ПАО АНК \"Башнефть\" \"Башнефть-Новойл\""]
["Электромонтажные изделия, материалы","ПАО АНК \"Башнефть\" \"Башнефть-Новойл\"",33,1080,"Полочка TSG60FS P/n 6062068 Bettermann","ШТ",6,280,1680,"450063, г. Уфа, ПАО АНК \"Башнефть\" \"Башнефть-Новойл\""]
["Электромонтажные изделия, материалы","ПАО АНК \"Башнефть\" \"Башнефть-Новойл\"",33,1081,"Полочка TSG60FS P/n 6062068 Bettermann","ШТ",18,280,5040,"450063, г. Уфа, ПАО АНК \"Башнефть\" \"Башнефть-Новойл\""]
["Электромонтажные изделия, материалы","ПАО АНК \"Башнефть\" \"Башнефть-Новойл\"",33,1082,"Полочка TSG60FS P/n 6062068 Bettermann","ШТ",2,280,560,"450063, г. Уфа, ПАО АНК \"Башнефть\" \"Башнефть-Новойл\""]
["Электромонтажные изделия, материалы","ПАО АНК \"Башнефть\" \"Башнефть-Новойл\"",33,1083,"Полочка TSG60FS P/n 6062068 Bettermann","ШТ",19,280,5320,"450063, г. Уфа, ПАО АНК \"Башнефть\" \"Башнефть-Новойл\""]
["Электромонтажные изделия, материалы","ПАО АНК \"Башнефть\" \"Башнефть-Новойл\"",33,1084,"Полочка разд. Bettermann 6062 03 3","ШТ",7,340,2380,"450063, г. Уфа, ПАО АНК \"Башнефть\" \"Башнефть-Новойл\""]
["Электромонтажные изделия, материалы","ПАО АНК \"Башнефть\" \"Башнефть-Новойл\"",33,1085,"Полочка разд. Bettermann 6062 03 3","ШТ",3,340,1020,"450063, г. Уфа, ПАО АНК \"Башнефть\" \"Башнефть-Новойл\""]
["Электромонтажные изделия, материалы","ПАО АНК \"Башнефть\" \"Башнефть-Новойл\"",33,1086,"Полукольцо зажимное D7х1.06 BEF","КМП",1,166760,166760,"450063, г. Уфа, ПАО АНК \"Башнефть\" \"Башнефть-Новойл\""]
["Электромонтажные изделия, материалы","ПАО АНК \"Башнефть\" \"Башнефть-Новойл\"",33,1087,"Прижим НЛ-ПР У2","ШТ",23,10,230,"450063, г. Уфа, ПАО АНК \"Башнефть\" \"Башнефть-Новойл\""]
["Электромонтажные изделия, материалы","ПАО АНК \"Башнефть\" \"Башнефть-Новойл\"",33,1088,"Проводник Bettermann5052/DIN5019206 30х4","М",22,160,3520,"450063, г. Уфа, ПАО АНК \"Башнефть\" \"Башнефть-Новойл\""]
["Электромонтажные изделия, материалы","ПАО АНК \"Башнефть\" \"Башнефть-Новойл\"",33,1089,"Пряжка закладная Л165 УХЛ2","ШТ",2,3.8,{"$f":"H1093*G1093","v":7.6},"450063, г. Уфа, ПАО АНК \"Башнефть\" \"Башнефть-Новойл\""]
["Электромонтажные изделия, материалы","ПАО АНК \"Башнефть\" \"Башнефть-Новойл\"",33,1090,"Разделитель лотковый РЛ 2000 У3","ШТ",101,100,10100,"450063, г. Уфа, ПАО АНК \"Башнефть\" \"Башнефть-Новойл\""]
["Электромонтажные изделия, материалы","ПАО АНК \"Башнефть\" \"Башнефть-Новойл\"",33,1091,"Разделитель лотковый РЛ 2000 УТ1.5","ШТ",28,100,2800,"450063, г. Уфа, ПАО АНК \"Башнефть\" \"Башнефть-Новойл\""]
["Электромонтажные изделия, материалы","ПАО АНК \"Башнефть\" \"Башнефть-Новойл\"",33,1092,"Разделитель лотковый РЛ 2000 УТ1.5","ШТ",117,100,11700,"450063, г. Уфа, ПАО АНК \"Башнефть\" \"Башнефть-Новойл\""]
["Электромонтажные изделия, материалы","ПАО АНК \"Башнефть\" \"Башнефть-Новойл\"",33,1093,"Разделитель лотковый РЛ 2000 УТ1.5","ШТ",155,60,9300,"450063, г. Уфа, ПАО АНК \"Башнефть\" \"Башнефть-Новойл\""]
["Электромонтажные изделия, материалы","ПАО АНК \"Башнефть\" \"Башнефть-Новойл\"",33,1094,"Разделитель лотковый РЛ 2000 УТ1.5","ШТ",25,100,2500,"450063, г. Уфа, ПАО АНК \"Башнефть\" \"Башнефть-Новойл\""]
["Электромонтажные изделия, материалы","ПАО АНК \"Башнефть\" \"Башнефть-Новойл\"",33,1095,"Разделитель лотковый РЛ 2000 УХЛ2.5","ШТ",402,100,40200,"450063, г. Уфа, ПАО АНК \"Башнефть\" \"Башнефть-Новойл\""]
["Электромонтажные изделия, материалы","ПАО АНК \"Башнефть\" \"Башнефть-Новойл\"",33,1096,"Разделитель лотковый РЛ 2000 УХЛ2.5","ШТ",41,100,4100,"450063, г. Уфа, ПАО АНК \"Башнефть\" \"Башнефть-Новойл\""]
["Электромонтажные изделия, материалы","ПАО АНК \"Башнефть\" \"Башнефть-Новойл\"",33,1097,"Разделитель лотковый РЛ 2000 УХЛ2.5","ШТ",75,100,7500,"450063, г. Уфа, ПАО АНК \"Башнефть\" \"Башнефть-Новойл\""]
["Электромонтажные изделия, материалы","ПАО АНК \"Башнефть\" \"Башнефть-Новойл\"",33,1098,"Разделитель лотковый РЛ 2000 УХЛ2.5","ШТ",80,90,7200,"450063, г. Уфа, ПАО АНК \"Башнефть\" \"Башнефть-Новойл\""]
["Электромонтажные изделия, материалы","ПАО АНК \"Башнефть\" \"Башнефть-Новойл\"",33,1099,"Разделитель лотковый РЛ 2000 УХЛ2.5","ШТ",35,100,3500,"450063, г. Уфа, ПАО АНК \"Башнефть\" \"Башнефть-Новойл\""]
["Электромонтажные изделия, материалы","ПАО АНК \"Башнефть\" \"Башнефть-Новойл\"",33,1100,"Разъем РРМ77/3 арт.RRP10D-RRM-3 ИЭК","ШТ",5,50,250,"450063, г. Уфа, ПАО АНК \"Башнефть\" \"Башнефть-Новойл\""]
["Электромонтажные изделия, материалы","ПАО АНК \"Башнефть\" \"Башнефть-Новойл\"",33,1101,"Разъем РРМ77/3 арт.RRP10D-RRM-3 ИЭК","ШТ",1,40,40,"450063, г. Уфа, ПАО АНК \"Башнефть\" \"Башнефть-Новойл\""]
["Электромонтажные изделия, материалы","ПАО АНК \"Башнефть\" \"Башнефть-Новойл\"",33,1102,"Рамка AVE 45PK02BB","ШТ",10,50,500,"450063, г. Уфа, ПАО АНК \"Башнефть\" \"Башнефть-Новойл\""]
["Электромонтажные изделия, материалы","ПАО АНК \"Башнефть\" \"Башнефть-Новойл\"",33,1103,"Рамка AVE 45PK04BB","ШТ",6,50,300,"450063, г. Уфа, ПАО АНК \"Башнефть\" \"Башнефть-Новойл\""]
["Электромонтажные изделия, материалы","ПАО АНК \"Башнефть\" \"Башнефть-Новойл\"",33,1104,"Распорка DSK 25FT Bettermann 6416446","ШТ",12,110,1320,"450063, г. Уфа, ПАО АНК \"Башнефть\" \"Башнефть-Новойл\""]
["Электромонтажные изделия, материалы","ПАО АНК \"Башнефть\" \"Башнефть-Новойл\"",33,1105,"Распорка DSK 45 Bettermann 6416 50 0","ШТ",272,100,27200,"450063, г. Уфа, ПАО АНК \"Башнефть\" \"Башнефть-Новойл\""]
["Электромонтажные изделия, материалы","ПАО АНК \"Башнефть\" \"Башнефть-Новойл\"",33,1106,"Рейка CPS 5L 2M FT Bettermann 1121 46 4","ШТ",1,1260,1260,"450063, г. Уфа, ПАО АНК \"Башнефть\" \"Башнефть-Новойл\""]
["Электромонтажные изделия, материалы","ПАО АНК \"Башнефть\" \"Башнефть-Новойл\"",33,1107,"Рейка CPS 5L 2M FT Bettermann 1121 46 4","ШТ",2,1030,2060,"450063, г. Уфа, ПАО АНК \"Башнефть\" \"Башнефть-Новойл\""]
["Электромонтажные изделия, материалы","ПАО АНК \"Башнефть\" \"Башнефть-Новойл\"",33,1108,"Сальник кабельный У258У2","ШТ",4,40,160,"450063, г. Уфа, ПАО АНК \"Башнефть\" \"Башнефть-Новойл\""]
["Электромонтажные изделия, материалы","ПАО АНК \"Башнефть\" \"Башнефть-Новойл\"",33,1109,"Сальник У262 У2","ШТ",2,40,80,"450063, г. Уфа, ПАО АНК \"Башнефть\" \"Башнефть-Новойл\""]
["Электромонтажные изделия, материалы","ПАО АНК \"Башнефть\" \"Башнефть-Новойл\"",33,1110,"Секция Bettermann RB 90 650 FT 7125526","ШТ",2,3440,6880,"450063, г. Уфа, ПАО АНК \"Башнефть\" \"Башнефть-Новойл\""]
["Электромонтажные изделия, материалы","ПАО АНК \"Башнефть\" \"Башнефть-Новойл\"",33,1111,"Секция RB 90 610 P/n 6043 21 6 Betterman","ШТ",4,350,1400,"450063, г. Уфа, ПАО АНК \"Башнефть\" \"Башнефть-Новойл\""]
["Электромонтажные изделия, материалы","ПАО АНК \"Башнефть\" \"Башнефть-Новойл\"",33,1112,"Секция RB 90 620 FT Bettermann 7125 22 0","ШТ",5,1160,5800,"450063, г. Уфа, ПАО АНК \"Башнефть\" \"Башнефть-Новойл\""]
["Электромонтажные изделия, материалы","ПАО АНК \"Башнефть\" \"Башнефть-Новойл\"",33,1113,"Секция RB 90 630 FT Bettermann 7125 30 5","ШТ",3,1460,4380,"450063, г. Уфа, ПАО АНК \"Башнефть\" \"Башнефть-Новойл\""]
["Электромонтажные изделия, материалы","ПАО АНК \"Башнефть\" \"Башнефть-Новойл\"",33,1114,"Секция RB90 610 Bettermann 7125 10 0","ШТ",3,1220,3660,"450063, г. Уфа, ПАО АНК \"Башнефть\" \"Башнефть-Новойл\""]
["Электромонтажные изделия, материалы","ПАО АНК \"Башнефть\" \"Башнефть-Новойл\"",33,1115,"Секция RB90 610 Bettermann 7125 10 0","ШТ",2,830,1660,"450063, г. Уфа, ПАО АНК \"Башнефть\" \"Башнефть-Новойл\""]
["Электромонтажные изделия, материалы","ПАО АНК \"Башнефть\" \"Башнефть-Новойл\"",33,1116,"Секция RB90 640 P/n 7125 41 0 Bettermann","ШТ",2,2670,5340,"450063, г. Уфа, ПАО АНК \"Башнефть\" \"Башнефть-Новойл\""]
["Электромонтажные изделия, материалы","ПАО АНК \"Башнефть\" \"Башнефть-Новойл\"",33,1117,"Секция RBV 610 F FS Bettermann 7007055","ШТ",6,490,2940,"450063, г. Уфа, ПАО АНК \"Башнефть\" \"Башнефть-Новойл\""]
["Электромонтажные изделия, материалы","ПАО АНК \"Башнефть\" \"Башнефть-Новойл\"",33,1118,"Секция Т-обр. RT 610FS Betterman 6043410","ШТ",1,740,740,"450063, г. Уфа, ПАО АНК \"Башнефть\" \"Башнефть-Новойл\""]
["Электромонтажные изделия, материалы","ПАО АНК \"Башнефть\" \"Башнефть-Новойл\"",33,1119,"Секция Т-обр. RT 610FS Betterman 6043410","ШТ",1,740,740,"450063, г. Уфа, ПАО АНК \"Башнефть\" \"Башнефть-Новойл\""]
["Электромонтажные изделия, материалы","ПАО АНК \"Башнефть\" \"Башнефть-Новойл\"",33,1120,"Секция угловая EKA ЛМУ 400х65-45 УТ1,5","ШТ",2,520,1040,"450063, г. Уфа, ПАО АНК \"Башнефть\" \"Башнефть-Новойл\""]
["Электромонтажные изделия, материалы","ПАО АНК \"Башнефть\" \"Башнефть-Новойл\"",33,1121,"Секция угловая EKA ЛМУ 400х65-90 УТ1,5","ШТ",10,510,5100,"450063, г. Уфа, ПАО АНК \"Башнефть\" \"Башнефть-Новойл\""]
["Электромонтажные изделия, материалы","ПАО АНК \"Башнефть\" \"Башнефть-Новойл\"",33,1122,"Сжим ответвительный У731МУЗ","ШТ",76,10,760,"450063, г. Уфа, ПАО АНК \"Башнефть\" \"Башнефть-Новойл\""]
["Электромонтажные изделия, материалы","ПАО АНК \"Башнефть\" \"Башнефть-Новойл\"",33,1123,"Сжим ответвительный У867У3","ШТ",11,30,330,"450063, г. Уфа, ПАО АНК \"Башнефть\" \"Башнефть-Новойл\""]
["Электромонтажные изделия, материалы","ПАО АНК \"Башнефть\" \"Башнефть-Новойл\"",33,1124,"Сжим У739 У3","ШТ",60,60,3600,"450063, г. Уфа, ПАО АНК \"Башнефть\" \"Башнефть-Новойл\""]
["Электромонтажные изделия, материалы","ПАО АНК \"Башнефть\" \"Башнефть-Новойл\"",33,1125,"Сжим У739 У3","ШТ",74,60,4440,"450063, г. Уфа, ПАО АНК \"Башнефть\" \"Башнефть-Новойл\""]
["Электромонтажные изделия, материалы","ПАО АНК \"Башнефть\" \"Башнефть-Новойл\"",33,1126,"Скоба BF 140 10 FT Bettermann 6356362","ШТ",4,470,1880,"450063, г. Уфа, ПАО АНК \"Башнефть\" \"Башнефть-Новойл\""]
["Электромонтажные изделия, материалы","ПАО АНК \"Башнефть\" \"Башнефть-Новойл\"",33,1127,"Скоба BF 140 10 FT Bettermann 6356362","ШТ",2,460,920,"450063, г. Уфа, ПАО АНК \"Башнефть\" \"Башнефть-Новойл\""]
["Электромонтажные изделия, материалы","ПАО АНК \"Башнефть\" \"Башнефть-Новойл\"",33,1128,"Скоба DBL 50 200 FS Bettermann 6015522","ШТ",3,110,330,"450063, г. Уфа, ПАО АНК \"Башнефть\" \"Башнефть-Новойл\""]
["Электромонтажные изделия, материалы","ПАО АНК \"Башнефть\" \"Башнефть-Новойл\"",33,1129,"Скоба К142 У2","ШТ",10,10,100,"450063, г. Уфа, ПАО АНК \"Башнефть\" \"Башнефть-Новойл\""]
["Электромонтажные изделия, материалы","ПАО АНК \"Башнефть\" \"Башнефть-Новойл\"",33,1130,"Скоба К142 У2","ШТ",1,10,10,"450063, г. Уфа, ПАО АНК \"Башнефть\" \"Башнефть-Новойл\""]
["Электромонтажные изделия, материалы","ПАО АНК \"Башнефть\" \"Башнефть-Новойл\"",33,1131,"Скоба К142 У2","ШТ",2,10,20,"450063, г. Уфа, ПАО АНК \"Башнефть\" \"Башнефть-Новойл\""]
["Электромонтажные изделия, материалы","ПАО АНК \"Башнефть\" \"Башнефть-Новойл\"",33,1132,"Скоба К147ц УХЛ 2.5","ШТ",11,10,110,"450063, г. Уфа, ПАО АНК \"Башнефть\" \"Башнефть-Новойл\""]
["Электромонтажные изделия, материалы","ПАО АНК \"Башнефть\" \"Башнефть-Новойл\"",33,1133,"Скоба К729А У2","ШТ",205,10,2050,"450063, г. Уфа, ПАО АНК \"Башнефть\" \"Башнефть-Новойл\""]
["Электромонтажные изделия, материалы","ПАО АНК \"Башнефть\" \"Башнефть-Новойл\"",33,1134,"Скоба СО-22 У2","ШТ",47,10,470,"450063, г. Уфа, ПАО АНК \"Башнефть\" \"Башнефть-Новойл\""]
["Электромонтажные изделия, материалы","ПАО АНК \"Башнефть\" \"Башнефть-Новойл\"",33,1135,"Скоба СО-22 УХЛ 2.5","ШТ",2,10,20,"450063, г. Уфа, ПАО АНК \"Башнефть\" \"Башнефть-Новойл\""]
["Электромонтажные изделия, материалы","ПАО АНК \"Башнефть\" \"Башнефть-Новойл\"",33,1136,"Соединение ввертное СМВ8-К1/8","ШТ",29,80,2320,"450063, г. Уфа, ПАО АНК \"Башнефть\" \"Башнефть-Новойл\""]
["Электромонтажные изделия, материалы","ПАО АНК \"Башнефть\" \"Башнефть-Новойл\"",33,1137,"Соединение ввертное СМВ8-К1/8","ШТ",10,80,800,"450063, г. Уфа, ПАО АНК \"Башнефть\" \"Башнефть-Новойл\""]
["Электромонтажные изделия, материалы","ПАО АНК \"Башнефть\" \"Башнефть-Новойл\"",33,1138,"Соединение монтажное НРП-01.200-1/4'","ШТ",60,140,8400,"450063, г. Уфа, ПАО АНК \"Башнефть\" \"Башнефть-Новойл\""]
["Электромонтажные изделия, материалы","ПАО АНК \"Башнефть\" \"Башнефть-Новойл\"",33,1139,"Соединение навертное СМН 8хМ20","ШТ",10,70,700,"450063, г. Уфа, ПАО АНК \"Башнефть\" \"Башнефть-Новойл\""]
["Электромонтажные изделия, материалы","ПАО АНК \"Башнефть\" \"Башнефть-Новойл\"",33,1140,"Соединение навертное СМН 8хМ20","ШТ",10,70,700,"450063, г. Уфа, ПАО АНК \"Башнефть\" \"Башнефть-Новойл\""]
["Электромонтажные изделия, материалы","ПАО АНК \"Башнефть\" \"Башнефть-Новойл\"",33,1141,"Соединение навертное СМН 8хМ20","ШТ",10,70,700,"450063, г. Уфа, ПАО АНК \"Башнефть\" \"Башнефть-Новойл\""]
["Электромонтажные изделия, материалы","ПАО АНК \"Башнефть\" \"Башнефть-Новойл\"",33,1142,"Соединение навертное СМН 8хМ20","ШТ",10,70,700,"450063, г. Уфа, ПАО АНК \"Башнефть\" \"Башнефть-Новойл\""]
["Электромонтажные изделия, материалы","ПАО АНК \"Башнефть\" \"Башнефть-Новойл\"",33,1143,"Соединение навертное СМН 8хМ20","ШТ",10,70,700,"450063, г. Уфа, ПАО АНК \"Башнефть\" \"Башнефть-Новойл\""]
["Электромонтажные изделия, материалы","ПАО АНК \"Башнефть\" \"Башнефть-Новойл\"",33,1144,"Соединение навертное СМН 8хМ20","ШТ",10,70,700,"450063, г. Уфа, ПАО АНК \"Башнефть\" \"Башнефть-Новойл\""]
["Электромонтажные изделия, материалы","ПАО АНК \"Башнефть\" \"Башнефть-Новойл\"",33,1145,"Соединение навертное СМН 8хМ20","ШТ",10,70,700,"450063, г. Уфа, ПАО АНК \"Башнефть\" \"Башнефть-Новойл\""]
["Электромонтажные изделия, материалы","ПАО АНК \"Башнефть\" \"Башнефть-Новойл\"",33,1146,"Соединение навертное СМН 8хМ20","ШТ",10,70,700,"450063, г. Уфа, ПАО АНК \"Башнефть\" \"Башнефть-Новойл\""]
["Электромонтажные изделия, материалы","ПАО АНК \"Башнефть\" \"Башнефть-Новойл\"",33,1147,"Соединение навертное СМН 8хМ20","ШТ",10,70,700,"450063, г. Уфа, ПАО АНК \"Башнефть\" \"Башнефть-Новойл\""]
["Электромонтажные изделия, материалы","ПАО АНК \"Башнефть\" \"Башнефть-Новойл\"",33,1148,"Соединение навертное СМПН8хМ12","ШТ",30,30,900,"450063, г. Уфа, ПАО АНК \"Башнефть\" \"Башнефть-Новойл\""]
["Электромонтажные изделия, материалы","ПАО АНК \"Башнефть\" \"Башнефть-Новойл\"",33,1149,"Соединение навертное СМПН8хМ12","ШТ",10,30,300,"450063, г. Уфа, ПАО АНК \"Башнефть\" \"Башнефть-Новойл\""]
["Электромонтажные изделия, материалы","ПАО АНК \"Башнефть\" \"Башнефть-Новойл\"",33,1150,"Соединение НСН 14-TP1/2 Ст20","ШТ",100,50,5000,"450063, г. Уфа, ПАО АНК \"Башнефть\" \"Башнефть-Новойл\""]
["Электромонтажные изделия, материалы","ПАО АНК \"Башнефть\" \"Башнефть-Новойл\"",33,1151,"Соединение НСН 14хМ20 УХЛ3","ШТ",5,260,1300,"450063, г. Уфа, ПАО АНК \"Башнефть\" \"Башнефть-Новойл\""]
["Электромонтажные изделия, материалы","ПАО АНК \"Башнефть\" \"Башнефть-Новойл\"",33,1152,"Соединение ПСМ 8-8 пластмасса","ШТ",150,13,1950,"450063, г. Уфа, ПАО АНК \"Башнефть\" \"Башнефть-Новойл\""]
["Электромонтажные изделия, материалы","ПАО АНК \"Башнефть\" \"Башнефть-Новойл\"",33,1153,"Соединение ПСТ 8 пластмасса","ШТ",54,5,{"$f":"H1157*G1157","v":270},"450063, г. Уфа, ПАО АНК \"Башнефть\" \"Башнефть-Новойл\""]
["Электромонтажные изделия, материалы","ПАО АНК \"Башнефть\" \"Башнефть-Новойл\"",33,1154,"Соединение СМ-8","ШТ",10,50,500,"450063, г. Уфа, ПАО АНК \"Башнефть\" \"Башнефть-Новойл\""]
["Электромонтажные изделия, материалы","ПАО АНК \"Башнефть\" \"Башнефть-Новойл\"",33,1155,"Соединение СМ-8","ШТ",10,50,500,"450063, г. Уфа, ПАО АНК \"Башнефть\" \"Башнефть-Новойл\""]
["Электромонтажные изделия, материалы","ПАО АНК \"Башнефть\" \"Башнефть-Новойл\"",33,1156,"Соединение СМ-8","ШТ",30,90,2700,"450063, г. Уфа, ПАО АНК \"Башнефть\" \"Башнефть-Новойл\""]
["Электромонтажные изделия, материалы","ПАО АНК \"Башнефть\" \"Башнефть-Новойл\"",33,1157,"Соединение СМ-8","ШТ",7,50,350,"450063, г. Уфа, ПАО АНК \"Башнефть\" \"Башнефть-Новойл\""]
["Электромонтажные изделия, материалы","ПАО АНК \"Башнефть\" \"Башнефть-Новойл\"",33,1158,"Соединение СМП 12-тр1/2 пластмасса","ШТ",70,6,420,"450063, г. Уфа, ПАО АНК \"Башнефть\" \"Башнефть-Новойл\""]
["Электромонтажные изделия, материалы","ПАО АНК \"Башнефть\" \"Башнефть-Новойл\"",33,1159,"Соединение СМП 15-G3/4","ШТ",3,30,90,"450063, г. Уфа, ПАО АНК \"Башнефть\" \"Башнефть-Новойл\""]
["Электромонтажные изделия, материалы","ПАО АНК \"Башнефть\" \"Башнефть-Новойл\"",33,1160,"Соединение СМП 15-G3/4","ШТ",25,30,750,"450063, г. Уфа, ПАО АНК \"Башнефть\" \"Башнефть-Новойл\""]
["Электромонтажные изделия, материалы","ПАО АНК \"Башнефть\" \"Башнефть-Новойл\"",33,1161,"Соединение СМП 15-G3/4","ШТ",25,30,750,"450063, г. Уфа, ПАО АНК \"Башнефть\" \"Башнефть-Новойл\""]
["Электромонтажные изделия, материалы","ПАО АНК \"Башнефть\" \"Башнефть-Новойл\"",33,1162,"Соединение СМП 15-G3/4","ШТ",4,40,160,"450063, г. Уфа, ПАО АНК \"Башнефть\" \"Башнефть-Новойл\""]
["Электромонтажные изделия, материалы","ПАО АНК \"Башнефть\" \"Башнефть-Новойл\"",33,1163,"Соединение СМП 15-G3/4","ШТ",20,50,1000,"450063, г. Уфа, ПАО АНК \"Башнефть\" \"Башнефть-Новойл\""]
["Электромонтажные изделия, материалы","ПАО АНК \"Башнефть\" \"Башнефть-Новойл\"",33,1164,"Соединение СМП 15-G3/4","ШТ",15,70,1050,"450063, г. Уфа, ПАО АНК \"Башнефть\" \"Башнефть-Новойл\""]
["Электромонтажные изделия, материалы","ПАО АНК \"Башнефть\" \"Башнефть-Новойл\"",33,1165,"Соединение СМП 15-G3/4","ШТ",6,30,180,"450063, г. Уфа, ПАО АНК \"Башнефть\" \"Башнефть-Новойл\""]
["Электромонтажные изделия, материалы","ПАО АНК \"Башнефть\" \"Башнефть-Новойл\"",33,1166,"Соединение СМП 15-G3/4","ШТ",6,30,180,"450063, г. Уфа, ПАО АНК \"Башнефть\" \"Башнефть-Новойл\""]
["Электромонтажные изделия, материалы","ПАО АНК \"Башнефть\" \"Башнефть-Новойл\"",33,1167,"Соединение СМТ 18-25-G1 пластмасса","ШТ",16,70,1120,"450063, г. Уфа, ПАО АНК \"Башнефть\" \"Башнефть-Новойл\""]
["Электромонтажные изделия, материалы","ПАО АНК \"Башнефть\" \"Башнефть-Новойл\"",33,1168,"Соединение СПП 8-8-G1/4 пластмасса","ШТ",860,2,1720,"450063, г. Уфа, ПАО АНК \"Башнефть\" \"Башнефть-Новойл\""]
["Электромонтажные изделия, материалы","ПАО АНК \"Башнефть\" \"Башнефть-Новойл\"",33,1169,"Соединение СППП 8-G1/4 пластмасса","ШТ",70,3,210,"450063, г. Уфа, ПАО АНК \"Башнефть\" \"Башнефть-Новойл\""]
["Электромонтажные изделия, материалы","ПАО АНК \"Башнефть\" \"Башнефть-Новойл\"",33,1170,"Соединение СПТ 8 пластмасса","ШТ",770,5,3850,"450063, г. Уфа, ПАО АНК \"Башнефть\" \"Башнефть-Новойл\""]
["Электромонтажные изделия, материалы","ПАО АНК \"Башнефть\" \"Башнефть-Новойл\"",33,1171,"Соединение Тройник СТ 22 Ст20","ШТ",1,1000,1000,"450063, г. Уфа, ПАО АНК \"Башнефть\" \"Башнефть-Новойл\""]
["Электромонтажные изделия, материалы","ПАО АНК \"Башнефть\" \"Башнефть-Новойл\"",33,1172,"Соединитель Bettermann 6066 55 0","ШТ",31,40,1240,"450063, г. Уфа, ПАО АНК \"Башнефть\" \"Башнефть-Новойл\""]
["Электромонтажные изделия, материалы","ПАО АНК \"Башнефть\" \"Башнефть-Новойл\"",33,1173,"Соединитель Bettermann RGV 60 7082 22 3","ШТ",14,210,2940,"450063, г. Уфа, ПАО АНК \"Башнефть\" \"Башнефть-Новойл\""]
["Электромонтажные изделия, материалы","ПАО АНК \"Башнефть\" \"Башнефть-Новойл\"",33,1174,"Соединитель Bettermann RGV 60 7082 22 3","ШТ",14,150,2100,"450063, г. Уфа, ПАО АНК \"Башнефть\" \"Башнефть-Новойл\""]
["Электромонтажные изделия, материалы","ПАО АНК \"Башнефть\" \"Башнефть-Новойл\"",33,1175,"Соединитель Bettermann RGV 60 7082 22 3","ШТ",70,170,11900,"450063, г. Уфа, ПАО АНК \"Башнефть\" \"Башнефть-Новойл\""]
["Электромонтажные изделия, материалы","ПАО АНК \"Башнефть\" \"Башнефть-Новойл\"",33,1176,"Соединитель Bettermann RVS 110 6068791","ШТ",7,540,3780,"450063, г. Уфа, ПАО АНК \"Башнефть\" \"Башнефть-Новойл\""]
["Электромонтажные изделия, материалы","ПАО АНК \"Башнефть\" \"Башнефть-Новойл\"",33,1177,"Соединитель Bettermann RVS 110 6068791","ШТ",1,540,540,"450063, г. Уфа, ПАО АНК \"Башнефть\" \"Башнефть-Новойл\""]
["Электромонтажные изделия, материалы","ПАО АНК \"Башнефть\" \"Башнефть-Новойл\"",33,1178,"Соединитель OBO RV 610С 6068154 кмп","КМП",2,120,240,"450063, г. Уфа, ПАО АНК \"Башнефть\" \"Башнефть-Новойл\""]
["Электромонтажные изделия, материалы","ПАО АНК \"Башнефть\" \"Башнефть-Новойл\"",33,1179,"Соединитель OBO SVDD 6066941","ШТ",4,90,360,"450063, г. Уфа, ПАО АНК \"Башнефть\" \"Башнефть-Новойл\""]
["Электромонтажные изделия, материалы","ПАО АНК \"Башнефть\" \"Башнефть-Новойл\"",33,1180,"Соединитель ГЕРДА-СГ-16-В-М20х1,5","ШТ",27,600,16200,"450063, г. Уфа, ПАО АНК \"Башнефть\" \"Башнефть-Новойл\""]
["Электромонтажные изделия, материалы","ПАО АНК \"Башнефть\" \"Башнефть-Новойл\"",33,1181,"Соединитель лотковый СЛ 240х65 У3","ШТ",36,20,720,"450063, г. Уфа, ПАО АНК \"Башнефть\" \"Башнефть-Новойл\""]
["Электромонтажные изделия, материалы","ПАО АНК \"Башнефть\" \"Башнефть-Новойл\"",33,1182,"Соединитель лотковый СЛ 240х65 УТ1.5","ШТ",294,20,5880,"450063, г. Уфа, ПАО АНК \"Башнефть\" \"Башнефть-Новойл\""]
["Электромонтажные изделия, материалы","ПАО АНК \"Башнефть\" \"Башнефть-Новойл\"",33,1183,"Соединитель лотковый СЛ 240х65 УХЛ2.5","ШТ",3212,20,64240,"450063, г. Уфа, ПАО АНК \"Башнефть\" \"Башнефть-Новойл\""]
["Электромонтажные изделия, материалы","ПАО АНК \"Башнефть\" \"Башнефть-Новойл\"",33,1184,"Соединитель лотковый СЛ 240Х65ц УХЛ2,5","ШТ",230,7,1610,"450063, г. Уфа, ПАО АНК \"Башнефть\" \"Башнефть-Новойл\""]
["Электромонтажные изделия, материалы","ПАО АНК \"Башнефть\" \"Башнефть-Новойл\"",33,1185,"Соединитель лотковый СЛ 240Х65ц УХЛ2,5","ШТ",40,20,800,"450063, г. Уфа, ПАО АНК \"Башнефть\" \"Башнефть-Новойл\""]
["Электромонтажные изделия, материалы","ПАО АНК \"Башнефть\" \"Башнефть-Новойл\"",33,1186,"Соединитель перегородок К168УЗ","ШТ",160,10,1600,"450063, г. Уфа, ПАО АНК \"Башнефть\" \"Башнефть-Новойл\""]
["Электромонтажные изделия, материалы","ПАО АНК \"Башнефть\" \"Башнефть-Новойл\"",33,1187,"Соединитель перегородок К168Ц УТ1,5","ШТ",628,10,6280,"450063, г. Уфа, ПАО АНК \"Башнефть\" \"Башнефть-Новойл\""]
["Электромонтажные изделия, материалы","ПАО АНК \"Башнефть\" \"Башнефть-Новойл\"",33,1188,"Соединитель перегородок К168Ц УТ1,5","ШТ",602,10,6020,"450063, г. Уфа, ПАО АНК \"Башнефть\" \"Башнефть-Новойл\""]
["Электромонтажные изделия, материалы","ПАО АНК \"Башнефть\" \"Башнефть-Новойл\"",33,1189,"Соединитель перегородок К168Ц УТ1,5","ШТ",10,10,100,"450063, г. Уфа, ПАО АНК \"Башнефть\" \"Башнефть-Новойл\""]
["Электромонтажные изделия, материалы","ПАО АНК \"Башнефть\" \"Башнефть-Новойл\"",33,1190,"Соединитель СЛ 240Х65 ХЛ2,5","ШТ",48,10,480,"450063, г. Уфа, ПАО АНК \"Башнефть\" \"Башнефть-Новойл\""]
["Электромонтажные изделия, материалы","ПАО АНК \"Башнефть\" \"Башнефть-Новойл\"",33,1191,"Соединитель СЛ 240Х65 ХЛ2,5","ШТ",90,10,900,"450063, г. Уфа, ПАО АНК \"Башнефть\" \"Башнефть-Новойл\""]
["Электромонтажные изделия, материалы","ПАО АНК \"Башнефть\" \"Башнефть-Новойл\"",33,1192,"Соединитель СЛ 240Х65 ХЛ2,5","ШТ",260,10,2600,"450063, г. Уфа, ПАО АНК \"Башнефть\" \"Башнефть-Новойл\""]
["Электромонтажные изделия, материалы","ПАО АНК \"Башнефть\" \"Башнефть-Новойл\"",33,1193,"Соединитель СЛ 240Х65 ХЛ2,5","ШТ",24,10,240,"450063, г. Уфа, ПАО АНК \"Башнефть\" \"Башнефть-Новойл\""]
["Электромонтажные изделия, материалы","ПАО АНК \"Башнефть\" \"Башнефть-Новойл\"",33,1194,"Соединитель СЛ 240Х65 ХЛ2,5","ШТ",4,20,80,"450063, г. Уфа, ПАО АНК \"Башнефть\" \"Башнефть-Новойл\""]
["Электромонтажные изделия, материалы","ПАО АНК \"Башнефть\" \"Башнефть-Новойл\"",33,1195,"Соединитель СЛ 240Х65 ХЛ2,5","ШТ",60,10,600,"450063, г. Уфа, ПАО АНК \"Башнефть\" \"Башнефть-Новойл\""]
["Электромонтажные изделия, материалы","ПАО АНК \"Башнефть\" \"Башнефть-Новойл\"",33,1196,"Соединитель СМП15-G3/4 У3","ШТ",10,50,500,"450063, г. Уфа, ПАО АНК \"Башнефть\" \"Башнефть-Новойл\""]
["Электромонтажные изделия, материалы","ПАО АНК \"Башнефть\" \"Башнефть-Новойл\"",33,1197,"Соединитель СМТ15х20-G3/4 У3","ШТ",10,140,1400,"450063, г. Уфа, ПАО АНК \"Башнефть\" \"Башнефть-Новойл\""]
["Электромонтажные изделия, материалы","ПАО АНК \"Башнефть\" \"Башнефть-Новойл\"",33,1198,"СоединительRLVK60FS Bettermann 6067 09 3","ШТ",1,50,50,"450063, г. Уфа, ПАО АНК \"Башнефть\" \"Башнефть-Новойл\""]
["Электромонтажные изделия, материалы","ПАО АНК \"Башнефть\" \"Башнефть-Новойл\"",33,1199,"Стойка Bettermann MAS140 10FT 6356 31 1","ШТ",2,3650,7300,"450063, г. Уфа, ПАО АНК \"Башнефть\" \"Башнефть-Новойл\""]
["Электромонтажные изделия, материалы","ПАО АНК \"Башнефть\" \"Башнефть-Новойл\"",33,1200,"Стойка Bettermann MAS140 10FT 6356 31 1","ШТ",2,3490,6980,"450063, г. Уфа, ПАО АНК \"Башнефть\" \"Башнефть-Новойл\""]
["Электромонтажные изделия, материалы","ПАО АНК \"Башнефть\" \"Башнефть-Новойл\"",33,1201,"Стойка Bettermann MAS140 10FT 6356 31 1","ШТ",3,3650,10950,"450063, г. Уфа, ПАО АНК \"Башнефть\" \"Башнефть-Новойл\""]
["Электромонтажные изделия, материалы","ПАО АНК \"Башнефть\" \"Башнефть-Новойл\"",33,1202,"Стойка Bettermann P/n 6342359","ШТ",4,540,2160,"450063, г. Уфа, ПАО АНК \"Башнефть\" \"Башнефть-Новойл\""]
["Электромонтажные изделия, материалы","ПАО АНК \"Башнефть\" \"Башнефть-Новойл\"",33,1203,"Стойка Bettermann US 5 K 20 FT 6341 52 7","ШТ",3,560,1680,"450063, г. Уфа, ПАО АНК \"Башнефть\" \"Башнефть-Новойл\""]
["Электромонтажные изделия, материалы","ПАО АНК \"Башнефть\" \"Башнефть-Новойл\"",33,1204,"Стойка К314ц УТ1.5","ШТ",36,540,19440,"450063, г. Уфа, ПАО АНК \"Башнефть\" \"Башнефть-Новойл\""]
["Электромонтажные изделия, материалы","ПАО АНК \"Башнефть\" \"Башнефть-Новойл\"",33,1205,"Стойка кабельная К314ц УХЛ2","ШТ",3,370,1110,"450063, г. Уфа, ПАО АНК \"Башнефть\" \"Башнефть-Новойл\""]
["Электромонтажные изделия, материалы","ПАО АНК \"Башнефть\" \"Башнефть-Новойл\"",33,1206,"Суппорт M-45 LEGRAND 3х2,6-8 мод 80253","ШТ",1,70,70,"450063, г. Уфа, ПАО АНК \"Башнефть\" \"Башнефть-Новойл\""]
["Электромонтажные изделия, материалы","ПАО АНК \"Башнефть\" \"Башнефть-Новойл\"",33,1207,"Талреп кольцо-кольцо M8","ШТ",24,20,480,"450063, г. Уфа, ПАО АНК \"Башнефть\" \"Башнефть-Новойл\""]
["Электромонтажные изделия, материалы","ПАО АНК \"Башнефть\" \"Башнефть-Новойл\"",33,1208,"Талреп кольцо-кольцо M8","ШТ",4,20,80,"450063, г. Уфа, ПАО АНК \"Башнефть\" \"Башнефть-Новойл\""]
["Электромонтажные изделия, материалы","ПАО АНК \"Башнефть\" \"Башнефть-Новойл\"",33,1209,"Траверса 400мм Legrand L/36781","ШТ",9,100,900,"450063, г. Уфа, ПАО АНК \"Башнефть\" \"Башнефть-Новойл\""]
["Электромонтажные изделия, материалы","ПАО АНК \"Башнефть\" \"Башнефть-Новойл\"",33,1210,"Труба гофрированная ПВХ D20","М",819,5,4095,"450063, г. Уфа, ПАО АНК \"Башнефть\" \"Башнефть-Новойл\""]
["Электромонтажные изделия, материалы","ПАО АНК \"Башнефть\" \"Башнефть-Новойл\"",33,1211,"Труба гофрированная ПВХ D20","М",215,5,1075,"450063, г. Уфа, ПАО АНК \"Башнефть\" \"Башнефть-Новойл\""]
["Электромонтажные изделия, материалы","ПАО АНК \"Башнефть\" \"Башнефть-Новойл\"",33,1212,"Труба гофрированная ПВХ D20","М",39,5,195,"450063, г. Уфа, ПАО АНК \"Башнефть\" \"Башнефть-Новойл\""]
["Электромонтажные изделия, материалы","ПАО АНК \"Башнефть\" \"Башнефть-Новойл\"",33,1213,"Труба ПВХ D32 с протяжкой DKC 91532","М",1,420,420,"450063, г. Уфа, ПАО АНК \"Башнефть\" \"Башнефть-Новойл\""]
["Электромонтажные изделия, материалы","ПАО АНК \"Башнефть\" \"Башнефть-Новойл\"",33,1214,"Труба ПВХ армированная DKC 57010 14мм","М",6,20,120,"450063, г. Уфа, ПАО АНК \"Башнефть\" \"Башнефть-Новойл\""]
["Электромонтажные изделия, материалы","ПАО АНК \"Башнефть\" \"Башнефть-Новойл\"",33,1215,"Труба ТГГ/ПВХ Л 0 16/11,5 DKC арт.90916","М",50,5,250,"450063, г. Уфа, ПАО АНК \"Башнефть\" \"Башнефть-Новойл\""]
["Электромонтажные изделия, материалы","ПАО АНК \"Башнефть\" \"Башнефть-Новойл\"",33,1216,"Труба ТГГ/ПВХ Л 0 16/11,5 DKC арт.90916","М",15,5,75,"450063, г. Уфа, ПАО АНК \"Башнефть\" \"Башнефть-Новойл\""]
["Электромонтажные изделия, материалы","ПАО АНК \"Башнефть\" \"Башнефть-Новойл\"",33,1217,"Труба ТГГ/ПВХ Л 0 16/11,5 DKC арт.90916","М",50,5,{"$f":"H1221*G1221","v":250},"450063, г. Уфа, ПАО АНК \"Башнефть\" \"Башнефть-Новойл\""]
["Электромонтажные изделия, материалы","ПАО АНК \"Башнефть\" \"Башнефть-Новойл\"",33,1218,"Угол Bettermann RBV 630 S FS 7007017","ШТ",2,640,1280,"450063, г. Уфа, ПАО АНК \"Башнефть\" \"Башнефть-Новойл\""]
["Электромонтажные изделия, материалы","ПАО АНК \"Башнефть\" \"Башнефть-Новойл\"",33,1219,"Угол Bettermann RGBV 610 FT 7079 10 9","ШТ",2,2880,5760,"450063, г. Уфа, ПАО АНК \"Башнефть\" \"Башнефть-Новойл\""]
["Электромонтажные изделия, материалы","ПАО АНК \"Башнефть\" \"Башнефть-Новойл\"",33,1220,"Угол CD 90 вертик. внешн. DKC 36825HDZ","ШТ",25,1010,25250,"450063, г. Уфа, ПАО АНК \"Башнефть\" \"Башнефть-Новойл\""]
["Электромонтажные изделия, материалы","ПАО АНК \"Башнефть\" \"Башнефть-Новойл\"",33,1221,"Угол CD 90 вертик. внешн. DKC 36825HDZ","ШТ",15,1010,15150,"450063, г. Уфа, ПАО АНК \"Башнефть\" \"Башнефть-Новойл\""]
["Электромонтажные изделия, материалы","ПАО АНК \"Башнефть\" \"Башнефть-Новойл\"",33,1222,"Угол CD 90 вертик. внешн. DKC 36825HDZ","ШТ",1,1010,1010,"450063, г. Уфа, ПАО АНК \"Башнефть\" \"Башнефть-Новойл\""]
["Электромонтажные изделия, материалы","ПАО АНК \"Башнефть\" \"Башнефть-Новойл\"",33,1223,"Угол CDSS 100х50 DKC 37651ZL","ШТ",1,1190,1190,"450063, г. Уфа, ПАО АНК \"Башнефть\" \"Башнефть-Новойл\""]
["Электромонтажные изделия, материалы","ПАО АНК \"Башнефть\" \"Башнефть-Новойл\"",33,1224,"Угол CPO 90 100х50 DKC 36002HDZ","ШТ",20,420,8400,"450063, г. Уфа, ПАО АНК \"Башнефть\" \"Башнефть-Новойл\""]
["Электромонтажные изделия, материалы","ПАО АНК \"Башнефть\" \"Башнефть-Новойл\"",33,1225,"Угол CS 90 100х400 DKC 36705HDZ","ШТ",41,1000,41000,"450063, г. Уфа, ПАО АНК \"Башнефть\" \"Башнефть-Новойл\""]
["Электромонтажные изделия, материалы","ПАО АНК \"Башнефть\" \"Башнефть-Новойл\"",33,1226,"Угол CS 90 100х400 DKC 36705HDZ","ШТ",1,1000,1000,"450063, г. Уфа, ПАО АНК \"Башнефть\" \"Башнефть-Новойл\""]
["Электромонтажные изделия, материалы","ПАО АНК \"Башнефть\" \"Башнефть-Новойл\"",33,1227,"Угол DKC CDSS 90 100х100 37122ZL","ШТ",1,1230,1230,"450063, г. Уфа, ПАО АНК \"Башнефть\" \"Башнефть-Новойл\""]
["Электромонтажные изделия, материалы","ПАО АНК \"Башнефть\" \"Башнефть-Новойл\"",33,1228,"Угол DKC CDSS 90 арт.37653HDZ","ШТ",2,1770,3540,"450063, г. Уфа, ПАО АНК \"Башнефть\" \"Башнефть-Новойл\""]
["Электромонтажные изделия, материалы","ПАО АНК \"Башнефть\" \"Башнефть-Новойл\"",33,1229,"Угол DKC CDV 90 100х100 37472ZL","ШТ",8,1130,9040,"450063, г. Уфа, ПАО АНК \"Башнефть\" \"Башнефть-Новойл\""]
["Электромонтажные изделия, материалы","ПАО АНК \"Башнефть\" \"Башнефть-Новойл\"",33,1230,"Угол DKC CDV 90 100х100 37472ZL","ШТ",7,1130,7910,"450063, г. Уфа, ПАО АНК \"Башнефть\" \"Башнефть-Новойл\""]
["Электромонтажные изделия, материалы","ПАО АНК \"Башнефть\" \"Башнефть-Новойл\"",33,1231,"Угол DKC CDV 90 100х50 37572ZL","ШТ",3,1070,3210,"450063, г. Уфа, ПАО АНК \"Башнефть\" \"Башнефть-Новойл\""]
["Электромонтажные изделия, материалы","ПАО АНК \"Башнефть\" \"Башнефть-Новойл\"",33,1232,"Угол DKC CPO 90 100х100 арт.36041","ШТ",5,310,1550,"450063, г. Уфа, ПАО АНК \"Башнефть\" \"Башнефть-Новойл\""]
["Электромонтажные изделия, материалы","ПАО АНК \"Башнефть\" \"Башнефть-Новойл\"",33,1233,"Угол DKC CPO 90 100х100 арт.36041","ШТ",1,310,310,"450063, г. Уфа, ПАО АНК \"Башнефть\" \"Башнефть-Новойл\""]
["Электромонтажные изделия, материалы","ПАО АНК \"Башнефть\" \"Башнефть-Новойл\"",33,1234,"Угол DKC CPO 90 150х100 36042","ШТ",30,350,10500,"450063, г. Уфа, ПАО АНК \"Башнефть\" \"Башнефть-Новойл\""]
["Электромонтажные изделия, материалы","ПАО АНК \"Башнефть\" \"Башнефть-Новойл\"",33,1235,"Угол DKC CPO 90 150х100 36042","ШТ",10,350,3500,"450063, г. Уфа, ПАО АНК \"Башнефть\" \"Башнефть-Новойл\""]
["Электромонтажные изделия, материалы","ПАО АНК \"Башнефть\" \"Башнефть-Новойл\"",33,1236,"Угол DKC CPO 90 200х100 арт.36043","ШТ",40,400,16000,"450063, г. Уфа, ПАО АНК \"Башнефть\" \"Башнефть-Новойл\""]
["Электромонтажные изделия, материалы","ПАО АНК \"Башнефть\" \"Башнефть-Новойл\"",33,1237,"Угол DKC CPO 90 400х100 36045HDZ","ШТ",12,1250,15000,"450063, г. Уфа, ПАО АНК \"Башнефть\" \"Башнефть-Новойл\""]
["Электромонтажные изделия, материалы","ПАО АНК \"Башнефть\" \"Башнефть-Новойл\"",33,1238,"Угол DKC CPO 90 400х100 36045HDZ","ШТ",18,1250,22500,"450063, г. Уфа, ПАО АНК \"Башнефть\" \"Башнефть-Новойл\""]
["Электромонтажные изделия, материалы","ПАО АНК \"Башнефть\" \"Башнефть-Новойл\"",33,1239,"Угол DKC CPO 90 50х200 арт.36004","ШТ",9,390,3510,"450063, г. Уфа, ПАО АНК \"Башнефть\" \"Башнефть-Новойл\""]
["Электромонтажные изделия, материалы","ПАО АНК \"Башнефть\" \"Башнефть-Новойл\"",33,1240,"Угол DKC NPAN 25x30 арт.01737","ШТ",1,30,30,"450063, г. Уфа, ПАО АНК \"Башнефть\" \"Башнефть-Новойл\""]
["Электромонтажные изделия, материалы","ПАО АНК \"Башнефть\" \"Башнефть-Новойл\"",33,1241,"Угол RBV 610 S FS Bettermann p/n 7007005","ШТ",1,720,720,"450063, г. Уфа, ПАО АНК \"Башнефть\" \"Башнефть-Новойл\""]
["Электромонтажные изделия, материалы","ПАО АНК \"Башнефть\" \"Башнефть-Новойл\"",33,1242,"Угол RGBV 630 FT Bettermann p/n 7079303","ШТ",9,3390,30510,"450063, г. Уфа, ПАО АНК \"Башнефть\" \"Башнефть-Новойл\""]
["Электромонтажные изделия, материалы","ПАО АНК \"Башнефть\" \"Башнефть-Новойл\"",33,1243,"Угол внеш/внут. Legrand 40х20 арт.30281","ШТ",16,50,800,"450063, г. Уфа, ПАО АНК \"Башнефть\" \"Башнефть-Новойл\""]
["Электромонтажные изделия, материалы","ПАО АНК \"Башнефть\" \"Башнефть-Новойл\"",33,1244,"Угол внеш/внут. Legrand 40х20 арт.30281","ШТ",1,50,50,"450063, г. Уфа, ПАО АНК \"Башнефть\" \"Башнефть-Новойл\""]
["Электромонтажные изделия, материалы","ПАО АНК \"Башнефть\" \"Башнефть-Новойл\"",33,1245,"Угол внутренний Marshall Tufflex JM23","ШТ",2,110,220,"450063, г. Уфа, ПАО АНК \"Башнефть\" \"Башнефть-Новойл\""]
["Электромонтажные изделия, материалы","ПАО АНК \"Башнефть\" \"Башнефть-Новойл\"",33,1246,"Угол внутренний Marshall Tufflex JM23","ШТ",2,110,220,"450063, г. Уфа, ПАО АНК \"Башнефть\" \"Башнефть-Новойл\""]
["Электромонтажные изделия, материалы","ПАО АНК \"Башнефть\" \"Башнефть-Новойл\"",33,1247,"Угол гор. CPO90 36002ZL DKC 50х100","ШТ",2,420,840,"450063, г. Уфа, ПАО АНК \"Башнефть\" \"Башнефть-Новойл\""]
["Электромонтажные изделия, материалы","ПАО АНК \"Башнефть\" \"Башнефть-Новойл\"",33,1248,"Угол горизонтальный 36041ZL DKC 100х100","ШТ",1,440,440,"450063, г. Уфа, ПАО АНК \"Башнефть\" \"Башнефть-Новойл\""]
["Электромонтажные изделия, материалы","ПАО АНК \"Башнефть\" \"Башнефть-Новойл\"",33,1249,"Угол плоский Legrand 40х20 арт.30283","ШТ",10,60,600,"450063, г. Уфа, ПАО АНК \"Башнефть\" \"Башнефть-Новойл\""]
["Электромонтажные изделия, материалы","ПАО АНК \"Башнефть\" \"Башнефть-Новойл\"",33,1250,"Угол плоский Legrand L/30293 60х16","ШТ",2,140,280,"450063, г. Уфа, ПАО АНК \"Башнефть\" \"Башнефть-Новойл\""]
["Электромонтажные изделия, материалы","ПАО АНК \"Башнефть\" \"Башнефть-Новойл\"",33,1251,"Угол плоский Legrand L/33327 32х16","ШТ",4,50,200,"450063, г. Уфа, ПАО АНК \"Башнефть\" \"Башнефть-Новойл\""]
["Электромонтажные изделия, материалы","ПАО АНК \"Башнефть\" \"Башнефть-Новойл\"",33,1252,"Угол плоский Legrand L/33327 32х16","ШТ",10,50,500,"450063, г. Уфа, ПАО АНК \"Башнефть\" \"Башнефть-Новойл\""]
["Электромонтажные изделия, материалы","ПАО АНК \"Башнефть\" \"Башнефть-Новойл\"",33,1253,"Уголок опорный DKC 30199ZL","ШТ",1,20,20,"450063, г. Уфа, ПАО АНК \"Башнефть\" \"Башнефть-Новойл\""]
["Электромонтажные изделия, материалы","ПАО АНК \"Башнефть\" \"Башнефть-Новойл\"",33,1254,"Уплотнитель DKC IP44 АРТ.30589","ШТ",470,50,23500,"450063, г. Уфа, ПАО АНК \"Башнефть\" \"Башнефть-Новойл\""]
["Электромонтажные изделия, материалы","ПАО АНК \"Башнефть\" \"Башнефть-Новойл\"",33,1255,"Уплотнитель DKC P/n 30573","ШТ",4580,30,137400,"450063, г. Уфа, ПАО АНК \"Башнефть\" \"Башнефть-Новойл\""]
["Электромонтажные изделия, материалы","ПАО АНК \"Башнефть\" \"Башнефть-Новойл\"",33,1256,"Устройство MTA311(-40+50)1-2х20sE1FXNi","ШТ",2,3520,7040,"450063, г. Уфа, ПАО АНК \"Башнефть\" \"Башнефть-Новойл\""]
["Электромонтажные изделия, материалы","ПАО АНК \"Башнефть\" \"Башнефть-Новойл\"",33,1257,"Устройство MTA311(-40+50)1-2х20sE1FXNi","ШТ",3,3520,10560,"450063, г. Уфа, ПАО АНК \"Башнефть\" \"Башнефть-Новойл\""]
["Электромонтажные изделия, материалы","ПАО АНК \"Башнефть\" \"Башнефть-Новойл\"",33,1258,"Устройство MTA311(-40+50)1-2х20sE1FXNi","ШТ",1,3520,3520,"450063, г. Уфа, ПАО АНК \"Башнефть\" \"Башнефть-Новойл\""]
["Электромонтажные изделия, материалы","ПАО АНК \"Башнефть\" \"Башнефть-Новойл\"",33,1259,"Фиксатор OBO KS KR VA431 6062280","ШТ",1,40,40,"450063, г. Уфа, ПАО АНК \"Башнефть\" \"Башнефть-Новойл\""]
["Электромонтажные изделия, материалы","ПАО АНК \"Башнефть\" \"Башнефть-Новойл\"",33,1260,"Фиксатор OBO KS KR VA431 6062280","ШТ",3,40,120,"450063, г. Уфа, ПАО АНК \"Башнефть\" \"Башнефть-Новойл\""]
["Электромонтажные изделия, материалы","ПАО АНК \"Башнефть\" \"Башнефть-Новойл\"",33,1261,"Фиксатор TKH-S-30FT Bettermann 6355 80 4","ШТ",12,1010,12120,"450063, г. Уфа, ПАО АНК \"Башнефть\" \"Башнефть-Новойл\""]
["Электромонтажные изделия, материалы","ПАО АНК \"Башнефть\" \"Башнефть-Новойл\"",33,1262,"Фитинг BHC-H-G1 1/2-B1,5 чугун","ШТ",250,860,215000,"450063, г. Уфа, ПАО АНК \"Башнефть\" \"Башнефть-Новойл\""]
["Электромонтажные изделия, материалы","ПАО АНК \"Башнефть\" \"Башнефть-Новойл\"",33,1263,"Фитинг ВНС-А-G1 1/2-B1.5 чугун","ШТ",120,970,116400,"450063, г. Уфа, ПАО АНК \"Башнефть\" \"Башнефть-Новойл\""]
["Электромонтажные изделия, материалы","ПАО АНК \"Башнефть\" \"Башнефть-Новойл\"",33,1264,"Фитинг ВНС-В-G1 1/2-B1.5 чугун","ШТ",40,960,38400,"450063, г. Уфа, ПАО АНК \"Башнефть\" \"Башнефть-Новойл\""]
["Электромонтажные изделия, материалы","ПАО АНК \"Башнефть\" \"Башнефть-Новойл\"",33,1265,"Флажок Ф25 У2,5","ШТ",23,5,115,"450063, г. Уфа, ПАО АНК \"Башнефть\" \"Башнефть-Новойл\""]
["Электромонтажные изделия, материалы","ПАО АНК \"Башнефть\" \"Башнефть-Новойл\"",33,1266,"Флажок Ф-35 У2.5","ШТ",16,20,320,"450063, г. Уфа, ПАО АНК \"Башнефть\" \"Башнефть-Новойл\""]
["Электромонтажные изделия, материалы","ПАО АНК \"Башнефть\" \"Башнефть-Новойл\"",33,1267,"Флажок Ф50 У2,5","ШТ",11,40,440,"450063, г. Уфа, ПАО АНК \"Башнефть\" \"Башнефть-Новойл\""]
["Электромонтажные изделия, материалы","ПАО АНК \"Башнефть\" \"Башнефть-Новойл\"",33,1268,"Флажок Ф95 У2,5","ШТ",2,10,20,"450063, г. Уфа, ПАО АНК \"Башнефть\" \"Башнефть-Новойл\""]
["Электромонтажные изделия, материалы","ПАО АНК \"Башнефть\" \"Башнефть-Новойл\"",33,1269,"Флажок Ф95 У2,5","ШТ",16,10,160,"450063, г. Уфа, ПАО АНК \"Башнефть\" \"Башнефть-Новойл\""]
["Электромонтажные изделия, материалы","ПАО АНК \"Башнефть\" \"Башнефть-Новойл\"",33,1270,"Шайба DIN 440 11F Betterman","ШТ",28,20,560,"450063, г. Уфа, ПАО АНК \"Башнефть\" \"Башнефть-Новойл\""]
["Электромонтажные изделия, материалы","ПАО АНК \"Башнефть\" \"Башнефть-Новойл\"",33,1271,"Шайба DIN 440 7F Betterman 6408702","ШТ",14,10,140,"450063, г. Уфа, ПАО АНК \"Башнефть\" \"Башнефть-Новойл\""]
["Электромонтажные изделия, материалы","ПАО АНК \"Башнефть\" \"Башнефть-Новойл\"",33,1272,"Шайба DKC CM170600","ШТ",2,4,8,"450063, г. Уфа, ПАО АНК \"Башнефть\" \"Башнефть-Новойл\""]
["Электромонтажные изделия, материалы","ПАО АНК \"Башнефть\" \"Башнефть-Новойл\"",33,1273,"Шайба УСЭК 76У1","ШТ",10,7,70,"450063, г. Уфа, ПАО АНК \"Башнефть\" \"Башнефть-Новойл\""]
["Электромонтажные изделия, материалы","ПАО АНК \"Башнефть\" \"Башнефть-Новойл\"",33,1274,"Шасси монтажныеRittal(упк4шт)PS4377.000","УПК",2,1440,2880,"450063, г. Уфа, ПАО АНК \"Башнефть\" \"Башнефть-Новойл\""]
["Электромонтажные изделия, материалы","ПАО АНК \"Башнефть\" \"Башнефть-Новойл\"",33,1275,"Шина заземления ГЗШС-00-1 УХЛ3","ШТ",1,1430,1430,"450063, г. Уфа, ПАО АНК \"Башнефть\" \"Башнефть-Новойл\""]
["Электромонтажные изделия, материалы","ПАО АНК \"Башнефть\" \"Башнефть-Новойл\"",33,1276,"Шина заземления ГЗШС-21-1 УХЛ3","ШТ",1,2130,2130,"450063, г. Уфа, ПАО АНК \"Башнефть\" \"Башнефть-Новойл\""]
["Электромонтажные изделия, материалы","ПАО АНК \"Башнефть\" \"Башнефть-Новойл\"",33,1277,"Шина заземления ГЗШС-21-1 УХЛ3","ШТ",1,2120,2120,"450063, г. Уфа, ПАО АНК \"Башнефть\" \"Башнефть-Новойл\""]
["Электромонтажные изделия, материалы","ПАО АНК \"Башнефть\" \"Башнефть-Новойл\"",33,1278,"Шина заземления ГЗШС-21-2 У2","ШТ",1,2040,2040,"450063, г. Уфа, ПАО АНК \"Башнефть\" \"Башнефть-Новойл\""]
["Электромонтажные изделия, материалы","ПАО АНК \"Башнефть\" \"Башнефть-Новойл\"",33,1279,"Шина заземления ГЗШС-21-2 УХЛ3","ШТ",1,2050,2050,"450063, г. Уфа, ПАО АНК \"Башнефть\" \"Башнефть-Новойл\""]
["Электроприводы","ПАО АНК \"Башнефть\" \"Башнефть-Новойл\"",34,1280,"Электропривод AUMA SAEX 14.6","ШТ",1,143380,143380,"450063, г. Уфа, ПАО АНК \"Башнефть\" \"Башнефть-Новойл\""]
["Электроприводы","ПАО АНК \"Башнефть\" \"Башнефть-Новойл\"",34,1281,"Электропривод AUMA SAEXC 16.1/ACEXC 01.1","ШТ",2,283000,{"$f":"H1285*G1285","v":566000},"450063, г. Уфа, ПАО АНК \"Башнефть\" \"Башнефть-Новойл\""]
["Электроприводы","ПАО АНК \"Башнефть\" \"Башнефть-Новойл\"",34,1282,"Электропривод LimiTorgu MX-10/65+AS13","ШТ",4,208010,832040,"450063, г. Уфа, ПАО АНК \"Башнефть\" \"Башнефть-Новойл\""]
["Электроприводы","ПАО АНК \"Башнефть\" \"Башнефть-Новойл\"",34,1283,"Электропривод LimiTorgu MX-10/65+AS13","ШТ",1,208010,208010,"450063, г. Уфа, ПАО АНК \"Башнефть\" \"Башнефть-Новойл\""]
["Электроприводы","ПАО АНК \"Башнефть\" \"Башнефть-Новойл\"",34,1284,"Электропривод LimiTorgu MX-20/84+AS24","ШТ",3,225880,677640,"450063, г. Уфа, ПАО АНК \"Башнефть\" \"Башнефть-Новойл\""]
["Электроприводы","ПАО АНК \"Башнефть\" \"Башнефть-Новойл\"",34,1285,"Электропривод LimiTorgu MX-20/84+AS24","ШТ",2,225880,451760,"450063, г. Уфа, ПАО АНК \"Башнефть\" \"Башнефть-Новойл\""]
["Электроприводы","ПАО АНК \"Башнефть\" \"Башнефть-Новойл\"",34,1286,"Электропривод В-Б1-03 тип Б","ШТ",1,56400,56400,"450063, г. Уфа, ПАО АНК \"Башнефть\" \"Башнефть-Новойл\""]
["Электроприводы","ПАО АНК \"Башнефть\" \"Башнефть-Новойл\"",34,1287,"Электропривод ВВ-06 к задвижке 30с915нж","ШТ",4,73670,294680,"450063, г. Уфа, ПАО АНК \"Башнефть\" \"Башнефть-Новойл\""]
["Электроприводы","ПАО АНК \"Башнефть\" \"Башнефть-Новойл\"",34,1288,"Электропривод В-Г-06 тип Г","ШТ",1,96320,96320,"450063, г. Уфа, ПАО АНК \"Башнефть\" \"Башнефть-Новойл\""]
["Электроприводы","ПАО АНК \"Башнефть\" \"Башнефть-Новойл\"",34,1289,"Электропривод ЭВИМТА-5.3Б тип Б","ШТ",1,93270,93270,"450063, г. Уфа, ПАО АНК \"Башнефть\" \"Башнефть-Новойл\""]
["Электроприводы","ПАО АНК \"Башнефть\" \"Башнефть-Новойл\"",34,1290,"Электропривод ЭВИМТА-ПВ-А2 тип А","ШТ",2,60100,120200,"450063, г. Уфа, ПАО АНК \"Башнефть\" \"Башнефть-Новойл\""]
["Электротехнические изделия, материалы","ПАО АНК \"Башнефть\" \"Башнефть-Новойл\"",35,1291,"Автомат ввода резерва ASCO A300 70A","ШТ",1,42435.1,42435.1,"450063, г. Уфа, ПАО АНК \"Башнефть\" \"Башнефть-Новойл\""]
["Электротехнические изделия, материалы","ПАО АНК \"Башнефть\" \"Башнефть-Новойл\"",35,1292,"Адаптер Moeller M22-A 216374","ШТ",9,101.2,910.80000000000007,"450063, г. Уфа, ПАО АНК \"Башнефть\" \"Башнефть-Новойл\""]
["Электротехнические изделия, материалы","ПАО АНК \"Башнефть\" \"Башнефть-Новойл\"",35,1293,"Амперметр Э365-800/5А","ШТ",2,729.2,1458.4,"450063, г. Уфа, ПАО АНК \"Башнефть\" \"Башнефть-Новойл\""]
["Электротехнические изделия, материалы","ПАО АНК \"Башнефть\" \"Башнефть-Новойл\"",35,1294,"Аппарат пускорег.Philips HF-P 91162600","ШТ",82,410.9,33693.799999999996,"450063, г. Уфа, ПАО АНК \"Башнефть\" \"Башнефть-Новойл\""]
["Электротехнические изделия, материалы","ПАО АНК \"Башнефть\" \"Башнефть-Новойл\"",35,1295,"Арматура светосиг. ССВ-15-2М","ШТ",14,885.6,12398.4,"450063, г. Уфа, ПАО АНК \"Башнефть\" \"Башнефть-Новойл\""]
["Электротехнические изделия, материалы","ПАО АНК \"Башнефть\" \"Башнефть-Новойл\"",35,1296,"Батарея аккумуляторная APC RBC105","ШТ",4,15295.1,61180.4,"450063, г. Уфа, ПАО АНК \"Башнефть\" \"Башнефть-Новойл\""]
["Электротехнические изделия, материалы","ПАО АНК \"Башнефть\" \"Башнефть-Новойл\"",35,1297,"Блок включения БКЖИ 687273012 БВ 220В","ШТ",5,3568.9,17844.5,"450063, г. Уфа, ПАО АНК \"Башнефть\" \"Башнефть-Новойл\""]
["Электротехнические изделия, материалы","ПАО АНК \"Башнефть\" \"Башнефть-Новойл\"",35,1298,"Блок включения БКЖИ 687273012 БВ 220В","ШТ",1,2832,2832,"450063, г. Уфа, ПАО АНК \"Башнефть\" \"Башнефть-Новойл\""]
["Электротехнические изделия, материалы","ПАО АНК \"Башнефть\" \"Башнефть-Новойл\"",35,1299,"Блок питания унив. Newstar NSC-80","ШТ",3,1041.5999999999999,3124.7999999999997,"450063, г. Уфа, ПАО АНК \"Башнефть\" \"Башнефть-Новойл\""]
["Электротехнические изделия, материалы","ПАО АНК \"Башнефть\" \"Башнефть-Новойл\"",35,1300,"Блок управления CHU222-W-30 Korf","ШТ",3,23362.1,70086.299999999988,"450063, г. Уфа, ПАО АНК \"Башнефть\" \"Башнефть-Новойл\""]
["Электротехнические изделия, материалы","ПАО АНК \"Башнефть\" \"Башнефть-Новойл\"",35,1301,"Ввод кабельный ВН20","ШТ",22,209.5,4609,"450063, г. Уфа, ПАО АНК \"Башнефть\" \"Башнефть-Новойл\""]
["Электротехнические изделия, материалы","ПАО АНК \"Башнефть\" \"Башнефть-Новойл\"",35,1302,"Вилка кабельная ССИ-023 2Р+РЕ 32А 380В","ШТ",110,102.8,11308,"450063, г. Уфа, ПАО АНК \"Башнефть\" \"Башнефть-Новойл\""]
["Электротехнические изделия, материалы","ПАО АНК \"Башнефть\" \"Башнефть-Новойл\"",35,1303,"Вилка кабельная ССИ-023 2Р+РЕ 32А 380В","ШТ",95,74.2,7049,"450063, г. Уфа, ПАО АНК \"Башнефть\" \"Башнефть-Новойл\""]
["Электротехнические изделия, материалы","ПАО АНК \"Башнефть\" \"Башнефть-Новойл\"",35,1304,"Винт PhoenixContact ZKS M6х12SW3 0807025","ШТ",12,18.899999999999999,226.79999999999998,"450063, г. Уфа, ПАО АНК \"Башнефть\" \"Башнефть-Новойл\""]
["Электротехнические изделия, материалы","ПАО АНК \"Башнефть\" \"Башнефть-Новойл\"",35,1305,"Винт Torx BZ5,5х13 Rittal SZ 2486.500","ШТ",300,5.2,1560,"450063, г. Уфа, ПАО АНК \"Башнефть\" \"Башнефть-Новойл\""]
["Электротехнические изделия, материалы","ПАО АНК \"Башнефть\" \"Башнефть-Новойл\"",35,1306,"Вставка плавкая ES/КМК 3-GB 1005088","ШТ",50,131.69999999999999,6584.9999999999991,"450063, г. Уфа, ПАО АНК \"Башнефть\" \"Башнефть-Новойл\""]
["Электротехнические изделия, материалы","ПАО АНК \"Башнефть\" \"Башнефть-Новойл\"",35,1307,"Вставка плавкая ПВД-1 25А 002312407","ШТ",30,76.7,2301,"450063, г. Уфа, ПАО АНК \"Башнефть\" \"Башнефть-Новойл\""]
["Электротехнические изделия, материалы","ПАО АНК \"Башнефть\" \"Башнефть-Новойл\"",35,1308,"Вставка плавкая ПВД-111 63А 002313403","ШТ",30,139.4,4182,"450063, г. Уфа, ПАО АНК \"Башнефть\" \"Башнефть-Новойл\""]
["Электротехнические изделия, материалы","ПАО АНК \"Башнефть\" \"Башнефть-Новойл\"",35,1309,"Втулка Legrand L/01756","ШТ",7,477.6,3343.2000000000003,"450063, г. Уфа, ПАО АНК \"Башнефть\" \"Башнефть-Новойл\""]
["Электротехнические изделия, материалы","ПАО АНК \"Башнефть\" \"Башнефть-Новойл\"",35,1310,"Втулка Legrand L/01756","ШТ",12,429.6,5155.2000000000007,"450063, г. Уфа, ПАО АНК \"Башнефть\" \"Башнефть-Новойл\""]
["Электротехнические изделия, материалы","ПАО АНК \"Башнефть\" \"Башнефть-Новойл\"",35,1311,"Датчик приближения NCN4-12GM35-N0","ШТ",1,1572.9,1572.9,"450063, г. Уфа, ПАО АНК \"Башнефть\" \"Башнефть-Новойл\""]
["Электротехнические изделия, материалы","ПАО АНК \"Башнефть\" \"Башнефть-Новойл\"",35,1312,"Датчик тока Schneider Electric P/n 59635","ШТ",1,8414.2999999999993,8414.2999999999993,"450063, г. Уфа, ПАО АНК \"Башнефть\" \"Башнефть-Новойл\""]
["Электротехнические изделия, материалы","ПАО АНК \"Башнефть\" \"Башнефть-Новойл\"",35,1313,"Датчик-реле контр.пламени RM7832A1016","ШТ",2,14922.2,29844.400000000001,"450063, г. Уфа, ПАО АНК \"Башнефть\" \"Башнефть-Новойл\""]
["Электротехнические изделия, материалы","ПАО АНК \"Башнефть\" \"Башнефть-Новойл\"",35,1314,"Держатель Rittal PS 4183.000","ШТ",24,44,1056,"450063, г. Уфа, ПАО АНК \"Башнефть\" \"Башнефть-Новойл\""]
["Электротехнические изделия, материалы","ПАО АНК \"Башнефть\" \"Башнефть-Новойл\"",35,1315,"Держатель Rittal PS 4183.000","ШТ",24,44.2,1060.8000000000002,"450063, г. Уфа, ПАО АНК \"Башнефть\" \"Башнефть-Новойл\""]
["Электротехнические изделия, материалы","ПАО АНК \"Башнефть\" \"Башнефть-Новойл\"",35,1316,"Держатель Rittal SZ 4183000 (упк 24 шт)","УПК",1,1183.5,1183.5,"450063, г. Уфа, ПАО АНК \"Башнефть\" \"Башнефть-Новойл\""]
["Электротехнические изделия, материалы","ПАО АНК \"Башнефть\" \"Башнефть-Новойл\"",35,1317,"Держатель крепеж.Rittal PS 4182.000","КМП",1,941.9,941.9,"450063, г. Уфа, ПАО АНК \"Башнефть\" \"Башнефть-Новойл\""]
["Электротехнические изделия, материалы","ПАО АНК \"Башнефть\" \"Башнефть-Новойл\"",35,1318,"Держатель крепеж.Rittal PS 4182.000","КМП",1,824.1,824.1,"450063, г. Уфа, ПАО АНК \"Башнефть\" \"Башнефть-Новойл\""]
["Электротехнические изделия, материалы","ПАО АНК \"Башнефть\" \"Башнефть-Новойл\"",35,1319,"Держатель крепеж.Rittal PS 4182.000","КМП",1,835.3,835.3,"450063, г. Уфа, ПАО АНК \"Башнефть\" \"Башнефть-Новойл\""]
["Электротехнические изделия, материалы","ПАО АНК \"Башнефть\" \"Башнефть-Новойл\"",35,1320,"Держатель шланга Rittal из 2592.000","ШТ",2,981.2,1962.4,"450063, г. Уфа, ПАО АНК \"Башнефть\" \"Башнефть-Новойл\""]
["Электротехнические изделия, материалы","ПАО АНК \"Башнефть\" \"Башнефть-Новойл\"",35,1321,"Держатель этикеток 9001KN100WP","ШТ",5,53,265,"450063, г. Уфа, ПАО АНК \"Башнефть\" \"Башнефть-Новойл\""]
["Электротехнические изделия, материалы","ПАО АНК \"Башнефть\" \"Башнефть-Новойл\"",35,1322,"Зажим кабельный Rittal DK 7098.000","ШТ",50,78.8,3940,"450063, г. Уфа, ПАО АНК \"Башнефть\" \"Башнефть-Новойл\""]
["Электротехнические изделия, материалы","ПАО АНК \"Башнефть\" \"Башнефть-Новойл\"",35,1323,"Зажим кабельный Rittal DK 7098.000","ШТ",25,81.7,2042.5,"450063, г. Уфа, ПАО АНК \"Башнефть\" \"Башнефть-Новойл\""]
["Электротехнические изделия, материалы","ПАО АНК \"Башнефть\" \"Башнефть-Новойл\"",35,1324,"Зажим кабельный Rittal DK 7098.000","ШТ",15,76,1140,"450063, г. Уфа, ПАО АНК \"Башнефть\" \"Башнефть-Новойл\""]
["Электротехнические изделия, материалы","ПАО АНК \"Башнефть\" \"Башнефть-Новойл\"",35,1325,"Зажим кабельный Rittal DK 7098.000","ШТ",10,111.9,1119,"450063, г. Уфа, ПАО АНК \"Башнефть\" \"Башнефть-Новойл\""]
["Электротехнические изделия, материалы","ПАО АНК \"Башнефть\" \"Башнефть-Новойл\"",35,1326,"Зажим кабельный Rittal DK 7099.000","ШТ",75,115.7,8677.5,"450063, г. Уфа, ПАО АНК \"Башнефть\" \"Башнефть-Новойл\""]
["Электротехнические изделия, материалы","ПАО АНК \"Башнефть\" \"Башнефть-Новойл\"",35,1327,"Зажим кабельный Rittal DK 7099.000","ШТ",25,119.4,2985,"450063, г. Уфа, ПАО АНК \"Башнефть\" \"Башнефть-Новойл\""]
["Электротехнические изделия, материалы","ПАО АНК \"Башнефть\" \"Башнефть-Новойл\"",35,1328,"Зажим кабельный Rittal DK 7099.000","ШТ",15,119.8,1797,"450063, г. Уфа, ПАО АНК \"Башнефть\" \"Башнефть-Новойл\""]
["Электротехнические изделия, материалы","ПАО АНК \"Башнефть\" \"Башнефть-Новойл\"",35,1329,"Зажим кабельный Rittal DK 7099.000","ШТ",15,110.8,1662,"450063, г. Уфа, ПАО АНК \"Башнефть\" \"Башнефть-Новойл\""]
["Электротехнические изделия, материалы","ПАО АНК \"Башнефть\" \"Башнефть-Новойл\"",35,1330,"Кабель подключения Rittal CS 9765137","ШТ",1,336.8,336.8,"450063, г. Уфа, ПАО АНК \"Башнефть\" \"Башнефть-Новойл\""]
["Электротехнические изделия, материалы","ПАО АНК \"Башнефть\" \"Башнефть-Новойл\"",35,1331,"Кабель подключения Rittal CS 9765137","ШТ",6,336.8,2020.8000000000002,"450063, г. Уфа, ПАО АНК \"Башнефть\" \"Башнефть-Новойл\""]
["Электротехнические изделия, материалы","ПАО АНК \"Башнефть\" \"Башнефть-Новойл\"",35,1332,"Кабель подключения Rittal CS 9765137","ШТ",1,331,331,"450063, г. Уфа, ПАО АНК \"Башнефть\" \"Башнефть-Новойл\""]
["Электротехнические изделия, материалы","ПАО АНК \"Башнефть\" \"Башнефть-Новойл\"",35,1333,"Кабель подключения Rittal CS 9765137","ШТ",3,334.6,1003.8000000000001,"450063, г. Уфа, ПАО АНК \"Башнефть\" \"Башнефть-Новойл\""]
["Электротехнические изделия, материалы","ПАО АНК \"Башнефть\" \"Башнефть-Новойл\"",35,1334,"Кабель подключения Rittal CS 9765137","ШТ",1,335.6,335.6,"450063, г. Уфа, ПАО АНК \"Башнефть\" \"Башнефть-Новойл\""]
["Электротехнические изделия, материалы","ПАО АНК \"Башнефть\" \"Башнефть-Новойл\"",35,1335,"Кабель подключения Rittal CS 9765137","ШТ",3,336.8,1010.4000000000001,"450063, г. Уфа, ПАО АНК \"Башнефть\" \"Башнефть-Новойл\""]
["Электротехнические изделия, материалы","ПАО АНК \"Башнефть\" \"Башнефть-Новойл\"",35,1336,"Кабель подключения Rittal SZ 4315.100","ШТ",1,177.1,177.1,"450063, г. Уфа, ПАО АНК \"Башнефть\" \"Башнефть-Новойл\""]
["Электротехнические изделия, материалы","ПАО АНК \"Башнефть\" \"Башнефть-Новойл\"",35,1337,"Кабель-канал Rittal TS 8800.510","ШТ",4,482.7,1930.8,"450063, г. Уфа, ПАО АНК \"Башнефть\" \"Башнефть-Новойл\""]
["Электротехнические изделия, материалы","ПАО АНК \"Башнефть\" \"Башнефть-Новойл\"",35,1338,"Кабель-канал Rittal TS 8800.510","ШТ",6,482.7,2896.2,"450063, г. Уфа, ПАО АНК \"Башнефть\" \"Башнефть-Новойл\""]
["Электротехнические изделия, материалы","ПАО АНК \"Башнефть\" \"Башнефть-Новойл\"",35,1339,"Кожух защитный Rittal SK 3240.080","ШТ",1,3540,3540,"450063, г. Уфа, ПАО АНК \"Башнефть\" \"Башнефть-Новойл\""]
["Электротехнические изделия, материалы","ПАО АНК \"Башнефть\" \"Башнефть-Новойл\"",35,1340,"Кожух защитный Rittal SK 3240.080","ШТ",1,3540,3540,"450063, г. Уфа, ПАО АНК \"Башнефть\" \"Башнефть-Новойл\""]
["Электротехнические изделия, материалы","ПАО АНК \"Башнефть\" \"Башнефть-Новойл\"",35,1341,"Кожух защитный Rittal SK 3240.080","ШТ",2,3524.7,7049.4,"450063, г. Уфа, ПАО АНК \"Башнефть\" \"Башнефть-Новойл\""]
["Электротехнические изделия, материалы","ПАО АНК \"Башнефть\" \"Башнефть-Новойл\"",35,1342,"Кожух защитный Rittal SK 3324.800","ШТ",1,3540,3540,"450063, г. Уфа, ПАО АНК \"Башнефть\" \"Башнефть-Новойл\""]
["Электротехнические изделия, материалы","ПАО АНК \"Башнефть\" \"Башнефть-Новойл\"",35,1343,"Кожух защитный Rittal SK 3324.800","ШТ",1,3668.1,3668.1,"450063, г. Уфа, ПАО АНК \"Башнефть\" \"Башнефть-Новойл\""]
["Электротехнические изделия, материалы","ПАО АНК \"Башнефть\" \"Башнефть-Новойл\"",35,1344,"Колодка клеммная ST 2,5 BU 3031225","ШТ",100,23.3,2330,"450063, г. Уфа, ПАО АНК \"Башнефть\" \"Башнефть-Новойл\""]
["Электротехнические изделия, материалы","ПАО АНК \"Башнефть\" \"Башнефть-Новойл\"",35,1345,"Кольцо уплотнительное Cortem GRN 3/GRN32","ШТ",4,151.9,{"$f":"H1349*G1349","v":607.6},"450063, г. Уфа, ПАО АНК \"Башнефть\" \"Башнефть-Новойл\""]
["Электротехнические изделия, материалы","ПАО АНК \"Башнефть\" \"Башнефть-Новойл\"",35,1346,"Кольцо уплотнительное Cortem GRN 5/GRN50","ШТ",2,332,664,"450063, г. Уфа, ПАО АНК \"Башнефть\" \"Башнефть-Новойл\""]
["Электротехнические изделия, материалы","ПАО АНК \"Башнефть\" \"Башнефть-Новойл\"",35,1347,"Комплект материал креп Rittal SZ 2559000","ШТ",30,27.1,813,"450063, г. Уфа, ПАО АНК \"Башнефть\" \"Башнефть-Новойл\""]
["Электротехнические изделия, материалы","ПАО АНК \"Башнефть\" \"Башнефть-Новойл\"",35,1348,"Комплект монтажный Rittal SR 1994.835","ШТ",1,1402.5,1402.5,"450063, г. Уфа, ПАО АНК \"Башнефть\" \"Башнефть-Новойл\""]
["Электротехнические изделия, материалы","ПАО АНК \"Башнефть\" \"Башнефть-Новойл\"",35,1349,"Комплект шасси Rittal TS 8612.060","ШТ",20,330.1,6602,"450063, г. Уфа, ПАО АНК \"Башнефть\" \"Башнефть-Новойл\""]
["Электротехнические изделия, материалы","ПАО АНК \"Башнефть\" \"Башнефть-Новойл\"",35,1350,"Конденсатор К78-17 (450В 20мкФ)","ШТ",2,189,378,"450063, г. Уфа, ПАО АНК \"Башнефть\" \"Башнефть-Новойл\""]
["Электротехнические изделия, материалы","ПАО АНК \"Башнефть\" \"Башнефть-Новойл\"",35,1351,"Контакт Schneider Electric A9F26924","ШТ",12,488.7,5864.4,"450063, г. Уфа, ПАО АНК \"Башнефть\" \"Башнефть-Новойл\""]
["Электротехнические изделия, материалы","ПАО АНК \"Башнефть\" \"Башнефть-Новойл\"",35,1352,"Коробка КРТМ-2/20 пл. с соед. конт.","ШТ",5,354.9,1774.5,"450063, г. Уфа, ПАО АНК \"Башнефть\" \"Башнефть-Новойл\""]
["Электротехнические изделия, материалы","ПАО АНК \"Башнефть\" \"Башнефть-Новойл\"",35,1353,"Корпус защ.с каб.вв.М20 FCS-8510-C20","ШТ",2,22047,44094,"450063, г. Уфа, ПАО АНК \"Башнефть\" \"Башнефть-Новойл\""]
["Электротехнические изделия, материалы","ПАО АНК \"Башнефть\" \"Башнефть-Новойл\"",35,1354,"Корпус шкафа Rittal TS 8204.500","ШТ",1,22912.799999999999,22912.799999999999,"450063, г. Уфа, ПАО АНК \"Башнефть\" \"Башнефть-Новойл\""]
["Электротехнические изделия, материалы","ПАО АНК \"Башнефть\" \"Башнефть-Новойл\"",35,1355,"Крепеж Rittal TS 4582.500","ШТ",4,136.80000000000001,547.20000000000005,"450063, г. Уфа, ПАО АНК \"Башнефть\" \"Башнефть-Новойл\""]
["Электротехнические изделия, материалы","ПАО АНК \"Башнефть\" \"Башнефть-Новойл\"",35,1356,"К-т соединительный Rittal ZS 4315.600","ШТ",2,381.6,763.2,"450063, г. Уфа, ПАО АНК \"Башнефть\" \"Башнефть-Новойл\""]
["Электротехнические изделия, материалы","ПАО АНК \"Башнефть\" \"Башнефть-Новойл\"",35,1357,"К-т соединительный Rittal ZS 4315.600","ШТ",2,375.6,751.2,"450063, г. Уфа, ПАО АНК \"Башнефть\" \"Башнефть-Новойл\""]
["Электротехнические изделия, материалы","ПАО АНК \"Башнефть\" \"Башнефть-Новойл\"",35,1358,"К-т соединительный Rittal ZS 4315.600","ШТ",2,375.6,751.2,"450063, г. Уфа, ПАО АНК \"Башнефть\" \"Башнефть-Новойл\""]
["Электротехнические изделия, материалы","ПАО АНК \"Башнефть\" \"Башнефть-Новойл\"",35,1359,"К-т соединительный Rittal ZS 4315.600","ШТ",2,372,744,"450063, г. Уфа, ПАО АНК \"Башнефть\" \"Башнефть-Новойл\""]
["Электротехнические изделия, материалы","ПАО АНК \"Башнефть\" \"Башнефть-Новойл\"",35,1360,"М43-Ex-ДИ-3341-300кПа-0,25-42-M20","ШТ",3,10659.9,31979.699999999997,"450063, г. Уфа, ПАО АНК \"Башнефть\" \"Башнефть-Новойл\""]
["Электротехнические изделия, материалы","ПАО АНК \"Башнефть\" \"Башнефть-Новойл\"",35,1361,"МВП3-Уф(-100+150кПа)1,5-d100-IP40-M20х1","ШТ",2,601,1202,"450063, г. Уфа, ПАО АНК \"Башнефть\" \"Башнефть-Новойл\""]
["Электротехнические изделия, материалы","ПАО АНК \"Башнефть\" \"Башнефть-Новойл\"",35,1362,"МВП4-Уф-(-100...0...60 кПа)1,5","ШТ",1,1180.2,1180.2,"450063, г. Уфа, ПАО АНК \"Башнефть\" \"Башнефть-Новойл\""]
["Электротехнические изделия, материалы","ПАО АНК \"Башнефть\" \"Башнефть-Новойл\"",35,1363,"МВП4-Уф-(-100+150кПа)-1,5-d160-IP40-M20","ШТ",1,1180.2,1180.2,"450063, г. Уфа, ПАО АНК \"Башнефть\" \"Башнефть-Новойл\""]
["Электротехнические изделия, материалы","ПАО АНК \"Башнефть\" \"Башнефть-Новойл\"",35,1364,"МВП4-Уф-(-100+300кПа)-1,5-d160-IP40-M20","ШТ",1,1180.2,1180.2,"450063, г. Уфа, ПАО АНК \"Башнефть\" \"Башнефть-Новойл\""]
["Электротехнические изделия, материалы","ПАО АНК \"Башнефть\" \"Башнефть-Новойл\"",35,1365,"Мод.клем. UK 5-HESI 3004100","ШТ",100,221.8,22180,"450063, г. Уфа, ПАО АНК \"Башнефть\" \"Башнефть-Новойл\""]
["Электротехнические изделия, материалы","ПАО АНК \"Башнефть\" \"Башнефть-Новойл\"",35,1366,"Модуль свет.SL-L-B Moeller 205316 синий","ШТ",1,637.6,637.6,"450063, г. Уфа, ПАО АНК \"Башнефть\" \"Башнефть-Новойл\""]
["Электротехнические изделия, материалы","ПАО АНК \"Башнефть\" \"Башнефть-Новойл\"",35,1367,"Модуль свет.SL-L-G Moeller 205314 зелен.","ШТ",1,843.4,843.4,"450063, г. Уфа, ПАО АНК \"Башнефть\" \"Башнефть-Новойл\""]
["Электротехнические изделия, материалы","ПАО АНК \"Башнефть\" \"Башнефть-Новойл\"",35,1368,"Модуль свет.SL-L-R Moeller 205313 красн.","ШТ",1,794.2,794.2,"450063, г. Уфа, ПАО АНК \"Башнефть\" \"Башнефть-Новойл\""]
["Электротехнические изделия, материалы","ПАО АНК \"Башнефть\" \"Башнефть-Новойл\"",35,1369,"Модуль свет.SL-L-W Moeller 205312 белый","ШТ",1,717.4,717.4,"450063, г. Уфа, ПАО АНК \"Башнефть\" \"Башнефть-Новойл\""]
["Электротехнические изделия, материалы","ПАО АНК \"Башнефть\" \"Башнефть-Новойл\"",35,1370,"Модуль свет.SL-L-Y Moeller 205315 желтый","ШТ",1,843.4,843.4,"450063, г. Уфа, ПАО АНК \"Башнефть\" \"Башнефть-Новойл\""]
["Электротехнические изделия, материалы","ПАО АНК \"Башнефть\" \"Башнефть-Новойл\"",35,1371,"Мост Phoenix Contact FBI 10-12 0203454","ШТ",6,376.1,2256.6000000000004,"450063, г. Уфа, ПАО АНК \"Башнефть\" \"Башнефть-Новойл\""]
["Электротехнические изделия, материалы","ПАО АНК \"Башнефть\" \"Башнефть-Новойл\"",35,1372,"Мостик Phoenix Contact EBL 10-5 2303132","ШТ",50,62.4,3120,"450063, г. Уфа, ПАО АНК \"Башнефть\" \"Башнефть-Новойл\""]
["Электротехнические изделия, материалы","ПАО АНК \"Башнефть\" \"Башнефть-Новойл\"",35,1373,"Мостик Phoenix Contact EBL 10-5 2303132","ШТ",10,62.4,624,"450063, г. Уфа, ПАО АНК \"Башнефть\" \"Башнефть-Новойл\""]
["Электротехнические изделия, материалы","ПАО АНК \"Башнефть\" \"Башнефть-Новойл\"",35,1374,"Мостик Phoenix Contact ЕВ 10-6 0201139","ШТ",10,120.2,1202,"450063, г. Уфа, ПАО АНК \"Башнефть\" \"Башнефть-Новойл\""]
["Электротехнические изделия, материалы","ПАО АНК \"Башнефть\" \"Башнефть-Новойл\"",35,1375,"Мостик греб. EB 10-10 0203137","ШТ",10,182.7,1827,"450063, г. Уфа, ПАО АНК \"Башнефть\" \"Башнефть-Новойл\""]
["Электротехнические изделия, материалы","ПАО АНК \"Башнефть\" \"Башнефть-Новойл\"",35,1376,"Мостик греб. EB 10-12 3006137","ШТ",10,200.3,2003,"450063, г. Уфа, ПАО АНК \"Башнефть\" \"Башнефть-Новойл\""]
["Электротехнические изделия, материалы","ПАО АНК \"Башнефть\" \"Башнефть-Новойл\"",35,1377,"Мостик греб. EB 10-8 0202138","ШТ",9,137.30000000000001,1235.7,"450063, г. Уфа, ПАО АНК \"Башнефть\" \"Башнефть-Новойл\""]
["Электротехнические изделия, материалы","ПАО АНК \"Башнефть\" \"Башнефть-Новойл\"",35,1378,"Мостик греб. EB 10-8 0202138","ШТ",9,137.30000000000001,1235.7,"450063, г. Уфа, ПАО АНК \"Башнефть\" \"Башнефть-Новойл\""]
["Электротехнические изделия, материалы","ПАО АНК \"Башнефть\" \"Башнефть-Новойл\"",35,1379,"Мостик греб. EB 10-8 0202138","ШТ",3,137.30000000000001,411.90000000000003,"450063, г. Уфа, ПАО АНК \"Башнефть\" \"Башнефть-Новойл\""]
["Электротехнические изделия, материалы","ПАО АНК \"Башнефть\" \"Башнефть-Новойл\"",35,1380,"Мостик греб. EB 10-8 0202138","ШТ",10,137.30000000000001,1373,"450063, г. Уфа, ПАО АНК \"Башнефть\" \"Башнефть-Новойл\""]
["Электротехнические изделия, материалы","ПАО АНК \"Башнефть\" \"Башнефть-Новойл\"",35,1381,"Мостик греб. EB 10-8 0202138","ШТ",10,137.30000000000001,1373,"450063, г. Уфа, ПАО АНК \"Башнефть\" \"Башнефть-Новойл\""]
["Электротехнические изделия, материалы","ПАО АНК \"Башнефть\" \"Башнефть-Новойл\"",35,1382,"Мостик греб. EB 10-8 0202138","ШТ",20,137.30000000000001,2746,"450063, г. Уфа, ПАО АНК \"Башнефть\" \"Башнефть-Новойл\""]
["Электротехнические изделия, материалы","ПАО АНК \"Башнефть\" \"Башнефть-Новойл\"",35,1383,"Мостик греб. EB 10-8 0202138","ШТ",10,137.30000000000001,1373,"450063, г. Уфа, ПАО АНК \"Башнефть\" \"Башнефть-Новойл\""]
["Электротехнические изделия, материалы","ПАО АНК \"Башнефть\" \"Башнефть-Новойл\"",35,1384,"Мостик греб. EB 10-8 0202138","ШТ",10,137.30000000000001,1373,"450063, г. Уфа, ПАО АНК \"Башнефть\" \"Башнефть-Новойл\""]
["Электротехнические изделия, материалы","ПАО АНК \"Башнефть\" \"Башнефть-Новойл\"",35,1385,"Мостик греб. EB 10-8 0202138","ШТ",10,137.30000000000001,1373,"450063, г. Уфа, ПАО АНК \"Башнефть\" \"Башнефть-Новойл\""]
["Электротехнические изделия, материалы","ПАО АНК \"Башнефть\" \"Башнефть-Новойл\"",35,1386,"Мостик греб. EB 10-8 0202138","ШТ",10,137.30000000000001,1373,"450063, г. Уфа, ПАО АНК \"Башнефть\" \"Башнефть-Новойл\""]
["Электротехнические изделия, материалы","ПАО АНК \"Башнефть\" \"Башнефть-Новойл\"",35,1387,"Мостик греб. EB 10-8 0202138","ШТ",9,137.30000000000001,1235.7,"450063, г. Уфа, ПАО АНК \"Башнефть\" \"Башнефть-Новойл\""]
["Электротехнические изделия, материалы","ПАО АНК \"Башнефть\" \"Башнефть-Новойл\"",35,1388,"Мостик греб. EB 10-8 0202138","ШТ",70,137.30000000000001,9611,"450063, г. Уфа, ПАО АНК \"Башнефть\" \"Башнефть-Новойл\""]
["Электротехнические изделия, материалы","ПАО АНК \"Башнефть\" \"Башнефть-Новойл\"",35,1389,"Мостик греб. EB 10-8 0202138","ШТ",10,137.30000000000001,1373,"450063, г. Уфа, ПАО АНК \"Башнефть\" \"Башнефть-Новойл\""]
["Электротехнические изделия, материалы","ПАО АНК \"Башнефть\" \"Башнефть-Новойл\"",35,1390,"Мостик греб. EB 10-8 0202138","ШТ",89,137.30000000000001,12219.7,"450063, г. Уфа, ПАО АНК \"Башнефть\" \"Башнефть-Новойл\""]
["Электротехнические изделия, материалы","ПАО АНК \"Башнефть\" \"Башнефть-Новойл\"",35,1391,"Мостик греб. EB 10-8 0202138","ШТ",6,137.30000000000001,823.80000000000007,"450063, г. Уфа, ПАО АНК \"Башнефть\" \"Башнефть-Новойл\""]
["Электротехнические изделия, материалы","ПАО АНК \"Башнефть\" \"Башнефть-Новойл\"",35,1392,"Мостик греб. EB 10-8 0202138","ШТ",4,137.30000000000001,549.20000000000005,"450063, г. Уфа, ПАО АНК \"Башнефть\" \"Башнефть-Новойл\""]
["Электротехнические изделия, материалы","ПАО АНК \"Башнефть\" \"Башнефть-Новойл\"",35,1393,"МП3-Уф 600кПа 1,5 100 IP40 М20х1,5 РШ","ШТ",20,246.1,4922,"450063, г. Уфа, ПАО АНК \"Башнефть\" \"Башнефть-Новойл\""]
["Электротехнические изделия, материалы","ПАО АНК \"Башнефть\" \"Башнефть-Новойл\"",35,1394,"МП4-Уф 0-2,5 кгс/см2 кт.1,5 d.160","ШТ",9,555.20000000000005,4996.8,"450063, г. Уфа, ПАО АНК \"Башнефть\" \"Башнефть-Новойл\""]
["Электротехнические изделия, материалы","ПАО АНК \"Башнефть\" \"Башнефть-Новойл\"",35,1395,"МП4-Уф 0-2,5 кгс/см2 кт.1,5 d.160","ШТ",5,555.20000000000005,2776,"450063, г. Уфа, ПАО АНК \"Башнефть\" \"Башнефть-Новойл\""]
["Электротехнические изделия, материалы","ПАО АНК \"Башнефть\" \"Башнефть-Новойл\"",35,1396,"Наклейка Legrand L/60915","ШТ",2,311.7,623.4,"450063, г. Уфа, ПАО АНК \"Башнефть\" \"Башнефть-Новойл\""]
["Электротехнические изделия, материалы","ПАО АНК \"Башнефть\" \"Башнефть-Новойл\"",35,1397,"Наклейка Legrand L/60915","ШТ",2,311.7,623.4,"450063, г. Уфа, ПАО АНК \"Башнефть\" \"Башнефть-Новойл\""]
["Электротехнические изделия, материалы","ПАО АНК \"Башнефть\" \"Башнефть-Новойл\"",35,1398,"Наклейка Legrand L/60915","ШТ",3,311.7,935.09999999999991,"450063, г. Уфа, ПАО АНК \"Башнефть\" \"Башнефть-Новойл\""]
["Электротехнические изделия, материалы","ПАО АНК \"Башнефть\" \"Башнефть-Новойл\"",35,1399,"Направляющая д/проф шин Rittal 8612.080","ШТ",8,384.2,3073.6,"450063, г. Уфа, ПАО АНК \"Башнефть\" \"Башнефть-Новойл\""]
["Электротехнические изделия, материалы","ПАО АНК \"Башнефть\" \"Башнефть-Новойл\"",35,1400,"Ниппель Siemens арт. M56340-A0008","ШТ",19,505.7,9608.2999999999993,"450063, г. Уфа, ПАО АНК \"Башнефть\" \"Башнефть-Новойл\""]
["Электротехнические изделия, материалы","ПАО АНК \"Башнефть\" \"Башнефть-Новойл\"",35,1401,"Ниппель Siemens арт. M56340-A0008","ШТ",4,518.9,2075.6,"450063, г. Уфа, ПАО АНК \"Башнефть\" \"Башнефть-Новойл\""]
["Электротехнические изделия, материалы","ПАО АНК \"Башнефть\" \"Башнефть-Новойл\"",35,1402,"Ограничитель Таврида ОПН-П 3/3,6/10/550","ШТ",4,2188.1,8752.4,"450063, г. Уфа, ПАО АНК \"Башнефть\" \"Башнефть-Новойл\""]
["Электротехнические изделия, материалы","ПАО АНК \"Башнефть\" \"Башнефть-Новойл\"",35,1403,"Панель боковая Rittal TS 8104.235","ШТ",1,3410,3410,"450063, г. Уфа, ПАО АНК \"Башнефть\" \"Башнефть-Новойл\""]
["Электротехнические изделия, материалы","ПАО АНК \"Башнефть\" \"Башнефть-Новойл\"",35,1404,"Панель боковая Rittal TS 8104.235","ШТ",1,3150,3150,"450063, г. Уфа, ПАО АНК \"Башнефть\" \"Башнефть-Новойл\""]
["Электротехнические изделия, материалы","ПАО АНК \"Башнефть\" \"Башнефть-Новойл\"",35,1405,"Панель боковая Rittal TS 8104.235","ШТ",2,3260,6520,"450063, г. Уфа, ПАО АНК \"Башнефть\" \"Башнефть-Новойл\""]
["Электротехнические изделия, материалы","ПАО АНК \"Башнефть\" \"Башнефть-Новойл\"",35,1406,"Панель боковая цокол. Rittal DK 7824.206","КМП",1,5620,5620,"450063, г. Уфа, ПАО АНК \"Башнефть\" \"Башнефть-Новойл\""]
["Электротехнические изделия, материалы","ПАО АНК \"Башнефть\" \"Башнефть-Новойл\"",35,1407,"Панель боковая цокол. Rittal TS 8601.060","КМП",1,530,530,"450063, г. Уфа, ПАО АНК \"Башнефть\" \"Башнефть-Новойл\""]
["Электротехнические изделия, материалы","ПАО АНК \"Башнефть\" \"Башнефть-Новойл\"",35,1408,"Панель боковая цокол. Rittal TS 8601.060","КМП",2,530,1060,"450063, г. Уфа, ПАО АНК \"Башнефть\" \"Башнефть-Новойл\""]
["Электротехнические изделия, материалы","ПАО АНК \"Башнефть\" \"Башнефть-Новойл\"",35,1409,"Панель боковая цокол. Rittal TS8105.235","ШТ",2,3480,{"$f":"H1413*G1413","v":6960},"450063, г. Уфа, ПАО АНК \"Башнефть\" \"Башнефть-Новойл\""]
["Электротехнические изделия, материалы","ПАО АНК \"Башнефть\" \"Башнефть-Новойл\"",35,1410,"Панель боковая цокол. Rittal TS8105.235","ШТ",1,3480,3480,"450063, г. Уфа, ПАО АНК \"Башнефть\" \"Башнефть-Новойл\""]
["Электротехнические изделия, материалы","ПАО АНК \"Башнефть\" \"Башнефть-Новойл\"",35,1411,"Панель боковая цокол. Rittal TS8105.235","ШТ",1,3480,3480,"450063, г. Уфа, ПАО АНК \"Башнефть\" \"Башнефть-Новойл\""]
["Электротехнические изделия, материалы","ПАО АНК \"Башнефть\" \"Башнефть-Новойл\"",35,1412,"Переключатель Legrand L/74027","ШТ",2,200,400,"450063, г. Уфа, ПАО АНК \"Башнефть\" \"Башнефть-Новойл\""]
["Электротехнические изделия, материалы","ПАО АНК \"Башнефть\" \"Башнефть-Новойл\"",35,1413,"Перемычка Phoenix Contact 2303145","ШТ",50,7,350,"450063, г. Уфа, ПАО АНК \"Башнефть\" \"Башнефть-Новойл\""]
["Электротехнические изделия, материалы","ПАО АНК \"Башнефть\" \"Башнефть-Новойл\"",35,1414,"Перемычка Phoenix Contact 2303145","ШТ",10,7,70,"450063, г. Уфа, ПАО АНК \"Башнефть\" \"Башнефть-Новойл\""]
["Электротехнические изделия, материалы","ПАО АНК \"Башнефть\" \"Башнефть-Новойл\"",35,1415,"Перемычка Phoenix Contact 2966786","ШТ",10,290,2900,"450063, г. Уфа, ПАО АНК \"Башнефть\" \"Башнефть-Новойл\""]
["Электротехнические изделия, материалы","ПАО АНК \"Башнефть\" \"Башнефть-Новойл\"",35,1416,"Перемычка Phoenix Contact 3118135","ШТ",40,60,2400,"450063, г. Уфа, ПАО АНК \"Башнефть\" \"Башнефть-Новойл\""]
["Электротехнические изделия, материалы","ПАО АНК \"Башнефть\" \"Башнефть-Новойл\"",35,1417,"Перемычка Phoenix Contact 3118135","ШТ",10,60,600,"450063, г. Уфа, ПАО АНК \"Башнефть\" \"Башнефть-Новойл\""]
["Электротехнические изделия, материалы","ПАО АНК \"Башнефть\" \"Башнефть-Новойл\"",35,1418,"Перемычка Phoenix Contact FBS 3005963","ШТ",10,30,300,"450063, г. Уфа, ПАО АНК \"Башнефть\" \"Башнефть-Новойл\""]
["Электротехнические изделия, материалы","ПАО АНК \"Башнефть\" \"Башнефть-Новойл\"",35,1419,"Перемычка Phoenix Contact FBS 3005963","ШТ",50,30,1500,"450063, г. Уфа, ПАО АНК \"Башнефть\" \"Башнефть-Новойл\""]
["Электротехнические изделия, материалы","ПАО АНК \"Башнефть\" \"Башнефть-Новойл\"",35,1420,"Перемычка Phoenix Contact FBS 3005963","ШТ",10,30,300,"450063, г. Уфа, ПАО АНК \"Башнефть\" \"Башнефть-Новойл\""]
["Электротехнические изделия, материалы","ПАО АНК \"Башнефть\" \"Башнефть-Новойл\"",35,1421,"Перемычка Phoenix Contact FBS 3005963","ШТ",10,30,300,"450063, г. Уфа, ПАО АНК \"Башнефть\" \"Башнефть-Новойл\""]
["Электротехнические изделия, материалы","ПАО АНК \"Башнефть\" \"Башнефть-Новойл\"",35,1422,"Перемычка Phoenix Contact P/n 3030365","ШТ",5,150,750,"450063, г. Уфа, ПАО АНК \"Башнефть\" \"Башнефть-Новойл\""]
["Электротехнические изделия, материалы","ПАО АНК \"Башнефть\" \"Башнефть-Новойл\"",35,1423,"Петли настенные Legrand 01969","ШТ",1,450,450,"450063, г. Уфа, ПАО АНК \"Башнефть\" \"Башнефть-Новойл\""]
["Электротехнические изделия, материалы","ПАО АНК \"Башнефть\" \"Башнефть-Новойл\"",35,1424,"Петли настенные Legrand 01969","ШТ",1,450,450,"450063, г. Уфа, ПАО АНК \"Башнефть\" \"Башнефть-Новойл\""]
["Электротехнические изделия, материалы","ПАО АНК \"Башнефть\" \"Башнефть-Новойл\"",35,1425,"Пиктограмма Указательная стрелка ПЭУ 003","ШТ",6,20,120,"450063, г. Уфа, ПАО АНК \"Башнефть\" \"Башнефть-Новойл\""]
["Электротехнические изделия, материалы","ПАО АНК \"Башнефть\" \"Башнефть-Новойл\"",35,1426,"Планка монтажная Rittal TS 4696.000","ШТ",20,120,2400,"450063, г. Уфа, ПАО АНК \"Башнефть\" \"Башнефть-Новойл\""]
["Электротехнические изделия, материалы","ПАО АНК \"Башнефть\" \"Башнефть-Новойл\"",35,1427,"Планки для крепления на стене ПК(В)","КМП",44,300,13200,"450063, г. Уфа, ПАО АНК \"Башнефть\" \"Башнефть-Новойл\""]
["Электротехнические изделия, материалы","ПАО АНК \"Башнефть\" \"Башнефть-Новойл\"",35,1428,"Плинт WT-1006A с раз. кон","ШТ",10,60,600,"450063, г. Уфа, ПАО АНК \"Башнефть\" \"Башнефть-Новойл\""]
["Электротехнические изделия, материалы","ПАО АНК \"Башнефть\" \"Башнефть-Новойл\"",35,1429,"Подвес для кабелей связи П-11","ШТ",50,10,500,"450063, г. Уфа, ПАО АНК \"Башнефть\" \"Башнефть-Новойл\""]
["Электротехнические изделия, материалы","ПАО АНК \"Башнефть\" \"Башнефть-Новойл\"",35,1430,"Пост ПКУ-15-21-121-54У2","ШТ",1,370,370,"450063, г. Уфа, ПАО АНК \"Башнефть\" \"Башнефть-Новойл\""]
["Электротехнические изделия, материалы","ПАО АНК \"Башнефть\" \"Башнефть-Новойл\"",35,1431,"Пост управления ПКЕ-212-1","ШТ",1,40,40,"450063, г. Уфа, ПАО АНК \"Башнефть\" \"Башнефть-Новойл\""]
["Электротехнические изделия, материалы","ПАО АНК \"Башнефть\" \"Башнефть-Новойл\"",35,1432,"Предохранитель Littelfuse 0218.500MXP","ШТ",4,4,16,"450063, г. Уфа, ПАО АНК \"Башнефть\" \"Башнефть-Новойл\""]
["Электротехнические изделия, материалы","ПАО АНК \"Башнефть\" \"Башнефть-Новойл\"",35,1433,"Предохранитель Phoenix Contact 0913689","ШТ",60,20,1200,"450063, г. Уфа, ПАО АНК \"Башнефть\" \"Башнефть-Новойл\""]
["Электротехнические изделия, материалы","ПАО АНК \"Башнефть\" \"Башнефть-Новойл\"",35,1434,"Предохранитель ПКТ 104-6-315-20У3","ШТ",6,7190,43140,"450063, г. Уфа, ПАО АНК \"Башнефть\" \"Башнефть-Новойл\""]
["Электротехнические изделия, материалы","ПАО АНК \"Башнефть\" \"Башнефть-Новойл\"",35,1435,"Предохранитель ПКТ 104-6-315-20У3","ШТ",6,4940,29640,"450063, г. Уфа, ПАО АНК \"Башнефть\" \"Башнефть-Новойл\""]
["Электротехнические изделия, материалы","ПАО АНК \"Башнефть\" \"Башнефть-Новойл\"",35,1436,"Предохранитель ПКТ-101-6-31,5-20У3","ШТ",6,640,3840,"450063, г. Уфа, ПАО АНК \"Башнефть\" \"Башнефть-Новойл\""]
["Электротехнические изделия, материалы","ПАО АНК \"Башнефть\" \"Башнефть-Новойл\"",35,1437,"Профиль Rittal 2 шт. TS 8802.080","ШТ",1,590,590,"450063, г. Уфа, ПАО АНК \"Башнефть\" \"Башнефть-Новойл\""]
["Электротехнические изделия, материалы","ПАО АНК \"Башнефть\" \"Башнефть-Новойл\"",35,1438,"Профиль Rittal 2 шт. TS 8802.080","ШТ",3,400,1200,"450063, г. Уфа, ПАО АНК \"Башнефть\" \"Башнефть-Новойл\""]
["Электротехнические изделия, материалы","ПАО АНК \"Башнефть\" \"Башнефть-Новойл\"",35,1439,"Профиль Rittal PS арт. 4174.000","ШТ",4,220,880,"450063, г. Уфа, ПАО АНК \"Башнефть\" \"Башнефть-Новойл\""]
["Электротехнические изделия, материалы","ПАО АНК \"Башнефть\" \"Башнефть-Новойл\"",35,1440,"Профиль Rittal PS арт. 4376.000","КМП",2,1170,2340,"450063, г. Уфа, ПАО АНК \"Башнефть\" \"Башнефть-Новойл\""]
["Электротехнические изделия, материалы","ПАО АНК \"Башнефть\" \"Башнефть-Новойл\"",35,1441,"Профиль Rittal PS арт. 4380.000","КМП",1,3400,3400,"450063, г. Уфа, ПАО АНК \"Башнефть\" \"Башнефть-Новойл\""]
["Электротехнические изделия, материалы","ПАО АНК \"Башнефть\" \"Башнефть-Новойл\"",35,1442,"Профиль Rittal PS арт. 4380.000","КМП",1,3010,3010,"450063, г. Уфа, ПАО АНК \"Башнефть\" \"Башнефть-Новойл\""]
["Электротехнические изделия, материалы","ПАО АНК \"Башнефть\" \"Башнефть-Новойл\"",35,1443,"Профиль Rittal PS арт. 4947.000","ШТ",6,310,1860,"450063, г. Уфа, ПАО АНК \"Башнефть\" \"Башнефть-Новойл\""]
["Электротехнические изделия, материалы","ПАО АНК \"Башнефть\" \"Башнефть-Новойл\"",35,1444,"Профиль Rittal PS арт. 4947.000","ШТ",6,290,1740,"450063, г. Уфа, ПАО АНК \"Башнефть\" \"Башнефть-Новойл\""]
["Электротехнические изделия, материалы","ПАО АНК \"Башнефть\" \"Башнефть-Новойл\"",35,1445,"Профиль Rittal TS 17х73 8612150","ШТ",12,140,1680,"450063, г. Уфа, ПАО АНК \"Башнефть\" \"Башнефть-Новойл\""]
["Электротехнические изделия, материалы","ПАО АНК \"Башнефть\" \"Башнефть-Новойл\"",35,1446,"Профиль Rittal TS арт. 8800.300","ШТ",2,990,1980,"450063, г. Уфа, ПАО АНК \"Башнефть\" \"Башнефть-Новойл\""]
["Электротехнические изделия, материалы","ПАО АНК \"Башнефть\" \"Башнефть-Новойл\"",35,1447,"Профиль Rittal TS арт. 8800.300","ШТ",4,250,1000,"450063, г. Уфа, ПАО АНК \"Башнефть\" \"Башнефть-Новойл\""]
["Электротехнические изделия, материалы","ПАО АНК \"Башнефть\" \"Башнефть-Новойл\"",35,1448,"Разъем Schneider Electric LV429235 (2шт)","УПК",2,1530,3060,"450063, г. Уфа, ПАО АНК \"Башнефть\" \"Башнефть-Новойл\""]
["Электротехнические изделия, материалы","ПАО АНК \"Башнефть\" \"Башнефть-Новойл\"",35,1449,"Разъем питания под винт CCA620 59668","ШТ",3,1870,5610,"450063, г. Уфа, ПАО АНК \"Башнефть\" \"Башнефть-Новойл\""]
["Электротехнические изделия, материалы","ПАО АНК \"Башнефть\" \"Башнефть-Новойл\"",35,1450,"Разъем ССА620","ШТ",1,850,850,"450063, г. Уфа, ПАО АНК \"Башнефть\" \"Башнефть-Новойл\""]
["Электротехнические изделия, материалы","ПАО АНК \"Башнефть\" \"Башнефть-Новойл\"",35,1451,"Разъем ССТ640 (59632)","ШТ",1,4780,4780,"450063, г. Уфа, ПАО АНК \"Башнефть\" \"Башнефть-Новойл\""]
["Электротехнические изделия, материалы","ПАО АНК \"Башнефть\" \"Башнефть-Новойл\"",35,1452,"Разъем токовый Sepam ССА630 59630","ШТ",2,4040,8080,"450063, г. Уфа, ПАО АНК \"Башнефть\" \"Башнефть-Новойл\""]
["Электротехнические изделия, материалы","ПАО АНК \"Башнефть\" \"Башнефть-Новойл\"",35,1453,"Разъем токовый Sepam ССА630 59630","ШТ",1,4040,4040,"450063, г. Уфа, ПАО АНК \"Башнефть\" \"Башнефть-Новойл\""]
["Электротехнические изделия, материалы","ПАО АНК \"Башнефть\" \"Башнефть-Новойл\"",35,1454,"Рама Rittal SR 2340.700","ШТ",1,8480,8480,"450063, г. Уфа, ПАО АНК \"Башнефть\" \"Башнефть-Новойл\""]
["Электротехнические изделия, материалы","ПАО АНК \"Башнефть\" \"Башнефть-Новойл\"",35,1455,"Рама цоколя Rittal TS 8601.800","ШТ",1,860,860,"450063, г. Уфа, ПАО АНК \"Башнефть\" \"Башнефть-Новойл\""]
["Электротехнические изделия, материалы","ПАО АНК \"Башнефть\" \"Башнефть-Новойл\"",35,1456,"Рама цоколя Rittal TS 8601.800","ШТ",1,860,860,"450063, г. Уфа, ПАО АНК \"Башнефть\" \"Башнефть-Новойл\""]
["Электротехнические изделия, материалы","ПАО АНК \"Башнефть\" \"Башнефть-Новойл\"",35,1457,"Рамка монтажа Legrand арт. 61720","ШТ",2,310,620,"450063, г. Уфа, ПАО АНК \"Башнефть\" \"Башнефть-Новойл\""]
["Электротехнические изделия, материалы","ПАО АНК \"Башнефть\" \"Башнефть-Новойл\"",35,1458,"Рамка монтажа Legrand арт. 61720","ШТ",2,300,600,"450063, г. Уфа, ПАО АНК \"Башнефть\" \"Башнефть-Новойл\""]
["Электротехнические изделия, материалы","ПАО АНК \"Башнефть\" \"Башнефть-Новойл\"",35,1459,"Рамка монтажа Legrand арт. 61720","ШТ",6,310,1860,"450063, г. Уфа, ПАО АНК \"Башнефть\" \"Башнефть-Новойл\""]
["Электротехнические изделия, материалы","ПАО АНК \"Башнефть\" \"Башнефть-Новойл\"",35,1460,"Регулятор температуры Stahl 4637440","ШТ",1,6210,6210,"450063, г. Уфа, ПАО АНК \"Башнефть\" \"Башнефть-Новойл\""]
["Электротехнические изделия, материалы","ПАО АНК \"Башнефть\" \"Башнефть-Новойл\"",35,1461,"Регулятор температуры Stahl 4637440","ШТ",1,6770,6770,"450063, г. Уфа, ПАО АНК \"Башнефть\" \"Башнефть-Новойл\""]
["Электротехнические изделия, материалы","ПАО АНК \"Башнефть\" \"Башнефть-Новойл\"",35,1462,"Рейка ABB 1SNA164600R1200","ШТ",1,120,120,"450063, г. Уфа, ПАО АНК \"Башнефть\" \"Башнефть-Новойл\""]
["Электротехнические изделия, материалы","ПАО АНК \"Башнефть\" \"Башнефть-Новойл\"",35,1463,"Реле DEK-OE-5DC/24DC/100кГц 2964270","ШТ",3,1430,4290,"450063, г. Уфа, ПАО АНК \"Башнефть\" \"Башнефть-Новойл\""]
["Электротехнические изделия, материалы","ПАО АНК \"Башнефть\" \"Башнефть-Новойл\"",35,1464,"Реле Finder 40.51.7.024.0000","ШТ",20,80,1600,"450063, г. Уфа, ПАО АНК \"Башнефть\" \"Башнефть-Новойл\""]
["Электротехнические изделия, материалы","ПАО АНК \"Башнефть\" \"Башнефть-Новойл\"",35,1465,"Реле Finder 99.22.9.024.0099","ШТ",2,70,140,"450063, г. Уфа, ПАО АНК \"Башнефть\" \"Башнефть-Новойл\""]
["Электротехнические изделия, материалы","ПАО АНК \"Башнефть\" \"Башнефть-Новойл\"",35,1466,"Реле давления РД-100-I-M12-15-H-P-500","ШТ",1,7560,7560,"450063, г. Уфа, ПАО АНК \"Башнефть\" \"Башнефть-Новойл\""]
["Электротехнические изделия, материалы","ПАО АНК \"Башнефть\" \"Башнефть-Новойл\"",35,1467,"Реле давления РД-12-I-M12-6-H-P","ШТ",1,7560,7560,"450063, г. Уфа, ПАО АНК \"Башнефть\" \"Башнефть-Новойл\""]
["Электротехнические изделия, материалы","ПАО АНК \"Башнефть\" \"Башнефть-Новойл\"",35,1468,"Реле напряжения Finder 40.52.9.024.0000","ШТ",9,70,630,"450063, г. Уфа, ПАО АНК \"Башнефть\" \"Башнефть-Новойл\""]
["Электротехнические изделия, материалы","ПАО АНК \"Башнефть\" \"Башнефть-Новойл\"",35,1469,"Реле напряжения Finder 40.52.9.024.0000","ШТ",4,80,320,"450063, г. Уфа, ПАО АНК \"Башнефть\" \"Башнефть-Новойл\""]
["Электротехнические изделия, материалы","ПАО АНК \"Башнефть\" \"Башнефть-Новойл\"",35,1470,"Реле напряжения Finder 40.52.9.024.0000","ШТ",4,70,280,"450063, г. Уфа, ПАО АНК \"Башнефть\" \"Башнефть-Новойл\""]
["Электротехнические изделия, материалы","ПАО АНК \"Башнефть\" \"Башнефть-Новойл\"",35,1471,"Решетка громкоговорителя Inter-M GP-03","ШТ",2,70,140,"450063, г. Уфа, ПАО АНК \"Башнефть\" \"Башнефть-Новойл\""]
["Электротехнические изделия, материалы","ПАО АНК \"Башнефть\" \"Башнефть-Новойл\"",35,1472,"Решетка громкоговорителя Inter-M GP-03","ШТ",2,70,140,"450063, г. Уфа, ПАО АНК \"Башнефть\" \"Башнефть-Новойл\""]
["Электротехнические изделия, материалы","ПАО АНК \"Башнефть\" \"Башнефть-Новойл\"",35,1473,"Решетка громкоговорителя Inter-M GP-03","ШТ",5,70,{"$f":"H1477*G1477","v":350},"450063, г. Уфа, ПАО АНК \"Башнефть\" \"Башнефть-Новойл\""]
["Электротехнические изделия, материалы","ПАО АНК \"Башнефть\" \"Башнефть-Новойл\"",35,1474,"Розетка для реле Finder 9505SMA","ШТ",20,100,2000,"450063, г. Уфа, ПАО АНК \"Башнефть\" \"Башнефть-Новойл\""]
["Электротехнические изделия, материалы","ПАО АНК \"Башнефть\" \"Башнефть-Новойл\"",35,1475,"Розетка для реле Finder 9505SMA","ШТ",13,70,910,"450063, г. Уфа, ПАО АНК \"Башнефть\" \"Башнефть-Новойл\""]
["Электротехнические изделия, материалы","ПАО АНК \"Башнефть\" \"Башнефть-Новойл\"",35,1476,"Саморез ST 4,8х16 Rittal SZ 2487000","ШТ",1500,5,7500,"450063, г. Уфа, ПАО АНК \"Башнефть\" \"Башнефть-Новойл\""]
["Электротехнические изделия, материалы","ПАО АНК \"Башнефть\" \"Башнефть-Новойл\"",35,1477,"Саморез ST 4,8х16 Rittal SZ 2487000","ШТ",900,5,4500,"450063, г. Уфа, ПАО АНК \"Башнефть\" \"Башнефть-Новойл\""]
["Электротехнические изделия, материалы","ПАО АНК \"Башнефть\" \"Башнефть-Новойл\"",35,1478,"Саморез ST 4,8х16 Rittal SZ 2487000","ШТ",900,5,4500,"450063, г. Уфа, ПАО АНК \"Башнефть\" \"Башнефть-Новойл\""]
["Электротехнические изделия, материалы","ПАО АНК \"Башнефть\" \"Башнефть-Новойл\"",35,1479,"Система упр. ExСУО-1А-2Т ЧК-35.2А-3(С)","КМП",1,30020,30020,"450063, г. Уфа, ПАО АНК \"Башнефть\" \"Башнефть-Новойл\""]
["Электротехнические изделия, материалы","ПАО АНК \"Башнефть\" \"Башнефть-Новойл\"",35,1480,"Системные шасси Rittal TS 8612.160 4шт","УПК",1,180,180,"450063, г. Уфа, ПАО АНК \"Башнефть\" \"Башнефть-Новойл\""]
["Электротехнические изделия, материалы","ПАО АНК \"Башнефть\" \"Башнефть-Новойл\"",35,1481,"Соединение RAA630FT Betterman 7121318","ШТ",2,1280,2560,"450063, г. Уфа, ПАО АНК \"Башнефть\" \"Башнефть-Новойл\""]
["Электротехнические изделия, материалы","ПАО АНК \"Башнефть\" \"Башнефть-Новойл\"",35,1482,"Соединитель Altlok 201-1/2x1/2N-SS","ШТ",100,620,62000,"450063, г. Уфа, ПАО АНК \"Башнефть\" \"Башнефть-Новойл\""]
["Электротехнические изделия, материалы","ПАО АНК \"Башнефть\" \"Башнефть-Новойл\"",35,1483,"Соединитель Altlok 201-12ММх1/2N-SS","ШТ",100,660,66000,"450063, г. Уфа, ПАО АНК \"Башнефть\" \"Башнефть-Новойл\""]
["Электротехнические изделия, материалы","ПАО АНК \"Башнефть\" \"Башнефть-Новойл\"",35,1484,"Соединитель Scotchlok U1-B","ШТ",9,56,504,"450063, г. Уфа, ПАО АНК \"Башнефть\" \"Башнефть-Новойл\""]
["Электротехнические изделия, материалы","ПАО АНК \"Башнефть\" \"Башнефть-Новойл\"",35,1485,"Соединитель Scotchlok U1-B","ШТ",5,56,280,"450063, г. Уфа, ПАО АНК \"Башнефть\" \"Башнефть-Новойл\""]
["Электротехнические изделия, материалы","ПАО АНК \"Башнефть\" \"Башнефть-Новойл\"",35,1486,"Соединитель Scotchlok U1-B","ШТ",10,56,560,"450063, г. Уфа, ПАО АНК \"Башнефть\" \"Башнефть-Новойл\""]
["Электротехнические изделия, материалы","ПАО АНК \"Башнефть\" \"Башнефть-Новойл\"",35,1487,"Стартер FS-U Phoenix Light-220/80","ШТ",100,2,200,"450063, г. Уфа, ПАО АНК \"Башнефть\" \"Башнефть-Новойл\""]
["Электротехнические изделия, материалы","ПАО АНК \"Башнефть\" \"Башнефть-Новойл\"",35,1488,"Стартер СК-220-240В","ШТ",246,3,738,"450063, г. Уфа, ПАО АНК \"Башнефть\" \"Башнефть-Новойл\""]
["Электротехнические изделия, материалы","ПАО АНК \"Башнефть\" \"Башнефть-Новойл\"",35,1489,"Стерж. заземления OBO Bettermann 5000300","ШТ",2,2380,4760,"450063, г. Уфа, ПАО АНК \"Башнефть\" \"Башнефть-Новойл\""]
["Электротехнические изделия, материалы","ПАО АНК \"Башнефть\" \"Башнефть-Новойл\"",35,1490,"Стопор концевой E/NS 35 N 0800886","ШТ",2,30,60,"450063, г. Уфа, ПАО АНК \"Башнефть\" \"Башнефть-Новойл\""]
["Электротехнические изделия, материалы","ПАО АНК \"Башнефть\" \"Башнефть-Новойл\"",35,1491,"Стопор концевой Phoenix Contact 1201442","ШТ",257,20,5140,"450063, г. Уфа, ПАО АНК \"Башнефть\" \"Башнефть-Новойл\""]
["Электротехнические изделия, материалы","ПАО АНК \"Башнефть\" \"Башнефть-Новойл\"",35,1492,"Стопор концевой Phoenix Contact 1201442","ШТ",8,20,160,"450063, г. Уфа, ПАО АНК \"Башнефть\" \"Башнефть-Новойл\""]
["Электротехнические изделия, материалы","ПАО АНК \"Башнефть\" \"Башнефть-Новойл\"",35,1493,"Суппорт Legrand L/01771","ШТ",5,170,850,"450063, г. Уфа, ПАО АНК \"Башнефть\" \"Башнефть-Новойл\""]
["Электротехнические изделия, материалы","ПАО АНК \"Башнефть\" \"Башнефть-Новойл\"",35,1494,"Суппорт Legrand L/01771","ШТ",1,170,170,"450063, г. Уфа, ПАО АНК \"Башнефть\" \"Башнефть-Новойл\""]
["Электротехнические изделия, материалы","ПАО АНК \"Башнефть\" \"Башнефть-Новойл\"",35,1495,"Суппорт Legrand L/01771","ШТ",2,170,340,"450063, г. Уфа, ПАО АНК \"Башнефть\" \"Башнефть-Новойл\""]
["Электротехнические изделия, материалы","ПАО АНК \"Башнефть\" \"Башнефть-Новойл\"",35,1496,"ТБП100/80НХ/Т(0-200)1,0/М20х1,5/IP64","ШТ",2,1320,2640,"450063, г. Уфа, ПАО АНК \"Башнефть\" \"Башнефть-Новойл\""]
["Электротехнические изделия, материалы","ПАО АНК \"Башнефть\" \"Башнефть-Новойл\"",35,1497,"ТП0502C1A0XXA83 XX=5600 мм кмп","ШТ",6,6121.9,36731.399999999994,"450063, г. Уфа, ПАО АНК \"Башнефть\" \"Башнефть-Новойл\""]
["Электротехнические изделия, материалы","ПАО АНК \"Башнефть\" \"Башнефть-Новойл\"",35,1498,"Узел пишущий УПС-12/3 зеленый","ШТ",4,30,120,"450063, г. Уфа, ПАО АНК \"Башнефть\" \"Башнефть-Новойл\""]
["Электротехнические изделия, материалы","ПАО АНК \"Башнефть\" \"Башнефть-Новойл\"",35,1499,"Узел пишущий УПС-12/3М зеленый","ШТ",3,20,60,"450063, г. Уфа, ПАО АНК \"Башнефть\" \"Башнефть-Новойл\""]
["Электротехнические изделия, материалы","ПАО АНК \"Башнефть\" \"Башнефть-Новойл\"",35,1500,"Уплотнитель каб.ввода Legrand 098005","ШТ",10,60,600,"450063, г. Уфа, ПАО АНК \"Башнефть\" \"Башнефть-Новойл\""]
["Электротехнические изделия, материалы","ПАО АНК \"Башнефть\" \"Башнефть-Новойл\"",35,1501,"Уплотнитель каб.ввода Legrand 098005","ШТ",1,60,60,"450063, г. Уфа, ПАО АНК \"Башнефть\" \"Башнефть-Новойл\""]
["Электротехнические изделия, материалы","ПАО АНК \"Башнефть\" \"Башнефть-Новойл\"",35,1502,"Уплотнитель каб.ввода Legrand 098006","ШТ",21,60,1260,"450063, г. Уфа, ПАО АНК \"Башнефть\" \"Башнефть-Новойл\""]
["Электротехнические изделия, материалы","ПАО АНК \"Башнефть\" \"Башнефть-Новойл\"",35,1503,"Устр-во защ. APC 3P0441","ШТ",2,630,1260,"450063, г. Уфа, ПАО АНК \"Башнефть\" \"Башнефть-Новойл\""]
["Электротехнические изделия, материалы","ПАО АНК \"Башнефть\" \"Башнефть-Новойл\"",35,1504,"Устр-во защ. ASCO-Pulsar 450","ШТ",1,21220,21220,"450063, г. Уфа, ПАО АНК \"Башнефть\" \"Башнефть-Новойл\""]
["Электротехнические изделия, материалы","ПАО АНК \"Башнефть\" \"Башнефть-Новойл\"",35,1505,"Устр-во защ. ASCO-Pulsar 450","ШТ",1,21160,21160,"450063, г. Уфа, ПАО АНК \"Башнефть\" \"Башнефть-Новойл\""]
["Электротехнические изделия, материалы","ПАО АНК \"Башнефть\" \"Башнефть-Новойл\"",35,1506,"Устр-во защ. ASCO-Pulsar 450","ШТ",1,18660,18660,"450063, г. Уфа, ПАО АНК \"Башнефть\" \"Башнефть-Новойл\""]
["Электротехнические изделия, материалы","ПАО АНК \"Башнефть\" \"Башнефть-Новойл\"",35,1507,"Устройство DWEx ARMT.665230.006-04","ШТ",1,156630,156630,"450063, г. Уфа, ПАО АНК \"Башнефть\" \"Башнефть-Новойл\""]
["Электротехнические изделия, материалы","ПАО АНК \"Башнефть\" \"Башнефть-Новойл\"",35,1508,"Фиксатор кабеля Rittal IN 2203.400","ШТ",1,470,470,"450063, г. Уфа, ПАО АНК \"Башнефть\" \"Башнефть-Новойл\""]
["Электротехнические изделия, материалы","ПАО АНК \"Башнефть\" \"Башнефть-Новойл\"",35,1509,"Фиксатор поворот.рамы Rittal SR 1979.200","ШТ",2,500,1000,"450063, г. Уфа, ПАО АНК \"Башнефть\" \"Башнефть-Новойл\""]
["Электротехнические изделия, материалы","ПАО АНК \"Башнефть\" \"Башнефть-Новойл\"",35,1510,"Фиксатор торцевой ВАМ2","ШТ",4,20,80,"450063, г. Уфа, ПАО АНК \"Башнефть\" \"Башнефть-Новойл\""]
["Электротехнические изделия, материалы","ПАО АНК \"Башнефть\" \"Башнефть-Новойл\"",35,1511,"Фланец ЮНКЖ 037.07-10-50-Ст20","ШТ",2,1820,3640,"450063, г. Уфа, ПАО АНК \"Башнефть\" \"Башнефть-Новойл\""]
["Электротехнические изделия, материалы","ПАО АНК \"Башнефть\" \"Башнефть-Новойл\"",35,1512,"Фланш-панель пластик Rittal SZ 2563.500","ШТ",1,920,920,"450063, г. Уфа, ПАО АНК \"Башнефть\" \"Башнефть-Новойл\""]
["Электротехнические изделия, материалы","ПАО АНК \"Башнефть\" \"Башнефть-Новойл\"",35,1513,"ЦЭ6803В/1 1Т 220В 10-100А Зф4пр М6Р30","ШТ",2,1100,2200,"450063, г. Уфа, ПАО АНК \"Башнефть\" \"Башнефть-Новойл\""]
["Электротехнические изделия, материалы","ПАО АНК \"Башнефть\" \"Башнефть-Новойл\"",35,1514,"Шасси системное Rittal TS 8612.140","ШТ",16,220,3520,"450063, г. Уфа, ПАО АНК \"Башнефть\" \"Башнефть-Новойл\""]
["Электротехнические изделия, материалы","ПАО АНК \"Башнефть\" \"Башнефть-Новойл\"",35,1515,"Шасси системное Rittal TS 8612.140","ШТ",12,240,2880,"450063, г. Уфа, ПАО АНК \"Башнефть\" \"Башнефть-Новойл\""]
["Электротехнические изделия, материалы","ПАО АНК \"Башнефть\" \"Башнефть-Новойл\"",35,1516,"Шина нейтрали Phoenix Contact 0402174","ШТ",1,280,280,"450063, г. Уфа, ПАО АНК \"Башнефть\" \"Башнефть-Новойл\""]
["Электротехнические изделия, материалы","ПАО АНК \"Башнефть\" \"Башнефть-Новойл\"",35,1517,"Шина нейтрали Phoenix Contact 0402174","ШТ",3,280,840,"450063, г. Уфа, ПАО АНК \"Башнефть\" \"Башнефть-Новойл\""]
["Электротехнические изделия, материалы","ПАО АНК \"Башнефть\" \"Башнефть-Новойл\"",35,1518,"Шина нейтрали Phoenix Contact 0402174","ШТ",3,280,840,"450063, г. Уфа, ПАО АНК \"Башнефть\" \"Башнефть-Новойл\""]
["Электротехнические изделия, материалы","ПАО АНК \"Башнефть\" \"Башнефть-Новойл\"",35,1519,"Шкаф ШРН-2/300 пл. с раз. кон.","ШТ",1,5780,5780,"450063, г. Уфа, ПАО АНК \"Башнефть\" \"Башнефть-Новойл\""]
["Электротехнические изделия, материалы","ПАО АНК \"Башнефть\" \"Башнефть-Новойл\"",35,1520,"Штуцер 1/4\" MNPT SS-3M0-1-4","ШТ",11,560,6160,"450063, г. Уфа, ПАО АНК \"Башнефть\" \"Башнефть-Новойл\""]
["Электротехнические изделия, материалы","ПАО АНК \"Башнефть\" \"Башнефть-Новойл\"",35,1521,"Штуцер Swagelok NPT SS-20M0-1-8","ШТ",5,1670,8350,"450063, г. Уфа, ПАО АНК \"Башнефть\" \"Башнефть-Новойл\""]
["Электротехнические изделия, материалы","ПАО АНК \"Башнефть\" \"Башнефть-Новойл\"",35,1522,"Электроподжиг Paar 107206","ШТ",2,25860,51720,"450063, г. Уфа, ПАО АНК \"Башнефть\" \"Башнефть-Новойл\""]
["Электротехнические изделия, материалы","ПАО АНК \"Башнефть\" \"Башнефть-Новойл\"",35,1523,"Ящик ЯТП-0,25 220/24-2ав.TDM SQ1601-0015","ШТ",7,590,4130,"450063, г. Уфа, ПАО АНК \"Башнефть\" \"Башнефть-Новойл\""]
["Электротехнические изделия, материалы","ПАО АНК \"Башнефть\" \"Башнефть-Новойл\"",35,1524,"Ящик ЯТП-0,25-27 У1 220/36 IP54","ШТ",2,720,1440,"450063, г. Уфа, ПАО АНК \"Башнефть\" \"Башнефть-Новойл\""]
["Оргтехника и ЗИП","ПАО АНК \"Башнефть\" \"Башнефть-Новойл\"",36,1525,"Барабан Kyocera 2AV82010","ШТ",1,4526.6000000000004,4526.6000000000004,"450063, г. Уфа, ПАО АНК \"Башнефть\" \"Башнефть-Новойл\""]
["Оргтехника и ЗИП","ПАО АНК \"Башнефть\" \"Башнефть-Новойл\"",36,1526,"Блок барабана Kyocera DV-110","ШТ",6,3575,21450,"450063, г. Уфа, ПАО АНК \"Башнефть\" \"Башнефть-Новойл\""]
["Оргтехника и ЗИП","ПАО АНК \"Башнефть\" \"Башнефть-Новойл\"",36,1527,"Вал нагревательный Xerox 022K82890","ШТ",2,1910.3,3820.6,"450063, г. Уфа, ПАО АНК \"Башнефть\" \"Башнефть-Новойл\""]
["Оргтехника и ЗИП","ПАО АНК \"Башнефть\" \"Башнефть-Новойл\"",36,1528,"Вал нагревательный Xerox 059K39360","ШТ",1,2441.4,2441.4,"450063, г. Уфа, ПАО АНК \"Башнефть\" \"Башнефть-Новойл\""]
["Оргтехника и ЗИП","ПАО АНК \"Башнефть\" \"Башнефть-Новойл\"",36,1529,"Вал прижимной Xerox 059S50200","ШТ",1,3557.2,3557.2,"450063, г. Уфа, ПАО АНК \"Башнефть\" \"Башнефть-Новойл\""]
["Оргтехника и ЗИП","ПАО АНК \"Башнефть\" \"Башнефть-Новойл\"",36,1530,"Вал тефлоновый Kyocera Mita 2C920050","ШТ",1,333.1,333.1,"450063, г. Уфа, ПАО АНК \"Башнефть\" \"Башнефть-Новойл\""]
["Оргтехника и ЗИП","ПАО АНК \"Башнефть\" \"Башнефть-Новойл\"",36,1531,"Док-станция HP 230Вт NZ223AA","ШТ",2,5564.3,11128.6,"450063, г. Уфа, ПАО АНК \"Башнефть\" \"Башнефть-Новойл\""]
["Оргтехника и ЗИП","ПАО АНК \"Башнефть\" \"Башнефть-Новойл\"",36,1532,"Заглушка Siemon RIC-F-BLNK-01","ШТ",34,122.6,4168.3999999999996,"450063, г. Уфа, ПАО АНК \"Башнефть\" \"Башнефть-Новойл\""]
["Оргтехника и ЗИП","ПАО АНК \"Башнефть\" \"Башнефть-Новойл\"",36,1533,"ИБП APC Smart-UPS 750i SUA750I","ШТ",3,8042.2,24126.6,"450063, г. Уфа, ПАО АНК \"Башнефть\" \"Башнефть-Новойл\""]
["Оргтехника и ЗИП","ПАО АНК \"Башнефть\" \"Башнефть-Новойл\"",36,1534,"ИБП APC Smart-UPS 750i SUA750I","ШТ",1,8042.2,8042.2,"450063, г. Уфа, ПАО АНК \"Башнефть\" \"Башнефть-Новойл\""]
["Оргтехника и ЗИП","ПАО АНК \"Башнефть\" \"Башнефть-Новойл\"",36,1535,"Кабель APC AP9875","ШТ",2,2200,4400,"450063, г. Уфа, ПАО АНК \"Башнефть\" \"Башнефть-Новойл\""]
["Оргтехника и ЗИП","ПАО АНК \"Башнефть\" \"Башнефть-Новойл\"",36,1536,"Карта VIA Tremor 5.1 PCI 81585","ШТ",6,209.1,1254.5999999999999,"450063, г. Уфа, ПАО АНК \"Башнефть\" \"Башнефть-Новойл\""]
["Оргтехника и ЗИП","ПАО АНК \"Башнефть\" \"Башнефть-Новойл\"",36,1537,"Картридж Epson C13S015019 BA","ШТ",4,40.299999999999997,{"$f":"H1541*G1541","v":161.19999999999999},"450063, г. Уфа, ПАО АНК \"Башнефть\" \"Башнефть-Новойл\""]
["Оргтехника и ЗИП","ПАО АНК \"Башнефть\" \"Башнефть-Новойл\"",36,1538,"Картридж Epson MX-100 черный PN-MX100","ШТ",10,70.599999999999994,706,"450063, г. Уфа, ПАО АНК \"Башнефть\" \"Башнефть-Новойл\""]
["Оргтехника и ЗИП","ПАО АНК \"Башнефть\" \"Башнефть-Новойл\"",36,1539,"Картридж Epson MX-100 черный PN-MX100","ШТ",27,68.3,1844.1,"450063, г. Уфа, ПАО АНК \"Башнефть\" \"Башнефть-Новойл\""]
["Оргтехника и ЗИП","ПАО АНК \"Башнефть\" \"Башнефть-Новойл\"",36,1540,"Картридж HP Ultrium C7973A","ШТ",5,738.4,3692,"450063, г. Уфа, ПАО АНК \"Башнефть\" \"Башнефть-Новойл\""]
["Оргтехника и ЗИП","ПАО АНК \"Башнефть\" \"Башнефть-Новойл\"",36,1541,"Картридж черный Epson C13S015020BA","ШТ",6,290.60000000000002,1743.6000000000001,"450063, г. Уфа, ПАО АНК \"Башнефть\" \"Башнефть-Новойл\""]
["Оргтехника и ЗИП","ПАО АНК \"Башнефть\" \"Башнефть-Новойл\"",36,1542,"Картридж черный Epson C13S015020BA","ШТ",4,290.60000000000002,1162.4000000000001,"450063, г. Уфа, ПАО АНК \"Башнефть\" \"Башнефть-Новойл\""]
["Оргтехника и ЗИП","ПАО АНК \"Башнефть\" \"Башнефть-Новойл\"",36,1543,"Картридж черный Epson C13S015020BA","ШТ",10,290.60000000000002,2906,"450063, г. Уфа, ПАО АНК \"Башнефть\" \"Башнефть-Новойл\""]
["Оргтехника и ЗИП","ПАО АНК \"Башнефть\" \"Башнефть-Новойл\"",36,1544,"Коммутатор Allied Telesyn AT-FS750/16","ШТ",1,4769.5,4769.5,"450063, г. Уфа, ПАО АНК \"Башнефть\" \"Башнефть-Новойл\""]
["Оргтехника и ЗИП","ПАО АНК \"Башнефть\" \"Башнефть-Новойл\"",36,1545,"Коммутатор Moxa EDS-308-S-SC","ШТ",2,25958.799999999999,51917.599999999999,"450063, г. Уфа, ПАО АНК \"Башнефть\" \"Башнефть-Новойл\""]
["Оргтехника и ЗИП","ПАО АНК \"Башнефть\" \"Башнефть-Новойл\"",36,1546,"Комплект Allied Telesis AT-TRAY1","ШТ",2,1810.2,3620.4,"450063, г. Уфа, ПАО АНК \"Башнефть\" \"Башнефть-Новойл\""]
["Оргтехника и ЗИП","ПАО АНК \"Башнефть\" \"Башнефть-Новойл\"",36,1547,"Конвертер Allied Telesyn AT-MC1008/SP-60","ШТ",1,7239.1,7239.1,"450063, г. Уфа, ПАО АНК \"Башнефть\" \"Башнефть-Новойл\""]
["Оргтехника и ЗИП","ПАО АНК \"Башнефть\" \"Башнефть-Новойл\"",36,1548,"Конвертер Allied Telesyn AT-SPLX10/I","ШТ",5,15500.8,77504,"450063, г. Уфа, ПАО АНК \"Башнефть\" \"Башнефть-Новойл\""]
["Оргтехника и ЗИП","ПАО АНК \"Башнефть\" \"Башнефть-Новойл\"",36,1549,"Кронштейн Samsung LCD-F4611-B","ШТ",10,1360.7,13607,"450063, г. Уфа, ПАО АНК \"Башнефть\" \"Башнефть-Новойл\""]
["Оргтехника и ЗИП","ПАО АНК \"Башнефть\" \"Башнефть-Новойл\"",36,1550,"Крюк Kyocera Hock Left Covr F 2C904250","ШТ",1,143.6,143.6,"450063, г. Уфа, ПАО АНК \"Башнефть\" \"Башнефть-Новойл\""]
["Оргтехника и ЗИП","ПАО АНК \"Башнефть\" \"Башнефть-Новойл\"",36,1551,"Медиаконвертер Allied Telesis AT-MC1008","ШТ",6,10674.2,64045.200000000004,"450063, г. Уфа, ПАО АНК \"Башнефть\" \"Башнефть-Новойл\""]
["Оргтехника и ЗИП","ПАО АНК \"Башнефть\" \"Башнефть-Новойл\"",36,1552,"Модуль Cisco Catalyst 2900XL WS-X3500-XL","ШТ",2,8744.5,17489,"450063, г. Уфа, ПАО АНК \"Башнефть\" \"Башнефть-Новойл\""]
["Оргтехника и ЗИП","ПАО АНК \"Башнефть\" \"Башнефть-Новойл\"",36,1553,"Модуль Siemon 6xLC RIC-F-LC12-01","ШТ",8,4713.8999999999996,37711.199999999997,"450063, г. Уфа, ПАО АНК \"Башнефть\" \"Башнефть-Новойл\""]
["Оргтехника и ЗИП","ПАО АНК \"Башнефть\" \"Башнефть-Новойл\"",36,1554,"Модуль розетки CAXDSM-00100-C001","ШТ",24,225.5,5412,"450063, г. Уфа, ПАО АНК \"Башнефть\" \"Башнефть-Новойл\""]
["Оргтехника и ЗИП","ПАО АНК \"Башнефть\" \"Башнефть-Новойл\"",36,1555,"Набор для крепежа SCREW-1224","ШТ",50,5.6,280,"450063, г. Уфа, ПАО АНК \"Башнефть\" \"Башнефть-Новойл\""]
["Оргтехника и ЗИП","ПАО АНК \"Башнефть\" \"Башнефть-Новойл\"",36,1556,"Направляющая печки Kyocera Mita 2AV20191","ШТ",1,1299.2,1299.2,"450063, г. Уфа, ПАО АНК \"Башнефть\" \"Башнефть-Новойл\""]
["Оргтехника и ЗИП","ПАО АНК \"Башнефть\" \"Башнефть-Новойл\"",36,1557,"Направляющая печки Kyocera Mita 2AV20191","ШТ",2,1315.9,2631.8,"450063, г. Уфа, ПАО АНК \"Башнефть\" \"Башнефть-Новойл\""]
["Оргтехника и ЗИП","ПАО АНК \"Башнефть\" \"Башнефть-Новойл\"",36,1558,"Панель Siemon S110DB2-200RWM 19\"","ШТ",1,2120,2120,"450063, г. Уфа, ПАО АНК \"Башнефть\" \"Башнефть-Новойл\""]
["Оргтехника и ЗИП","ПАО АНК \"Башнефть\" \"Башнефть-Новойл\"",36,1559,"Панель АйТи-СКС 21-В0-00N010N0-0N0N 10\"","ШТ",1,380,380,"450063, г. Уфа, ПАО АНК \"Башнефть\" \"Башнефть-Новойл\""]
["Оргтехника и ЗИП","ПАО АНК \"Башнефть\" \"Башнефть-Новойл\"",36,1560,"Панель монтажная Rittal 15ВЕ 2236750","ШТ",1,890,890,"450063, г. Уфа, ПАО АНК \"Башнефть\" \"Башнефть-Новойл\""]
["Оргтехника и ЗИП","ПАО АНК \"Башнефть\" \"Башнефть-Новойл\"",36,1561,"Переходник Siemon MX-45-02-82","ШТ",7,70,490,"450063, г. Уфа, ПАО АНК \"Башнефть\" \"Башнефть-Новойл\""]
["Оргтехника и ЗИП","ПАО АНК \"Башнефть\" \"Башнефть-Новойл\"",36,1562,"Переходник Siemon MX-45-02-25","ШТ",10,50,500,"450063, г. Уфа, ПАО АНК \"Башнефть\" \"Башнефть-Новойл\""]
["Оргтехника и ЗИП","ПАО АНК \"Башнефть\" \"Башнефть-Новойл\"",36,1563,"Переходник Siemon MX-45-02-25","ШТ",8,50,400,"450063, г. Уфа, ПАО АНК \"Башнефть\" \"Башнефть-Новойл\""]
["Оргтехника и ЗИП","ПАО АНК \"Башнефть\" \"Башнефть-Новойл\"",36,1564,"Полка Conteg 19\" арт. DP-PO-250","ШТ",1,1310,1310,"450063, г. Уфа, ПАО АНК \"Башнефть\" \"Башнефть-Новойл\""]
["Оргтехника и ЗИП","ПАО АНК \"Башнефть\" \"Башнефть-Новойл\"",36,1565,"Разветвитель Siemon 4Pr.T568B YA4-4U1","ШТ",39,510,19890,"450063, г. Уфа, ПАО АНК \"Башнефть\" \"Башнефть-Новойл\""]
["Оргтехника и ЗИП","ПАО АНК \"Башнефть\" \"Башнефть-Новойл\"",36,1566,"Разветвитель Siemon 4Pr.T568B YA4-4U1","ШТ",64,510,32640,"450063, г. Уфа, ПАО АНК \"Башнефть\" \"Башнефть-Новойл\""]
["Оргтехника и ЗИП","ПАО АНК \"Башнефть\" \"Башнефть-Новойл\"",36,1567,"Ракель Kyocera 2AV93060","ШТ",1,730,730,"450063, г. Уфа, ПАО АНК \"Башнефть\" \"Башнефть-Новойл\""]
["Оргтехника и ЗИП","ПАО АНК \"Башнефть\" \"Башнефть-Новойл\"",36,1568,"Ролик Kyocera 2AR07240","ШТ",3,140,420,"450063, г. Уфа, ПАО АНК \"Башнефть\" \"Башнефть-Новойл\""]
["Оргтехника и ЗИП","ПАО АНК \"Башнефть\" \"Башнефть-Новойл\"",36,1569,"Ролик для плоттера 610х45х50.8 90г/м2","ШТ",6,510,3060,"450063, г. Уфа, ПАО АНК \"Башнефть\" \"Башнефть-Новойл\""]
["Оргтехника и ЗИП","ПАО АНК \"Башнефть\" \"Башнефть-Новойл\"",36,1570,"Ролик для плоттера 610х45х50.8 90г/м2","ШТ",6,510,3060,"450063, г. Уфа, ПАО АНК \"Башнефть\" \"Башнефть-Новойл\""]
["Оргтехника и ЗИП","ПАО АНК \"Башнефть\" \"Башнефть-Новойл\"",36,1571,"Ролик отделения бумаги 2AR07230","ШТ",3,140,420,"450063, г. Уфа, ПАО АНК \"Башнефть\" \"Башнефть-Новойл\""]
["Оргтехника и ЗИП","ПАО АНК \"Башнефть\" \"Башнефть-Новойл\"",36,1572,"Ролик подачи Kyocera Mita 2AR07220","ШТ",3,590,1770,"450063, г. Уфа, ПАО АНК \"Башнефть\" \"Башнефть-Новойл\""]
["Оргтехника и ЗИП","ПАО АНК \"Башнефть\" \"Башнефть-Новойл\"",36,1573,"Стойка Siemon RS-07-S","ШТ",2,11090,22180,"450063, г. Уфа, ПАО АНК \"Башнефть\" \"Башнефть-Новойл\""]
["Оргтехника и ЗИП","ПАО АНК \"Башнефть\" \"Башнефть-Новойл\"",36,1574,"Трансивер AlliedTelesisSPFX/15 100BaseFX","ШТ",5,3640,18200,"450063, г. Уфа, ПАО АНК \"Башнефть\" \"Башнефть-Новойл\""]
["Оргтехника и ЗИП","ПАО АНК \"Башнефть\" \"Башнефть-Новойл\"",36,1575,"Узел выхода Xerox 600K70140","ШТ",1,2070,2070,"450063, г. Уфа, ПАО АНК \"Башнефть\" \"Башнефть-Новойл\""]
["Электроагрегаты и ЗИП","ПАО АНК \"Башнефть\" \"Башнефть-Новойл\"",37,1576,"pH-трансмиттер M420pH2XH 2OUT кмп1","КМП",2,110558.5,221117,"450063, г. Уфа, ПАО АНК \"Башнефть\" \"Башнефть-Новойл\""]
["Электроагрегаты и ЗИП","ПАО АНК \"Башнефть\" \"Башнефть-Новойл\"",37,1577,"Узел токосъема СДК","ШТ",1,126730,126730,"450063, г. Уфа, ПАО АНК \"Башнефть\" \"Башнефть-Новойл\""]
["Электроагрегаты и ЗИП","ПАО АНК \"Башнефть\" \"Башнефть-Новойл\"",37,1578,"Фильтр VW3A4407 92А 380В","ШТ",7,13570,94990,"450063, г. Уфа, ПАО АНК \"Башнефть\" \"Башнефть-Новойл\""]
["Электроагрегаты и ЗИП","ПАО АНК \"Башнефть\" \"Башнефть-Новойл\"",37,1579,"Фильтр VW3A4407 92А 380В","ШТ",7,11720,82040,"450063, г. Уфа, ПАО АНК \"Башнефть\" \"Башнефть-Новойл\""]
["Электроагрегаты и ЗИП","ПАО АНК \"Башнефть\" \"Башнефть-Новойл\"",37,1580,"Эл/дв. 4АМС-160S2 15/3000 380В IM1081","ШТ",1,5970,5970,"450063, г. Уфа, ПАО АНК \"Башнефть\" \"Башнефть-Новойл\""]
["Электроагрегаты и ЗИП","ПАО АНК \"Башнефть\" \"Башнефть-Новойл\"",37,1581,"Эл/дв. АИР-132M4 7.5/1500 380В IM1081","ШТ",1,1420,1420,"450063, г. Уфа, ПАО АНК \"Башнефть\" \"Башнефть-Новойл\""]
["Электроагрегаты и ЗИП","ПАО АНК \"Башнефть\" \"Башнефть-Новойл\"",37,1582,"Эл/дв. АИРМ-112M4 5.5/1430 380В IM1081","ШТ",2,150,300,"450063, г. Уфа, ПАО АНК \"Башнефть\" \"Башнефть-Новойл\""]
["Электроагрегаты и ЗИП","ПАО АНК \"Башнефть\" \"Башнефть-Новойл\"",37,1583,"Эл/двигатель МТH311-6 11/1000 IM1081","ШТ",1,14166,14166,"450063, г. Уфа, ПАО АНК \"Башнефть\" \"Башнефть-Новойл\""]

{"sheet":"Лист1","index":1,"n_rows":0,"n_cols":0,"rows_kept":0,"cut":false,"hidden":false,"merged":[]}